{"text_format":"1","workbook":"xlsx","n_sheets":7,"sheets":["Eivobrin's Incanabula (2)","Eivobrin's Incanabula","Defending Deepwood","Firestorem Peak","COEPAS","Sword of Nth","Look-up Tables"],"not_rendered":{"charts":0,"images":0,"macros":1,"external_links":0,"defined_names":8,"comments":0,"pivot_tables":0},"unopened":[],"bounds":{"document_bytes":16777216,"sheet_cells":100000,"rows_first":2000,"rows_last":500,"rows_between":2000,"halvings":0,"cell_chars":16384,"cell_head_chars":4096},"cells_cut":0,"cells_raw":0,"read":"whole","date_system":"1900"}

{"sheet":"Eivobrin's Incanabula (2)","index":0,"n_rows":8,"n_cols":44,"rows_kept":8,"cut":false,"hidden":false,"merged":[[0,1,1,1],[0,2,1,2],[0,3,1,3],[0,4,1,4],[0,38,0,42],[0,22,0,26],[0,17,1,17],[0,18,1,18],[0,19,1,19],[0,30,0,32],[0,36,0,37],[0,33,0,35],[0,27,0,29],[0,21,1,21],[0,16,1,16],[0,8,1,8],[0,9,1,9],[0,7,1,7],[0,11,1,11],[0,20,1,20],[0,12,1,12],[0,14,1,14],[0,15,1,15],[0,13,1,13],[0,10,1,10],[0,6,1,6],[0,5,1,5]]}
[null,"DOY","Seasonal Month","Date","Day of Week","Season","Latitude (degrees)","Sunrise","Sunset","Night Time Illumination","Climatic Region","Terrain Type","Elevation (ft.)","d6#1","d6#2","d6#3","d6#4","d6#5","d6#6","d6#7","d3","d4","Temperature: actual °F (feels like °F)",null,null,null,null,"Relative Humidity",null,null,"Wind",null,null,"Precipitation",null,null,"Cloud Cover",null,"Special Weather",null,null,null,null,"Player Notes"]
[null,null,null,null,null,null,null,null,null,null,null,null,null,null,null,null,null,null,null,null,null,null,"Code","Days at Max.","Days at Min.","High","Low","Code","Before Precip.","After Precip.","Direction","Gusts (mph)","Average (mph)","Code","Amount (in.)","Type","Code",null,"Roll 2","Code","Days Countdown",null,"Notes"]
["New",188,7,"06 Jularva 1005","Hafn'mor","Summer",29,"5:10am","6:50pm","Darkness","Subtropical","Desert",0,1,6,1,6,4,4,2,2,1,24,0,0,"100 (100)","80 (80)",1,0.18,0.16,"Northeast",25,12,"-","None","None",1,"Clear",null,null,null,"None"]
["Continue",189,7,"07 Jularva 1005","Aprochen","Summer",29,"5:10am","6:50pm","Darkness","Subtropical","Desert",0,1,4,5,1,4,4,5,2,4,23,0,0,"95 (95)","75 (75)",1,0.01,0.18,"Northeast",40,20,"-","None","None",2,"Mostly Clear",null,null,null,"None"]
["Continue",190,7,"08 Jularva 1005","Longday","Summer",29,"5:10am","6:49pm","Darkness","Subtropical","Desert",0,4,5,6,5,3,1,3,3,3,24,0,0,"100 (100)","80 (80)",1,0.17,0,"Northeast",25,12,"-","None","None",1,"Clear",null,null,null,"None"]
["Continue",191,7,"09 Jularva 1005","Endsnear","Summer",29,"5:11am","6:49pm","Darkness","Subtropical","Desert",0,6,1,5,4,2,6,3,1,4,24,0,0,"100 (100)","80 (80)",1,0.19,0.15,"Northeast",25,12,"-","None","None",1,"Clear",null,null,null,"None"]
["Continue",192,7,"10 Jularva 1005","Godsday","Summer",30,"5:09am","6:51pm","Darkness","Subtropical","Desert",0,5,5,5,1,4,2,1,1,3,26,1,0,"115 (115)","85 (85)",1,0.1,0.05,"South",15,8,"-","None","None",1,"Clear",null,null,null,"None"]
["Continue"]

{"sheet":"Eivobrin's Incanabula","index":1,"n_rows":30,"n_cols":44,"rows_kept":30,"cut":false,"hidden":false,"merged":[[0,11,1,11],[0,12,1,12],[0,10,1,10],[0,38,0,42],[0,22,0,26],[0,17,1,17],[0,18,1,18],[0,19,1,19],[0,33,0,35],[0,27,0,29],[0,30,0,32],[0,21,1,21],[0,20,1,20],[0,36,0,37],[0,13,1,13],[0,6,1,6],[0,5,1,5],[0,16,1,16],[0,14,1,14],[0,15,1,15],[0,9,1,9],[0,8,1,8],[0,1,1,1],[0,2,1,2],[0,3,1,3],[0,4,1,4],[0,7,1,7]]}
[null,"DOY","Seasonal Month","Date","Day of Week","Season","Latitude (degrees)","Sunrise","Sunset","Night Time Illumination","Climatic Region","Terrain Type","Elevation (ft.)","d6#1","d6#2","d6#3","d6#4","d6#5","d6#6","d6#7","d3","d4","Temperature: actual °F (feels like °F)",null,null,null,null,"Relative Humidity",null,null,"Wind",null,null,"Precipitation",null,null,"Cloud Cover",null,"Special Weather",null,null,null,null,"Player Notes"]
[null,null,null,null,null,null,null,null,null,null,null,null,null,null,null,null,null,null,null,null,null,null,"Code","Days at Max.","Days at Min.","High","Low","Code","Before Precip.","After Precip.","Direction","Gusts (mph)","Average (mph)","Code","Amount (in.)","Type","Code",null,"Roll 2","Code","Days Countdown",null,"Notes"]
["New",137,6,"15 Mavis 1004","Freeday","Spring",32,"5:06am","6:55pm","Darkness","Temperate","Hills",5000,6,6,2,4,2,5,5,2,4,20,0,0,"76 (76)","61 (61)",5,0.98,0.99,"South",5,0,"H","3/4 inch to 1.5 inches","Rain",3,"Partly Cloudy",6,"-",null,"None"]
["Continue",138,6,"16 Mavis 1004","Hafn'mor","Spring",32,"5:05am","6:55pm","Darkness","Temperate","Hills",5000,2,3,5,5,2,1,3,1,4,19,0,0,"76 (76)","56 (56)",3,0.85,0.65,"West",20,10,"-","None","None",4,"Mostly Cloudy",null,null,null,"None"]
["Continue",139,6,"17 Mavis 1004","Aprochen","Spring",32,"5:05am","6:56pm","Darkness","Temperate","Hills",5000,6,5,4,5,4,1,5,2,4,21,0,0,"81 (82)","61 (61)",3,0.51,0.51,"South",5,0,"-","None","None",2,"Mostly Clear",null,null,null,"None"]
["Continue",140,6,"18 Mavis 1004","Longday","Spring",31,"5:06am","6:54pm","Darkness","Temperate","Plains",1000,4,6,5,5,2,1,1,3,4,23,0,0,"94 (125)","74 (74)",4,0.76,0.72,"South",0,0,"M","1/2 inch to 3/4 inch","Rain",3,"Partly Cloudy",null,null,null,"None"]
["Continue",141,6,"19 Mavis 1004","Endsnear","Spring",31,"5:06am","6:55pm","Darkness","Temperate","Plains",1000,3,4,3,4,3,5,6,1,4,23,0,0,"94 (143)","74 (74)",5,0.91,0.99,"West",0,0,"M","1/2 inch to 3/4 inch","Rain",3,"Partly Cloudy",null,null,null,"None"]
["Continue",142,6,"20 Mavis 1004","Godsday","Spring",30,"5:07am","6:53pm","Darkness","Subtropical","Plains",1000,2,4,3,4,6,2,4,3,1,22,0,0,"89 (123)","74 (74)",4,0.96,0.75,"Northeast",10,5,"L","1/8 inch to 1/2 inch","Rain",3,"Partly Cloudy",null,null,null,"None"]
["Continue",143,6,"21 Mavis 1004","Newday","Spring",30,"5:07am","6:53pm","Darkness","Subtropical","Plains",1000,1,1,5,5,4,3,5,3,4,19,0,1,"84 (94)","64 (64)",5,0.8,1,"Northeast",45,22,"H","3/4 inch to 1.5 inches","Rain",5,"Overcast",10,"-",null,"None"]
["Continue",144,6,"22 Mavis 1004","Nexsta'","Spring",30,"5:06am","6:54pm","Darkness","Subtropical","Plains",1000,2,1,5,6,6,5,6,1,4,19,0,2,"84 (101)","64 (64)",5,0.96,0.94,"Northeast",45,22,"H","3/4 inch to 1.5 inches","Rain",5,"Overcast",null,null,null,"None"]
["Continue",145,6,"23 Mavis 1004","Onward","Spring",29,"5:08am","6:52pm","Darkness","Subtropical","Plains",1000,3,5,1,5,4,6,4,1,1,20,0,0,"84 (100)","69 (69)",4,0.95,0.76,"Northeast",35,18,"L","1/8 inch to 1/2 inch","Rain",4,"Mostly Cloudy",null,null,null,"None"]
["Continue",146,6,"24 Mavis 1004","Forens","Spring",29,"5:08am","6:52pm","Darkness","Subtropical","Plains",3000,3,4,3,5,2,6,6,2,4,20,0,0,"78 (78)","63 (63)",4,0.88,0.81,"Northeast",35,18,"L","1/8 inch to 1/2 inch","Rain",4,"Mostly Cloudy",null,null,null,"None"]
["Continue",147,6,"25 Mavis 1004","Freeday","Spring",29,"5:08am","6:53pm","Darkness","Subtropical","Plains",3000,1,6,4,4,1,5,5,1,1,20,0,0,"78 (78)","63 (63)",4,0.89,0.85,"Northeast",35,18,"L","1/8 inch to 1/2 inch","Rain",4,"Mostly Cloudy",null,null,null,"None"]
["Continue",148,6,"26 Mavis 1004","Hafn'mor","Spring",29,"5:07am","6:53pm","Darkness","Subtropical","Desert",1000,4,6,5,1,3,4,1,3,4,22,0,0,"87 (90)","72 (72)",3,0.51,0.46,"South",25,12,"-","None","None",2,"Mostly Clear",null,null,null,"None"]
["Continue",149,6,"27 Mavis 1004","Aprochen","Spring",29,"5:07am","6:53pm","Moonlight","Subtropical","Desert",1000,6,2,2,3,4,2,5,3,4,23,0,0,"92 (92)","72 (72)",2,0.22,0.38,"Northeast",15,8,"-","None","None",1,"Clear",null,null,null,"None"]
["Continue",150,6,"28 Mavis 1004","Longday","Spring",29,"5:07am","6:54pm","Moonlight","Subtropical","Desert",1000,2,5,4,6,3,1,4,2,1,23,0,0,"92 (92)","72 (72)",1,0.13,0.09,"Northeast",15,8,"-","None","None",1,"Clear",null,null,null,"None"]
["Continue",151,6,"29 Mavis 1004","Endsnear","Spring",29,"5:06am","6:54pm","Moonlight","Subtropical","Desert",1000,4,1,2,2,4,2,5,1,2,22,0,0,"87 (87)","72 (72)",1,0.12,0.05,"Northeast",30,15,"-","None","None",2,"Mostly Clear",null,null,null,"None"]
["Continue",152,6,"30 Mavis 1004","Godsday","Spring",29,"5:06am","6:54pm","Moonlight","Subtropical","Desert",1000,6,3,1,2,2,5,4,2,2,23,0,0,"92 (92)","72 (72)",1,0.15,0.09,"Northeast",15,8,"-","None","None",1,"Clear",null,null,null,"None"]
["Continue",153,6,"01 Junta 1004","Newday","Spring",29,"5:06am","6:54pm","Moonlight","Subtropical","Desert",1000,6,1,1,1,1,5,2,3,1,23,0,0,"92 (92)","72 (72)",1,0.15,0.2,"Northeast",15,8,"-","None","None",1,"Clear",null,null,null,"None"]
["Continue",154,6,"02 Junta 1004","Nexsta'","Spring",29,"5:06am","6:54pm","Moonlight","Subtropical","Desert",-1000,4,3,6,6,1,1,4,2,3,23,0,0,"98 (98)","78 (78)",1,0.08,0.03,"Northeast",15,8,"-","None","None",1,"Clear",null,null,null,"None"]
["Continue",155,6,"03 Junta 1004","Onward","Spring",29,"5:05am","6:55pm","Moonlight","Subtropical","Desert",-1000,6,6,5,5,4,5,6,1,3,26,1,0,"118 (118)","88 (88)",1,0.01,0.06,"South",5,0,"T","< 1/8 inch","Rain",2,"Mostly Clear",10,"Z",6,"Heat Wave"]
["Continue",156,6,"04 Junta 1004","Forens","Spring",29,"5:05am","6:55pm","Darkness","Subtropical","Desert",-1000,1,4,6,3,1,6,1,3,3,26,2,0,"118 (118)","88 (88)",1,0.16,0.15,"Northeast",20,10,"-","None","None",3,"Partly Cloudy",null,"Z",5,"Heat Wave"]
["Continue",157,6,"05 Junta 1004","Freeday","Spring",27,"5:10am","6:50pm","Darkness","Subtropical","Plains",1000,5,4,6,3,1,5,4,1,2,26,3,0,"114 (179)","84 (85)",3,0.55000000000000004,0.48,"Northeast",5,0,"-","None","None",1,"Clear",null,"Z",4,"Heat Wave"]
["Continue",158,6,"06 Junta 1004","Hafn'mor","Spring",27,"5:10am","6:50pm","Darkness","Subtropical","Desert",1000,5,6,6,5,3,5,1,3,1,26,4,0,"112 (112)","82 (82)",2,0.36,0.33,"South",0,0,"-","None","None",1,"Clear",null,"Z",3,"Heat Wave"]
["Continue",159,6,"07 Junta 1004","Aprochen","Spring",27,"5:10am","6:50pm","Darkness","Subtropical","Desert",0,4,2,6,2,5,1,4,2,2,26,5,0,"115 (115)","85 (85)",1,0.02,0.19,"Northeast",10,5,"-","None","None",1,"Clear",null,"Z",2,"Heat Wave"]
["Continue",160,6,"08 Junta 1004","Longday","Spring",27,"5:09am","6:51pm","Darkness","Subtropical","Desert",0,3,4,4,6,3,3,5,2,2,26,6,0,"115 (115)","85 (85)",1,0.16,0.13,"Northeast",10,5,"-","None","None",1,"Clear",null,"Z",1,"Heat Wave"]
["Continue",161,6,"09 Junta 1004","Endsnear","Spring",27,"5:09am","6:51pm","Darkness","Subtropical","Desert",0,2,3,5,3,4,4,4,2,1,25,7,0,"105 (105)","80 (80)",1,0.04,0.18,"Northeast",25,12,"-","None","None",2,"Mostly Clear",null,null,null,"None"]
["Continue",162,7,"10 Junta 1004","Godsday","Summer",27,"5:09am","6:51pm","Darkness","Subtropical","Desert",0,1,4,2,3,4,5,3,2,2,24,0,0,"100 (100)","80 (80)",1,7.0000000000000007E-2,0.03,"Northeast",40,20,"-","None","None",3,"Partly Cloudy",null,null,null,"None"]
["Continue",163,7,"11 Junta 1004","Newday","Summer",27,"5:09am","6:51pm","Darkness","Subtropical","Desert",0,6,2,1,3,5,5,5,2,3,25,0,0,"105 (105)","80 (80)",1,0,0.17,"Northeast",30,15,"-","None","None",2,"Mostly Clear",null,null,null,"None"]
["Continue"]

{"sheet":"Defending Deepwood","index":2,"n_rows":386,"n_cols":44,"rows_kept":386,"cut":false,"hidden":false,"merged":[[0,8,1,8],[0,9,1,9],[0,7,1,7],[0,1,1,1],[0,2,1,2],[0,3,1,3],[0,4,1,4],[0,5,1,5],[0,6,1,6],[0,10,1,10],[0,36,0,37],[0,21,1,21],[0,16,1,16],[0,14,1,14],[0,15,1,15],[0,12,1,12],[0,13,1,13],[0,11,1,11],[0,38,0,42],[0,22,0,26],[0,17,1,17],[0,18,1,18],[0,19,1,19],[0,33,0,35],[0,20,1,20],[0,27,0,29],[0,30,0,32]]}
[null,"DOY","Seasonal Month","Date","Day of Week","Season","Latitude (degrees)","Sunrise","Sunset","Night Time Illumination","Climatic Region","Terrain Type","Elevation (ft.)","d6#1","d6#2","d6#3","d6#4","d6#5","d6#6","d6#7","d3","d4","Temperature: actual °F (feels like °F)",null,null,null,null,"Relative Humidity",null,null,"Wind",null,null,"Precipitation",null,null,"Cloud Cover",null,"Special Weather",null,null,null,null,"Player Notes"]
[null,null,null,null,null,null,null,null,null,null,null,null,null,null,null,null,null,null,null,null,null,null,"Code","Days at Max.","Days at Min.","High","Low","Code","Before Precip.","After Precip.","Direction","Gusts (mph)","Average (mph)","Code","Amount (in.)","Type","Code",null,"Roll 2","Code","Days Countdown",null,"Notes"]
["Continue",120,5,"29 Apros 1004","Endsnear","Spring",40,"5:04am","6:57pm","Moonlight","Temperate","Seacoast",0,5,5,1,6,3,6,2,1,1,14,0,0,"70 (70)","50 (50)",4,0.52,0.84,"South",35,18,"M","1/2 inch to 3/4 inch","Rain",3,"Partly Cloudy",null,null,null,"None"]
["Continue",121,5,"30 Apros 1004","Godsday","Spring",40,"5:03am","6:58pm","Moonlight","Temperate","Seacoast",0,3,1,2,5,4,2,2,3,2,12,0,0,"60 (60)","40 (26)",3,0.81,0.5,"North",45,22,"T","< 1/8 inch","Rain",4,"Mostly Cloudy",null,null,null,"None"]
["Continue",122,5,"31 Apros 1004","Greengrass","Spring",40,"5:02am","6:59pm","Moonlight","Temperate","Seacoast",0,5,6,6,6,6,3,4,3,2,14,0,0,"70 (70)","50 (50)",2,0.7,0.27,"South",30,15,"-","None","None",2,"Mostly Clear",null,null,null,"None"]
["Continue",123,5,"01 Mavis 1004","Newday","Spring",40,"5:01am","7:00pm","Moonlight","Temperate","Seacoast",0,2,5,6,5,2,6,1,3,1,14,0,0,"70 (70)","50 (50)",2,0.28999999999999998,0.26,"West",30,15,"-","None","None",2,"Mostly Clear",null,null,null,"None",null,"Leave Whillip on new adventure FINALLY!"]
["Continue",124,5,"02 Mavis 1004","Nexsta'","Spring",40,"4:59am","7:01pm","Moonlight","Temperate","Seacoast",0,6,2,6,4,4,2,2,2,3,15,0,0,"70 (70)","55 (55)",2,0.36,0.33,"West",20,10,"T","< 1/8 inch","Rain",2,"Mostly Clear",null,null,null,"None",null,"Arrive in Westgate"]
["Continue",125,5,"03 Mavis 1004","Onward","Spring",35,"5:09am","6:52pm","Darkness","Temperate","Seacoast",0,1,1,6,1,2,5,3,1,3,12,0,0,"60 (60)","40 (26)",3,0.39,0.47,"West",45,22,"H","3/4 inch to 1.5 inches","Rain",5,"Overcast",7,"X",4,"Lightning Storm","From 5:30pm 'til 6:00pm.","Leave Westgate"]
["Continue",126,5,"04 Mavis 1004","Forens","Spring",35,"5:08am","6:53pm","Darkness","Temperate","Seacoast",0,5,6,5,1,4,5,3,2,4,14,0,0,"70 (70)","50 (50)",2,0.28999999999999998,0.28999999999999998,"South",30,15,"-","None","None",3,"Partly Cloudy",null,null,null,"None"]
["Continue",127,5,"05 Mavis 1004","Freeday","Spring",35,"5:07am","6:54pm","Darkness","Temperate","Seacoast",0,6,5,6,4,5,2,1,2,2,16,0,0,"75 (75)","55 (55)",2,0.39,0.3,"South",15,8,"-","None","None",1,"Clear",null,null,null,"None"]
["Continue",128,5,"06 Mavis 1004","Hafn'mor","Spring",35,"5:06am","6:54pm","Darkness","Temperate","Seacoast",0,4,2,3,4,5,4,4,3,4,15,0,0,"70 (70)","55 (55)",2,0.31,0.27,"West",25,12,"T","< 1/8 inch","Rain",2,"Mostly Clear",null,null,null,"None"]
["Continue",129,5,"07 Mavis 1004","Aprochen","Spring",35,"5:05am","6:55pm","Darkness","Temperate","Seacoast",0,4,1,2,2,3,1,1,2,1,14,0,0,"70 (70)","50 (50)",2,0.33,0.28999999999999998,"West",40,20,"-","None","None",3,"Partly Cloudy",null,null,null,"None"]
["Continue",130,5,"08 Mavis 1004","Longday","Spring",35,"5:04am","6:56pm","Darkness","Temperate","Seacoast",0,6,4,1,3,5,6,2,3,4,16,0,0,"75 (75)","55 (55)",2,0.22,0.38,"South",30,15,"T","< 1/8 inch","Rain",2,"Mostly Clear",null,null,null,"None"]
["Continue",131,5,"09 Mavis 1004","Endsnear","Spring",35,"5:04am","6:57pm","Darkness","Temperate","Seacoast",0,6,5,1,5,4,4,1,1,1,18,0,0,"80 (80)","65 (65)",2,0.32,0.28000000000000003,"South",15,8,"-","None","None",1,"Clear",null,null,null,"None"]
["Continue",132,5,"10 Mavis 1004","Godsday","Spring",35,"5:03am","6:58pm","Darkness","Temperate","Seacoast",0,1,1,4,6,3,1,5,2,1,15,0,0,"70 (70)","55 (55)",3,0.63,0.63,"West",45,22,"M","1/2 inch to 3/4 inch","Rain",4,"Mostly Cloudy",10,"-",null,"None",null,"Arrive in Teziir"]
["Continue",133,5,"11 Mavis 1004","Newday","Spring",35,"5:02am","6:59pm","Darkness","Temperate","Seacoast",0,1,4,5,1,3,6,6,2,3,14,0,0,"70 (70)","50 (50)",2,0.3,0.4,"West",45,22,"-","None","None",5,"Overcast",null,null,null,"None",null,"Leave Teziir"]
["Continue",134,5,"12 Mavis 1004","Nexsta'","Spring",35,"5:01am","6:59pm","Darkness","Temperate","Seacoast",0,4,4,4,6,2,4,3,1,1,15,0,0,"70 (70)","55 (55)",3,0.44,0.53,"West",35,18,"M","1/2 inch to 3/4 inch","Rain",4,"Mostly Cloudy",null,null,null,"None"]
["Continue",135,6,"13 Mavis 1004","Onward","Spring",35,"5:00am","7:00pm","Darkness","Temperate","Seacoast",0,5,4,6,1,5,5,4,1,2,16,0,0,"75 (75)","55 (55)",2,0.31,0.27,"West",20,10,"-","None","None",2,"Mostly Clear",null,null,null,"None"]
["Continue",136,6,"14 Mavis 1004","Forens","Spring",35,"5:00am","7:01pm","Darkness","Temperate","Seacoast",0,6,5,1,3,1,6,1,3,2,18,0,0,"80 (80)","65 (65)",2,0.26,0.22,"South",5,0,"-","None","None",1,"Clear",null,null,null,"None",null,"Evening at Teziir"]
["Continue",137,6,"15 Mavis 1004","Freeday","Spring",35,"4:59am","7:01pm","Darkness","Temperate","Seacoast",0,6,4,6,4,6,1,4,3,4,20,0,0,"85 (85)","70 (70)",2,0.35,0.28000000000000003,"South",0,0,"T","< 1/8 inch","Rain",2,"Mostly Clear",null,null,null,"None"]
["Continue",138,6,"16 Mavis 1004","Hafn'mor","Spring",35,"4:58am","7:02pm","Darkness","Temperate","Seacoast",0,1,5,3,6,2,1,1,2,1,19,0,0,"85 (85)","65 (65)",2,0.38,0.33,"West",10,5,"L","1/8 inch to 1/2 inch","Rain",2,"Mostly Clear",null,null,null,"None"]
["Continue",139,6,"17 Mavis 1004","Aprochen","Spring",35,"4:58am","7:03pm","Darkness","Temperate","Seacoast",0,1,5,4,1,4,4,1,3,3,18,0,0,"80 (80)","65 (65)",2,0.28999999999999998,0.33,"West",20,10,"L","1/8 inch to 1/2 inch","Rain",2,"Mostly Clear",null,null,null,"None",null,"Night spent at Farm outside Teziir"]
["Continue",140,6,"18 Mavis 1004","Longday","Spring",35,"4:57am","7:03pm","Darkness","Temperate","Seacoast",0,1,5,3,3,2,4,3,3,4,17,0,0,"80 (80)","60 (60)",2,0.36,0.31,"West",30,15,"L","1/8 inch to 1/2 inch","Rain",2,"Mostly Clear",null,null,null,"None"]
["Continue",141,6,"19 Mavis 1004","Endsnear","Spring",35,"4:56am","7:04pm","Darkness","Temperate","Seacoast",0,1,6,3,4,2,6,2,1,3,17,0,0,"80 (80)","60 (60)",2,0.3,0.26,"West",30,15,"L","1/8 inch to 1/2 inch","Rain",2,"Mostly Clear",null,null,null,"None",null,"Reached Giant Run Road"]
["Continue",142,6,"20 Mavis 1004","Godsday","Spring",34,"4:58am","7:02pm","Darkness","Temperate","Hills",200,2,3,3,2,2,4,2,3,1,16,0,0,"80 (81)","60 (60)",3,0.49,0.43,"West",45,22,"-","None","None",3,"Partly Cloudy",null,null,null,"None"]
["Continue",143,6,"21 Mavis 1004","Newday","Spring",34,"4:58am","7:03pm","Darkness","Temperate","Hills",200,2,6,4,4,6,5,4,3,2,17,0,0,"85 (101)","65 (65)",4,0.89,0.85,"West",35,18,"M","1/2 inch to 3/4 inch","Rain",3,"Partly Cloudy",null,null,null,"None",null,"2pm - encounter Orc warband"]
["Continue",144,6,"22 Mavis 1004","Nexsta'","Spring",33,"5:00am","7:01pm","Darkness","Temperate","Hills",600,4,5,2,1,4,6,6,2,3,18,0,0,"84 (84)","69 (69)",3,0.43,0.63,"West",20,10,"-","None","None",1,"Clear",null,null,null,"None",null,"1pm - Chimera attack"]
["Continue",145,6,"23 Mavis 1004","Onward","Spring",32,"5:01am","6:59pm","Darkness","Temperate","Hills",800,4,2,6,5,1,2,3,2,1,17,0,0,"83 (84)","63 (63)",3,0.52,0.46,"West",30,15,"L","1/8 inch to 1/2 inch","Rain",2,"Mostly Clear",null,null,null,"None",null,"3am - Tall Mouthers attack"]
["Continue",146,6,"24 Mavis 1004","Forens","Spring",32,"5:01am","6:59pm","Darkness","Temperate","Hills",800,3,4,3,2,6,3,4,3,2,17,0,0,"83 (83)","63 (63)",3,0.46,0.41,"West",30,15,"L","1/8 inch to 1/2 inch","Rain",2,"Mostly Clear",null,null,null,"None",null,"10am - HellCats; 10:52pm Gamovette band attack"]
["Continue",147,6,"25 Mavis 1004","Freeday","Spring",31,"5:03am","6:57pm","Darkness","Temperate","Hills",700,3,6,1,5,6,2,4,2,3,18,0,0,"83 (86)","68 (68)",3,0.62,0.56000000000000005,"West",15,8,"-","None","None",1,"Clear",null,null,null,"None"]
["Continue",148,6,"26 Mavis 1004","Hafn'mor","Spring",31,"5:03am","6:58pm","Darkness","Temperate","Hills",700,5,1,3,3,4,6,2,1,2,17,0,0,"83 (83)","63 (63)",3,0.45,0.68,"West",25,12,"L","1/8 inch to 1/2 inch","Rain",2,"Mostly Clear",null,null,null,"None"]
["Continue",149,6,"27 Mavis 1004","Aprochen","Spring",30,"5:05am","6:56pm","Moonlight","Subtropical","Hills",800,4,6,6,6,6,5,4,2,3,19,0,0,"88 (95)","68 (68)",4,0.59,0.79,"South",15,8,"M","1/2 inch to 3/4 inch","Rain",3,"Partly Cloudy",null,null,null,"None",null,"3:46AM 3 Air Elementals"]
["Continue",150,6,"28 Mavis 1004","Longday","Spring",30,"5:04am","6:56pm","Moonlight","Subtropical","Hills",700,6,3,3,5,2,5,1,3,3,20,0,0,"88 (89)","73 (73)",3,0.43,0.67,"Northeast",0,0,"-","None","None",1,"Clear",null,null,null,"None",null,"Reach Fishing Village"]
["Continue",151,6,"29 Mavis 1004","Endsnear","Spring",29,"5:06am","6:54pm","Moonlight","Subtropical","Hills",700,1,1,5,3,5,5,2,1,1,17,0,0,"83 (89)","63 (63)",4,0.72,0.77,"North",45,22,"H","3/4 inch to 1.5 inches","Rain",4,"Mostly Cloudy",8,"-",null,"None",null,"Attack against Orc Warband"]
["Continue",152,6,"30 Mavis 1004","Godsday","Spring",29,"5:06am","6:54pm","Moonlight","Subtropical","Hills",700,3,6,2,4,6,2,2,1,2,18,0,0,"83 (84)","68 (68)",3,0.49,0.42,"Northeast",30,15,"-","None","None",2,"Mostly Clear",null,null,null,"None"]
["Continue",153,6,"01 Junta 1004","Newday","Spring",0,"6:00am","6:00pm","Moonlight","Tropical","Hills",1100,6,5,1,3,4,6,5,1,4,20,0,0,"87 (87)","72 (72)",2,0.25,0.21,null,15,8,"-","None","None",1,"Clear",null,null,null,"None",null,"Roc attack"]
["Continue",154,6,"02 Junta 1004","Nexsta'","Spring",0,"6:00am","6:00pm","Moonlight","Tropical","Plains",400,2,6,5,4,2,6,3,2,1,21,0,0,"90 (104)","70 (70)",3,0.67,0.56999999999999995,null,5,0,"M","1/2 inch to 3/4 inch","Rain",3,"Partly Cloudy",null,null,null,"None",null,"Meet Wemic hunting party"]
["Continue",155,6,"03 Junta 1004","Onward","Spring",27,"5:10am","6:50pm","Moonlight","Subtropical","Plains",400,3,5,3,3,4,6,1,3,4,22,0,0,"90 (96)","75 (75)",3,0.52,0.44,"Northeast",0,0,"L","1/8 inch to 1/2 inch","Rain",2,"Mostly Clear",null,null,null,"None",null,"Gnome/Undead creature"]
["Continue",156,6,"04 Junta 1004","Forens","Spring",27,"5:10am","6:50pm","Darkness","Subtropical","Plains",300,2,6,2,5,1,6,5,2,3,23,0,0,"95 (121)","75 (75)",3,0.68,0.61,"Northeast",0,0,"L","1/8 inch to 1/2 inch","Rain",2,"Mostly Clear",null,null,null,"None",null,"3am - Skif awakes indicates his magical pouch is lost"]
["Continue",157,6,"05 Junta 1004","Freeday","Spring",27,"5:10am","6:50pm","Darkness","Subtropical","Plains",300,5,3,2,5,1,3,3,2,3,24,0,0,"100 (120)","80 (80)",3,0.52,0.46,"Northeast",0,0,"T","< 1/8 inch","Rain",2,"Mostly Clear",null,null,null,"None",null,"Encounter Azura the Goliath"]
["Continue",158,6,"06 Junta 1004","Hafn'mor","Spring",27,"5:10am","6:50pm","Darkness","Subtropical","Plains",200,3,2,3,4,2,1,6,2,3,23,0,0,"95 (103)","75 (75)",3,0.47,0.67,"Northeast",15,8,"-","None","None",3,"Partly Cloudy",null,null,null,"None",null,"Bulette encounter; Gnomes found dead"]
["Continue",159,6,"07 Junta 1004","Aprochen","Spring",27,"5:10am","6:50pm","Darkness","Subtropical","Plains",600,1,6,5,1,6,5,1,1,4,23,0,0,"95 (114)","75 (75)",3,0.61,0.53,"Northeast",15,8,"-","None","None",3,"Partly Cloudy",null,null,null,"None"]
["Continue",160,6,"08 Junta 1004","Longday","Spring",27,"5:09am","6:51pm","Darkness","Subtropical","Plains",600,3,6,1,3,1,3,1,1,3,24,0,0,"100 (121)","80 (81)",3,0.53,0.49,"Northeast",0,0,"-","None","None",1,"Clear",null,null,null,"None"]
["Continue",161,6,"09 Junta 1004","Endsnear","Spring",27,"5:09am","6:51pm","Darkness","Subtropical","Plains",600,6,6,3,5,2,3,2,2,3,26,1,0,"115 (275)","85 (102)",4,0.86,0.9,"South",5,0,"H","3/4 inch to 1.5 inches","Rain",3,"Partly Cloudy",8,"Z",4,"Heat Wave"]
["Continue",162,7,"10 Junta 1004","Godsday","Summer",27,"5:09am","6:51pm","Darkness","Subtropical","Plains",600,1,6,5,2,2,1,6,3,1,27,2,0,"125 (283)","95 (95)",2,0.67,0.28999999999999998,"Northeast",5,0,"-","None","None",3,"Partly Cloudy",null,"Z",3,"Heat Wave",null,"Earth Elemental attack (12:38am); Pyrceval lute presenting a barbarian ghost?"]
["Continue",163,7,"11 Junta 1004","Newday","Summer",27,"5:09am","6:51pm","Darkness","Subtropical","Plains",600,6,1,2,5,1,6,1,1,3,27,3,0,"125 (125)","95 (95)",2,0.26,0.34,"Northeast",5,0,"-","None","None",3,"Partly Cloudy",null,"Z",2,"Heat Wave"]
["Continue",164,7,"12 Junta 1004","Nexsta'","Summer",26,"5:12am","6:48pm","Darkness","Subtropical","Plains",1000,6,6,5,2,4,1,5,1,2,27,4,0,"124 (257)","94 (99)",3,0.62,0.44,"South",5,0,"M","1/2 inch to 3/4 inch","Rain",3,"Partly Cloudy",null,"Z",1,"Heat Wave"]
["Continue",165,7,"13 Junta 1004","Onward","Summer",25,"5:14am","6:46pm","Darkness","Subtropical","Plains",2000,1,4,1,6,5,5,5,1,3,26,5,0,"111 (111)","81 (81)",2,0.26,0.22,"Northeast",20,10,"-","None","None",4,"Mostly Cloudy",null,null,null,"None"]
["Continue",166,7,"14 Junta 1004","Forens","Summer",25,"5:14am","6:46pm","Darkness","Subtropical","Plains",2300,6,1,6,6,2,5,4,2,2,26,6,0,"110 (110)","80 (80)",2,0.35,0.32,"Northeast",20,10,"-","None","None",4,"Mostly Cloudy",null,null,null,"None"]
["Continue",167,7,"15 Junta 1004","Freeday","Summer",25,"5:14am","6:46pm","Darkness","Subtropical","Plains",2300,3,2,1,5,6,6,6,1,1,25,0,0,"100 (100)","75 (75)",2,0.28999999999999998,0.24,"Northeast",35,18,"-","None","None",5,"Overcast",null,null,null,"None",null,"In Lheshayl Town"]
["Continue",168,7,"16 Junta 1004","Hafn'mor","Summer",25,"5:14am","6:46pm","Darkness","Subtropical","Plains",2300,6,6,4,1,3,2,4,1,4,26,1,0,"110 (154)","80 (82)",3,0.51,0.62,"Northeast",5,0,"M","1/2 inch to 3/4 inch","Rain",3,"Partly Cloudy",5,"-",null,"None",null,"In Lheshayl Town (Belt leaves)"]
["Continue",169,7,"17 Junta 1004","Aprochen","Summer",25,"5:14am","6:46pm","Darkness","Subtropical","Plains",2300,4,4,4,6,3,6,4,1,1,26,2,0,"110 (224)","80 (84)",4,0.82,0.78,"Northeast",5,0,"M","1/2 inch to 3/4 inch","Rain",3,"Partly Cloudy",null,null,null,"None",null,"Lheshayl Fork reached mid-day"]
["Continue",170,7,"18 Junta 1004","Longday","Summer",25,"5:14am","6:46pm","Darkness","Subtropical","Plains",1300,5,6,4,1,4,1,6,3,3,26,3,0,"113 (214)","83 (94)",4,0.71,0.87,"Northeast",5,0,"M","1/2 inch to 3/4 inch","Rain",3,"Partly Cloudy",null,null,null,"None",null,"Switch to night travels"]
["Continue",171,7,"19 Junta 1004","Endsnear","Summer",25,"5:14am","6:46pm","Darkness","Subtropical","Plains",300,3,1,3,4,2,5,4,2,1,24,0,0,"100 (158)","80 (80)",3,0.8,0.44,"North",15,8,"T","< 1/8 inch","Rain",4,"Mostly Cloudy",null,null,null,"None",null,"Small village by Deepwood Bridge"]
["Continue",172,7,"20 Junta 1004","Godsday","Summer",25,"5:14am","6:46pm","Darkness","Subtropical","Plains",800,6,2,4,6,4,6,1,1,1,25,0,0,"105 (166)","80 (82)",3,0.7,0.63,"Northeast",5,0,"T","< 1/8 inch","Rain",3,"Partly Cloudy",null,null,null,"None"]
["Continue",173,7,"21 Junta 1004","Newday","Summer",24,"5:17am","6:43pm","Darkness","Subtropical","Plains",800,2,6,5,3,2,1,4,2,4,26,1,0,"115 (182)","85 (90)",3,0.54,0.61,"Northeast",0,0,"L","1/8 inch to 1/2 inch","Rain",2,"Mostly Clear",null,null,null,"None"]
["Continue",174,7,"22 Junta 1004","Nexsta'","Summer",23,"5:19am","6:41pm","Darkness","Subtropical","Plains",1100,2,1,6,4,1,1,3,1,4,24,0,0,"99 (111)","79 (79)",2,0.45,0.3,"North",15,8,"-","None","None",4,"Mostly Cloudy",null,null,null,"None"]
["Continue",175,7,"23 Junta 1004","Onward","Summer",23,"5:19am","6:41pm","Darkness","Subtropical","Plains",1500,1,3,2,6,2,5,2,3,4,22,0,0,"87 (87)","72 (72)",2,0.21,0.31,"North",25,12,"L","1/8 inch to 1/2 inch","Rain",5,"Overcast",null,null,null,"None"]
["Continue",176,7,"24 Junta 1004","Forens","Summer",22,"5:21am","6:39pm","Darkness","Subtropical","Hills",2000,2,3,6,4,1,3,1,2,2,21,0,0,"90 (103)","70 (70)",3,0.66,0.62,"Northeast",40,20,"-","None","None",5,"Overcast",null,null,null,"None"]
["Continue",177,7,"25 Junta 1004","Freeday","Summer",22,"5:21am","6:39pm","Darkness","Subtropical","Hills",1900,1,5,6,5,6,4,1,2,3,20,0,0,"85 (100)","70 (70)",4,0.86,0.75,"Northeast",45,22,"M","1/2 inch to 3/4 inch","Rain",5,"Overcast",null,null,null,"None",null,"Elven Mage/Elemental Ambush"]
["Continue",178,7,"26 Junta 1004","Hafn'mor","Summer",22,"5:21am","6:38pm","Darkness","Subtropical","Hills",2400,3,6,3,1,3,5,1,2,4,21,0,0,"89 (91)","69 (69)",3,0.46,0.7,"Northeast",30,15,"-","None","None",3,"Partly Cloudy",null,null,null,"None"]
["Continue",179,7,"27 Junta 1004","Aprochen","Summer",22,"5:22am","6:38pm","Darkness","Subtropical","Hills",3400,3,5,2,6,5,3,3,2,1,22,0,0,"86 (98)","71 (71)",4,0.76,0.72,"Northeast",20,10,"M","1/2 inch to 3/4 inch","Rain",3,"Partly Cloudy",null,null,null,"None",null,"Avoided an ambush"]
["Continue",180,7,"28 Junta 1004","Longday","Summer",21,"5:24am","6:36pm","Moonlight","Subtropical","Mountains",3900,3,4,3,2,6,5,6,3,3,20,1,0,"85 (104)","70 (70)",5,0.95,0.91,"Northeast",20,10,"M","1/2 inch to 3/4 inch","Rain",3,"Partly Cloudy",null,null,null,"None"]
["Continue",181,7,"29 Junta 1004","Endsnear","Summer",21,"5:24am","6:36pm","Moonlight","Subtropical","Mountains",4500,3,5,4,4,4,3,5,3,1,20,2,0,"84 (101)","69 (69)",5,0.97,0.94,"Northeast",20,10,"M","1/2 inch to 3/4 inch","Rain",3,"Partly Cloudy",null,null,null,"None"]
["Continue",182,7,"30 Junta 1004","Godsday","Summer",21,"5:24am","6:36pm","Moonlight","Subtropical","Mountains",5400,1,5,2,5,3,5,1,2,1,19,0,0,"81 (90)","61 (61)",5,0.97,1,"Northeast",30,15,"M","1/2 inch to 3/4 inch","Rain",3,"Partly Cloudy",null,null,null,"None",null,"Stone Giant ambush"]
["Continue",183,7,"01 Jularva 1004","Newday","Summer",21,"5:24am","6:36pm","Moonlight","Subtropical","Mountains",6700,4,1,3,3,5,6,1,2,2,18,0,0,"72 (72)","57 (57)",3,0.72,0.53,"Northeast",45,22,"-","None","None",4,"Mostly Cloudy",null,null,null,"None"]
["Continue",184,7,"02 Jularva 1004","Nexsta'","Summer",21,"5:24am","6:35pm","Moonlight","Subtropical","Mountains",5200,5,4,1,5,2,4,2,1,2,19,0,0,"82 (84)","62 (62)",3,0.56999999999999995,0.42,"Northeast",30,15,"-","None","None",2,"Mostly Clear",null,null,null,"None"]
["Continue",185,7,"03 Jularva 1004","Onward","Summer",21,"5:25am","6:35pm","Moonlight","Subtropical","Mountains",3400,5,3,5,6,3,6,1,2,2,20,1,0,"86 (88)","71 (71)",3,0.51,0.47,"Northeast",20,10,"L","1/8 inch to 1/2 inch","Rain",2,"Mostly Clear",null,null,null,"None",null,"At Hostel of Sacred Stone"]
["Continue",186,7,"04 Jularva 1004","Forens","Summer",21,"5:25am","6:35pm","Moonlight","Subtropical","Mountains",2800,5,5,2,1,3,5,5,1,1,20,2,0,"88 (98)","73 (73)",3,0.66,0.49,"Northeast",20,10,"L","1/8 inch to 1/2 inch","Rain",2,"Mostly Clear",null,null,null,"None",null,"Damn Kobolds"]
["Continue",187,7,"05 Jularva 1004","Freeday","Summer",21,"5:25am","6:35pm","Darkness","Subtropical","Mountains",2800,6,3,4,4,3,1,4,2,1,20,3,0,"88 (96)","73 (73)",3,0.62,0.55000000000000004,"Northeast",20,10,"L","1/8 inch to 1/2 inch","Rain",2,"Mostly Clear",null,null,null,"None",null,"Saphera demon exposed; kill Yin Yensine"]
["Continue",188,7,"06 Jularva 1004","Hafn'mor","Summer",21,"5:25am","6:34pm","Darkness","Subtropical","Mountains",2800,4,6,3,4,4,3,3,1,3,20,4,0,"88 (96)","73 (73)",3,0.62,0.56000000000000005,"Northeast",20,10,"L","1/8 inch to 1/2 inch","Rain",2,"Mostly Clear",null,null,null,"None",null,"Make the fork in the road"]
["Continue",189,7,"07 Jularva 1004","Aprochen","Summer",21,"5:26am","6:34pm","Darkness","Subtropical","Mountains",2800,3,2,3,6,3,3,2,2,3,19,0,0,"88 (92)","68 (68)",3,0.53,0.48,"Northeast",35,18,"-","None","None",3,"Partly Cloudy",null,null,null,"None",null,"Encountered Owlbear/Dragon while travelling; Arrive at DeepWood 5pm"]
["Continue",190,7,"08 Jularva 1004","Longday","Summer",21,"5:26am","6:34pm","Darkness","Subtropical","Forest",1500,6,1,3,6,4,4,3,3,2,19,0,0,"82 (86)","62 (62)",3,0.7,0.64,"Northeast",35,18,"-","None","None",3,"Partly Cloudy",null,null,null,"None",null,"Snake/Dragon fights"]
["Continue",191,7,"09 Jularva 1004","Endsnear","Summer",21,"5:26am","6:34pm","Darkness","Subtropical","Forest",1500,6,3,5,3,1,1,2,3,2,20,0,0,"82 (85)","67 (67)",3,0.61,0.54,"Northeast",20,10,"-","None","None",1,"Clear",null,null,null,"None"]
["Continue",192,7,"10 Jularva 1004","Godsday","Summer",21,"5:26am","6:33pm","Darkness","Subtropical","Forest",1500,5,2,5,5,2,3,4,3,2,20,0,0,"82 (85)","67 (67)",3,0.63,0.56999999999999995,"Northeast",20,10,"-","None","None",1,"Clear",null,null,null,"None"]
["Continue",193,7,"11 Jularva 1004","Newday","Summer",21,"5:27am","6:33pm","Darkness","Subtropical","Forest",1500,4,4,1,1,6,4,4,3,3,21,0,0,"87 (99)","67 (67)",4,0.73,0.89,"Northeast",10,5,"D","> 1.5 inches","Rain",3,"Partly Cloudy",null,null,null,"None"]
["Continue",194,7,"12 Jularva 1004","Nexsta'","Summer",21,"5:27am","6:33pm","Darkness","Subtropical","Forest",1500,6,5,2,5,2,4,1,3,2,23,0,0,"92 (108)","72 (72)",3,0.65,0.55000000000000004,"South",0,0,"-","None","None",1,"Clear",null,null,null,"None"]
["Continue",195,7,"13 Jularva 1004","Onward","Summer",21,"5:27am","6:32pm","Darkness","Subtropical","Forest",1500,1,5,2,2,5,2,3,3,2,22,0,0,"87 (100)","72 (72)",4,0.75,0.9,"Northeast",10,5,"H","3/4 inch to 1.5 inches","Rain",3,"Partly Cloudy",null,null,null,"None"]
["Continue",196,7,"14 Jularva 1004","Forens","Summer",21,"5:28am","6:32pm","Darkness","Subtropical","Forest",1500,3,2,3,5,3,1,4,2,4,21,0,0,"87 (94)","67 (67)",3,0.62,0.56000000000000005,"Northeast",25,12,"-","None","None",4,"Mostly Cloudy",null,null,null,"None"]
["Continue",197,8,"15 Jularva 1004","Freeday","Summer",21,"5:28am","6:32pm","Darkness","Subtropical","Forest",1500,5,1,2,1,5,3,1,1,1,20,0,0,"82 (90)","67 (67)",4,0.86,0.83,"Northeast",35,18,"M","1/2 inch to 3/4 inch","Rain",4,"Mostly Cloudy",null,null,null,"None"]
["Continue",198,8,"16 Jularva 1004","Hafn'mor","Summer",21,"5:28am","6:32pm","Darkness","Subtropical","Forest",1500,2,3,5,2,2,1,1,3,4,19,0,0,"82 (86)","62 (62)",3,0.68,0.57999999999999996,"Northeast",45,22,"-","None","None",5,"Overcast",null,null,null,"None"]
["Continue",199,8,"17 Jularva 1004","Aprochen","Summer",21,"5:29am","6:31pm","Darkness","Subtropical","Forest",1500,4,1,1,5,1,4,5,3,3,18,0,0,"77 (77)","62 (62)",3,0.59,0.51,"Northeast",45,22,"-","None","None",5,"Overcast",null,null,null,"None"]
["Continue",200,8,"18 Jularva 1004","Longday","Summer",27,"5:19am","6:41pm","Darkness","Subtropical","Mountains",15000,6,6,3,3,5,6,3,1,4,18,1,0,"47 (47)","32 (15)",3,0.48,0.41,"Northeast",45,22,"-","None","None",5,"Overcast",6,"-",null,"None"]
["Continue",201,8,"19 Jularva 1004","Endsnear","Summer",27,"5:19am","6:41pm","Darkness","Subtropical","Mountains",10000,1,1,3,4,2,3,2,1,4,15,0,0,"52 (52)","37 (22)",4,0.71,0.87,"North",45,22,"M","1/2 inch to 3/4 inch","Rain",5,"Overcast",7,"G",null,"Gale","37-55 mph winds from 6:59am 'til 10:59am"]
["Continue",202,8,"20 Jularva 1004","Godsday","Summer",27,"5:19am","6:40pm","Darkness","Subtropical","Mountains",10000,5,5,5,4,6,3,4,3,4,17,0,0,"62 (62)","42 (42)",5,1,0.98,"South",35,18,"M","1/2 inch to 3/4 inch","Rain",3,"Partly Cloudy",null,null,null,"None"]
["Continue",203,8,"21 Jularva 1004","Newday","Summer",27,"5:20am","6:40pm","Darkness","Subtropical","Mountains",10000,5,1,2,2,1,2,1,2,1,16,0,0,"57 (57)","37 (22)",4,0.94,0.72,"Northeast",45,22,"L","1/8 inch to 1/2 inch","Rain",3,"Partly Cloudy",null,null,null,"None"]
["Continue",204,8,"22 Jularva 1004","Nexsta'","Summer",27,"5:20am","6:39pm","Darkness","Subtropical","Mountains",10000,4,3,6,3,5,6,3,1,3,16,0,0,"57 (57)","37 (22)",4,0.88,0.85,"Northeast",45,22,"L","1/8 inch to 1/2 inch","Rain",3,"Partly Cloudy",null,null,null,"None"]
["Continue",205,8,"23 Jularva 1004","Onward","Summer",27,"5:21am","6:39pm","Darkness","Subtropical","Mountains",10000,5,2,1,6,6,2,2,3,1,16,0,0,"57 (57)","37 (22)",4,0.83,0.77,"Northeast",45,22,"L","1/8 inch to 1/2 inch","Rain",3,"Partly Cloudy",null,null,null,"None"]
["Continue",206,8,"24 Jularva 1004","Forens","Summer",33,"5:11am","6:49pm","Darkness","Temperate","Plains",10000,5,3,1,4,6,3,2,1,4,17,0,0,"52 (52)","32 (17)",4,0.76,0.71,"West",35,18,"L","1/8 inch to 1/2 inch","Rain",3,"Partly Cloudy",null,null,null,"None"]
["Continue",207,8,"25 Jularva 1004","Freeday","Summer",40,"4:56am","7:03pm","Darkness","Temperate","Seacoast",0,4,4,1,3,6,2,6,2,2,18,0,0,"80 (84)","65 (65)",4,0.75,0.72,"West",25,12,"L","1/8 inch to 1/2 inch","Rain",2,"Mostly Clear",null,null,null,"None",null,"Arrive back in Whillip"]
["Continue",208,8,"26 Jularva 1004","Hafn'mor","Summer",40,"4:57am","7:02pm","Darkness","Temperate","Seacoast",0,6,1,6,2,2,3,4,2,4,18,0,0,"80 (83)","65 (65)",4,0.72,0.86,"West",25,12,"L","1/8 inch to 1/2 inch","Rain",2,"Mostly Clear",null,null,null,"None"]
["Continue",209,8,"27 Jularva 1004","Aprochen","Summer",40,"4:58am","7:01pm","Darkness","Temperate","Seacoast",0,1,1,5,2,1,6,1,1,4,15,0,0,"70 (70)","55 (55)",4,0.79,0.84,"West",45,22,"H","3/4 inch to 1.5 inches","Rain",5,"Overcast",7,"X",4,"Lightning Storm","From 6:32pm 'til 7:02pm."]
["Continue",210,8,"28 Jularva 1004","Longday","Summer",40,"4:59am","7:00pm","Darkness","Temperate","Seacoast",0,3,3,1,6,4,1,2,2,4,14,0,0,"70 (70)","50 (50)",3,0.83,0.52,"West",45,22,"L","1/8 inch to 1/2 inch","Rain",5,"Overcast",null,null,null,"None"]
["Continue",211,8,"29 Jularva 1004","Endsnear","Summer",40,"5:00am","6:59pm","Darkness","Temperate","Seacoast",0,4,3,2,4,5,3,3,1,4,14,0,0,"70 (70)","50 (50)",3,0.44,0.51,"West",45,22,"L","1/8 inch to 1/2 inch","Rain",5,"Overcast",null,null,null,"None"]
["Continue",212,8,"30 Jularva 1004","Godsday","Summer",40,"5:01am","6:59pm","Darkness","Temperate","Seacoast",0,1,1,2,3,3,3,2,3,2,13,0,1,"65 (65)","45 (45)",4,0.69,0.86,"North",45,22,"H","3/4 inch to 1.5 inches","Rain",5,"Overcast",5,"X",4,"Lightning Storm","From 10:29am 'til 10:59am."]
["Continue",213,8,"31 Jularva 1004","Midsummer","Summer",40,"5:02am","6:58pm","Moonlight","Temperate","Seacoast",0,4,6,4,4,2,1,4,3,1,15,0,0,"70 (70)","55 (55)",3,0.73,0.54,"South",35,18,"T","< 1/8 inch","Rain",3,"Partly Cloudy",null,null,null,"None"]
["Continue",214,8,"32 Jularva 1004","Shieldmeet","Summer",40,"5:03am","6:57pm","Moonlight","Temperate","Seacoast",0,5,6,3,1,1,6,3,1,3,17,0,0,"80 (82)","60 (60)",2,0.65,0.39,"South",20,10,"-","None","None",1,"Clear",null,null,null,"None"]
["Continue",215,8,"01 Augot 1004","Newday","Summer",40,"5:04am","6:56pm","Moonlight","Temperate","Seacoast",0,5,6,1,3,5,5,6,1,1,19,0,0,"85 (85)","65 (65)",2,0.39,0.26,"South",5,0,"-","None","None",1,"Clear",null,null,null,"None"]
["Continue",216,8,"02 Augot 1004","Nexsta'","Summer",40,"5:05am","6:55pm","Moonlight","Temperate","Seacoast",0,2,4,4,2,6,1,1,1,1,18,0,0,"80 (80)","65 (65)",2,0.3,0.33,"West",15,8,"T","< 1/8 inch","Rain",2,"Mostly Clear",null,null,null,"None"]
["Continue",217,8,"03 Augot 1004","Onward","Summer",40,"5:06am","6:54pm","Darkness","Temperate","Seacoast",0,4,6,5,1,2,2,1,2,4,20,0,0,"85 (85)","70 (70)",2,0.31,0.24,"South",5,0,"T","< 1/8 inch","Rain",2,"Mostly Clear",null,null,null,"None"]
["Continue",218,8,"04 Augot 1004","Forens","Summer",40,"5:07am","6:53pm","Darkness","Temperate","Seacoast",0,1,3,6,1,2,4,6,1,4,18,0,0,"80 (80)","65 (65)",2,0.39,0.28000000000000003,"North",15,8,"T","< 1/8 inch","Rain",3,"Partly Cloudy",null,null,null,"None"]
["Continue",219,8,"05 Augot 1004","Freeday","Summer",40,"5:08am","6:52pm","Darkness","Temperate","Seacoast",0,1,5,2,4,3,3,6,2,3,17,0,0,"80 (80)","60 (60)",2,0.31,0.28999999999999998,"West",25,12,"T","< 1/8 inch","Rain",3,"Partly Cloudy",null,null,null,"None"]
["Continue",220,8,"06 Augot 1004","Hafn'mor","Summer",40,"5:09am","6:51pm","Darkness","Temperate","Seacoast",0,6,3,6,5,4,6,2,2,4,18,0,0,"80 (80)","65 (65)",2,0.32,0.21,"West",10,5,"-","None","None",1,"Clear",null,null,null,"None"]
["Continue",221,8,"07 Augot 1004","Aprochen","Summer",40,"5:10am","6:50pm","Darkness","Temperate","Seacoast",0,4,1,1,5,2,2,3,1,4,17,0,0,"80 (80)","60 (60)",2,0.21,0.4,"West",25,12,"-","None","None",2,"Mostly Clear",null,null,null,"None"]
["Continue",222,8,"08 Augot 1004","Longday","Summer",40,"5:11am","6:49pm","Darkness","Temperate","Seacoast",0,5,2,3,4,1,3,3,2,3,17,0,0,"80 (80)","60 (60)",2,0.33,0.22,"West",25,12,"-","None","None",2,"Mostly Clear",null,null,null,"None"]
["Continue",223,8,"09 Augot 1004","Endsnear","Summer",40,"5:12am","6:48pm","Darkness","Temperate","Seacoast",0,2,1,5,3,4,6,3,2,4,15,0,0,"70 (70)","55 (55)",2,0.28999999999999998,0.34,"North",40,20,"-","None","None",4,"Mostly Cloudy",null,null,null,"None"]
["Continue",224,8,"10 Augot 1004","Godsday","Summer",40,"5:13am","6:47pm","Darkness","Temperate","Seacoast",0,6,6,3,4,5,2,5,1,4,18,0,0,"80 (80)","65 (65)",2,0.21,0.25,"South",5,0,"L","1/8 inch to 1/2 inch","Rain",2,"Mostly Clear",7,"M",null,"Heavy Fog","from 6:47pm 'til 11:47pm"]
["Continue",225,8,"11 Augot 1004","Newday","Summer",40,"5:14am","6:45pm","Darkness","Temperate","Seacoast",0,4,6,4,1,5,6,1,3,1,20,0,0,"85 (85)","70 (70)",2,0.37,0.4,"South",0,0,"T","< 1/8 inch","Rain",2,"Mostly Clear",null,"M",null,"None"]
["Continue",226,8,"12 Augot 1004","Nexsta'","Summer",40,"5:15am","6:44pm","Darkness","Temperate","Seacoast",0,6,1,3,3,6,6,4,3,1,20,0,0,"85 (85)","70 (70)",2,0.21,0.34,"West",0,0,"T","< 1/8 inch","Rain",2,"Mostly Clear",null,"M",null,"None"]
["Continue",227,8,"13 Augot 1004","Onward","Summer",40,"5:16am","6:43pm","Darkness","Temperate","Seacoast",0,2,2,2,3,1,2,3,2,1,18,0,0,"80 (80)","65 (65)",2,0.3,0.26,"North",10,5,"L","1/8 inch to 1/2 inch","Rain",3,"Partly Cloudy",null,"M",null,"None"]
["Continue",228,8,"14 Augot 1004","Forens","Summer",40,"5:17am","6:42pm","Darkness","Temperate","Seacoast",0,2,1,4,1,5,4,2,1,2,16,0,0,"75 (75)","55 (55)",2,0.23,0.28000000000000003,"North",25,12,"-","None","None",5,"Overcast",null,"M",null,"None"]
["Continue",229,8,"15 Augot 1004","Freeday","Summer",40,"5:18am","6:41pm","Darkness","Temperate","Seacoast",0,2,6,5,4,4,1,2,2,1,17,0,0,"80 (80)","60 (60)",2,0.21,0.3,"West",15,8,"T","< 1/8 inch","Rain",4,"Mostly Cloudy",null,"M",null,"None"]
["Continue",230,8,"16 Augot 1004","Hafn'mor","Summer",40,"5:19am","6:40pm","Darkness","Temperate","Seacoast",0,1,3,1,1,6,3,2,3,2,15,0,0,"70 (70)","55 (55)",2,0.35,0.34,"North",25,12,"T","< 1/8 inch","Rain",5,"Overcast",null,null,null,"None"]
["Continue",231,9,"17 Augot 1004","Aprochen","Summer",40,"5:20am","6:39pm","Darkness","Temperate","Seacoast",0,2,4,4,6,6,2,4,1,4,14,0,0,"70 (70)","50 (50)",2,0.36,0.38,"West",35,18,"T","< 1/8 inch","Rain",5,"Overcast",null,null,null,"None"]
["Continue",232,9,"18 Augot 1004","Longday","Summer",40,"5:22am","6:38pm","Darkness","Temperate","Seacoast",0,3,4,3,6,6,6,6,3,3,14,0,0,"70 (70)","50 (50)",2,0.34,0.26,"West",35,18,"T","< 1/8 inch","Rain",5,"Overcast",null,null,null,"None"]
["Continue",233,9,"19 Augot 1004","Endsnear","Summer",40,"5:23am","6:37pm","Darkness","Temperate","Seacoast",0,5,3,5,5,6,5,2,3,2,15,0,0,"70 (70)","55 (55)",2,0.23,0.39,"West",25,12,"-","None","None",4,"Mostly Cloudy",null,null,null,"None"]
["Continue",234,9,"20 Augot 1004","Godsday","Summer",40,"5:24am","6:36pm","Darkness","Temperate","Seacoast",0,4,2,1,3,4,2,2,1,4,14,0,0,"70 (70)","50 (50)",2,0.34,0.39,"West",35,18,"-","None","None",4,"Mostly Cloudy",null,null,null,"None"]
["Continue",235,9,"21 Augot 1004","Newday","Summer",40,"5:25am","6:34pm","Darkness","Temperate","Seacoast",0,3,1,3,1,2,5,3,2,2,12,0,1,"60 (60)","40 (26)",2,0.21,0.3,"North",45,22,"-","None","None",5,"Overcast",null,null,null,"None"]
["Continue",236,9,"22 Augot 1004","Nexsta'","Summer",40,"5:26am","6:33pm","Darkness","Temperate","Seacoast",0,2,5,6,5,1,1,3,3,4,13,0,0,"65 (65)","45 (45)",2,0.3,0.28000000000000003,"West",35,18,"T","< 1/8 inch","Rain",4,"Mostly Cloudy",null,null,null,"None"]
["Continue",237,9,"23 Augot 1004","Onward","Summer",40,"5:27am","6:32pm","Darkness","Temperate","Seacoast",0,5,1,3,6,2,1,6,2,3,12,0,1,"60 (60)","40 (26)",2,0.39,0.21,"West",45,22,"-","None","None",4,"Mostly Cloudy",null,null,null,"None"]
["Continue",238,9,"24 Augot 1004","Forens","Summer",40,"5:28am","6:31pm","Darkness","Temperate","Seacoast",0,3,2,3,6,2,2,4,2,3,12,0,2,"60 (60)","40 (26)",2,0.24,0.3,"West",45,22,"-","None","None",4,"Mostly Cloudy",null,null,null,"None"]
["Continue",239,9,"25 Augot 1004","Freeday","Summer",40,"5:29am","6:30pm","Darkness","Temperate","Seacoast",0,4,2,6,6,2,6,6,1,2,13,0,0,"65 (65)","45 (45)",2,0.21,0.37,"West",35,18,"-","None","None",3,"Partly Cloudy",null,null,null,"None"]
["Continue",240,9,"26 Augot 1004","Hafn'mor","Summer",40,"5:31am","6:29pm","Darkness","Temperate","Seacoast",0,2,5,1,1,5,2,4,2,2,13,0,0,"65 (65)","45 (45)",2,0.34,0.38,"West",35,18,"-","None","None",3,"Partly Cloudy",null,null,null,"None"]
["Continue",241,9,"27 Augot 1004","Aprochen","Summer",40,"5:32am","6:28pm","Moonlight","Temperate","Seacoast",0,4,1,6,3,5,2,1,1,2,12,0,1,"60 (60)","40 (26)",2,0.23,0.32,"West",45,22,"-","None","None",4,"Mostly Cloudy",null,null,null,"None"]
["Continue",242,9,"28 Augot 1004","Longday","Summer",40,"5:33am","6:26pm","Moonlight","Temperate","Seacoast",0,6,1,4,3,1,1,5,1,1,13,0,0,"65 (65)","45 (45)",2,0.23,0.36,"West",35,18,"-","None","None",3,"Partly Cloudy",null,null,null,"None"]
["Continue",243,9,"29 Augot 1004","Endsnear","Summer",40,"5:34am","6:25pm","Moonlight","Temperate","Seacoast",0,2,3,2,3,6,6,1,3,4,12,0,1,"60 (60)","40 (26)",2,0.26,0.27,"West",45,22,"-","None","None",4,"Mostly Cloudy",null,null,null,"None"]
["Continue",244,9,"30 Augot 1004","Godsday","Summer",40,"5:35am","6:24pm","Moonlight","Temperate","Seacoast",0,2,1,3,5,4,3,6,1,2,12,0,2,"60 (60)","40 (26)",2,0.23,0.28999999999999998,"West",45,22,"-","None","None",4,"Mostly Cloudy",null,null,null,"None"]
["Continue",245,9,"01 Septev 1004","Newday","Summer",40,"5:36am","6:23pm","Moonlight","Temperate","Seacoast",0,5,3,4,1,1,4,5,1,3,13,0,0,"65 (65)","45 (45)",2,0.35,0.25,"West",35,18,"-","None","None",3,"Partly Cloudy",null,null,null,"None"]
["Continue",246,9,"02 Septev 1004","Nexsta'","Summer",40,"5:38am","6:22pm","Moonlight","Temperate","Seacoast",0,4,1,4,6,5,1,5,1,4,12,0,1,"60 (60)","40 (26)",2,0.36,0.35,"West",45,22,"-","None","None",4,"Mostly Cloudy",null,null,null,"None"]
["Continue",247,9,"03 Septev 1004","Onward","Summer",40,"5:39am","6:21pm","Moonlight","Temperate","Seacoast",0,2,4,6,6,1,2,4,2,1,12,0,2,"60 (60)","40 (26)",2,0.36,0.39,"West",45,22,"-","None","None",4,"Mostly Cloudy",null,null,null,"None"]
["Continue",248,9,"04 Septev 1004","Forens","Summer",40,"5:40am","6:19pm","Darkness","Temperate","Seacoast",0,6,1,6,3,3,3,2,2,1,13,0,0,"65 (65)","45 (45)",2,0.28999999999999998,0.35,"West",35,18,"-","None","None",3,"Partly Cloudy",null,null,null,"None"]
["Continue",249,9,"05 Septev 1004","Freeday","Summer",40,"5:41am","6:18pm","Darkness","Temperate","Seacoast",0,4,4,6,5,5,4,1,3,2,14,0,0,"70 (70)","50 (50)",2,0.23,0.39,"West",25,12,"L","1/8 inch to 1/2 inch","Rain",2,"Mostly Clear",null,null,null,"None"]
["Continue",250,9,"06 Septev 1004","Hafn'mor","Summer",40,"5:42am","6:17pm","Darkness","Temperate","Seacoast",0,4,3,2,3,5,3,3,1,1,14,0,0,"70 (70)","50 (50)",2,0.23,0.28000000000000003,"West",25,12,"L","1/8 inch to 1/2 inch","Rain",2,"Mostly Clear",null,null,null,"None"]
["Continue",251,9,"07 Septev 1004","Aprochen","Summer",40,"5:43am","6:16pm","Darkness","Temperate","Seacoast",0,3,5,3,6,2,3,2,1,1,15,0,0,"70 (70)","55 (55)",2,0.28000000000000003,0.37,"West",15,8,"T","< 1/8 inch","Rain",2,"Mostly Clear",null,null,null,"None"]
["Continue",252,9,"08 Septev 1004","Longday","Summer",40,"5:45am","6:15pm","Darkness","Temperate","Seacoast",0,1,3,3,3,4,6,6,2,2,13,0,0,"65 (65)","45 (45)",2,0.22,0.34,"North",25,12,"T","< 1/8 inch","Rain",3,"Partly Cloudy",null,null,null,"None"]
["Continue",253,9,"09 Septev 1004","Endsnear","Summer",40,"5:46am","6:14pm","Darkness","Temperate","Seacoast",0,4,6,3,4,6,1,6,2,2,15,0,0,"70 (70)","55 (55)",2,0.35,0.37,"South",15,8,"T","< 1/8 inch","Rain",2,"Mostly Clear",null,null,null,"None"]
["Continue",254,9,"10 Septev 1004","Godsday","Summer",40,"5:47am","6:12pm","Darkness","Temperate","Seacoast",0,4,3,4,2,5,3,5,3,4,15,0,0,"70 (70)","55 (55)",2,0.34,0.25,"West",15,8,"T","< 1/8 inch","Rain",2,"Mostly Clear",null,null,null,"None"]
["Continue",255,9,"11 Septev 1004","Newday","Summer",40,"5:48am","6:11pm","Darkness","Temperate","Seacoast",0,2,6,6,4,1,5,4,3,1,16,0,0,"75 (75)","55 (55)",2,0.36,0.31,"West",5,0,"T","< 1/8 inch","Rain",2,"Mostly Clear",null,null,null,"None"]
["Continue",256,9,"12 Septev 1004","Nexsta'","Summer",40,"5:49am","6:10pm","Darkness","Temperate","Seacoast",0,5,2,5,6,2,6,2,3,1,16,0,0,"75 (75)","55 (55)",2,0.34,0.33,"West",5,0,"T","< 1/8 inch","Rain",2,"Mostly Clear",null,null,null,"None"]
["Continue",257,9,"13 Septev 1004","Onward","Summer",40,"5:51am","6:09pm","Darkness","Temperate","Seacoast",0,5,1,1,3,6,3,4,2,3,15,0,0,"70 (70)","55 (55)",2,0.26,0.34,"West",15,8,"-","None","None",2,"Mostly Clear",null,null,null,"None"]
["Continue",258,9,"14 Septev 1004","Forens","Summer",40,"5:52am","6:08pm","Darkness","Temperate","Seacoast",0,2,3,5,4,1,3,5,1,3,14,0,0,"70 (70)","50 (50)",2,0.26,0.38,"West",30,15,"-","None","None",3,"Partly Cloudy",null,null,null,"None"]
["Continue",259,9,"15 Septev 1004","Freeday","Summer",40,"5:53am","6:06pm","Darkness","Temperate","Seacoast",0,3,3,3,4,2,1,2,3,1,13,0,0,"65 (65)","45 (45)",2,0.28000000000000003,0.28999999999999998,"West",40,20,"L","1/8 inch to 1/2 inch","Rain",3,"Partly Cloudy",null,null,null,"None"]
["Continue",260,9,"16 Septev 1004","Hafn'mor","Summer",40,"5:54am","6:05pm","Darkness","Temperate","Seacoast",0,5,4,1,3,2,6,4,2,1,14,0,0,"70 (70)","50 (50)",2,0.33,0.39,"West",25,12,"-","None","None",1,"Clear",null,null,null,"None"]
["Continue",261,9,"17 Septev 1004","Aprochen","Summer",40,"5:55am","6:04pm","Darkness","Temperate","Seacoast",0,5,1,3,1,6,3,5,3,2,13,0,0,"65 (65)","45 (45)",2,0.32,0.27,"West",35,18,"-","None","None",1,"Clear",null,null,null,"None"]
["Continue",262,9,"18 Septev 1004","Longday","Summer",40,"5:57am","6:03pm","Darkness","Temperate","Seacoast",0,4,1,4,5,4,6,6,2,4,12,0,1,"60 (60)","40 (26)",2,0.32,0.3,"West",45,22,"-","None","None",2,"Mostly Clear",null,null,null,"None"]
["Continue",263,9,"19 Septev 1004","Endsnear","Summer",40,"5:58am","6:02pm","Darkness","Temperate","Seacoast",0,1,3,5,1,6,1,4,2,1,12,0,2,"60 (60)","40 (26)",2,0.34,0.22,"West",45,22,"-","None","None",2,"Mostly Clear",null,null,null,"None"]
["Continue",264,9,"20 Septev 1004","Godsday","Summer",40,"5:59am","6:00pm","Darkness","Temperate","Seacoast",0,5,6,4,2,3,3,3,2,4,14,0,0,"70 (70)","50 (50)",2,0.32,0.24,"South",30,15,"-","None","None",1,"Clear",null,null,null,"None"]
["Continue",265,10,"21 Septev 1004","Newday","Autumn",40,"6:00am","5:59pm","Darkness","Temperate","Seacoast",0,6,6,2,2,3,2,5,3,4,17,0,0,"80 (81)","60 (60)",3,0.55000000000000004,0.67,"West",5,0,"H","3/4 inch to 1.5 inches","Rain",3,"Partly Cloudy",4,"-",null,"None"]
["Continue",266,10,"22 Septev 1004","Nexsta'","Autumn",40,"6:02am","5:58pm","Darkness","Temperate","Seacoast",0,4,4,6,6,4,5,2,1,4,18,0,0,"80 (85)","65 (65)",5,0.84,0.93,"West",0,0,"H","3/4 inch to 1.5 inches","Rain",3,"Partly Cloudy",null,"-",null,"None"]
["Continue",267,10,"23 Septev 1004","Onward","Autumn",40,"6:03am","5:56pm","Darkness","Temperate","Seacoast",0,6,4,1,3,6,3,4,2,4,20,1,0,"85 (107)","70 (70)",4,1,0.84,"South",0,0,"L","1/8 inch to 1/2 inch","Rain",2,"Mostly Clear",null,"-",null,"None"]
["Continue",268,10,"24 Septev 1004","Forens","Autumn",40,"6:05am","5:55pm","Darkness","Temperate","Seacoast",0,1,2,2,3,5,1,2,1,2,18,0,0,"80 (84)","65 (65)",3,0.77,0.67,"North",15,8,"-","None","None",4,"Mostly Cloudy",null,"-",null,"None"]
["Continue",269,10,"25 Septev 1004","Freeday","Autumn",40,"6:06am","5:53pm","Darkness","Temperate","Seacoast",0,1,4,5,1,2,1,5,2,3,17,0,0,"80 (83)","60 (60)",3,0.67,0.57999999999999996,"West",30,15,"-","None","None",5,"Overcast",null,"-",null,"None"]
["Continue",270,10,"26 Septev 1004","Hafn'mor","Autumn",40,"6:08am","5:52pm","Darkness","Temperate","Seacoast",0,3,4,6,3,3,4,3,2,2,17,0,0,"80 (82)","60 (60)",3,0.57999999999999996,0.46,"West",30,15,"-","None","None",5,"Overcast",null,"-",null,"None"]
["Continue",271,10,"27 Septev 1004","Aprochen","Autumn",40,"6:09am","5:50pm","Darkness","Temperate","Seacoast",0,3,1,6,2,1,6,2,2,1,15,0,0,"70 (70)","55 (55)",3,0.67,0.68,"North",40,20,"L","1/8 inch to 1/2 inch","Rain",5,"Overcast",null,"-",null,"None"]
["Continue",272,10,"28 Septev 1004","Longday","Autumn",40,"6:11am","5:48pm","Darkness","Temperate","Seacoast",0,2,3,4,2,4,1,4,3,1,14,0,0,"70 (70)","50 (50)",3,0.68,0.64,"West",45,22,"-","None","None",5,"Overcast",null,"-",null,"None"]
["Continue",273,10,"29 Septev 1004","Endsnear","Autumn",40,"6:12am","5:47pm","Darkness","Temperate","Seacoast",0,4,3,6,4,5,6,6,1,2,14,0,0,"70 (70)","50 (50)",3,0.42,0.43,"West",45,22,"-","None","None",5,"Overcast",null,"-",null,"None"]
["Continue",274,10,"30 Septev 1004","Godsday","Autumn",40,"6:14am","5:45pm","Moonlight","Temperate","Seacoast",0,6,3,1,4,6,4,4,1,1,15,0,0,"70 (70)","55 (55)",3,0.57999999999999996,0.55000000000000004,"West",30,15,"-","None","None",3,"Partly Cloudy",null,"-",null,"None"]
["Continue",275,10,"31 Septev 1004","Higharvestide","Autumn",40,"6:15am","5:44pm","Moonlight","Temperate","Seacoast",0,5,5,5,4,3,4,1,2,2,17,0,0,"80 (84)","60 (60)",4,0.77,0.78,"South",20,10,"H","3/4 inch to 1.5 inches","Rain",3,"Partly Cloudy",null,"-",null,"None"]
["Continue",276,10,"01 Octov 1004","Newday","Autumn",40,"6:17am","5:42pm","Moonlight","Temperate","Seacoast",0,4,1,4,1,6,5,4,3,4,16,0,0,"75 (75)","55 (55)",3,0.66,0.42,"West",35,18,"-","None","None",4,"Mostly Cloudy",null,"-",null,"None"]
["Continue",277,10,"02 Octov 1004","Nexsta'","Autumn",40,"6:18am","5:41pm","Darkness","Temperate","Seacoast",0,1,1,6,4,1,4,5,1,3,13,0,0,"65 (65)","45 (45)",4,0.77,0.87,"North",45,22,"H","3/4 inch to 1.5 inches","Rain",5,"Overcast",10,"-",null,"None"]
["Continue",278,10,"03 Octov 1004","Onward","Autumn",40,"6:20am","5:39pm","Darkness","Temperate","Seacoast",0,5,5,4,6,6,2,5,1,2,15,0,0,"70 (70)","55 (55)",5,0.98,0.98,"South",35,18,"H","3/4 inch to 1.5 inches","Rain",4,"Mostly Cloudy",null,"-",null,"None"]
["Continue",279,10,"04 Octov 1004","Forens","Autumn",40,"6:21am","5:38pm","Darkness","Temperate","Seacoast",0,3,5,5,6,1,1,4,3,2,16,0,0,"75 (75)","55 (55)",5,0.94,0.92,"West",25,12,"M","1/2 inch to 3/4 inch","Rain",3,"Partly Cloudy",null,"-",null,"None"]
["Continue",280,10,"05 Octov 1004","Freeday","Autumn",40,"6:23am","5:36pm","Darkness","Temperate","Seacoast",0,4,2,3,3,3,3,2,1,1,15,0,0,"70 (70)","55 (55)",4,0.91,0.9,"West",35,18,"L","1/8 inch to 1/2 inch","Rain",3,"Partly Cloudy",null,"-",null,"None"]
["Continue",281,10,"06 Octov 1004","Hafn'mor","Autumn",40,"6:24am","5:35pm","Darkness","Temperate","Seacoast",0,5,5,5,5,1,3,2,3,3,17,0,0,"80 (83)","60 (60)",5,0.72,0.97,"South",25,12,"H","3/4 inch to 1.5 inches","Rain",3,"Partly Cloudy",null,"-",null,"None"]
["Continue",282,10,"07 Octov 1004","Aprochen","Autumn",40,"6:26am","5:33pm","Darkness","Temperate","Seacoast",0,2,4,5,1,3,1,6,2,4,16,0,0,"75 (75)","55 (55)",5,0.97,0.94,"West",35,18,"M","1/2 inch to 3/4 inch","Rain",3,"Partly Cloudy",null,"-",null,"None"]
["Continue",283,10,"08 Octov 1004","Longday","Autumn",40,"6:27am","5:32pm","Darkness","Temperate","Seacoast",0,5,3,4,1,4,5,4,1,4,17,0,0,"80 (86)","60 (60)",4,0.91,0.8,"West",25,12,"L","1/8 inch to 1/2 inch","Rain",2,"Mostly Clear",null,"-",null,"None"]
["Continue",284,10,"09 Octov 1004","Endsnear","Autumn",40,"6:29am","5:31pm","Darkness","Temperate","Seacoast",0,1,6,1,3,5,2,6,1,3,17,0,0,"80 (83)","60 (60)",4,0.71,0.72,"West",25,12,"L","1/8 inch to 1/2 inch","Rain",2,"Mostly Clear",null,"-",null,"None"]
["Continue",285,10,"10 Octov 1004","Godsday","Autumn",40,"6:30am","5:29pm","Darkness","Temperate","Seacoast",0,2,4,5,6,5,2,3,2,2,16,0,0,"75 (75)","55 (55)",5,0.9,0.92,"West",35,18,"M","1/2 inch to 3/4 inch","Rain",3,"Partly Cloudy",null,"-",null,"None"]
["Continue",286,10,"11 Octov 1004","Newday","Autumn",40,"6:32am","5:28pm","Darkness","Temperate","Seacoast",0,6,3,5,5,6,1,1,3,2,17,0,0,"80 (85)","60 (60)",3,0.87,0.56999999999999995,"West",20,10,"-","None","None",1,"Clear",null,"-",null,"None"]
["Continue",287,10,"12 Octov 1004","Nexsta'","Autumn",40,"6:33am","5:26pm","Darkness","Temperate","Seacoast",0,3,3,5,2,3,5,4,1,3,16,0,0,"75 (75)","55 (55)",4,0.76,0.87,"West",30,15,"H","3/4 inch to 1.5 inches","Rain",3,"Partly Cloudy",null,"-",null,"None"]
["Continue",288,10,"13 Octov 1004","Onward","Autumn",40,"6:35am","5:25pm","Darkness","Temperate","Seacoast",0,1,2,5,1,5,2,4,1,3,14,0,0,"70 (70)","50 (50)",3,0.48,0.59,"North",45,22,"-","None","None",5,"Overcast",null,"-",null,"None"]
["Continue",289,10,"14 Octov 1004","Forens","Autumn",40,"6:36am","5:23pm","Darkness","Temperate","Seacoast",0,4,1,5,6,1,6,2,2,4,13,0,0,"65 (65)","45 (45)",3,0.69,0.45,"West",45,22,"-","None","None",5,"Overcast",null,"-",null,"None"]
["Continue",290,10,"15 Octov 1004","Freeday","Autumn",40,"6:37am","5:22pm","Darkness","Temperate","Seacoast",0,4,3,1,1,5,5,2,1,1,13,0,0,"65 (65)","45 (45)",3,0.62,0.62,"West",45,22,"-","None","None",5,"Overcast",null,null,null,"None"]
["Continue",291,10,"16 Octov 1004","Hafn'mor","Autumn",40,"6:39am","5:20pm","Darkness","Temperate","Seacoast",0,2,2,6,1,2,4,1,1,2,11,0,1,"50 (50)","30 (12)",4,0.81,0.77,"North",45,22,"H","3/4 inch to 1.5 inches","Rain",5,"Overcast",null,null,null,"None"]
["Continue",292,10,"17 Octov 1004","Aprochen","Autumn",40,"6:40am","5:19pm","Darkness","Temperate","Seacoast",0,5,2,6,5,3,2,4,2,2,12,0,0,"60 (60)","40 (28)",3,0.88,0.56999999999999995,"West",35,18,"L","1/8 inch to 1/2 inch","Rain",4,"Mostly Cloudy",null,null,null,"None"]
["Continue",293,11,"18 Octov 1004","Longday","Autumn",40,"6:42am","5:18pm","Darkness","Temperate","Seacoast",0,2,1,1,4,5,6,4,3,2,10,0,0,"40 (26)","20 (-2)",3,0.54,0.61,"North",45,22,"-","None","None",5,"Overcast",null,null,null,"None"]
["Continue",294,11,"19 Octov 1004","Endsnear","Autumn",40,"6:43am","5:16pm","Darkness","Temperate","Seacoast",0,6,6,5,1,1,3,1,2,2,13,0,0,"65 (65)","45 (45)",4,0.78,0.78,"South",5,0,"H","3/4 inch to 1.5 inches","Rain",3,"Partly Cloudy",6,"-",null,"None"]
["Continue",295,11,"20 Octov 1004","Godsday","Autumn",40,"6:44am","5:15pm","Darkness","Temperate","Seacoast",0,2,2,3,6,4,1,3,1,1,11,0,0,"50 (50)","30 (19)",5,0.98,0.96,"North",15,8,"H","3/4 inch to 1.5 inches","Rain",4,"Mostly Cloudy",null,"-",null,"None"]
["Continue",296,11,"21 Octov 1004","Newday","Autumn",40,"6:46am","5:14pm","Darkness","Temperate","Seacoast",0,5,4,4,4,5,3,2,2,1,12,0,0,"60 (60)","40 (40)",3,0.81,0.65,"West",0,0,"-","None","None",2,"Mostly Clear",null,"-",null,"None"]
["Continue",297,11,"22 Octov 1004","Nexsta'","Autumn",40,"6:47am","5:12pm","Darkness","Temperate","Seacoast",0,2,2,1,4,2,5,3,2,1,10,0,0,"40 (34)","20 (9)",4,0.88,0.85,"North",10,5,"H","2 inches to 4 inches","Sleet",3,"Partly Cloudy",null,"-",null,"None"]
["Continue",298,11,"23 Octov 1004","Onward","Autumn",40,"6:49am","5:11pm","Darkness","Temperate","Seacoast",0,2,4,2,2,6,5,2,2,4,9,0,0,"35 (24)","15 (-2)",5,0.98,0.92,"West",20,10,"M","1 inch to 2 inches","Snow",3,"Partly Cloudy",null,"-",null,"None"]
["Continue",299,11,"24 Octov 1004","Forens","Autumn",40,"6:50am","5:10pm","Darkness","Temperate","Seacoast",0,2,3,6,5,4,4,6,3,1,8,0,0,"30 (14)","15 (-7)",3,0.81,0.6,"West",35,18,"-","None","None",4,"Mostly Cloudy",null,"-",null,"None"]
["Continue",300,11,"25 Octov 1004","Freeday","Autumn",40,"6:51am","5:08pm","Darkness","Temperate","Seacoast",0,1,2,2,4,1,1,2,2,2,7,0,1,"25 (5)","10 (-16)",3,0.54,0.65,"North",45,22,"-","None","None",5,"Overcast",null,"-",null,"None"]
["Continue",301,11,"26 Octov 1004","Hafn'mor","Autumn",40,"6:52am","5:07pm","Moonlight","Temperate","Seacoast",0,5,2,1,6,3,4,4,2,3,8,0,0,"30 (14)","15 (-7)",3,0.57999999999999996,0.62,"West",35,18,"L","1/2 inch to 1 inch","Snow",4,"Mostly Cloudy",null,"-",null,"None"]
["Continue",302,11,"27 Octov 1004","Aprochen","Autumn",40,"6:54am","5:06pm","Moonlight","Temperate","Seacoast",0,4,6,6,2,2,2,1,2,4,10,0,0,"40 (29)","20 (3)",4,0.55000000000000004,0.73,"South",25,12,"M","1 inch to 2 inches","Sleet",3,"Partly Cloudy",null,"-",null,"None"]
["Continue",303,11,"28 Octov 1004","Longday","Autumn",40,"6:55am","5:04pm","Moonlight","Temperate","Seacoast",0,1,3,6,1,3,4,6,1,4,8,0,0,"30 (14)","15 (-7)",5,0.93,0.97,"North",35,18,"M","1 inch to 2 inches","Snow",4,"Mostly Cloudy",null,"-",null,"None"]
["Continue",304,11,"29 Octov 1004","Endsnear","Autumn",40,"6:56am","5:03pm","Darkness","Temperate","Seacoast",0,1,4,2,4,3,3,6,2,3,7,0,1,"25 (5)","10 (-16)",3,0.76,0.47,"West",45,22,"-","None","None",5,"Overcast",null,"-",null,"None"]
["Continue",305,11,"30 Octov 1004","Godsday","Autumn",40,"6:58am","5:02pm","Darkness","Temperate","Seacoast",0,1,4,1,6,5,1,3,2,1,7,0,2,"25 (5)","10 (-16)",3,0.52,0.66,"West",45,22,"-","None","None",5,"Overcast",null,"-",null,"None"]
["Continue",306,11,"01 Novius 1004","Newday","Autumn",40,"6:59am","5:01pm","Moonlight","Temperate","Seacoast",0,2,5,5,3,5,6,1,3,2,8,0,0,"30 (14)","15 (-7)",4,0.87,0.86,"West",35,18,"M","1 inch to 2 inches","Snow",4,"Mostly Cloudy",null,"-",null,"None"]
["Continue",307,11,"02 Novius 1004","Nexsta'","Autumn",40,"7:00am","5:00pm","Darkness","Temperate","Seacoast",0,1,4,5,5,3,4,4,3,1,7,0,1,"25 (5)","10 (-16)",3,0.53,0.68,"West",45,22,"-","None","None",5,"Overcast",null,"-",null,"None"]
["Continue",308,11,"03 Novius 1004","Onward","Autumn",40,"7:01am","4:58pm","Darkness","Temperate","Seacoast",0,4,3,1,5,5,2,5,3,1,8,0,0,"30 (14)","15 (-7)",3,0.61,0.69,"West",35,18,"L","1/2 inch to 1 inch","Snow",4,"Mostly Cloudy",null,"-",null,"None"]
["Continue",309,11,"04 Novius 1004","Forens","Autumn",40,"7:02am","4:57pm","Darkness","Temperate","Seacoast",0,6,6,3,4,6,3,5,2,4,11,0,0,"50 (50)","30 (25)",4,0.57999999999999996,0.86,"West",5,0,"H","3/4 inch to 1.5 inches","Rain",3,"Partly Cloudy",7,"M",null,"Heavy Fog","from 4:57pm 'til 10:57pm"]
["Continue",310,11,"05 Novius 1004","Freeday","Autumn",40,"7:03am","4:56pm","Darkness","Temperate","Seacoast",0,1,4,2,4,2,4,4,2,4,10,0,0,"40 (30)","20 (4)",3,0.56000000000000005,0.61,"West",20,10,"-","None","None",4,"Mostly Cloudy",null,"M",null,"None"]
["Continue",311,11,"06 Novius 1004","Hafn'mor","Autumn",40,"7:05am","4:55pm","Darkness","Temperate","Seacoast",0,3,4,1,6,4,4,2,1,3,10,0,0,"40 (30)","20 (4)",3,0.6,0.48,"West",20,10,"-","None","None",4,"Mostly Cloudy",null,"M",null,"None"]
["Continue",312,11,"07 Novius 1004","Aprochen","Autumn",40,"7:06am","4:54pm","Darkness","Temperate","Seacoast",0,4,4,3,4,2,3,4,3,2,11,0,0,"50 (50)","30 (21)",4,0.9,0.86,"West",10,5,"H","3/4 inch to 1.5 inches","Rain",3,"Partly Cloudy",null,"M",null,"None"]
["Continue",313,11,"08 Novius 1004","Longday","Autumn",40,"7:07am","4:53pm","Darkness","Temperate","Seacoast",0,3,2,5,2,6,6,4,1,3,10,0,0,"40 (29)","20 (3)",3,0.5,0.57999999999999996,"West",25,12,"-","None","None",4,"Mostly Cloudy",null,"M",null,"None"]
["Continue",314,11,"09 Novius 1004","Endsnear","Autumn",40,"7:08am","4:52pm","Darkness","Temperate","Seacoast",0,2,6,6,5,5,2,3,2,1,11,0,0,"50 (50)","30 (19)",4,0.81,0.9,"West",15,8,"M","1/2 inch to 3/4 inch","Rain",3,"Partly Cloudy",null,"M",null,"None"]
["Continue",315,11,"10 Novius 1004","Godsday","Autumn",40,"7:09am","4:51pm","Darkness","Temperate","Seacoast",0,5,1,5,5,4,6,6,2,1,10,0,0,"40 (29)","20 (3)",3,0.78,0.5,"West",25,12,"L","1/2 inch to 1 inch","Sleet",3,"Partly Cloudy",null,"M",null,"None"]
["Continue",316,11,"11 Novius 1004","Newday","Autumn",40,"7:10am","4:50pm","Darkness","Temperate","Seacoast",0,6,2,2,4,5,6,2,3,3,11,0,0,"50 (50)","30 (19)",3,0.69,0.43,"West",15,8,"L","1/8 inch to 1/2 inch","Rain",2,"Mostly Clear",null,"M",null,"None"]
["Continue",317,11,"12 Novius 1004","Nexsta'","Autumn",40,"7:11am","4:49pm","Darkness","Temperate","Seacoast",0,5,6,5,3,2,2,2,2,1,13,0,0,"65 (65)","45 (45)",3,0.5,0.68,"South",0,0,"-","None","None",1,"Clear",null,"M",null,"None"]
["Continue",318,11,"13 Novius 1004","Onward","Autumn",40,"7:12am","4:48pm","Darkness","Temperate","Seacoast",0,1,5,1,1,2,1,4,1,3,12,0,0,"60 (60)","40 (34)",4,0.76,0.71,"West",10,5,"M","1/2 inch to 3/4 inch","Rain",3,"Partly Cloudy",null,"M",null,"None"]
["Continue",319,11,"14 Novius 1004","Forens","Autumn",40,"7:13am","4:47pm","Darkness","Temperate","Seacoast",0,6,5,4,5,1,5,5,2,1,14,0,0,"70 (70)","50 (50)",3,0.48,0.56000000000000005,"South",0,0,"-","None","None",1,"Clear",null,"M",null,"None"]
["Continue",320,12,"15 Novius 1004","Freeday","Autumn",40,"7:14am","4:46pm","Darkness","Temperate","Seacoast",0,4,1,3,2,2,5,4,2,2,13,1,0,"65 (65)","45 (45)",3,0.61,0.44,"West",15,8,"-","None","None",2,"Mostly Clear",null,"M",null,"None"]
["Continue",321,12,"16 Novius 1004","Hafn'mor","Autumn",40,"7:14am","4:45pm","Darkness","Temperate","Seacoast",0,6,3,3,3,4,5,6,2,2,13,2,0,"65 (65)","45 (45)",3,0.5,0.47,"West",15,8,"-","None","None",2,"Mostly Clear",null,"M",null,"None"]
["Continue",322,12,"17 Novius 1004","Aprochen","Autumn",40,"7:15am","4:44pm","Darkness","Temperate","Seacoast",0,1,3,5,2,4,3,2,3,1,11,0,0,"50 (50)","30 (16)",4,0.76,0.78,"North",25,12,"M","1/2 inch to 3/4 inch","Rain",3,"Partly Cloudy",null,"M",null,"None"]
["Continue",323,12,"18 Novius 1004","Longday","Autumn",40,"7:16am","4:44pm","Darkness","Temperate","Seacoast",0,5,4,5,2,4,4,5,3,4,12,0,0,"60 (60)","40 (34)",3,0.48,0.56999999999999995,"West",10,5,"-","None","None",1,"Clear",null,"M",null,"None"]
["Continue",324,12,"19 Novius 1004","Endsnear","Autumn",40,"7:17am","4:43pm","Darkness","Temperate","Seacoast",0,6,4,2,2,4,2,2,2,4,13,1,0,"65 (65)","45 (45)",3,0.57999999999999996,0.5,"South",0,0,"L","1/8 inch to 1/2 inch","Rain",2,"Mostly Clear",null,"M",null,"None"]
["Continue",325,12,"20 Novius 1004","Godsday","Autumn",40,"7:18am","4:42pm","Darkness","Temperate","Seacoast",0,5,2,5,5,2,6,2,3,1,13,2,0,"65 (65)","45 (45)",3,0.46,0.53,"West",0,0,"L","1/8 inch to 1/2 inch","Rain",2,"Mostly Clear",null,"M",null,"None"]
["Continue",326,12,"21 Novius 1004","Newday","Autumn",40,"7:18am","4:41pm","Darkness","Temperate","Seacoast",0,5,1,1,3,6,3,2,1,2,12,0,0,"60 (60)","40 (34)",3,0.7,0.53,"West",10,5,"L","1/8 inch to 1/2 inch","Rain",2,"Mostly Clear",null,"M",null,"None"]
["Continue",327,12,"22 Novius 1004","Nexsta'","Autumn",40,"7:19am","4:41pm","Darkness","Temperate","Seacoast",0,1,2,5,4,1,2,5,1,2,10,0,0,"40 (29)","20 (3)",3,0.48,0.66,"North",25,12,"-","None","None",4,"Mostly Cloudy",null,"M",null,"None"]
["Continue",328,12,"23 Novius 1004","Onward","Autumn",40,"7:20am","4:40pm","Darkness","Temperate","Seacoast",0,3,3,3,3,6,1,2,3,1,9,0,0,"35 (21)","15 (-7)",4,0.87,0.89,"West",35,18,"H","2 inches to 4 inches","Snow",4,"Mostly Cloudy",null,"M",null,"None"]
["Continue",329,12,"24 Novius 1004","Forens","Autumn",40,"7:20am","4:39pm","Darkness","Temperate","Seacoast",0,2,1,4,6,5,3,1,1,3,7,0,0,"25 (5)","10 (-16)",3,0.54,0.62,"North",45,22,"-","None","None",5,"Overcast",null,"M",null,"None"]
["Continue",330,12,"25 Novius 1004","Freeday","Autumn",40,"7:21am","4:39pm","Darkness","Temperate","Seacoast",0,2,6,2,5,5,2,3,2,1,8,0,0,"30 (14)","15 (-7)",4,0.73,0.83,"West",35,18,"M","1 inch to 2 inches","Snow",4,"Mostly Cloudy",null,"M",null,"None"]
["Continue",331,12,"26 Novius 1004","Hafn'mor","Autumn",40,"7:22am","4:38pm","Darkness","Temperate","Seacoast",0,5,2,5,1,6,2,6,2,1,8,0,0,"30 (14)","15 (-7)",5,0.95,0.94,"West",35,18,"M","1 inch to 2 inches","Snow",4,"Mostly Cloudy",null,"M",null,"None"]
["Continue",332,12,"27 Novius 1004","Aprochen","Autumn",40,"7:22am","4:38pm","Darkness","Temperate","Seacoast",0,1,3,4,5,5,6,3,2,4,6,0,0,"18 (-5)","10 (-16)",5,0.99,1,"North",45,22,"M","1 inch to 2 inches","Snow",5,"Overcast",null,"M",null,"None"]
["Continue",333,12,"28 Novius 1004","Longday","Autumn",40,"7:23am","4:37pm","Darkness","Temperate","Seacoast",0,6,1,6,4,3,3,3,2,1,6,0,0,"18 (-5)","10 (-16)",5,0.98,0.91,"West",45,22,"M","1 inch to 2 inches","Snow",5,"Overcast",null,"M",null,"None"]
["Continue",334,12,"29 Novius 1004","Endsnear","Autumn",40,"7:23am","4:37pm","Moonlight","Temperate","Seacoast",0,6,6,2,1,1,6,3,3,3,9,0,0,"35 (31)","15 (7)",5,0.95,0.99,"South",5,0,"H","2 inches to 4 inches","Snow",3,"Partly Cloudy",3,"-",null,"None"]
["Continue",335,12,"30 Novius 1004","Godsday","Autumn",40,"7:24am","4:36pm","Moonlight","Temperate","Seacoast",0,1,5,1,2,6,6,5,3,1,8,0,0,"30 (19)","15 (0)",5,0.97,0.92,"West",15,8,"M","1 inch to 2 inches","Snow",3,"Partly Cloudy",null,"-",null,"None"]
["Continue",336,12,"31 Novius 1004","Moonfest","Autumn",40,"7:24am","4:36pm","Moonlight","Temperate","Seacoast",0,1,4,1,3,5,3,3,1,3,7,0,0,"25 (8)","10 (-12)",3,0.79,0.44,"West",30,15,"-","None","None",4,"Mostly Cloudy",null,"-",null,"None"]
["Continue",337,12,"01 Detenday 1004","Newday","Autumn",40,"7:24am","4:36pm","Moonlight","Temperate","Seacoast",0,5,6,5,1,3,3,5,3,1,9,0,0,"35 (25)","15 (0)",3,0.48,0.65,"South",15,8,"-","None","None",2,"Mostly Clear",null,"-",null,"None"]
["Continue",338,12,"02 Detenday 1004","Nexsta'","Autumn",40,"7:25am","4:35pm","Moonlight","Temperate","Seacoast",0,6,3,4,6,1,6,4,2,2,10,0,0,"40 (40)","20 (20)",3,0.6,0.51,"West",0,0,"-","None","None",1,"Clear",null,"-",null,"None"]
["Continue",339,12,"03 Detenday 1004","Onward","Autumn",40,"7:25am","4:35pm","Darkness","Temperate","Seacoast",0,6,1,5,2,6,2,2,2,1,10,0,0,"40 (40)","20 (20)",3,0.47,0.65,"West",0,0,"-","None","None",1,"Clear",null,"-",null,"None"]
["Continue",340,12,"04 Detenday 1004","Forens","Autumn",40,"7:25am","4:35pm","Darkness","Temperate","Seacoast",0,1,1,5,2,1,6,1,1,4,7,0,0,"25 (5)","10 (-16)",4,0.76,0.84,"West",45,22,"H","12 inches","Snow",4,"Mostly Cloudy",7,"X",null,"Severe Snowstorm","From 4:11pm 'til 4:11am; 15-20 mph or calmer winds during this time."]
["Continue",341,12,"05 Detenday 1004","Freeday","Autumn",40,"7:25am","4:35pm","Darkness","Temperate","Seacoast",0,4,5,3,5,4,4,1,3,4,8,0,0,"30 (15)","15 (-5)",3,0.42,0.7,"West",30,15,"-","None","None",2,"Mostly Clear",null,"X",null,"None"]
["Continue",342,12,"06 Detenday 1004","Hafn'mor","Autumn",40,"7:26am","4:34pm","Darkness","Temperate","Seacoast",0,2,5,2,2,2,3,4,3,1,8,0,0,"30 (15)","15 (-5)",3,0.53,0.59,"West",30,15,"-","None","None",2,"Mostly Clear",null,"X",null,"None"]
["Continue",343,12,"07 Detenday 1004","Aprochen","Autumn",40,"7:26am","4:34pm","Darkness","Temperate","Seacoast",0,1,5,6,3,5,1,1,3,2,7,0,0,"25 (6)","10 (-15)",4,0.82,0.82,"West",40,20,"M","1 inch to 2 inches","Snow",3,"Partly Cloudy",null,"X",null,"None"]
["Continue",344,12,"08 Detenday 1004","Longday","Autumn",40,"7:26am","4:34pm","Darkness","Temperate","Seacoast",0,4,2,1,2,6,1,1,2,2,6,0,0,"18 (-5)","10 (-16)",3,0.77,0.65,"West",45,22,"L","1/2 inch to 1 inch","Snow",3,"Partly Cloudy",null,"X",null,"None"]
["Continue",345,12,"09 Detenday 1004","Endsnear","Autumn",40,"7:26am","4:34pm","Darkness","Temperate","Seacoast",0,4,3,1,5,5,2,5,3,3,6,0,0,"18 (-5)","10 (-16)",3,0.45,0.52,"West",45,22,"L","1/2 inch to 1 inch","Snow",3,"Partly Cloudy",null,"X",null,"None"]
["Continue",346,1,"10 Detenday 1004","Godsday","Winter",40,"7:26am","4:34pm","Darkness","Temperate","Seacoast",0,4,3,6,2,2,5,3,3,3,6,0,0,"18 (-5)","10 (-16)",3,0.48,0.63,"West",45,22,"L","1/2 inch to 1 inch","Snow",3,"Partly Cloudy",null,"X",null,"None"]
["Continue",347,1,"11 Detenday 1004","Newday","Winter",40,"7:26am","4:34pm","Darkness","Temperate","Seacoast",0,5,4,6,6,3,5,2,1,1,7,0,0,"25 (8)","10 (-12)",3,0.61,0.7,"West",30,15,"-","None","None",1,"Clear",null,"X",null,"None"]
["Continue",348,1,"12 Detenday 1004","Nexsta'","Winter",40,"7:26am","4:34pm","Darkness","Temperate","Seacoast",0,6,4,5,2,1,5,5,2,4,9,0,0,"35 (24)","15 (-2)",3,0.54,0.48,"South",20,10,"L","1/2 inch to 1 inch","Snow",2,"Mostly Clear",null,"X",null,"None"]
["Continue",349,1,"13 Detenday 1004","Onward","Winter",40,"7:26am","4:34pm","Darkness","Temperate","Seacoast",0,2,3,4,3,4,1,1,1,4,8,0,0,"30 (14)","15 (-7)",3,0.51,0.61,"West",35,18,"-","None","None",3,"Partly Cloudy",null,"X",null,"None"]
["Continue",350,1,"14 Detenday 1004","Forens","Winter",40,"7:26am","4:34pm","Darkness","Temperate","Seacoast",0,3,3,2,5,1,6,4,1,2,7,0,0,"25 (5)","10 (-16)",4,0.8,0.82,"West",45,22,"H","2 inches to 4 inches","Snow",4,"Mostly Cloudy",null,"X",null,"None"]
["Continue",351,1,"15 Detenday 1004","Freeday","Winter",40,"7:26am","4:34pm","Darkness","Temperate","Seacoast",0,5,4,2,4,1,1,4,3,4,8,0,0,"30 (15)","15 (-5)",3,0.45,0.63,"West",30,15,"-","None","None",2,"Mostly Clear",null,null,null,"None"]
["Continue",352,1,"16 Detenday 1004","Hafn'mor","Winter",40,"7:25am","4:35pm","Darkness","Temperate","Seacoast",0,1,3,6,3,4,4,6,2,4,6,0,0,"18 (-4)","10 (-15)",4,0.71,0.73,"North",40,20,"M","1 inch to 2 inches","Snow",3,"Partly Cloudy",null,null,null,"None"]
["Continue",353,1,"17 Detenday 1004","Aprochen","Winter",40,"7:25am","4:35pm","Darkness","Temperate","Seacoast",0,4,5,1,3,4,4,5,1,1,7,0,0,"25 (9)","10 (-11)",3,0.43,0.62,"West",25,12,"-","None","None",1,"Clear",null,null,null,"None"]
["Continue",354,1,"18 Detenday 1004","Longday","Winter",40,"7:25am","4:35pm","Darkness","Temperate","Seacoast",0,4,6,1,6,4,3,3,2,2,9,0,0,"35 (25)","15 (0)",4,0.77,0.8,"South",15,8,"M","1 inch to 2 inches","Snow",3,"Partly Cloudy",null,null,null,"None"]
["Continue",355,1,"19 Detenday 1004","Endsnear","Winter",40,"7:25am","4:35pm","Darkness","Temperate","Seacoast",0,4,2,1,3,2,2,2,2,1,8,0,0,"30 (16)","15 (-4)",3,0.88,0.56999999999999995,"West",25,12,"L","1/2 inch to 1 inch","Snow",3,"Partly Cloudy",null,null,null,"None"]
["Continue",356,1,"20 Detenday 1004","Godsday","Winter",40,"7:25am","4:35pm","Darkness","Temperate","Seacoast",0,2,4,3,2,4,5,3,2,1,7,0,0,"25 (7)","10 (-14)",4,0.6,0.87,"West",35,18,"M","1 inch to 2 inches","Snow",3,"Partly Cloudy",null,null,null,"None"]
["Continue",357,1,"21 Detenday 1004","Newday","Winter",40,"7:24am","4:36pm","Darkness","Temperate","Seacoast",0,6,3,6,3,6,2,3,1,1,8,0,0,"30 (17)","15 (-2)",3,0.62,0.6,"West",20,10,"-","None","None",1,"Clear",null,null,null,"None"]
["Continue",358,1,"22 Detenday 1004","Nexsta'","Winter",40,"7:24am","4:36pm","Darkness","Temperate","Seacoast",0,6,4,6,6,6,1,3,2,4,10,0,0,"40 (34)","20 (9)",3,0.43,0.56999999999999995,"South",10,5,"L","1/2 inch to 1 inch","Sleet",2,"Mostly Clear",null,null,null,"None"]
["Continue",359,1,"23 Detenday 1004","Onward","Winter",40,"7:24am","4:36pm","Darkness","Temperate","Seacoast",0,5,3,4,2,3,5,6,3,2,11,0,0,"50 (50)","30 (30)",3,0.64,0.63,"West",0,0,"L","1/8 inch to 1/2 inch","Rain",2,"Mostly Clear",null,null,null,"None"]
["Continue",360,1,"24 Detenday 1004","Forens","Winter",40,"7:24am","4:37pm","Darkness","Temperate","Seacoast",0,3,2,1,2,5,2,6,1,2,10,0,0,"40 (32)","20 (6)",3,0.48,0.63,"West",15,8,"-","None","None",3,"Partly Cloudy",null,null,null,"None"]
["Continue",361,1,"25 Detenday 1004","Freeday","Winter",40,"7:23am","4:37pm","Darkness","Temperate","Seacoast",0,2,5,3,3,1,4,3,1,2,10,0,0,"40 (32)","20 (6)",3,0.57999999999999996,0.57999999999999996,"West",15,8,"-","None","None",3,"Partly Cloudy",null,null,null,"None"]
["Continue",362,1,"26 Detenday 1004","Hafn'mor","Winter",40,"7:23am","4:37pm","Moonlight","Temperate","Seacoast",0,2,6,3,6,1,3,1,2,1,11,0,0,"50 (50)","30 (25)",4,0.85,0.8,"West",5,0,"M","1/2 inch to 3/4 inch","Rain",3,"Partly Cloudy",null,null,null,"None"]
["Continue",363,1,"27 Detenday 1004","Aprochen","Winter",40,"7:22am","4:38pm","Moonlight","Temperate","Seacoast",0,2,2,4,3,6,3,5,3,4,9,0,0,"35 (25)","15 (0)",5,0.95,0.97,"North",15,8,"H","2 inches to 4 inches","Snow",4,"Mostly Cloudy",null,null,null,"None"]
["Continue",364,1,"28 Detenday 1004","Longday","Winter",40,"7:22am","4:38pm","Moonlight","Temperate","Seacoast",0,6,1,2,3,2,6,1,2,4,9,0,0,"35 (25)","15 (0)",5,0.94,0.91,"West",15,8,"H","2 inches to 4 inches","Snow",4,"Mostly Cloudy",null,null,null,"None"]
["Continue",365,1,"29 Detenday 1004","Endsnear","Winter",40,"7:22am","4:39pm","Darkness","Temperate","Seacoast",0,2,3,3,2,3,1,1,1,3,8,0,0,"30 (15)","15 (-5)",3,0.78,0.61,"West",30,15,"-","None","None",5,"Overcast",null,null,null,"None"]
["Continue",366,1,"30 Detenday 1004","Godsday","Winter",40,"7:21am","4:39pm","Darkness","Temperate","Seacoast",0,2,2,1,4,6,5,3,1,1,6,0,0,"18 (-4)","10 (-15)",4,0.77,0.79,"North",40,20,"H","2 inches to 4 inches","Snow",5,"Overcast",null,null,null,"None"]
["Continue",1,1,"01 Janus 1005","Newday","Winter",40,"7:21am","4:40pm","Moonlight","Temperate","Seacoast",0,4,5,2,3,2,6,3,3,4,7,0,0,"25 (9)","10 (-11)",3,0.41,0.52,"West",25,12,"-","None","None",3,"Partly Cloudy",null,null,null,"None"]
["Continue",2,1,"02 Janus 1005","Nexsta'","Winter",40,"7:20am","4:40pm","Moonlight","Temperate","Seacoast",0,6,1,4,1,2,1,4,2,4,7,0,0,"25 (9)","10 (-11)",3,0.64,0.59,"West",25,12,"-","None","None",3,"Partly Cloudy",null,null,null,"None"]
["Continue",3,1,"03 Janus 1005","Onward","Winter",40,"7:20am","4:41pm","Darkness","Temperate","Seacoast",0,1,3,5,6,3,2,3,3,3,5,0,1,"10 (-14)","0 (-27)",4,0.85,0.77,"North",35,18,"M","1 inch to 2 inches","Snow",4,"Mostly Cloudy",null,null,null,"None"]
["Continue",4,1,"04 Janus 1005","Forens","Winter",40,"7:19am","4:41pm","Darkness","Temperate","Seacoast",0,2,2,3,2,6,1,1,1,1,5,0,2,"10 (-14)","0 (-27)",5,1,0.91,"West",35,18,"M","1 inch to 2 inches","Snow",4,"Mostly Cloudy",null,null,null,"None"]
["Continue",5,1,"05 Janus 1005","Freeday","Winter",40,"7:18am","4:42pm","Darkness","Temperate","Seacoast",0,4,5,5,1,2,2,1,2,4,6,0,0,"18 (2)","10 (-9)",3,0.78,0.42,"West",20,10,"-","None","None",2,"Mostly Clear",null,null,null,"None"]
["Continue",6,1,"06 Janus 1005","Hafn'mor","Winter",40,"7:18am","4:42pm","Darkness","Temperate","Seacoast",0,6,3,6,6,2,2,6,1,3,7,0,0,"25 (19)","10 (1)",3,0.49,0.54,"West",5,0,"-","None","None",1,"Clear",null,null,null,"None"]
["Continue",7,1,"07 Janus 1005","Aprochen","Winter",40,"7:17am","4:43pm","Darkness","Temperate","Seacoast",0,1,5,1,5,1,3,6,2,3,6,0,0,"18 (4)","10 (-7)",4,0.77,0.71,"West",15,8,"M","1 inch to 2 inches","Snow",3,"Partly Cloudy",null,null,null,"None"]
["Continue",8,1,"08 Janus 1005","Longday","Winter",40,"7:17am","4:44pm","Darkness","Temperate","Seacoast",0,2,6,1,2,1,3,4,3,1,7,0,0,"25 (19)","10 (1)",5,0.94,0.98,"West",5,0,"M","1 inch to 2 inches","Snow",3,"Partly Cloudy",null,null,null,"None"]
["Continue",9,1,"09 Janus 1005","Endsnear","Winter",40,"7:16am","4:44pm","Darkness","Temperate","Seacoast",0,4,1,1,5,6,2,3,1,4,6,0,0,"18 (2)","10 (-9)",3,0.88,0.66,"West",20,10,"-","None","None",4,"Mostly Cloudy",null,null,null,"None"]
["Continue",10,1,"10 Janus 1005","Godsday","Winter",40,"7:15am","4:45pm","Darkness","Temperate","Seacoast",0,5,3,4,4,6,3,3,3,3,7,0,0,"25 (15)","10 (-4)",3,0.59,0.44,"West",10,5,"L","1/2 inch to 1 inch","Snow",3,"Partly Cloudy",null,null,null,"None"]
["Continue",11,1,"11 Janus 1005","Newday","Winter",40,"7:15am","4:46pm","Darkness","Temperate","Seacoast",0,4,1,1,5,4,6,5,2,4,6,0,0,"18 (0)","10 (-11)",3,0.61,0.61,"West",25,12,"-","None","None",4,"Mostly Cloudy",null,null,null,"None"]
["Continue",12,1,"12 Janus 1005","Nexsta'","Winter",40,"7:14am","4:46pm","Darkness","Temperate","Seacoast",0,2,2,5,6,1,4,1,2,1,5,0,1,"10 (-14)","0 (-27)",4,0.72,0.88,"North",35,18,"H","2 inches to 4 inches","Snow",5,"Overcast",null,null,null,"None"]
["Continue",13,2,"13 Janus 1005","Onward","Winter",40,"7:13am","4:47pm","Darkness","Temperate","Seacoast",0,3,2,4,4,1,5,6,1,4,6,0,2,"18 (-5)","10 (-16)",3,0.56000000000000005,0.56000000000000005,"West",45,22,"-","None","None",5,"Overcast",null,null,null,"None"]
["Continue",14,2,"14 Janus 1005","Forens","Winter",40,"7:13am","4:48pm","Darkness","Temperate","Seacoast",0,5,6,1,3,1,5,6,2,3,8,0,0,"30 (15)","15 (-5)",3,0.56000000000000005,0.5,"South",30,15,"-","None","None",3,"Partly Cloudy",null,null,null,"None"]
["Continue",15,2,"15 Janus 1005","Freeday","Winter",40,"7:12am","4:49pm","Darkness","Temperate","Seacoast",0,5,5,5,5,5,3,3,2,1,10,0,0,"40 (30)","20 (4)",4,0.77,0.83,"South",20,10,"H","2 inches to 4 inches","Sleet",3,"Partly Cloudy",null,null,null,"None"]
["Continue",16,2,"16 Janus 1005","Hafn'mor","Winter",40,"7:11am","4:49pm","Darkness","Temperate","Seacoast",0,4,4,3,6,4,1,5,3,2,11,0,0,"50 (50)","30 (21)",5,1,0.98,"West",10,5,"D","> 1.5 inches","Rain",3,"Partly Cloudy",null,null,null,"None"]
["Continue",17,2,"17 Janus 1005","Aprochen","Winter",40,"7:10am","4:50pm","Darkness","Temperate","Seacoast",0,6,1,5,5,4,2,5,1,2,11,0,0,"50 (50)","30 (21)",5,0.94,0.98,"West",10,5,"D","> 1.5 inches","Rain",3,"Partly Cloudy",null,null,null,"None"]
["Continue",18,2,"18 Janus 1005","Longday","Winter",40,"7:09am","4:51pm","Darkness","Temperate","Seacoast",0,1,1,4,3,3,2,4,2,4,8,0,0,"30 (12)","15 (-9)",5,0.95,0.97,"North",45,22,"H","8 inches","Snow",5,"Overcast",7,"X",null,"Severe Snowstorm","From 3:28pm 'til 11:28pm.; 15-20 mph or calmer winds during this time."]
["Continue",19,2,"19 Janus 1005","Endsnear","Winter",40,"7:09am","4:52pm","Darkness","Temperate","Seacoast",0,3,4,1,1,2,3,3,3,1,8,0,0,"30 (12)","15 (-9)",5,1,0.94,"West",45,22,"H","2 inches to 4 inches","Snow",5,"Overcast",null,"X",null,"None"]
["Continue",20,2,"20 Janus 1005","Godsday","Winter",40,"7:08am","4:53pm","Darkness","Temperate","Seacoast",0,1,6,3,4,5,4,5,2,2,8,0,0,"30 (12)","15 (-9)",5,0.94,0.96,"West",45,22,"H","2 inches to 4 inches","Snow",5,"Overcast",null,"X",null,"None"]
["Continue",21,2,"21 Janus 1005","Newday","Winter",40,"7:07am","4:53pm","Darkness","Temperate","Seacoast",0,3,5,5,6,5,2,3,1,1,9,0,0,"35 (21)","15 (-7)",5,0.98,0.92,"West",35,18,"M","1 inch to 2 inches","Snow",4,"Mostly Cloudy",null,"X",null,"None"]
["Continue",22,2,"22 Janus 1005","Nexsta'","Winter",40,"7:06am","4:54pm","Darkness","Temperate","Seacoast",0,4,4,6,1,3,5,3,1,4,10,0,0,"40 (29)","20 (3)",5,0.94,0.99,"West",25,12,"H","2 inches to 4 inches","Sleet",3,"Partly Cloudy",null,"X",null,"None"]
["Continue",23,2,"23 Janus 1005","Onward","Winter",40,"7:05am","4:55pm","Darkness","Temperate","Seacoast",0,6,2,1,1,4,1,2,1,3,11,0,0,"50 (50)","30 (19)",4,0.94,0.86,"West",15,8,"L","1/8 inch to 1/2 inch","Rain",2,"Mostly Clear",null,"X",null,"None"]
["Continue",24,2,"24 Janus 1005","Forens","Winter",40,"7:04am","4:56pm","Darkness","Temperate","Seacoast",0,6,5,5,6,2,4,6,3,4,13,0,0,"65 (65)","45 (45)",3,0.84,0.48,"South",0,0,"-","None","None",1,"Clear",null,"X",null,"None"]
["Continue",25,2,"25 Janus 1005","Freeday","Winter",40,"7:03am","4:57pm","Darkness","Temperate","Seacoast",0,5,3,5,6,1,6,3,2,3,14,1,0,"70 (70)","50 (50)",3,0.44,0.56999999999999995,"West",0,0,"L","1/8 inch to 1/2 inch","Rain",2,"Mostly Clear",null,null,null,"None"]
["Continue",26,2,"26 Janus 1005","Hafn'mor","Winter",40,"7:02am","4:58pm","Darkness","Temperate","Seacoast",0,3,4,1,3,3,5,5,3,3,14,2,0,"70 (70)","50 (50)",3,0.65,0.61,"West",0,0,"L","1/8 inch to 1/2 inch","Rain",2,"Mostly Clear",null,null,null,"None"]
["Continue",27,2,"27 Janus 1005","Aprochen","Winter",40,"7:01am","4:59pm","Moonlight","Temperate","Seacoast",0,6,4,5,1,4,5,6,3,3,14,3,0,"70 (70)","50 (50)",3,0.66,0.66,"West",0,0,"L","1/8 inch to 1/2 inch","Rain",2,"Mostly Clear",null,null,null,"None"]
["Continue",28,2,"28 Janus 1005","Longday","Winter",40,"7:01am","5:00pm","Moonlight","Temperate","Seacoast",0,6,1,3,6,2,6,3,3,1,14,4,0,"70 (70)","50 (50)",3,0.55000000000000004,0.51,"West",0,0,"L","1/8 inch to 1/2 inch","Rain",2,"Mostly Clear",null,null,null,"None"]
["Continue",29,2,"29 Janus 1005","Endsnear","Winter",40,"7:00am","5:01pm","Moonlight","Temperate","Seacoast",0,2,1,3,1,3,3,3,2,4,12,0,0,"60 (60)","40 (32)",3,0.63,0.64,"North",15,8,"-","None","None",4,"Mostly Cloudy",null,null,null,"None"]
["Continue",30,2,"30 Janus 1005","Godsday","Winter",40,"6:59am","5:02pm","Moonlight","Temperate","Seacoast",0,5,1,1,4,4,2,3,3,4,11,0,0,"50 (50)","30 (16)",3,0.63,0.6,"West",25,12,"L","1/8 inch to 1/2 inch","Rain",4,"Mostly Cloudy",null,null,null,"None"]
["Continue",31,2,"31 Janus 1005","Midwinter","Winter",40,"6:58am","5:03pm","Darkness","Temperate","Seacoast",0,2,2,3,1,2,2,4,1,1,9,0,0,"35 (21)","15 (-7)",4,0.64,0.87,"North",35,18,"H","2 inches to 4 inches","Snow",5,"Overcast",null,null,null,"None"]
["Continue",32,2,"01 Febulus 1005","Newday","Winter",40,"6:57am","5:04pm","Darkness","Temperate","Seacoast",0,2,5,2,6,6,4,2,3,3,9,0,0,"35 (21)","15 (-7)",5,0.92,0.94,"West",35,18,"H","2 inches to 4 inches","Snow",5,"Overcast",null,null,null,"None"]
["Continue",33,2,"02 Febulus 1005","Nexsta'","Winter",40,"6:56am","5:05pm","Moonlight","Temperate","Seacoast",0,6,6,4,4,1,2,4,1,2,12,0,0,"60 (60)","40 (36)",5,0.93,0.96,"South",5,0,"H","3/4 inch to 1.5 inches","Rain",3,"Partly Cloudy",8,"M",null,"Heavy Fog","from 6:56am 'til 7:56am"]
["Continue",34,2,"03 Febulus 1005","Onward","Winter",40,"6:55am","5:06pm","Darkness","Temperate","Seacoast",0,6,6,5,1,1,3,1,2,2,14,1,0,"70 (70)","50 (50)",5,0.95,0.96,"South",5,0,"H","3/4 inch to 1.5 inches","Rain",3,"Partly Cloudy",6,"-",null,"None"]
["Continue",35,2,"04 Febulus 1005","Forens","Winter",40,"6:54am","5:07pm","Darkness","Temperate","Seacoast",0,4,4,5,2,5,3,5,1,2,14,2,0,"70 (70)","50 (50)",5,0.95,0.93,"West",5,0,"H","3/4 inch to 1.5 inches","Rain",3,"Partly Cloudy",null,"-",null,"None"]
["Continue",36,2,"05 Febulus 1005","Freeday","Winter",40,"6:53am","5:08pm","Darkness","Temperate","Seacoast",0,4,3,3,3,3,2,1,1,4,14,3,0,"70 (70)","50 (50)",5,0.95,0.98,"West",5,0,"H","3/4 inch to 1.5 inches","Rain",3,"Partly Cloudy",null,"-",null,"None"]
["Continue",37,2,"06 Febulus 1005","Hafn'mor","Winter",40,"6:51am","5:09pm","Darkness","Temperate","Seacoast",0,5,5,4,1,5,2,6,3,3,14,4,0,"70 (70)","50 (50)",5,0.97,0.95,"West",5,0,"H","3/4 inch to 1.5 inches","Rain",3,"Partly Cloudy",null,null,null,"None"]
["Continue",38,2,"07 Febulus 1005","Aprochen","Winter",40,"6:50am","5:10pm","Darkness","Temperate","Seacoast",0,6,1,5,5,4,2,5,1,2,14,5,0,"70 (70)","50 (50)",5,0.94,0.98,"West",5,0,"H","3/4 inch to 1.5 inches","Rain",3,"Partly Cloudy",null,null,null,"None"]
["Continue",39,2,"08 Febulus 1005","Longday","Winter",40,"6:49am","5:11pm","Darkness","Temperate","Seacoast",0,1,1,4,3,3,2,4,2,4,11,0,0,"50 (50)","30 (12)",5,0.95,0.98,"North",45,22,"H","3/4 inch to 1.5 inches","Rain",5,"Overcast",7,"X",null,"Lightning Storm","From 7:25am 'til 7:55am."]
["Continue",40,2,"09 Febulus 1005","Endsnear","Winter",40,"6:48am","5:12pm","Darkness","Temperate","Seacoast",0,1,1,2,3,3,6,2,2,4,8,0,0,"30 (12)","15 (-9)",5,0.99,0.91,"North",45,22,"H","12 inches","Snow",5,"Overcast",5,"X",null,"Severe Snowstorm","From 10:06am 'til 10:06pm.; 15-20 mph or calmer winds during this time."]
["Continue",41,2,"10 Febulus 1005","Godsday","Winter",40,"6:47am","5:13pm","Darkness","Temperate","Seacoast",0,5,5,5,3,3,3,1,1,2,10,0,0,"40 (28)","20 (0)",5,0.97,0.98,"South",35,18,"H","2 inches to 4 inches","Sleet",4,"Mostly Cloudy",null,"X",null,"None"]
["Continue",42,2,"11 Febulus 1005","Newday","Winter",40,"6:46am","5:14pm","Darkness","Temperate","Seacoast",0,5,2,3,3,1,5,5,1,3,10,0,0,"40 (28)","20 (0)",5,0.91,0.93,"West",35,18,"H","2 inches to 4 inches","Sleet",4,"Mostly Cloudy",null,"X",null,"None"]
["Continue",43,2,"12 Febulus 1005","Nexsta'","Winter",40,"6:45am","5:16pm","Darkness","Temperate","Seacoast",0,2,4,2,1,4,6,6,2,1,9,0,0,"35 (19)","15 (-9)",5,0.93,0.94,"West",45,22,"M","1 inch to 2 inches","Snow",4,"Mostly Cloudy",null,"X",null,"None"]
["Continue",44,2,"13 Febulus 1005","Onward","Winter",40,"6:44am","5:17pm","Darkness","Temperate","Seacoast",0,2,5,6,5,1,1,4,3,2,9,0,0,"35 (19)","15 (-9)",5,0.95,0.97,"West",45,22,"M","1 inch to 2 inches","Snow",4,"Mostly Cloudy",null,"X",null,"None"]
["Continue",45,2,"14 Febulus 1005","Forens","Winter",40,"6:43am","5:18pm","Darkness","Temperate","Seacoast",0,1,3,6,4,5,2,1,3,3,7,0,0,"25 (5)","10 (-16)",5,0.98,0.99,"North",45,22,"M","1 inch to 2 inches","Snow",5,"Overcast",null,"X",null,"None"]
["Continue",46,2,"15 Febulus 1005","Freeday","Winter",40,"6:42am","5:19pm","Darkness","Temperate","Seacoast",0,4,3,1,2,2,2,2,3,4,7,0,0,"25 (5)","10 (-16)",5,0.99,0.92,"West",45,22,"M","1 inch to 2 inches","Snow",5,"Overcast",null,"X",null,"None"]
["Continue",47,3,"16 Febulus 1005","Hafn'mor","Winter",40,"6:40am","5:20pm","Darkness","Temperate","Seacoast",0,6,2,3,3,2,5,1,3,3,9,0,1,"35 (21)","15 (-7)",4,0.96,0.89,"West",35,18,"L","1/2 inch to 1 inch","Snow",4,"Mostly Cloudy",null,"X",null,"None"]
["Continue",48,3,"17 Febulus 1005","Aprochen","Winter",40,"6:39am","5:21pm","Darkness","Temperate","Seacoast",0,1,2,3,3,1,3,6,3,2,9,0,2,"35 (21)","15 (-7)",4,0.86,0.77,"West",35,18,"L","1/2 inch to 1 inch","Snow",4,"Mostly Cloudy",null,"X",null,"None"]
["Continue",49,3,"18 Febulus 1005","Longday","Winter",40,"6:38am","5:22pm","Darkness","Temperate","Seacoast",0,4,2,4,6,3,6,2,1,2,10,0,0,"40 (29)","20 (3)",4,0.87,0.8,"West",25,12,"L","1/2 inch to 1 inch","Sleet",3,"Partly Cloudy",null,"X",null,"None"]
["Continue",50,3,"19 Febulus 1005","Endsnear","Winter",40,"6:37am","5:23pm","Darkness","Temperate","Seacoast",0,1,2,1,3,5,6,1,1,2,9,0,1,"35 (20)","15 (-8)",3,0.84,0.48,"North",40,20,"-","None","None",5,"Overcast",null,"X",null,"None"]
["Continue",51,3,"20 Febulus 1005","Godsday","Winter",40,"6:36am","5:25pm","Darkness","Temperate","Seacoast",0,4,2,3,5,6,5,3,1,2,9,0,2,"35 (20)","15 (-8)",3,0.57999999999999996,0.49,"West",40,20,"-","None","None",5,"Overcast",null,"X",null,"None"]
["Continue",52,3,"21 Febulus 1005","Newday","Winter",40,"6:35am","5:26pm","Darkness","Temperate","Seacoast",0,2,3,5,2,2,4,3,2,2,9,0,3,"35 (20)","15 (-8)",3,0.57999999999999996,0.46,"West",40,20,"-","None","None",5,"Overcast",null,"X",null,"None"]
["Continue",53,3,"22 Febulus 1005","Nexsta'","Winter",40,"6:34am","5:27pm","Darkness","Temperate","Seacoast",0,3,1,6,2,1,6,2,2,1,9,0,4,"35 (20)","15 (-8)",3,0.44,0.44,"West",40,20,"-","None","None",5,"Overcast",null,"X",null,"None"]
["Continue",54,3,"23 Febulus 1005","Onward","Winter",40,"6:32am","5:28pm","Darkness","Temperate","Seacoast",0,4,5,6,3,6,3,6,1,2,10,0,0,"40 (29)","20 (3)",3,0.54,0.51,"West",25,12,"-","None","None",3,"Partly Cloudy",null,"X",null,"None"]
["Continue",55,3,"24 Febulus 1005","Forens","Winter",40,"6:31am","5:29pm","Darkness","Temperate","Seacoast",0,1,1,3,1,3,3,3,2,4,8,0,1,"30 (12)","15 (-9)",4,0.84,0.87,"West",45,22,"H","2 inches to 4 inches","Snow",5,"Overcast",4,"A",5,"Cold Wave"]
["Continue",56,3,"25 Febulus 1005","Freeday","Winter",40,"6:30am","5:30pm","Darkness","Temperate","Seacoast",0,2,5,3,5,2,3,5,3,3,8,0,2,"30 (12)","15 (-9)",3,0.56000000000000005,0.56999999999999995,"West",45,22,"-","None","None",5,"Overcast",null,"A",4,"Cold Wave"]
["Continue",57,3,"26 Febulus 1005","Hafn'mor","Winter",40,"6:29am","5:32pm","Moonlight","Temperate","Seacoast",0,6,6,5,4,5,2,5,2,4,8,0,0,"30 (25)","15 (7)",4,0.72,0.81,"West",5,0,"H","2 inches to 4 inches","Snow",3,"Partly Cloudy",null,"A",3,"Cold Wave"]
["Continue",58,3,"27 Febulus 1005","Aprochen","Winter",40,"6:28am","5:33pm","Moonlight","Temperate","Seacoast",0,6,4,2,2,6,3,1,3,1,8,0,0,"30 (30)","15 (15)",3,0.83,0.59,"South",0,0,"L","1/2 inch to 1 inch","Snow",2,"Mostly Clear",null,"A",2,"Cold Wave"]
["Continue",59,3,"28 Febulus 1005","Longday","Winter",40,"6:26am","5:34pm","Moonlight","Temperate","Seacoast",0,2,6,4,6,2,3,1,2,1,8,0,1,"30 (30)","15 (15)",4,0.41,0.86,"West",0,0,"M","1 inch to 2 inches","Snow",3,"Partly Cloudy",null,"A",1,"Cold Wave"]
["Continue",60,3,"29 Febulus 1005","Endsnear","Winter",40,"6:25am","5:35pm","Moonlight","Temperate","Seacoast",0,1,6,3,2,5,1,4,3,3,9,0,2,"35 (35)","15 (15)",5,0.93,0.95,"West",0,0,"M","1 inch to 2 inches","Snow",3,"Partly Cloudy",null,"A",null,"None"]
["Continue",61,3,"30 Febulus 1005","Godsday","Winter",40,"6:24am","5:36pm","Moonlight","Temperate","Seacoast",0,5,5,6,2,1,4,6,1,3,11,0,0,"50 (50)","30 (30)",5,0.93,0.91,"South",0,0,"H","3/4 inch to 1.5 inches","Rain",3,"Partly Cloudy",null,"A",null,"None"]
["Continue",62,3,"01 Marcav 1005","Newday","Winter",40,"6:23am","5:38pm","Moonlight","Temperate","Seacoast",0,2,3,3,3,4,2,1,1,4,10,0,0,"40 (32)","20 (6)",3,0.72,0.51,"West",15,8,"-","None","None",4,"Mostly Cloudy",null,"A",null,"None"]
["Continue",63,3,"02 Marcav 1005","Nexsta'","Winter",40,"6:22am","5:39pm","Moonlight","Temperate","Seacoast",0,4,4,3,6,2,1,5,2,2,11,0,0,"50 (50)","30 (25)",4,0.85,0.86,"West",5,0,"H","3/4 inch to 1.5 inches","Rain",3,"Partly Cloudy",null,"A",null,"None"]
["Continue",64,3,"03 Marcav 1005","Onward","Winter",40,"6:20am","5:40pm","Darkness","Temperate","Seacoast",0,3,4,1,2,1,5,2,3,3,11,0,0,"50 (50)","30 (25)",5,0.92,0.95,"West",5,0,"H","3/4 inch to 1.5 inches","Rain",3,"Partly Cloudy",null,"A",null,"None"]
["Continue",65,3,"04 Marcav 1005","Forens","Winter",40,"6:19am","5:41pm","Darkness","Temperate","Seacoast",0,1,2,5,2,3,2,4,2,1,9,0,1,"35 (24)","15 (-2)",3,0.79,0.49,"North",20,10,"-","None","None",5,"Overcast",null,"A",null,"None"]
["Continue",66,3,"05 Marcav 1005","Freeday","Winter",40,"6:18am","5:43pm","Darkness","Temperate","Seacoast",0,3,4,6,2,4,3,4,3,4,10,0,0,"40 (34)","20 (9)",4,0.8,0.73,"West",10,5,"M","1 inch to 2 inches","Sleet",4,"Mostly Cloudy",null,"A",null,"None"]
["Continue",67,3,"06 Marcav 1005","Hafn'mor","Winter",40,"6:17am","5:44pm","Darkness","Temperate","Seacoast",0,1,2,3,2,5,6,6,3,1,9,0,1,"35 (23)","15 (-4)",3,0.59,0.64,"North",25,12,"-","None","None",5,"Overcast",null,"A",null,"None"]
["Continue",68,3,"07 Marcav 1005","Aprochen","Winter",40,"6:16am","5:45pm","Darkness","Temperate","Seacoast",0,3,5,5,1,1,1,1,2,4,10,0,0,"40 (32)","20 (6)",4,0.82,0.75,"West",15,8,"M","1 inch to 2 inches","Sleet",4,"Mostly Cloudy",null,"A",null,"None"]
["Continue",69,3,"08 Marcav 1005","Longday","Winter",40,"6:14am","5:46pm","Darkness","Temperate","Seacoast",0,4,1,4,5,6,6,4,3,2,9,0,1,"35 (22)","15 (-5)",3,0.44,0.49,"West",30,15,"-","None","None",5,"Overcast",null,"A",null,"None"]
["Continue",70,3,"09 Marcav 1005","Endsnear","Winter",40,"6:13am","5:47pm","Darkness","Temperate","Seacoast",0,3,6,2,6,3,5,2,3,4,10,0,0,"40 (32)","20 (6)",3,0.54,0.44,"West",15,8,"-","None","None",3,"Partly Cloudy",null,"A",null,"None"]
["Continue",71,3,"10 Marcav 1005","Godsday","Winter",40,"6:12am","5:49pm","Darkness","Temperate","Seacoast",0,2,6,1,2,1,3,5,3,1,11,0,0,"50 (50)","30 (25)",4,0.77,0.86,"West",5,0,"M","1/2 inch to 3/4 inch","Rain",3,"Partly Cloudy",null,"A",null,"None"]
["Continue",72,3,"11 Marcav 1005","Newday","Winter",40,"6:11am","5:50pm","Darkness","Temperate","Seacoast",0,5,3,3,1,1,4,5,2,1,12,0,0,"60 (60)","40 (40)",3,0.71,0.7,"West",0,0,"L","1/8 inch to 1/2 inch","Rain",2,"Mostly Clear",null,null,null,"None"]
["Continue",73,3,"12 Marcav 1005","Nexsta'","Winter",40,"6:09am","5:51pm","Darkness","Temperate","Seacoast",0,3,2,2,3,5,2,2,2,2,11,0,0,"50 (50)","30 (19)",3,0.49,0.64,"West",15,8,"-","None","None",3,"Partly Cloudy",null,null,null,"None"]
["Continue",74,3,"13 Marcav 1005","Onward","Winter",40,"6:08am","5:52pm","Darkness","Temperate","Seacoast",0,5,2,2,6,5,1,6,3,1,11,0,0,"50 (50)","30 (19)",3,0.45,0.44,"West",15,8,"-","None","None",3,"Partly Cloudy",null,null,null,"None"]
["Continue",75,3,"14 Marcav 1005","Forens","Winter",40,"6:07am","5:54pm","Darkness","Temperate","Seacoast",0,4,4,1,2,3,6,3,3,2,12,0,0,"60 (60)","40 (36)",4,0.81,0.77,"West",5,0,"H","3/4 inch to 1.5 inches","Rain",3,"Partly Cloudy",null,null,null,"None"]
["Continue",76,3,"15 Marcav 1005","Freeday","Winter",40,"6:06am","5:55pm","Darkness","Temperate","Seacoast",0,3,2,4,4,1,5,6,1,4,11,0,0,"50 (50)","30 (17)",3,0.64,0.64,"West",20,10,"-","None","None",4,"Mostly Cloudy",null,null,null,"None"]
["Continue",77,3,"16 Marcav 1005","Hafn'mor","Winter",40,"6:05am","5:56pm","Darkness","Temperate","Seacoast",0,4,5,6,2,6,4,5,2,3,12,0,0,"60 (60)","40 (36)",3,0.44,0.68,"West",5,0,"-","None","None",2,"Mostly Clear",null,null,null,"None"]
["Continue",78,3,"17 Marcav 1005","Aprochen","Winter",40,"6:03am","5:57pm","Darkness","Temperate","Seacoast",0,2,1,1,1,1,6,5,3,2,10,0,0,"40 (30)","20 (4)",3,0.69,0.48,"North",20,10,"-","None","None",4,"Mostly Cloudy",null,null,null,"None"]
["Continue",79,3,"18 Marcav 1005","Longday","Winter",40,"6:02am","5:59pm","Darkness","Temperate","Seacoast",0,3,4,3,6,3,6,5,2,2,10,0,0,"40 (30)","20 (4)",3,0.57999999999999996,0.53,"West",20,10,"-","None","None",4,"Mostly Cloudy",null,null,null,"None"]
["Continue",80,4,"19 Marcav 1005","Endsnear","Spring",40,"6:01am","6:00pm","Darkness","Temperate","Seacoast",0,6,1,5,5,3,2,5,1,2,11,0,1,"50 (50)","30 (17)",2,0.32,0.39,"West",20,10,"-","None","None",4,"Mostly Cloudy",null,null,null,"None"]
["Continue",81,4,"20 Marcav 1005","Godsday","Spring",40,"5:59am","6:01pm","Darkness","Temperate","Seacoast",0,1,1,4,3,3,2,4,2,4,11,0,2,"50 (50)","30 (17)",3,0.52,0.54,"West",20,10,"H","3/4 inch to 1.5 inches","Rain",4,"Mostly Cloudy",7,"X",4,"Lightning Storm","From 6:13am 'til 6:43am."]
["Continue",82,4,"21 Marcav 1005","Newday","Spring",40,"5:58am","6:03pm","Darkness","Temperate","Seacoast",0,6,2,2,3,5,4,1,2,4,12,0,0,"60 (60)","40 (34)",2,0.56999999999999995,0.3,"West",10,5,"T","< 1/8 inch","Rain",3,"Partly Cloudy",null,"X",null,"None"]
["Continue",83,4,"22 Marcav 1005","Nexsta'","Spring",40,"5:56am","6:04pm","Darkness","Temperate","Seacoast",0,6,3,5,5,4,5,3,1,2,13,0,0,"65 (65)","45 (45)",2,0.32,0.31,"West",0,0,"-","None","None",1,"Clear",null,"X",null,"None"]
["Continue",84,4,"23 Marcav 1005","Onward","Spring",40,"5:55am","6:06pm","Darkness","Temperate","Seacoast",0,5,5,6,5,2,3,2,1,3,15,0,0,"70 (70)","55 (55)",3,0.52,0.68,"South",0,0,"M","1/2 inch to 3/4 inch","Rain",3,"Partly Cloudy",null,"X",null,"None"]
["Continue",85,4,"24 Marcav 1005","Forens","Spring",40,"5:53am","6:07pm","Darkness","Temperate","Seacoast",0,4,6,1,4,5,4,2,3,1,17,0,0,"80 (82)","60 (60)",2,0.63,0.28000000000000003,"South",0,0,"L","1/8 inch to 1/2 inch","Rain",2,"Mostly Clear",null,"X",null,"None"]
["Continue",86,4,"25 Marcav 1005","Freeday","Spring",40,"5:52am","6:09pm","Darkness","Temperate","Seacoast",0,6,4,5,2,5,6,5,1,1,19,1,0,"85 (85)","65 (65)",2,0.35,0.24,"South",0,0,"T","< 1/8 inch","Rain",2,"Mostly Clear",null,"X",null,"None"]
["Continue",87,4,"26 Marcav 1005","Hafn'mor","Spring",40,"5:50am","6:10pm","Darkness","Temperate","Seacoast",0,2,1,2,4,6,3,1,1,3,17,0,0,"80 (80)","60 (60)",2,0.3,0.31,"North",15,8,"-","None","None",4,"Mostly Cloudy",null,"X",null,"None"]
["Continue",88,4,"27 Marcav 1005","Aprochen","Spring",40,"5:49am","6:12pm","Moonlight","Temperate","Seacoast",0,4,6,1,1,6,4,5,3,3,19,1,0,"85 (85)","65 (65)",2,0.31,0.34,"South",5,0,"L","1/8 inch to 1/2 inch","Rain",2,"Mostly Clear",null,"X",null,"None"]
["Continue",89,4,"28 Marcav 1005","Longday","Spring",40,"5:47am","6:13pm","Moonlight","Temperate","Seacoast",0,6,4,5,5,1,1,2,1,3,19,2,0,"85 (85)","65 (65)",2,0.39,0.33,"West",5,0,"L","1/8 inch to 1/2 inch","Rain",2,"Mostly Clear",null,"X",null,"None"]
["Continue",90,4,"29 Marcav 1005","Endsnear","Spring",40,"5:46am","6:15pm","Moonlight","Temperate","Seacoast",0,6,6,3,6,6,2,2,3,1,19,3,0,"85 (85)","65 (65)",2,0.33,0.23,"West",5,0,"L","1/8 inch to 1/2 inch","Rain",2,"Mostly Clear",9,"M",null,"Heavy Fog","from 6:15pm 'til 12:15am"]
["Continue",91,4,"30 Marcav 1005","Godsday","Spring",40,"5:44am","6:16pm","Moonlight","Temperate","Seacoast",0,5,6,3,6,3,6,2,3,2,19,4,0,"85 (85)","65 (65)",2,0.33,0.4,"West",5,0,"L","1/8 inch to 1/2 inch","Rain",2,"Mostly Clear",null,"M",null,"None"]
["Continue",92,4,"01 Apros 1005","Newday","Spring",40,"5:43am","6:18pm","Moonlight","Temperate","Seacoast",0,5,2,6,1,2,2,3,3,1,19,5,0,"85 (85)","65 (65)",2,0.24,0.28000000000000003,"West",5,0,"L","1/8 inch to 1/2 inch","Rain",2,"Mostly Clear",null,"M",null,"None"]
["Continue",93,4,"02 Apros 1005","Nexsta'","Spring",40,"5:41am","6:19pm","Moonlight","Temperate","Seacoast",0,3,3,6,6,4,5,1,1,1,18,0,0,"80 (80)","65 (65)",3,0.22,0.43,"West",15,8,"M","1/2 inch to 3/4 inch","Rain",3,"Partly Cloudy",null,"M",null,"None"]
["Continue",94,4,"03 Apros 1005","Onward","Spring",40,"5:40am","6:21pm","Moonlight","Temperate","Seacoast",0,2,2,1,1,2,4,1,1,2,16,0,0,"75 (75)","55 (55)",4,0.81,0.78,"North",25,12,"H","3/4 inch to 1.5 inches","Rain",4,"Mostly Cloudy",null,"M",null,"None"]
["Continue",95,4,"04 Apros 1005","Forens","Spring",40,"5:38am","6:22pm","Darkness","Temperate","Seacoast",0,2,5,3,3,1,5,2,3,4,16,0,0,"75 (75)","55 (55)",4,0.76,0.89,"West",25,12,"H","3/4 inch to 1.5 inches","Rain",4,"Mostly Cloudy",null,"M",null,"None"]
["Continue",96,4,"05 Apros 1005","Freeday","Spring",40,"5:37am","6:24pm","Darkness","Temperate","Seacoast",0,4,2,3,6,1,2,5,1,4,15,0,0,"70 (70)","55 (55)",3,0.88,0.43,"West",35,18,"T","< 1/8 inch","Rain",4,"Mostly Cloudy",null,"M",null,"None"]
["Continue",97,4,"06 Apros 1005","Hafn'mor","Spring",40,"5:36am","6:25pm","Darkness","Temperate","Seacoast",0,1,6,6,2,1,4,2,2,3,15,0,0,"70 (70)","55 (55)",3,0.7,0.5,"West",35,18,"T","< 1/8 inch","Rain",4,"Mostly Cloudy",null,"M",null,"None"]
["Continue",98,4,"07 Apros 1005","Aprochen","Spring",40,"5:34am","6:27pm","Darkness","Temperate","Seacoast",0,6,3,3,4,1,5,2,2,1,16,0,0,"75 (75)","55 (55)",2,0.61,0.37,"West",20,10,"-","None","None",2,"Mostly Clear",null,"M",null,"None"]
["Continue",99,4,"08 Apros 1005","Longday","Spring",40,"5:33am","6:28pm","Darkness","Temperate","Seacoast",0,5,3,2,2,2,3,1,3,1,17,0,0,"80 (80)","60 (60)",2,0.28999999999999998,0.24,"West",10,5,"T","< 1/8 inch","Rain",2,"Mostly Clear",null,"M",null,"None"]
["Continue",100,4,"09 Apros 1005","Endsnear","Spring",40,"5:31am","6:30pm","Darkness","Temperate","Seacoast",0,1,2,2,1,4,1,5,2,2,15,0,0,"70 (70)","55 (55)",2,0.36,0.32,"North",25,12,"-","None","None",4,"Mostly Cloudy",null,"M",null,"None"]
["Continue",101,4,"10 Apros 1005","Godsday","Spring",40,"5:30am","6:31pm","Darkness","Temperate","Seacoast",0,1,2,4,2,2,6,5,1,3,13,0,0,"65 (65)","45 (45)",2,0.28999999999999998,0.21,"North",40,20,"-","None","None",5,"Overcast",null,"M",null,"None"]
["Continue",102,4,"11 Apros 1005","Newday","Spring",40,"5:28am","6:33pm","Darkness","Temperate","Seacoast",0,4,2,3,6,5,4,4,3,4,12,0,0,"60 (60)","40 (26)",2,0.24,0.34,"West",45,22,"T","< 1/8 inch","Rain",5,"Overcast",null,null,null,"None"]
["Continue",103,4,"12 Apros 1005","Nexsta'","Spring",40,"5:27am","6:34pm","Darkness","Temperate","Seacoast",0,3,3,4,4,6,3,3,2,3,11,0,1,"50 (50)","30 (12)",3,0.25,0.56000000000000005,"West",45,22,"M","1/2 inch to 3/4 inch","Rain",5,"Overcast",null,null,null,"None"]
["Continue",104,4,"13 Apros 1005","Onward","Spring",40,"5:25am","6:35pm","Darkness","Temperate","Seacoast",0,2,4,1,6,5,2,4,2,2,11,0,2,"50 (50)","30 (12)",4,0.82,0.79,"West",45,22,"M","1/2 inch to 3/4 inch","Rain",5,"Overcast",null,null,null,"None"]
["Continue",105,4,"14 Apros 1005","Forens","Spring",40,"5:24am","6:37pm","Darkness","Temperate","Seacoast",0,2,5,1,1,2,3,3,1,4,12,0,0,"60 (60)","40 (28)",3,0.8,0.45,"West",35,18,"L","1/8 inch to 1/2 inch","Rain",4,"Mostly Cloudy",null,null,null,"None"]
["Continue",106,4,"15 Apros 1005","Freeday","Spring",40,"5:23am","6:38pm","Darkness","Temperate","Seacoast",0,3,4,6,3,4,5,1,2,3,12,0,0,"60 (60)","40 (28)",3,0.45,0.61,"West",35,18,"L","1/8 inch to 1/2 inch","Rain",4,"Mostly Cloudy",null,null,null,"None"]
["Continue",107,4,"16 Apros 1005","Hafn'mor","Spring",40,"5:21am","6:40pm","Darkness","Temperate","Seacoast",0,4,3,1,5,1,5,5,1,4,12,0,0,"60 (60)","40 (28)",3,0.46,0.56999999999999995,"West",35,18,"L","1/8 inch to 1/2 inch","Rain",4,"Mostly Cloudy",null,null,null,"None"]
["Continue",108,5,"17 Apros 1005","Aprochen","Spring",40,"5:20am","6:41pm","Darkness","Temperate","Seacoast",0,1,4,6,3,2,2,3,3,1,11,0,1,"50 (50)","30 (12)",2,0.63,0.39,"West",45,22,"-","None","None",5,"Overcast",null,null,null,"None"]
["Continue",109,5,"18 Apros 1005","Longday","Spring",40,"5:18am","6:42pm","Darkness","Temperate","Seacoast",0,1,6,4,4,2,4,5,3,3,12,0,0,"60 (60)","40 (28)",2,0.28999999999999998,0.28999999999999998,"West",35,18,"L","1/8 inch to 1/2 inch","Rain",4,"Mostly Cloudy",null,null,null,"None"]
["Continue",110,5,"19 Apros 1005","Endsnear","Spring",40,"5:17am","6:44pm","Darkness","Temperate","Seacoast",0,5,6,3,3,4,2,3,2,3,14,0,0,"70 (70)","50 (50)",2,0.23,0.4,"South",20,10,"-","None","None",2,"Mostly Clear",null,null,null,"None"]
["Continue",111,5,"20 Apros 1005","Godsday","Spring",40,"5:16am","6:45pm","Darkness","Temperate","Seacoast",0,4,6,5,3,1,1,4,1,1,16,0,0,"75 (75)","55 (55)",2,0.28000000000000003,0.22,"South",10,5,"L","1/8 inch to 1/2 inch","Rain",2,"Mostly Clear",null,null,null,"None"]
["Continue",112,5,"21 Apros 1005","Newday","Spring",40,"5:14am","6:46pm","Darkness","Temperate","Seacoast",0,6,3,3,6,1,3,6,1,4,17,0,0,"80 (80)","60 (60)",2,0.4,0.3,"West",0,0,"-","None","None",1,"Clear",null,null,null,"None"]
["Continue",113,5,"22 Apros 1005","Nexsta'","Spring",40,"5:13am","6:48pm","Darkness","Temperate","Seacoast",0,1,3,2,4,2,5,3,2,3,15,0,0,"70 (70)","55 (55)",2,0.23,0.28999999999999998,"North",10,5,"L","1/8 inch to 1/2 inch","Rain",2,"Mostly Clear",null,null,null,"None"]
["Continue",114,5,"23 Apros 1005","Onward","Spring",40,"5:12am","6:49pm","Darkness","Temperate","Seacoast",0,6,1,1,2,5,4,2,1,4,15,0,0,"70 (70)","55 (55)",2,0.27,0.31,"West",10,5,"L","1/8 inch to 1/2 inch","Rain",2,"Mostly Clear",null,null,null,"None"]
["Continue",115,5,"24 Apros 1005","Forens","Spring",40,"5:10am","6:50pm","Darkness","Temperate","Seacoast",0,6,4,3,3,3,4,2,2,3,17,0,0,"80 (80)","60 (60)",2,0.28000000000000003,0.27,"South",0,0,"T","< 1/8 inch","Rain",2,"Mostly Clear",null,null,null,"None"]
["Continue",116,5,"25 Apros 1005","Freeday","Spring",40,"5:09am","6:52pm","Darkness","Temperate","Seacoast",0,1,6,6,5,2,5,3,2,1,17,0,0,"80 (80)","60 (60)",2,0.24,0.4,"West",0,0,"T","< 1/8 inch","Rain",2,"Mostly Clear",null,null,null,"None"]
["Continue",117,5,"26 Apros 1005","Hafn'mor","Spring",40,"5:08am","6:53pm","Darkness","Temperate","Seacoast",0,5,6,2,6,6,4,4,1,2,19,0,0,"85 (85)","65 (65)",2,0.22,0.3,"South",0,0,"-","None","None",1,"Clear",null,null,null,"None"]
["Continue",118,5,"27 Apros 1005","Aprochen","Spring",40,"5:07am","6:54pm","Moonlight","Temperate","Seacoast",0,5,2,4,5,4,3,3,3,3,19,0,0,"85 (85)","65 (65)",2,0.36,0.4,"West",0,0,"-","None","None",1,"Clear",null,null,null,"None"]
["Continue",119,5,"28 Apros 1005","Longday","Spring",40,"5:05am","6:55pm","Moonlight","Temperate","Seacoast",0,5,5,6,2,2,5,5,3,2,20,1,0,"85 (88)","70 (70)",3,0.56999999999999995,0.66,"South",0,0,"M","1/2 inch to 3/4 inch","Rain",3,"Partly Cloudy",null,null,null,"None"]
["Continue",120,5,"29 Apros 1005","Endsnear","Spring",40,"5:04am","6:57pm","Moonlight","Temperate","Seacoast",0,3,3,6,1,5,3,2,2,2,19,0,0,"85 (94)","65 (65)",4,0.73,0.9,"West",10,5,"H","3/4 inch to 1.5 inches","Rain",3,"Partly Cloudy",null,null,null,"None"]
["Continue",121,5,"30 Apros 1005","Godsday","Spring",40,"5:03am","6:58pm","Moonlight","Temperate","Seacoast",0,4,1,4,3,4,5,5,2,1,18,0,0,"80 (82)","65 (65)",2,0.64,0.3,"West",25,12,"-","None","None",4,"Mostly Cloudy",null,null,null,"None"]
["Continue",122,5,"31 Apros 1005","Greengrass","Spring",40,"5:02am","6:59pm","Moonlight","Temperate","Seacoast",0,5,4,6,5,4,6,1,3,3,19,0,0,"85 (85)","65 (65)",2,0.3,0.21,"West",10,5,"-","None","None",2,"Mostly Clear",null,null,null,"None"]
["Continue",123,5,"01 Mavis 1005","Newday","Spring",40,"5:01am","7:00pm","Moonlight","Temperate","Seacoast",0,1,2,4,2,4,2,3,3,3,17,0,0,"80 (80)","60 (60)",2,0.35,0.23,"North",25,12,"-","None","None",4,"Mostly Cloudy",null,null,null,"None"]
["Continue",124,5,"02 Mavis 1005","Nexsta'","Spring",40,"4:59am","7:01pm","Moonlight","Temperate","Seacoast",0,3,6,2,5,6,5,1,1,2,18,0,0,"80 (80)","65 (65)",2,0.37,0.21,"West",10,5,"-","None","None",2,"Mostly Clear",null,null,null,"None"]
["Continue",125,5,"03 Mavis 1005","Onward","Spring",40,"4:58am","7:02pm","Darkness","Temperate","Seacoast",0,1,1,4,6,2,4,1,3,3,15,0,0,"70 (70)","55 (55)",3,0.55000000000000004,0.54,"North",45,22,"M","1/2 inch to 3/4 inch","Rain",5,"Overcast",10,"-",null,"None"]
["Continue",126,5,"04 Mavis 1005","Forens","Spring",40,"4:57am","7:03pm","Darkness","Temperate","Seacoast",0,3,2,1,2,5,1,6,1,2,14,0,0,"70 (70)","50 (50)",2,0.31,0.21,"West",45,22,"-","None","None",5,"Overcast",null,"-",null,"None"]
["Continue",127,5,"05 Mavis 1005","Freeday","Spring",40,"4:56am","7:05pm","Darkness","Temperate","Seacoast",0,3,2,1,4,5,1,4,3,1,13,0,0,"65 (65)","45 (45)",2,0.23,0.28000000000000003,"West",45,22,"-","None","None",5,"Overcast",null,"-",null,"None"]
["Continue",128,5,"06 Mavis 1005","Hafn'mor","Spring",40,"4:55am","7:06pm","Darkness","Temperate","Seacoast",0,5,4,1,3,3,6,4,3,3,14,0,0,"70 (70)","50 (50)",2,0.26,0.37,"West",30,15,"-","None","None",3,"Partly Cloudy",null,"-",null,"None"]
["Continue",129,5,"07 Mavis 1005","Aprochen","Spring",40,"4:54am","7:07pm","Darkness","Temperate","Seacoast",0,4,4,6,6,2,5,2,1,4,15,0,0,"70 (70)","55 (55)",3,0.63,0.42,"West",20,10,"M","1/2 inch to 3/4 inch","Rain",3,"Partly Cloudy",null,"-",null,"None"]
["Continue",130,5,"08 Mavis 1005","Longday","Spring",40,"4:53am","7:08pm","Darkness","Temperate","Seacoast",0,6,4,5,2,1,5,5,2,4,17,0,0,"80 (80)","60 (60)",2,0.42,0.37,"South",10,5,"T","< 1/8 inch","Rain",2,"Mostly Clear",null,"-",null,"None"]
["Continue",131,5,"09 Mavis 1005","Endsnear","Spring",40,"4:52am","7:09pm","Darkness","Temperate","Seacoast",0,4,5,5,5,6,2,3,2,1,18,0,0,"80 (80)","65 (65)",2,0.28999999999999998,0.35,"West",0,0,"-","None","None",1,"Clear",null,"-",null,"None"]
["Continue",132,5,"10 Mavis 1005","Godsday","Spring",40,"4:51am","7:10pm","Darkness","Temperate","Seacoast",0,3,3,3,5,1,6,4,1,2,17,0,0,"80 (82)","60 (60)",3,0.65,0.68,"West",10,5,"M","1/2 inch to 3/4 inch","Rain",3,"Partly Cloudy",null,null,null,"None"]
["Continue",133,5,"11 Mavis 1005","Newday","Spring",40,"4:50am","7:11pm","Darkness","Temperate","Seacoast",0,1,1,5,6,3,3,6,1,2,14,0,0,"70 (70)","50 (50)",4,0.74,0.83,"North",45,22,"M","1/2 inch to 3/4 inch","Rain",5,"Overcast",11,"-",null,"None"]
["Continue",134,5,"12 Mavis 1005","Nexsta'","Spring",40,"4:49am","7:12pm","Darkness","Temperate","Seacoast",0,4,3,4,4,1,3,6,1,3,14,0,0,"70 (70)","50 (50)",4,0.89,0.85,"West",45,22,"M","1/2 inch to 3/4 inch","Rain",5,"Overcast",null,null,null,"None"]
["Continue",135,6,"13 Mavis 1005","Onward","Spring",40,"4:48am","7:12pm","Darkness","Temperate","Seacoast",0,2,1,6,2,3,1,1,3,3,12,0,1,"60 (60)","40 (26)",2,0.48,0.3,"North",45,22,"-","None","None",5,"Overcast",null,null,null,"None"]
["Continue",136,6,"14 Mavis 1005","Forens","Spring",40,"4:47am","7:13pm","Darkness","Temperate","Seacoast",0,2,6,2,6,6,3,2,1,1,13,0,0,"65 (65)","45 (45)",2,0.23,0.32,"West",35,18,"L","1/8 inch to 1/2 inch","Rain",4,"Mostly Cloudy",null,null,null,"None"]
["Continue"]

{"sheet":"Firestorem Peak","index":3,"n_rows":293,"n_cols":44,"rows_kept":293,"cut":false,"hidden":false,"merged":[[0,10,1,10],[0,21,1,21],[0,1,1,1],[0,2,1,2],[0,3,1,3],[0,4,1,4],[0,14,1,14],[0,13,1,13],[0,19,1,19],[0,20,1,20],[0,12,1,12],[0,18,1,18],[0,11,1,11],[0,5,1,5],[0,6,1,6],[0,7,1,7],[0,17,1,17],[0,15,1,15],[0,16,1,16],[0,8,1,8],[0,9,1,9],[0,30,0,32],[0,38,0,42],[0,22,0,26],[0,36,0,37],[0,33,0,35],[0,27,0,29]]}
[null,"DOY","Seasonal Month","Date","Day of Week","Season","Latitude (degrees)","Sunrise","Sunset","Night Time Illumination","Climatic Region","Terrain Type","Elevation (ft.)","d6#1","d6#2","d6#3","d6#4","d6#5","d6#6","d6#7","d3","d4","Temperature: actual °F (feels like °F)",null,null,null,null,"Relative Humidity",null,null,"Wind",null,null,"Precipitation",null,null,"Cloud Cover",null,"Special Weather",null,null,null,null,"Player Notes"]
[null,null,null,null,null,null,null,null,null,null,null,null,null,null,null,null,null,null,null,null,null,null,"Code","Days at Max.","Days at Min.","High","Low","Code","Before Precip.","After Precip.","Direction","Gusts (mph)","Average (mph)","Code","Amount (in.)","Type","Code",null,"Roll 2","Code","Days Countdown",null,"Notes"]
["Continue",199,8,"17 Jularva 1003","Aprochen","Summer",44,"4:39am","7:20pm","Darkness","Temperate","Seacoast",0,5,5,5,3,4,5,1,2,3,16,0,0,"75 (75)","55 (55)",2,0.34,0.35,"South",35,18,"L","1/8 inch to 1/2 inch","Rain",3,"Partly Cloudy",null,null,null,"None",null,"Received possible adventure offers."]
["Continue",200,8,"18 Jularva 1003","Longday","Summer",44,"4:40am","7:19pm","Darkness","Temperate","Seacoast",0,5,2,5,3,2,6,5,1,4,16,0,0,"75 (75)","55 (55)",2,0.3,0.34,"West",35,18,"L","1/8 inch to 1/2 inch","Rain",3,"Partly Cloudy",null,null,null,"None"]
["Continue",201,8,"19 Jularva 1003","Endsnear","Summer",44,"4:41am","7:18pm","Darkness","Temperate","Seacoast",0,1,1,5,5,2,3,5,1,3,13,0,1,"65 (65)","45 (45)",2,0.21,0.26,"North",45,22,"L","1/8 inch to 1/2 inch","Rain",5,"Overcast",10,"-",null,"None"]
["Continue",202,8,"20 Jularva 1003","Godsday","Summer",44,"4:42am","7:18pm","Darkness","Temperate","Seacoast",0,3,3,2,4,4,6,5,3,4,13,0,2,"65 (65)","45 (45)",2,0.23,0.3,"West",45,22,"L","1/8 inch to 1/2 inch","Rain",5,"Overcast",null,null,null,"None"]
["Continue",203,8,"21 Jularva 1003","Newday","Summer",44,"4:43am","7:17pm","Darkness","Temperate","Seacoast",0,3,6,6,1,4,2,5,1,3,14,0,0,"70 (70)","50 (50)",2,0.24,0.27,"West",30,15,"-","None","None",3,"Partly Cloudy",null,null,null,"None"]
["Continue",204,8,"22 Jularva 1003","Nexsta'","Summer",44,"4:44am","7:16pm","Darkness","Temperate","Seacoast",0,2,1,6,2,1,6,2,2,1,13,0,1,"65 (65)","45 (45)",2,0.28000000000000003,0.23,"North",45,22,"-","None","None",5,"Overcast",null,null,null,"None"]
["Continue",205,8,"23 Jularva 1003","Onward","Summer",44,"4:45am","7:15pm","Darkness","Temperate","Seacoast",0,2,5,6,2,6,2,6,1,3,14,0,0,"70 (70)","50 (50)",2,0.25,0.23,"West",35,18,"T","< 1/8 inch","Rain",4,"Mostly Cloudy",null,null,null,"None"]
["Continue",206,8,"24 Jularva 1003","Forens","Summer",44,"4:46am","7:14pm","Darkness","Temperate","Seacoast",0,2,2,4,1,4,4,4,3,4,13,0,1,"65 (65)","45 (45)",2,0.31,0.32,"North",45,22,"L","1/8 inch to 1/2 inch","Rain",5,"Overcast",null,null,null,"None"]
["Continue",207,8,"25 Jularva 1003","Freeday","Summer",44,"4:47am","7:13pm","Darkness","Temperate","Plains",100,4,6,2,1,6,6,5,1,4,15,0,0,"70 (70)","55 (55)",3,0.64,0.56999999999999995,"South",35,18,"M","1/2 inch to 3/4 inch","Rain",3,"Partly Cloudy",null,null,null,"None",null,"Leave Whillip on skyship Crucible."]
["Continue",208,8,"26 Jularva 1003","Hafn'mor","Summer",45,"4:45am","7:14pm","Darkness","Temperate","Mountains",1000,6,6,4,2,4,2,3,3,4,18,0,0,"89 (90)","74 (74)",2,0.43,0.28000000000000003,"South",5,0,"L","1/8 inch to 1/2 inch","Rain",2,"Mostly Clear",6,"-",null,"None"]
["Continue",209,8,"27 Jularva 1003","Aprochen","Summer",46,"4:44am","7:16pm","Darkness","Temperate","Hills",1000,3,3,6,2,1,6,3,1,2,17,0,0,"77 (77)","57 (57)",3,0.61,0.6,"West",15,8,"H","3/4 inch to 1.5 inches","Rain",3,"Partly Cloudy",null,null,null,"None"]
["Continue",210,8,"28 Jularva 1003","Longday","Summer",53,"4:22am","7:37pm","Darkness","Subarctic","Forest",2000,1,2,4,3,4,5,2,1,1,15,0,0,"57 (57)","42 (42)",2,0.3,0.4,"North",0,0,"-","None","None",5,"Overcast",null,null,null,"None",null,"Arrive in Silverymoon late in evening"]
["Continue",211,8,"29 Jularva 1003","Endsnear","Summer",60,"3:51am","8:07pm","Moonlight","Subarctic","Hills",3000,6,5,2,5,6,4,6,3,2,16,1,0,"63 (63)","43 (43)",1,0.1,0.16,"South",0,0,"-","None","None",3,"Partly Cloudy",null,null,null,"None",null,"Leave Silverymoon on horseback"]
["Continue",212,8,"30 Jularva 1003","Godsday","Summer",60,"3:53am","8:05pm","Moonlight","Subarctic","Hills",3000,1,5,1,2,1,3,6,1,2,15,0,0,"67 (67)","52 (52)",1,0.14000000000000001,0.09,"Northwest",10,5,"L","1/8 inch to 1/2 inch","Rain",3,"Partly Cloudy",null,null,null,"None"]
["Continue",213,8,"31 Jularva 1003","Midsummer","Summer",60,"3:56am","8:03pm","Moonlight","Subarctic","Hills",3000,5,3,5,6,1,1,6,2,4,16,1,0,"72 (72)","52 (52)",1,0.05,0.01,"Northwest",0,0,"T","< 1/8 inch","Rain",2,"Mostly Clear",null,null,null,"None"]
["Continue",214,8,"01 Augot 1003","Newday","Summer",60,"3:58am","8:01pm","Moonlight","Subarctic","Hills",3000,4,1,6,3,4,4,6,2,3,15,0,0,"67 (67)","52 (52)",1,0,0.14000000000000001,"Northwest",15,8,"-","None","None",3,"Partly Cloudy",null,null,null,"None",null,"Arrive in Sundabar"]
["Continue",215,8,"02 Augot 1003","Nexsta'","Summer",60,"4:00am","7:58pm","Moonlight","Subarctic","Hills",3000,5,2,3,4,6,3,2,2,3,15,0,0,"67 (67)","52 (52)",1,0.2,0.14000000000000001,"Northwest",15,8,"-","None","None",3,"Partly Cloudy",null,null,null,"None",null,"Leave Sundabar on horseback"]
["Continue",216,8,"03 Augot 1003","Onward","Summer",60,"4:02am","7:56pm","Moonlight","Subarctic","Hills",3000,2,3,6,1,4,3,3,2,2,14,0,0,"67 (67)","47 (47)",1,0.02,7.0000000000000007E-2,"Northwest",30,15,"-","None","None",4,"Mostly Cloudy",null,null,null,"None"]
["Continue",217,8,"04 Augot 1003","Forens","Summer",60,"4:05am","7:54pm","Darkness","Subarctic","Hills",3000,2,6,5,3,5,5,2,2,4,15,0,0,"67 (67)","52 (52)",1,0.03,0.19,"Northwest",20,10,"L","1/8 inch to 1/2 inch","Rain",3,"Partly Cloudy",null,null,null,"None"]
["Continue",218,8,"05 Augot 1003","Freeday","Summer",60,"4:07am","7:52pm","Darkness","Subarctic","Hills",3000,5,4,5,5,2,2,5,3,3,16,1,0,"72 (72)","52 (52)",1,0.1,0.06,"Northwest",5,0,"-","None","None",1,"Clear",null,null,null,"None",null,"Arrive in Longbridge"]
["Continue",219,8,"06 Augot 1003","Hafn'mor","Summer",60,"4:09am","7:49pm","Darkness","Subarctic","Hills",3000,5,3,6,1,6,1,2,3,4,16,2,0,"72 (72)","52 (52)",1,0.06,0.2,"Northwest",5,0,"-","None","None",1,"Clear",null,null,null,"None"]
["Continue",220,8,"07 Augot 1003","Aprochen","Summer",60,"4:12am","7:47pm","Darkness","Subarctic","Hills",3000,2,3,5,2,3,2,1,2,1,15,0,0,"67 (67)","52 (52)",1,0.1,0.05,"Northwest",20,10,"-","None","None",2,"Mostly Clear",null,null,null,"None"]
["Continue",221,8,"08 Augot 1003","Longday","Summer",60,"4:14am","7:45pm","Darkness","Subarctic","Hills",3000,5,4,1,3,6,4,3,1,4,16,1,0,"72 (72)","52 (52)",1,0.19,0.03,"Northwest",5,0,"-","None","None",1,"Clear",null,null,null,"None",null,"Leave for Firestorm Peak"]
["Continue",222,8,"09 Augot 1003","Endsnear","Summer",60,"4:16am","7:42pm","Darkness","Subarctic","Mountains",12000,1,1,2,3,6,6,5,1,4,13,0,0,"41 (41)","21 (0)",2,0.27,0.38,"Northwest",45,22,"H","3/4 inch to 1.5 inches","Rain",4,"Mostly Cloudy",5,"X",4,"Lightning & Hail Storm","From 6:10pm 'til 6:40pm."]
["Continue",223,8,"10 Augot 1003","Godsday","Summer",60,"4:19am","7:40pm","Darkness","Subarctic","Mountains",12000,1,1,4,4,2,1,4,1,2,10,0,0,"16 (-7)","-4 (-36)",1,0.4,0.05,"Northwest",45,22,"L","1/2 inch to 1 inch","Snow",5,"Overcast",8,"-",null,"None"]
["Continue",224,8,"11 Augot 1003","Newday","Summer",60,"4:21am","7:37pm","Darkness","Subarctic","Mountains",12000,6,6,4,5,1,3,6,2,3,14,0,0,"46 (46)","26 (20)",1,0.16,0.11,"South",5,0,"L","1/2 inch to 1 inch","Sleet",2,"Mostly Clear",9,"Z",3,"Heat Wave"]
["Continue",225,8,"12 Augot 1003","Nexsta'","Summer",60,"4:23am","7:35pm","Darkness","Subarctic","Mountains",12000,4,1,5,5,4,1,6,2,4,16,0,0,"51 (51)","31 (19)",1,0.05,0.08,"Northwest",20,10,"-","None","None",3,"Partly Cloudy",null,"Z",2,"Heat Wave"]
["Continue",226,8,"13 Augot 1003","Onward","Summer",60,"4:26am","7:33pm","Darkness","Subarctic","Mountains",12000,6,1,2,4,6,6,1,1,1,16,1,0,"51 (51)","31 (19)",1,0.16,0.01,"Northwest",20,10,"-","None","None",3,"Partly Cloudy",null,"Z",1,"Heat Wave"]
["Continue",227,8,"14 Augot 1003","Forens","Summer",60,"4:28am","7:30pm","Darkness","Subarctic","Mountains",12000,2,4,4,5,3,1,5,2,2,15,2,0,"46 (46)","31 (16)",1,0.02,0.04,"Northwest",30,15,"T","< 1/8 inch","Rain",3,"Partly Cloudy",null,null,null,"None"]
["Continue",228,8,"15 Augot 1003","Freeday","Summer",60,"4:31am","7:28pm","Darkness","Subarctic","Mountains",12000,1,1,4,3,3,1,4,1,3,12,0,0,"36 (21)","16 (-7)",2,0.05,0.27,"North",45,22,"H","3/4 inch to 1.5 inches","Rain",5,"Overcast",7,"X",4,"Lightning Storm","From 7:02pm 'til 7:32pm."]
["Continue",230,9,"16 Augot 1003","Aprochen","Summer",60,"4:35am","7:23pm","Darkness","Subarctic","Mountains",12000,6,6,2,6,1,1,2,3,2,13,0,0,"41 (41)","21 (14)",1,0.18,0.02,"South",5,0,"L","1/2 inch to 1 inch","Sleet",2,"Mostly Clear",8,"Z",3,"Heat Wave"]
["Continue",229,8,"17 Augot 1003","Hafn'mor","Summer",60,"4:33am","7:25pm","Darkness","Subarctic","Mountains",12000,1,1,2,3,2,6,3,2,4,9,0,1,"11 (-15)","-9 (-43)",1,0.34,0.19,"North",45,22,"L","8 inches","Snow",5,"Overcast",5,"X",null,"Severe Snowstorm","From 6:44pm 'til 2:44am.; 15-20 mph or calmer winds during this time."]
["Continue",231,9,"18 Augot 1003","Longday","Summer",60,"4:38am","7:21pm","Darkness","Subarctic","Mountains",12000,5,4,1,3,3,1,4,3,3,14,1,0,"46 (46)","26 (20)",1,0.16,0.05,"Northwest",5,0,"-","None","None",2,"Mostly Clear",null,"Z",2,"Heat Wave"]
["Continue",232,9,"19 Augot 1003","Endsnear","Summer",60,"4:40am","7:18pm","Darkness","Subarctic","Mountains",12000,4,6,5,1,1,3,6,2,1,14,2,0,"46 (46)","26 (26)",1,0.1,0.14000000000000001,"South",0,0,"T","< 1/2 inch","Sleet",2,"Mostly Clear",null,"Z",1,"Heat Wave"]
["Continue",233,9,"20 Augot 1003","Godsday","Summer",60,"4:43am","7:16pm","Darkness","Subarctic","Mountains",12000,1,1,5,2,6,1,6,1,3,11,0,0,"26 (7)","6 (-22)",1,0.19,0.14000000000000001,"North",45,22,"L","1/2 inch to 1 inch","Snow",5,"Overcast",7,"X",null,"Ice/Sleet Storm","From 4:09pm 'til 5:29pm."]
["Continue",234,9,"21 Augot 1003","Newday","Summer",60,"4:45am","7:13pm","Darkness","Subarctic","Mountains",12000,2,1,1,5,6,2,2,1,2,9,0,0,"11 (-11)","-9 (-38)",1,0.14000000000000001,0.02,"North",30,15,"-","None","None",5,"Overcast",null,null,null,"None"]
["Continue",235,9,"22 Augot 1003","Nexsta'","Summer",60,"4:48am","7:11pm","Darkness","Subarctic","Mountains",12000,6,6,2,5,1,3,5,1,3,13,0,0,"41 (41)","21 (14)",1,0.02,0.03,"Northwest",5,0,"L","1/2 inch to 1 inch","Sleet",2,"Mostly Clear",7,"Z",3,"Heat Wave"]
["Continue",236,9,"23 Augot 1003","Onward","Summer",60,"4:50am","7:08pm","Darkness","Subarctic","Mountains",12000,1,4,4,5,4,2,3,2,2,14,0,0,"46 (46)","26 (12)",1,0.08,0.18,"Northwest",20,10,"-","None","None",3,"Partly Cloudy",null,"Z",2,"Heat Wave"]
["Continue",237,9,"24 Augot 1003","Forens","Summer",60,"4:53am","7:06pm","Darkness","Subarctic","Mountains",12000,4,5,2,4,4,6,6,3,4,14,1,0,"46 (46)","26 (20)",1,0.14000000000000001,0.2,"Northwest",5,0,"-","None","None",1,"Clear",null,"Z",1,"Heat Wave"]
["Continue",238,9,"25 Augot 1003","Freeday","Summer",60,"4:55am","7:04pm","Darkness","Subarctic","Mountains",12000,5,3,1,1,3,1,1,2,2,13,2,0,"41 (41)","21 (21)",1,0.2,0.05,"Northwest",0,0,"T","< 1/2 inch","Sleet",2,"Mostly Clear",null,null,null,"None"]
["Continue",239,9,"26 Augot 1003","Hafn'mor","Summer",60,"4:58am","7:01pm","Darkness","Subarctic","Mountains",12000,1,1,1,3,2,5,4,2,4,9,0,0,"11 (-15)","-9 (-43)",1,0.1,0.11,"North",45,22,"L","1/2 inch to 1 inch","Snow",5,"Overcast",4,"A",4,"Cold Wave"]
["Continue",240,9,"27 Augot 1003","Aprochen","Summer",60,"5:00am","6:59pm","Moonlight","Subarctic","Mountains",12000,6,5,5,4,6,6,2,3,1,6,0,0,"-6 (-34)","-14 (-45)",1,0.05,0.1,"South",30,15,"-","None","None",3,"Partly Cloudy",null,"A",3,"Cold Wave"]
["Continue",241,9,"28 Augot 1003","Longday","Summer",60,"5:02am","6:56pm","Moonlight","Subarctic","Mountains",12000,4,6,2,2,3,4,4,1,2,6,0,0,"-6 (-30)","-14 (-40)",1,0.03,0.11,"South",20,10,"T","< 1/2 inch","Snow",2,"Mostly Clear",null,"A",2,"Cold Wave"]
["Continue",242,9,"29 Augot 1003","Endsnear","Summer",60,"5:05am","6:54pm","Moonlight","Subarctic","Mountains",12000,1,6,4,5,5,5,5,2,2,6,0,1,"-6 (-30)","-14 (-40)",1,0.02,7.0000000000000007E-2,"Northwest",20,10,"-","None","None",2,"Mostly Clear",null,"A",1,"Cold Wave"]
["Continue",243,9,"30 Augot 1003","Godsday","Summer",60,"5:07am","6:51pm","Moonlight","Subarctic","Mountains",12000,1,3,3,4,3,6,1,3,3,7,0,2,"1 (-25)","-14 (-45)",1,0.08,0.16,"North",30,15,"T","< 1/2 inch","Snow",3,"Partly Cloudy",null,null,null,"None"]
["Continue",244,9,"01 Septev 1003","Newday","Summer",60,"5:10am","6:49pm","Moonlight","Subarctic","Mountains",7000,6,6,4,5,1,2,5,2,4,11,0,0,"41 (41)","21 (14)",1,0.01,0.09,"South",5,0,"L","1/2 inch to 1 inch","Sleet",2,"Mostly Clear",9,"Z",3,"Heat Wave"]
["Continue",245,9,"02 Septev 1003","Nexsta'","Summer",60,"5:12am","6:46pm","Moonlight","Subarctic","Mountains",7000,4,3,4,5,3,3,2,3,2,14,0,0,"61 (61)","41 (41)",1,0.18,0.03,"Northwest",5,0,"-","None","None",2,"Mostly Clear",null,"Z",2,"Heat Wave"]
["Continue",246,9,"03 Septev 1003","Onward","Summer",60,"5:15am","6:44pm","Moonlight","Subarctic","Mountains",7000,1,3,2,2,5,4,3,2,3,14,0,0,"61 (61)","41 (41)",1,0.02,0.1,"North",15,8,"T","< 1/8 inch","Rain",3,"Partly Cloudy",null,"Z",1,"Heat Wave"]
["Continue",247,9,"04 Septev 1003","Forens","Summer",60,"5:17am","6:41pm","Darkness","Subarctic","Mountains",7000,3,2,5,1,2,4,4,1,3,13,1,0,"56 (56)","36 (23)",1,0.13,0.08,"Northwest",30,15,"-","None","None",4,"Mostly Cloudy",null,null,null,"None"]
["Continue",248,9,"05 Septev 1003","Freeday","Summer",60,"5:20am","6:39pm","Darkness","Subarctic","Hills",3000,1,1,2,3,1,5,6,2,4,10,0,0,"37 (22)","17 (-6)",2,0.35,0.25,"Northwest",45,22,"H","3/4 inch to 1.5 inches","Rain",5,"Overcast",5,"X",4,"Lightning Storm","From 8:50pm 'til 9:20pm.","Leave Longbridge for Silverymoon"]
["Continue",249,9,"06 Septev 1003","Hafn'mor","Summer",60,"5:22am","6:36pm","Darkness","Subarctic","Hills",3000,6,6,4,5,1,1,2,3,4,14,1,0,"67 (67)","47 (47)",1,0.31,0.18,"Northwest",5,0,"L","1/8 inch to 1/2 inch","Rain",2,"Mostly Clear",9,"Z",3,"Heat Wave"]
["Continue",250,9,"07 Septev 1003","Aprochen","Summer",60,"5:25am","6:34pm","Darkness","Subarctic","Hills",3000,5,5,5,1,2,1,5,1,4,14,2,0,"67 (67)","47 (47)",1,0.08,0.17,"South",0,0,"L","1/8 inch to 1/2 inch","Rain",2,"Mostly Clear",null,"Z",2,"Heat Wave"]
["Continue",251,9,"08 Septev 1003","Longday","Summer",60,"5:27am","6:31pm","Darkness","Subarctic","Hills",3000,3,2,1,6,6,2,3,1,3,14,3,0,"67 (67)","47 (47)",1,0.12,0.08,"Northwest",15,8,"-","None","None",3,"Partly Cloudy",null,"Z",1,"Heat Wave",null,"Arrive in Sundabar"]
["Continue",252,9,"09 Septev 1003","Endsnear","Summer",60,"5:30am","6:29pm","Darkness","Subarctic","Hills",3000,2,6,1,1,4,4,6,1,1,13,4,0,"62 (62)","42 (42)",1,0.1,0.06,"Northwest",5,0,"L","1/8 inch to 1/2 inch","Rain",2,"Mostly Clear",null,null,null,"None",null,"Leave Sundabar"]
["Continue",253,9,"10 Septev 1003","Godsday","Summer",60,"5:32am","6:26pm","Darkness","Subarctic","Hills",3000,2,5,5,4,6,3,3,3,4,13,5,0,"62 (62)","42 (42)",1,0.17,0.14000000000000001,"Northwest",5,0,"L","1/8 inch to 1/2 inch","Rain",2,"Mostly Clear",null,null,null,"None"]
["Continue",254,9,"11 Septev 1003","Newday","Summer",60,"5:35am","6:24pm","Darkness","Subarctic","Hills",3000,1,4,3,1,2,5,2,2,1,12,0,0,"57 (57)","37 (27)",1,0.14000000000000001,7.0000000000000007E-2,"Northwest",20,10,"-","None","None",3,"Partly Cloudy",null,null,null,"None"]
["Continue",255,9,"12 Septev 1003","Nexsta'","Summer",60,"5:37am","6:21pm","Darkness","Subarctic","Hills",3000,6,6,4,2,4,5,4,1,3,13,1,0,"62 (62)","42 (42)",1,0,0.08,"Northwest",5,0,"L","1/8 inch to 1/2 inch","Rain",2,"Mostly Clear",6,"-",null,"None"]
["Continue",256,9,"13 Septev 1003","Onward","Summer",60,"5:40am","6:19pm","Darkness","Subarctic","Hills",3000,2,1,6,2,6,3,4,3,1,11,0,0,"47 (47)","27 (13)",1,0.08,0.13,"North",20,10,"-","None","None",4,"Mostly Cloudy",null,null,null,"None",null,"Arrive in Silverymoon"]
["Continue",257,9,"14 Septev 1003","Forens","Summer",60,"5:42am","6:16pm","Darkness","Subarctic","Hills",3000,4,1,1,4,2,2,6,1,1,10,0,0,"37 (24)","17 (-3)",1,0.05,0,"Northwest",30,15,"-","None","None",5,"Overcast",null,null,null,"None"]
["Continue",258,9,"15 Septev 1003","Freeday","Summer",60,"5:45am","6:14pm","Darkness","Subarctic","Hills",3000,6,2,5,1,3,6,5,2,4,11,0,0,"47 (47)","27 (13)",1,0.06,0.02,"Northwest",20,10,"T","< 1/8 inch","Rain",4,"Mostly Cloudy",null,null,null,"None",null,"Leave for Fharlanghn shrine"]
["Continue",259,9,"16 Septev 1003","Hafn'mor","Summer",55,"5:50am","6:09pm","Darkness","Subarctic","Hills",700,4,3,2,4,3,2,4,3,2,11,0,0,"53 (53)","33 (21)",1,0.12,0.06,"Northwest",20,10,"T","< 1/8 inch","Rain",4,"Mostly Cloudy",null,null,null,"None"]
["Continue",260,9,"17 Septev 1003","Aprochen","Summer",55,"5:52am","6:07pm","Darkness","Subarctic","Hills",700,1,3,5,1,4,6,5,3,2,9,0,0,"38 (26)","18 (-1)",1,0.02,0.2,"North",30,15,"L","1/2 inch to 1 inch","Snow",5,"Overcast",null,null,null,"None"]
["Continue",261,9,"18 Septev 1003","Longday","Summer",55,"5:54am","6:05pm","Darkness","Subarctic","Hills",700,4,4,6,3,6,6,6,1,1,10,0,0,"43 (43)","23 (8)",1,0.18,0.19,"Northwest",20,10,"L","1/2 inch to 1 inch","Sleet",4,"Mostly Cloudy",null,null,null,"None"]
["Continue",262,9,"19 Septev 1003","Endsnear","Summer",55,"5:56am","6:03pm","Darkness","Subarctic","Hills",700,5,6,6,3,5,1,3,3,4,12,0,0,"63 (63)","43 (43)",1,0.03,7.0000000000000007E-2,"South",5,0,"-","None","None",2,"Mostly Clear",null,null,null,"None"]
["Continue",263,9,"20 Septev 1003","Godsday","Summer",55,"5:58am","6:01pm","Darkness","Subarctic","Hills",700,1,1,2,6,5,6,4,3,3,9,0,0,"38 (23)","18 (-5)",1,0.03,0,"North",45,22,"L","1/2 inch to 1 inch","Snow",5,"Overcast",8,"-",null,"None"]
["Continue",264,10,"21 Septev 1003","Newday","Autumn",55,"6:00am","5:59pm","Darkness","Subarctic","Hills",700,3,6,6,6,1,3,4,3,3,10,0,0,"43 (43)","23 (5)",1,0.13,0.08,"Northwest",30,15,"-","None","None",3,"Partly Cloudy",null,null,null,"None",null,"Evereska"]
["Continue",265,10,"22 Septev 1003","Nexsta'","Autumn",45,"6:02am","5:57pm","Darkness","Temperate","Hills",700,5,3,2,5,4,3,6,2,1,11,0,0,"53 (53)","33 (21)",2,0.27,0.23,"West",20,10,"T","< 1/8 inch","Rain",2,"Mostly Clear",null,null,null,"None"]
["Continue",266,10,"23 Septev 1003","Onward","Autumn",37,"6:03am","5:56pm","Darkness","Temperate","Seacoast",0,6,6,4,3,4,2,5,2,1,14,0,0,"70 (70)","50 (50)",3,0.56000000000000005,0.68,"West",5,0,"H","3/4 inch to 1.5 inches","Rain",3,"Partly Cloudy",7,"M",null,"Heavy Fog","from 6:03am 'til 10:03am","Suzail"]
["Continue",267,10,"24 Septev 1003","Forens","Autumn",38,"6:04am","5:55pm","Darkness","Temperate","Seacoast",0,6,2,4,4,5,6,1,1,3,15,0,0,"70 (70)","55 (55)",3,0.69,0.62,"West",0,0,"L","1/8 inch to 1/2 inch","Rain",2,"Mostly Clear",null,null,null,"None"]
["Continue",268,10,"25 Septev 1003","Freeday","Autumn",40,"6:06am","5:53pm","Darkness","Temperate","Seacoast",0,3,3,2,3,5,4,1,2,3,14,0,0,"70 (70)","50 (50)",4,0.55000000000000004,0.77,"West",10,5,"H","3/4 inch to 1.5 inches","Rain",3,"Partly Cloudy",null,null,null,"None",null,"Arrive back in Whillip"]
["Continue",269,10,"26 Septev 1003","Hafn'mor","Autumn",40,"6:08am","5:52pm","Darkness","Temperate","Seacoast",0,4,4,2,5,4,3,4,3,2,15,0,0,"70 (70)","55 (55)",5,0.97,0.95,"West",0,0,"H","3/4 inch to 1.5 inches","Rain",3,"Partly Cloudy",null,null,null,"None"]
["Continue",270,10,"27 Septev 1003","Aprochen","Autumn",40,"6:09am","5:50pm","Darkness","Temperate","Seacoast",0,4,1,3,4,2,4,2,2,4,14,0,0,"70 (70)","50 (50)",3,0.84,0.56999999999999995,"West",15,8,"-","None","None",4,"Mostly Cloudy",null,null,null,"None"]
["Continue",271,10,"28 Septev 1003","Longday","Autumn",40,"6:11am","5:48pm","Moonlight","Temperate","Seacoast",0,5,5,1,4,1,1,1,1,2,16,0,0,"75 (75)","55 (55)",4,0.71,0.72,"South",5,0,"H","3/4 inch to 1.5 inches","Rain",3,"Partly Cloudy",null,null,null,"None"]
["Continue",272,10,"29 Septev 1003","Endsnear","Autumn",40,"6:12am","5:47pm","Moonlight","Temperate","Seacoast",0,3,5,4,1,3,5,2,2,2,17,0,0,"80 (87)","60 (60)",5,0.99,0.91,"West",0,0,"M","1/2 inch to 3/4 inch","Rain",3,"Partly Cloudy",null,null,null,"None"]
["Continue",273,10,"30 Septev 1003","Godsday","Autumn",40,"6:14am","5:45pm","Darkness","Temperate","Seacoast",0,1,1,1,5,5,5,3,2,3,14,0,0,"70 (70)","50 (50)",5,0.99,0.97,"West",45,22,"H","3/4 inch to 1.5 inches","Rain",5,"Overcast",6,"X",null,"Lightning Storm","From 7:03am 'til 7:33am."]
["Continue",274,10,"31 Septev 1003","Higharvestide","Autumn",40,"6:15am","5:44pm","Darkness","Temperate","Seacoast",0,4,2,2,5,2,2,4,3,1,13,0,0,"65 (65)","45 (45)",4,0.92,0.89,"West",45,22,"L","1/8 inch to 1/2 inch","Rain",5,"Overcast",null,null,null,"None"]
["Continue",275,10,"01 Octov 1003","Newday","Autumn",40,"6:17am","5:42pm","Moonlight","Temperate","Seacoast",0,3,6,6,3,1,3,1,1,3,14,0,0,"70 (70)","50 (50)",3,0.78,0.49,"West",30,15,"-","None","None",3,"Partly Cloudy",null,null,null,"None"]
["Continue",276,10,"02 Octov 1003","Nexsta'","Autumn",40,"6:18am","5:41pm","Moonlight","Temperate","Seacoast",0,4,3,6,3,5,5,4,3,1,14,0,0,"70 (70)","50 (50)",3,0.5,0.43,"West",30,15,"-","None","None",3,"Partly Cloudy",null,null,null,"None"]
["Continue",277,10,"03 Octov 1003","Onward","Autumn",40,"6:20am","5:39pm","Moonlight","Temperate","Seacoast",0,6,3,2,6,6,4,6,1,1,15,0,0,"70 (70)","55 (55)",3,0.54,0.59,"West",15,8,"-","None","None",1,"Clear",null,null,null,"None"]
["Continue",278,10,"04 Octov 1003","Forens","Autumn",40,"6:21am","5:38pm","Darkness","Temperate","Seacoast",0,1,1,1,4,5,6,3,3,3,12,0,0,"60 (60)","40 (26)",4,0.89,0.86,"North",45,22,"H","3/4 inch to 1.5 inches","Rain",4,"Mostly Cloudy",5,"X",null,"Lightning Storm","From 7:20am 'til 7:50am."]
["Continue",279,10,"05 Octov 1003","Freeday","Autumn",40,"6:23am","5:36pm","Darkness","Temperate","Seacoast",0,4,2,2,5,2,2,4,2,1,11,0,1,"50 (50)","30 (12)",3,0.81,0.56000000000000005,"West",45,22,"L","1/8 inch to 1/2 inch","Rain",4,"Mostly Cloudy",null,null,null,"None"]
["Continue",280,10,"06 Octov 1003","Hafn'mor","Autumn",40,"6:24am","5:35pm","Darkness","Temperate","Seacoast",0,1,2,3,1,3,1,3,3,2,11,0,2,"50 (50)","30 (12)",3,0.41,0.68,"West",45,22,"L","1/8 inch to 1/2 inch","Rain",4,"Mostly Cloudy",null,null,null,"None"]
["Continue",281,10,"07 Octov 1003","Aprochen","Autumn",40,"6:26am","5:33pm","Darkness","Temperate","Seacoast",0,5,3,5,3,5,5,5,3,2,12,0,0,"60 (60)","40 (28)",3,0.62,0.63,"West",35,18,"L","1/8 inch to 1/2 inch","Rain",3,"Partly Cloudy",null,null,null,"None"]
["Continue",282,10,"08 Octov 1003","Longday","Autumn",40,"6:27am","5:32pm","Darkness","Temperate","Seacoast",0,1,4,3,1,1,5,5,1,2,11,0,1,"50 (50)","30 (12)",3,0.63,0.6,"West",45,22,"-","None","None",4,"Mostly Cloudy",null,null,null,"None"]
["Continue",283,10,"09 Octov 1003","Endsnear","Autumn",40,"6:29am","5:31pm","Darkness","Temperate","Seacoast",0,6,6,6,5,5,6,2,3,4,15,0,0,"70 (70)","55 (55)",4,0.89,0.86,"South",5,0,"H","3/4 inch to 1.5 inches","Rain",3,"Partly Cloudy",11,"Z",7,"Heat Wave"]
["Continue",284,10,"10 Octov 1003","Godsday","Autumn",40,"6:30am","5:29pm","Darkness","Temperate","Seacoast",0,5,2,6,5,3,2,4,2,2,19,0,0,"85 (90)","65 (65)",3,0.63,0.53,"West",5,0,"-","None","None",3,"Partly Cloudy",null,"Z",6,"Heat Wave"]
["Continue",285,10,"11 Octov 1003","Newday","Autumn",40,"6:32am","5:28pm","Darkness","Temperate","Seacoast",0,4,2,2,5,6,2,5,1,3,21,0,0,"90 (99)","70 (70)",3,0.59,0.66,"West",15,8,"L","1/8 inch to 1/2 inch","Rain",3,"Partly Cloudy",null,"Z",5,"Heat Wave"]
["Continue",286,10,"12 Octov 1003","Nexsta'","Autumn",40,"6:33am","5:26pm","Darkness","Temperate","Seacoast",0,3,3,2,4,4,1,5,3,1,21,1,0,"90 (100)","70 (70)",4,0.6,0.9,"West",25,12,"H","3/4 inch to 1.5 inches","Rain",3,"Partly Cloudy",null,"Z",4,"Heat Wave"]
["Continue",287,10,"13 Octov 1003","Onward","Autumn",40,"6:35am","5:25pm","Darkness","Temperate","Seacoast",0,4,1,1,2,5,3,6,1,4,21,2,0,"90 (98)","70 (70)",3,0.56000000000000005,0.61,"West",40,20,"-","None","None",4,"Mostly Cloudy",null,"Z",3,"Heat Wave"]
["Continue",288,10,"14 Octov 1003","Forens","Autumn",40,"6:36am","5:23pm","Darkness","Temperate","Seacoast",0,5,2,2,2,2,2,6,3,4,21,3,0,"90 (92)","70 (70)",3,0.43,0.65,"West",40,20,"-","None","None",4,"Mostly Cloudy",null,"Z",2,"Heat Wave"]
["Continue",289,10,"15 Octov 1003","Freeday","Autumn",40,"6:37am","5:22pm","Darkness","Temperate","Seacoast",0,3,3,4,3,6,3,6,3,3,21,4,0,"90 (108)","70 (70)",4,0.73,0.89,"West",45,22,"H","3/4 inch to 1.5 inches","Rain",4,"Mostly Cloudy",null,"Z",1,"Heat Wave"]
["Continue",290,10,"16 Octov 1003","Hafn'mor","Autumn",40,"6:39am","5:20pm","Darkness","Temperate","Seacoast",0,6,2,3,1,1,6,4,1,3,20,5,0,"85 (96)","70 (70)",3,0.79,0.42,"West",35,18,"L","1/8 inch to 1/2 inch","Rain",3,"Partly Cloudy",null,null,null,"None"]
["Continue",291,10,"17 Octov 1003","Aprochen","Autumn",40,"6:40am","5:19pm","Darkness","Temperate","Seacoast",0,2,6,1,4,2,2,1,2,2,20,6,0,"85 (88)","70 (70)",3,0.56000000000000005,0.7,"West",35,18,"L","1/8 inch to 1/2 inch","Rain",3,"Partly Cloudy",null,null,null,"None"]
["Continue",292,11,"18 Octov 1003","Longday","Autumn",40,"6:42am","5:18pm","Darkness","Temperate","Seacoast",0,6,5,1,1,3,5,5,3,1,16,7,0,"75 (75)","55 (55)",3,0.6,0.69,"South",20,10,"-","None","None",1,"Clear",null,null,null,"None"]
["Continue",293,11,"19 Octov 1003","Endsnear","Autumn",40,"6:43am","5:16pm","Darkness","Temperate","Seacoast",0,1,3,6,5,4,1,2,1,2,14,0,0,"70 (70)","50 (50)",4,0.82,0.79,"North",30,15,"M","1/2 inch to 3/4 inch","Rain",3,"Partly Cloudy",null,null,null,"None"]
["Continue",294,11,"20 Octov 1003","Godsday","Autumn",40,"6:44am","5:15pm","Darkness","Temperate","Seacoast",0,4,2,3,3,5,5,6,3,1,13,0,0,"65 (65)","45 (45)",3,0.77,0.42,"West",40,20,"L","1/8 inch to 1/2 inch","Rain",3,"Partly Cloudy",null,null,null,"None"]
["Continue",295,11,"21 Octov 1003","Newday","Autumn",40,"6:46am","5:14pm","Darkness","Temperate","Seacoast",0,3,3,5,3,3,5,6,1,3,12,0,0,"60 (60)","40 (26)",4,0.43,0.83,"West",45,22,"H","3/4 inch to 1.5 inches","Rain",4,"Mostly Cloudy",null,null,null,"None"]
["Continue",296,11,"22 Octov 1003","Nexsta'","Autumn",40,"6:47am","5:12pm","Darkness","Temperate","Seacoast",0,3,3,6,4,6,4,5,1,3,11,0,0,"50 (50)","30 (12)",5,0.98,0.92,"West",45,22,"H","3/4 inch to 1.5 inches","Rain",4,"Mostly Cloudy",null,null,null,"None"]
["Continue",297,11,"23 Octov 1003","Onward","Autumn",40,"6:49am","5:11pm","Darkness","Temperate","Seacoast",0,2,5,1,4,3,3,4,3,1,11,0,0,"50 (50)","30 (12)",5,0.95,0.97,"West",45,22,"H","3/4 inch to 1.5 inches","Rain",4,"Mostly Cloudy",null,null,null,"None"]
["Continue",298,11,"24 Octov 1003","Forens","Autumn",40,"6:50am","5:10pm","Darkness","Temperate","Seacoast",0,6,6,3,3,1,3,4,3,3,14,0,0,"70 (70)","50 (50)",5,1,0.99,"West",5,0,"H","3/4 inch to 1.5 inches","Rain",3,"Partly Cloudy",6,"-",null,"None"]
["Continue",299,11,"25 Octov 1003","Freeday","Autumn",40,"6:51am","5:08pm","Darkness","Temperate","Seacoast",0,3,6,6,1,5,6,6,1,2,15,0,0,"70 (70)","55 (55)",3,0.88,0.51,"West",0,0,"-","None","None",1,"Clear",null,null,null,"None"]
["Continue",300,11,"26 Octov 1003","Hafn'mor","Autumn",40,"6:52am","5:07pm","Darkness","Temperate","Seacoast",0,1,6,5,3,3,5,2,2,3,15,0,0,"70 (70)","55 (55)",3,0.49,0.56999999999999995,"West",0,0,"-","None","None",1,"Clear",null,null,null,"None"]
["Continue",301,11,"27 Octov 1003","Aprochen","Autumn",40,"6:54am","5:06pm","Moonlight","Temperate","Seacoast",0,4,4,1,2,3,6,3,3,2,16,1,0,"75 (75)","55 (55)",4,0.76,0.86,"West",0,0,"H","3/4 inch to 1.5 inches","Rain",3,"Partly Cloudy",null,null,null,"None"]
["Continue",302,11,"28 Octov 1003","Longday","Autumn",40,"6:55am","5:04pm","Moonlight","Temperate","Seacoast",0,3,3,5,3,5,4,5,3,4,15,0,0,"70 (70)","55 (55)",5,0.91,0.94,"West",10,5,"H","3/4 inch to 1.5 inches","Rain",3,"Partly Cloudy",null,null,null,"None"]
["Continue",303,11,"29 Octov 1003","Endsnear","Autumn",40,"6:56am","5:03pm","Moonlight","Temperate","Seacoast",0,2,2,3,6,5,2,3,3,1,13,0,0,"65 (65)","45 (45)",5,0.97,0.95,"North",20,10,"D","> 1.5 inches","Rain",4,"Mostly Cloudy",null,null,null,"None"]
["Continue",304,11,"30 Octov 1003","Godsday","Autumn",40,"6:58am","5:02pm","Darkness","Temperate","Seacoast",0,2,1,1,1,2,6,1,1,3,11,0,0,"50 (50)","30 (14)",3,0.89,0.47,"North",35,18,"-","None","None",5,"Overcast",null,null,null,"None"]
["Continue",305,11,"01 Novius 1003","Newday","Autumn",40,"6:59am","5:01pm","Darkness","Temperate","Seacoast",0,6,1,6,3,6,4,3,1,4,11,0,0,"50 (50)","30 (14)",3,0.44,0.68,"West",35,18,"-","None","None",5,"Overcast",null,null,null,"None"]
["Continue",306,11,"02 Novius 1003","Nexsta'","Autumn",40,"7:00am","5:00pm","Darkness","Temperate","Seacoast",0,3,4,2,2,1,1,4,3,4,11,0,0,"50 (50)","30 (14)",3,0.68,0.56000000000000005,"West",35,18,"-","None","None",5,"Overcast",null,null,null,"None"]
["Continue",307,11,"03 Novius 1003","Onward","Autumn",40,"7:01am","4:58pm","Moonlight","Temperate","Seacoast",0,3,5,1,5,5,4,1,3,2,12,0,0,"60 (60)","40 (29)",4,0.9,0.72,"West",25,12,"M","1/2 inch to 3/4 inch","Rain",4,"Mostly Cloudy",null,null,null,"None"]
["Continue",308,11,"04 Novius 1003","Forens","Autumn",40,"7:02am","4:57pm","Darkness","Temperate","Seacoast",0,5,1,3,3,5,5,1,2,1,11,0,0,"50 (50)","30 (14)",3,0.83,0.48,"West",35,18,"L","1/8 inch to 1/2 inch","Rain",4,"Mostly Cloudy",null,null,null,"None"]
["Continue",309,11,"05 Novius 1003","Freeday","Autumn",40,"7:03am","4:56pm","Darkness","Temperate","Seacoast",0,3,5,6,5,3,2,2,1,2,12,0,0,"60 (60)","40 (29)",4,0.69,0.72,"West",25,12,"M","1/2 inch to 3/4 inch","Rain",3,"Partly Cloudy",null,null,null,"None"]
["Continue",310,11,"06 Novius 1003","Hafn'mor","Autumn",40,"7:05am","4:55pm","Darkness","Temperate","Seacoast",0,5,3,1,3,3,3,3,3,2,13,0,0,"65 (65)","45 (45)",3,0.77,0.48,"West",15,8,"L","1/8 inch to 1/2 inch","Rain",2,"Mostly Clear",null,null,null,"None"]
["Continue",311,11,"07 Novius 1003","Aprochen","Autumn",40,"7:06am","4:54pm","Darkness","Temperate","Seacoast",0,1,4,3,2,3,4,2,1,1,12,0,0,"60 (60)","40 (28)",3,0.66,0.49,"West",30,15,"-","None","None",3,"Partly Cloudy",null,null,null,"None"]
["Continue",312,11,"08 Novius 1003","Longday","Autumn",40,"7:07am","4:53pm","Darkness","Temperate","Seacoast",0,6,2,5,1,6,6,3,1,1,13,0,0,"65 (65)","45 (45)",3,0.57999999999999996,0.56000000000000005,"West",20,10,"L","1/8 inch to 1/2 inch","Rain",2,"Mostly Clear",null,null,null,"None"]
["Continue",313,11,"09 Novius 1003","Endsnear","Autumn",40,"7:08am","4:52pm","Darkness","Temperate","Seacoast",0,3,5,2,3,3,4,4,3,2,14,0,0,"70 (70)","50 (50)",4,0.56000000000000005,0.85,"West",10,5,"M","1/2 inch to 3/4 inch","Rain",3,"Partly Cloudy",null,null,null,"None"]
["Continue",314,11,"10 Novius 1003","Godsday","Autumn",40,"7:09am","4:51pm","Darkness","Temperate","Seacoast",0,6,3,5,1,4,6,5,2,1,15,0,0,"70 (70)","55 (55)",3,0.52,0.51,"West",0,0,"-","None","None",1,"Clear",null,null,null,"None"]
["Continue",315,11,"11 Novius 1003","Newday","Autumn",40,"7:10am","4:50pm","Darkness","Temperate","Seacoast",0,1,5,4,5,2,4,4,3,4,14,0,0,"70 (70)","50 (50)",4,0.87,0.77,"West",10,5,"M","1/2 inch to 3/4 inch","Rain",3,"Partly Cloudy",null,null,null,"None"]
["Continue",316,11,"12 Novius 1003","Nexsta'","Autumn",40,"7:11am","4:49pm","Darkness","Temperate","Seacoast",0,6,5,4,1,2,4,1,1,3,16,1,0,"75 (75)","55 (55)",3,0.41,0.49,"South",0,0,"-","None","None",1,"Clear",null,null,null,"None"]
["Continue",317,11,"13 Novius 1003","Onward","Autumn",40,"7:12am","4:48pm","Darkness","Temperate","Seacoast",0,2,1,4,6,6,3,1,2,1,14,0,0,"70 (70)","50 (50)",3,0.63,0.49,"North",15,8,"-","None","None",3,"Partly Cloudy",null,null,null,"None"]
["Continue",318,11,"14 Novius 1003","Forens","Autumn",40,"7:13am","4:47pm","Darkness","Temperate","Seacoast",0,5,4,6,6,2,5,2,1,4,15,0,0,"70 (70)","55 (55)",3,0.56999999999999995,0.65,"West",0,0,"-","None","None",1,"Clear",null,null,null,"None"]
["Continue",319,12,"15 Novius 1003","Freeday","Autumn",40,"7:14am","4:46pm","Darkness","Temperate","Seacoast",0,3,2,3,6,5,2,3,3,2,13,1,0,"65 (65)","45 (45)",3,0.59,0.53,"West",15,8,"-","None","None",2,"Mostly Clear",null,null,null,"None"]
["Continue",320,12,"16 Novius 1003","Hafn'mor","Autumn",40,"7:14am","4:45pm","Darkness","Temperate","Seacoast",0,1,3,3,2,3,6,6,1,3,11,0,0,"50 (50)","30 (16)",4,0.89,0.76,"North",25,12,"M","1/2 inch to 3/4 inch","Rain",3,"Partly Cloudy",null,null,null,"None"]
["Continue",321,12,"17 Novius 1003","Aprochen","Autumn",40,"7:15am","4:44pm","Darkness","Temperate","Seacoast",0,3,3,2,5,1,6,4,1,2,10,0,0,"40 (28)","20 (0)",5,0.99,1,"West",35,18,"H","2 inches to 4 inches","Sleet",4,"Mostly Cloudy",null,null,null,"None"]
["Continue",322,12,"18 Novius 1003","Longday","Autumn",40,"7:16am","4:44pm","Darkness","Temperate","Seacoast",0,3,3,1,2,5,5,2,2,3,9,0,0,"35 (19)","15 (-9)",5,0.93,0.99,"West",45,22,"H","2 inches to 4 inches","Snow",4,"Mostly Cloudy",null,null,null,"None"]
["Continue",323,12,"19 Novius 1003","Endsnear","Autumn",40,"7:17am","4:43pm","Darkness","Temperate","Seacoast",0,4,6,3,6,1,1,3,1,2,11,0,0,"50 (50)","30 (14)",5,0.91,0.92,"South",35,18,"M","1/2 inch to 3/4 inch","Rain",3,"Partly Cloudy",null,null,null,"None"]
["Continue",324,12,"20 Novius 1003","Godsday","Autumn",40,"7:18am","4:42pm","Darkness","Temperate","Seacoast",0,4,5,1,3,4,4,5,1,1,12,0,0,"60 (60)","40 (30)",3,0.8,0.44,"West",20,10,"-","None","None",1,"Clear",null,null,null,"None"]
["Continue",325,12,"21 Novius 1003","Newday","Autumn",40,"7:18am","4:41pm","Darkness","Temperate","Seacoast",0,5,1,2,1,4,4,4,2,3,11,0,0,"50 (50)","30 (15)",3,0.54,0.57999999999999996,"West",30,15,"L","1/8 inch to 1/2 inch","Rain",2,"Mostly Clear",null,null,null,"None"]
["Continue",326,12,"22 Novius 1003","Nexsta'","Autumn",40,"7:19am","4:41pm","Darkness","Temperate","Seacoast",0,4,1,1,3,1,2,1,2,1,10,0,0,"40 (26)","20 (-2)",3,0.59,0.49,"West",45,22,"-","None","None",3,"Partly Cloudy",null,null,null,"None"]
["Continue",327,12,"23 Novius 1003","Onward","Autumn",40,"7:20am","4:40pm","Darkness","Temperate","Seacoast",0,2,4,3,2,4,5,3,2,1,9,0,0,"35 (19)","15 (-9)",4,0.88,0.71,"West",45,22,"M","1 inch to 2 inches","Snow",3,"Partly Cloudy",null,null,null,"None"]
["Continue",328,12,"24 Novius 1003","Forens","Autumn",40,"7:20am","4:39pm","Darkness","Temperate","Seacoast",0,6,3,6,3,6,2,3,1,1,10,0,0,"40 (28)","20 (1)",3,0.6,0.57999999999999996,"West",30,15,"-","None","None",1,"Clear",null,null,null,"None"]
["Continue",329,12,"25 Novius 1003","Freeday","Autumn",40,"7:21am","4:39pm","Darkness","Temperate","Seacoast",0,4,2,3,4,4,5,1,1,2,9,0,0,"35 (20)","15 (-8)",3,0.67,0.51,"West",40,20,"L","1/2 inch to 1 inch","Snow",3,"Partly Cloudy",null,null,null,"None"]
["Continue",330,12,"26 Novius 1003","Hafn'mor","Autumn",40,"7:22am","4:38pm","Darkness","Temperate","Seacoast",0,2,5,1,5,6,2,3,1,4,9,0,0,"35 (20)","15 (-8)",3,0.62,0.61,"West",40,20,"L","1/2 inch to 1 inch","Snow",3,"Partly Cloudy",null,null,null,"None"]
["Continue",331,12,"27 Novius 1003","Aprochen","Autumn",40,"7:22am","4:38pm","Darkness","Temperate","Seacoast",0,1,5,4,5,3,6,4,3,4,8,0,0,"30 (12)","15 (-9)",4,0.44,0.82,"West",45,22,"M","1 inch to 2 inches","Snow",3,"Partly Cloudy",null,null,null,"None"]
["Continue",332,12,"28 Novius 1003","Longday","Autumn",40,"7:23am","4:37pm","Moonlight","Temperate","Seacoast",0,2,6,4,4,2,5,4,2,3,9,0,0,"35 (21)","15 (-7)",5,0.91,0.91,"West",35,18,"M","1 inch to 2 inches","Snow",3,"Partly Cloudy",null,null,null,"None"]
["Continue",333,12,"29 Novius 1003","Endsnear","Autumn",40,"7:23am","4:37pm","Moonlight","Temperate","Seacoast",0,1,5,2,5,6,2,6,1,4,8,0,0,"30 (12)","15 (-9)",5,0.99,0.96,"West",45,22,"M","1 inch to 2 inches","Snow",3,"Partly Cloudy",null,null,null,"None"]
["Continue",334,12,"30 Novius 1003","Godsday","Autumn",40,"7:24am","4:36pm","Moonlight","Temperate","Seacoast",0,3,2,4,4,1,3,6,1,4,7,0,0,"25 (5)","10 (-16)",3,0.86,0.42,"West",45,22,"-","None","None",4,"Mostly Cloudy",null,null,null,"None"]
["Continue",335,12,"31 Novius 1003","Moonfest","Autumn",40,"7:24am","4:36pm","Moonlight","Temperate","Seacoast",0,5,5,6,1,1,4,6,1,3,9,0,0,"35 (21)","15 (-7)",4,0.89,0.85,"South",35,18,"H","2 inches to 4 inches","Snow",4,"Mostly Cloudy",null,null,null,"None"]
["Continue",336,12,"01 Detenday 1003","Newday","Autumn",40,"7:24am","4:36pm","Darkness","Temperate","Seacoast",0,2,3,3,3,3,2,1,1,4,8,0,0,"30 (12)","15 (-9)",3,0.53,0.62,"West",45,22,"-","None","None",5,"Overcast",null,null,null,"None"]
["Continue",337,12,"02 Detenday 1003","Nexsta'","Autumn",40,"7:25am","4:35pm","Darkness","Temperate","Seacoast",0,3,4,3,6,1,6,5,2,2,8,0,0,"30 (12)","15 (-9)",3,0.42,0.44,"West",45,22,"-","None","None",5,"Overcast",null,null,null,"None"]
["Continue",338,12,"03 Detenday 1003","Onward","Autumn",40,"7:25am","4:35pm","Darkness","Temperate","Seacoast",0,2,4,6,2,6,5,2,2,3,7,0,0,"25 (5)","10 (-16)",4,0.77,0.84,"West",45,22,"M","1 inch to 2 inches","Snow",5,"Overcast",null,null,null,"None"]
["Continue",339,12,"04 Detenday 1003","Forens","Autumn",40,"7:25am","4:35pm","Darkness","Temperate","Seacoast",0,5,6,3,6,1,1,3,1,3,9,0,0,"35 (22)","15 (-5)",3,0.64,0.59,"South",30,15,"-","None","None",3,"Partly Cloudy",null,null,null,"None"]
["Continue",340,12,"05 Detenday 1003","Freeday","Autumn",40,"7:25am","4:35pm","Darkness","Temperate","Seacoast",0,2,4,6,1,4,2,3,3,4,8,0,0,"30 (13)","15 (-8)",4,0.82,0.75,"West",40,20,"M","1 inch to 2 inches","Snow",3,"Partly Cloudy",null,null,null,"None"]
["Continue",341,12,"06 Detenday 1003","Hafn'mor","Autumn",40,"7:26am","4:34pm","Darkness","Temperate","Seacoast",0,5,5,6,5,3,4,4,2,3,10,0,0,"40 (28)","20 (1)",5,0.95,0.96,"South",30,15,"H","2 inches to 4 inches","Sleet",3,"Partly Cloudy",null,null,null,"None"]
["Continue",342,12,"07 Detenday 1003","Aprochen","Autumn",40,"7:26am","4:34pm","Darkness","Temperate","Seacoast",0,4,6,6,1,2,2,1,2,4,12,0,0,"60 (60)","40 (30)",5,0.95,0.91,"South",20,10,"M","1/2 inch to 3/4 inch","Rain",3,"Partly Cloudy",null,null,null,"None"]
["Continue",343,12,"08 Detenday 1003","Longday","Autumn",40,"7:26am","4:34pm","Darkness","Temperate","Seacoast",0,2,5,2,2,4,4,2,2,4,12,0,0,"60 (60)","40 (30)",5,0.92,0.94,"West",20,10,"M","1/2 inch to 3/4 inch","Rain",3,"Partly Cloudy",null,null,null,"None"]
["Continue",344,12,"09 Detenday 1003","Endsnear","Autumn",40,"7:26am","4:34pm","Darkness","Temperate","Seacoast",0,3,6,2,6,3,5,2,3,4,13,1,0,"65 (65)","45 (45)",3,0.82,0.48,"West",5,0,"-","None","None",1,"Clear",null,null,null,"None"]
["Continue",345,1,"10 Detenday 1003","Godsday","Winter",40,"7:26am","4:34pm","Darkness","Temperate","Seacoast",0,1,5,1,1,1,2,4,3,1,12,0,0,"60 (60)","40 (32)",4,0.83,0.72,"West",15,8,"M","1/2 inch to 3/4 inch","Rain",3,"Partly Cloudy",null,null,null,"None"]
["Continue",346,1,"11 Detenday 1003","Newday","Winter",40,"7:26am","4:34pm","Darkness","Temperate","Seacoast",0,5,2,2,6,1,3,4,2,4,12,0,0,"60 (60)","40 (32)",5,0.96,0.96,"West",15,8,"M","1/2 inch to 3/4 inch","Rain",3,"Partly Cloudy",null,null,null,"None"]
["Continue",347,1,"12 Detenday 1003","Nexsta'","Winter",40,"7:26am","4:34pm","Darkness","Temperate","Seacoast",0,6,5,5,6,2,5,5,1,4,13,1,0,"65 (65)","45 (45)",3,0.84,0.46,"South",0,0,"-","None","None",1,"Clear",null,null,null,"None"]
["Continue",348,1,"13 Detenday 1003","Onward","Winter",40,"7:26am","4:34pm","Darkness","Temperate","Seacoast",0,5,3,2,6,5,1,6,3,1,13,2,0,"65 (65)","45 (45)",3,0.46,0.46,"West",0,0,"-","None","None",1,"Clear",null,null,null,"None"]
["Continue",349,1,"14 Detenday 1003","Forens","Winter",40,"7:26am","4:34pm","Darkness","Temperate","Seacoast",0,5,5,2,3,5,2,4,1,3,13,3,0,"65 (65)","45 (45)",3,0.54,0.47,"West",0,0,"-","None","None",1,"Clear",null,null,null,"None"]
["Continue",350,1,"15 Detenday 1003","Freeday","Winter",40,"7:26am","4:34pm","Darkness","Temperate","Seacoast",0,4,4,6,5,2,6,1,1,1,13,4,0,"65 (65)","45 (45)",3,0.63,0.63,"West",0,0,"T","< 1/8 inch","Rain",2,"Mostly Clear",null,null,null,"None"]
["Continue",351,1,"16 Detenday 1003","Hafn'mor","Winter",40,"7:25am","4:35pm","Darkness","Temperate","Seacoast",0,5,5,6,3,1,4,6,2,3,13,5,0,"65 (65)","45 (45)",3,0.66,0.6,"West",0,0,"T","< 1/8 inch","Rain",2,"Mostly Clear",null,null,null,"None"]
["Continue",352,1,"17 Detenday 1003","Aprochen","Winter",40,"7:25am","4:35pm","Darkness","Temperate","Seacoast",0,5,4,4,4,5,3,2,2,4,13,6,0,"65 (65)","45 (45)",3,0.52,0.61,"West",0,0,"T","< 1/8 inch","Rain",2,"Mostly Clear",null,null,null,"None"]
["Continue",353,1,"18 Detenday 1003","Longday","Winter",40,"7:25am","4:35pm","Darkness","Temperate","Seacoast",0,6,1,6,3,6,4,2,1,4,13,7,0,"65 (65)","45 (45)",3,0.44,0.69,"West",0,0,"T","< 1/8 inch","Rain",2,"Mostly Clear",null,null,null,"None"]
["Continue",354,1,"19 Detenday 1003","Endsnear","Winter",40,"7:25am","4:35pm","Darkness","Temperate","Seacoast",0,5,6,4,4,2,1,4,3,1,13,8,0,"65 (65)","45 (45)",3,0.53,0.63,"West",0,0,"T","< 1/8 inch","Rain",2,"Mostly Clear",null,null,null,"None"]
["Continue",355,1,"20 Detenday 1003","Godsday","Winter",40,"7:25am","4:35pm","Darkness","Temperate","Seacoast",0,5,5,2,1,1,6,2,1,3,13,9,0,"65 (65)","45 (45)",3,0.42,0.45,"West",0,0,"T","< 1/8 inch","Rain",2,"Mostly Clear",null,null,null,"None"]
["Continue",356,1,"21 Detenday 1003","Newday","Winter",40,"7:24am","4:36pm","Darkness","Temperate","Seacoast",0,3,4,5,6,3,3,4,3,3,13,10,0,"65 (65)","45 (45)",3,0.49,0.59,"West",0,0,"T","< 1/8 inch","Rain",2,"Mostly Clear",null,null,null,"None"]
["Continue",357,1,"22 Detenday 1003","Nexsta'","Winter",40,"7:24am","4:36pm","Darkness","Temperate","Seacoast",0,3,5,4,3,1,2,2,1,2,13,11,0,"65 (65)","45 (45)",3,0.65,0.7,"West",0,0,"T","< 1/8 inch","Rain",2,"Mostly Clear",null,null,null,"None"]
["Continue",358,1,"23 Detenday 1003","Onward","Winter",40,"7:24am","4:36pm","Darkness","Temperate","Seacoast",0,4,6,6,2,2,2,1,2,4,13,12,0,"65 (65)","45 (45)",3,0.55000000000000004,0.44,"West",0,0,"T","< 1/8 inch","Rain",2,"Mostly Clear",null,null,null,"None"]
["Continue",359,1,"24 Detenday 1003","Forens","Winter",40,"7:24am","4:37pm","Darkness","Temperate","Seacoast",0,4,1,4,4,6,1,4,3,3,12,0,0,"60 (60)","40 (32)",3,0.47,0.6,"West",15,8,"-","None","None",3,"Partly Cloudy",null,null,null,"None"]
["Continue",360,1,"25 Detenday 1003","Freeday","Winter",40,"7:23am","4:37pm","Darkness","Temperate","Seacoast",0,1,4,2,4,3,3,6,2,3,11,0,0,"50 (50)","30 (15)",3,0.53,0.51,"West",30,15,"-","None","None",4,"Mostly Cloudy",null,null,null,"None"]
["Continue",361,1,"26 Detenday 1003","Hafn'mor","Winter",40,"7:23am","4:37pm","Darkness","Temperate","Seacoast",0,6,3,6,5,4,6,2,2,4,12,0,0,"60 (60)","40 (32)",3,0.51,0.65,"West",15,8,"-","None","None",2,"Mostly Clear",null,null,null,"None"]
["Continue",362,1,"27 Detenday 1003","Aprochen","Winter",40,"7:22am","4:38pm","Moonlight","Temperate","Seacoast",0,2,6,6,4,6,1,2,3,3,13,1,0,"65 (65)","45 (45)",4,0.76,0.76,"West",5,0,"M","1/2 inch to 3/4 inch","Rain",3,"Partly Cloudy",null,null,null,"None"]
["Continue",363,1,"28 Detenday 1003","Longday","Winter",40,"7:22am","4:38pm","Moonlight","Temperate","Seacoast",0,5,2,2,3,1,2,2,2,3,13,2,0,"65 (65)","45 (45)",5,0.98,0.93,"West",5,0,"M","1/2 inch to 3/4 inch","Rain",3,"Partly Cloudy",null,null,null,"None"]
["Continue",364,1,"29 Detenday 1003","Endsnear","Winter",40,"7:22am","4:39pm","Moonlight","Temperate","Seacoast",0,5,4,2,6,6,3,6,1,2,13,3,0,"65 (65)","45 (45)",5,0.94,0.97,"West",5,0,"M","1/2 inch to 3/4 inch","Rain",3,"Partly Cloudy",null,null,null,"None"]
["Continue",365,1,"30 Detenday 1003","Godsday","Winter",40,"7:21am","4:39pm","Moonlight","Temperate","Seacoast",0,4,4,1,2,3,1,3,3,2,13,4,0,"65 (65)","45 (45)",5,0.98,0.93,"West",5,0,"M","1/2 inch to 3/4 inch","Rain",3,"Partly Cloudy",null,null,null,"None"]
["Continue",1,1,"01 Janus 1004","Newday","Winter",40,"7:21am","4:40pm","Moonlight","Temperate","Seacoast",0,2,2,6,3,2,6,2,2,1,11,0,0,"50 (50)","30 (19)",5,1,0.97,"North",15,8,"H","3/4 inch to 1.5 inches","Rain",4,"Mostly Cloudy",null,null,null,"None"]
["Continue",2,1,"02 Janus 1004","Nexsta'","Winter",40,"7:20am","4:40pm","Moonlight","Temperate","Seacoast",0,4,2,4,6,1,4,2,1,3,10,0,0,"40 (29)","20 (3)",4,0.92,0.9,"West",25,12,"L","1/2 inch to 1 inch","Sleet",4,"Mostly Cloudy",null,null,null,"None"]
["Continue",3,1,"03 Janus 1004","Onward","Winter",40,"7:20am","4:41pm","Moonlight","Temperate","Seacoast",0,6,6,3,3,4,3,1,3,1,13,1,0,"65 (65)","45 (45)",5,0.8,0.98,"West",5,0,"H","3/4 inch to 1.5 inches","Rain",3,"Partly Cloudy",6,"-",null,"None"]
["Continue",4,1,"04 Janus 1004","Forens","Winter",40,"7:19am","4:41pm","Darkness","Temperate","Seacoast",0,2,1,4,6,6,5,4,3,3,11,0,0,"50 (50)","30 (17)",3,0.8,0.54,"North",20,10,"-","None","None",5,"Overcast",null,null,null,"None"]
["Continue",5,1,"05 Janus 1004","Freeday","Winter",40,"7:18am","4:42pm","Darkness","Temperate","Seacoast",0,3,5,5,1,5,3,5,2,1,12,0,0,"60 (60)","40 (34)",4,0.84,0.75,"West",10,5,"M","1/2 inch to 3/4 inch","Rain",4,"Mostly Cloudy",null,null,null,"None"]
["Continue",6,1,"06 Janus 1004","Hafn'mor","Winter",40,"7:18am","4:42pm","Darkness","Temperate","Seacoast",0,3,5,5,4,3,5,1,2,2,13,1,0,"65 (65)","45 (45)",5,0.97,0.99,"West",0,0,"M","1/2 inch to 3/4 inch","Rain",3,"Partly Cloudy",null,null,null,"None"]
["Continue",7,1,"07 Janus 1004","Aprochen","Winter",40,"7:17am","4:43pm","Darkness","Temperate","Seacoast",0,6,3,1,6,6,1,5,2,2,13,2,0,"65 (65)","45 (45)",5,0.91,0.98,"West",0,0,"M","1/2 inch to 3/4 inch","Rain",3,"Partly Cloudy",null,null,null,"None"]
["Continue",8,1,"08 Janus 1004","Longday","Winter",40,"7:17am","4:44pm","Darkness","Temperate","Seacoast",0,6,4,2,3,5,1,5,2,2,13,3,0,"65 (65)","45 (45)",5,0.96,0.94,"West",0,0,"M","1/2 inch to 3/4 inch","Rain",3,"Partly Cloudy",null,null,null,"None"]
["Continue",9,1,"09 Janus 1004","Endsnear","Winter",40,"7:16am","4:44pm","Darkness","Temperate","Seacoast",0,6,6,4,6,5,1,2,1,3,14,4,0,"70 (70)","50 (50)",3,0.9,0.5,"West",0,0,"-","None","None",3,"Partly Cloudy",10,"Z",7,"Heat Wave"]
["Continue",10,1,"10 Janus 1004","Godsday","Winter",40,"7:15am","4:45pm","Darkness","Temperate","Seacoast",0,5,5,1,2,1,3,5,1,3,14,5,0,"70 (70)","50 (50)",4,0.89,0.78,"South",0,0,"H","3/4 inch to 1.5 inches","Rain",3,"Partly Cloudy",null,"Z",6,"Heat Wave"]
["Continue",11,1,"11 Janus 1004","Newday","Winter",40,"7:15am","4:46pm","Darkness","Temperate","Seacoast",0,5,5,5,5,5,3,6,2,1,14,6,0,"70 (70)","50 (50)",5,0.95,0.94,"South",0,0,"D","> 1.5 inches","Rain",3,"Partly Cloudy",null,"Z",5,"Heat Wave"]
["Continue",12,1,"12 Janus 1004","Nexsta'","Winter",40,"7:14am","4:46pm","Darkness","Temperate","Seacoast",0,5,3,2,4,5,6,6,2,1,14,7,0,"70 (70)","50 (50)",4,0.98,0.71,"West",0,0,"L","1/8 inch to 1/2 inch","Rain",2,"Mostly Clear",null,"Z",4,"Heat Wave"]
["Continue",13,2,"13 Janus 1004","Onward","Winter",40,"7:13am","4:47pm","Darkness","Temperate","Seacoast",0,5,2,1,3,2,2,5,2,4,15,8,0,"70 (70)","55 (55)",3,0.76,0.54,"West",0,0,"-","None","None",2,"Mostly Clear",null,"Z",3,"Heat Wave"]
["Continue",14,2,"14 Janus 1004","Forens","Winter",40,"7:13am","4:48pm","Darkness","Temperate","Seacoast",0,4,2,2,4,3,3,3,3,4,15,9,0,"70 (70)","55 (55)",3,0.41,0.57999999999999996,"West",10,5,"L","1/8 inch to 1/2 inch","Rain",2,"Mostly Clear",null,"Z",2,"Heat Wave"]
["Continue",15,2,"15 Janus 1004","Freeday","Winter",40,"7:12am","4:49pm","Darkness","Temperate","Seacoast",0,5,4,3,3,1,2,4,1,4,15,10,0,"70 (70)","55 (55)",3,0.68,0.49,"West",0,0,"-","None","None",1,"Clear",null,"Z",1,"Heat Wave"]
["Continue",16,2,"16 Janus 1004","Hafn'mor","Winter",40,"7:11am","4:49pm","Darkness","Temperate","Seacoast",0,2,1,6,3,5,5,4,3,2,13,0,0,"65 (65)","45 (45)",3,0.64,0.51,"North",15,8,"-","None","None",3,"Partly Cloudy",null,null,null,"None"]
["Continue",17,2,"17 Janus 1004","Aprochen","Winter",40,"7:10am","4:50pm","Darkness","Temperate","Seacoast",0,5,5,1,2,2,1,4,3,3,14,1,0,"70 (70)","50 (50)",4,0.88,0.89,"South",5,0,"H","3/4 inch to 1.5 inches","Rain",3,"Partly Cloudy",null,null,null,"None"]
["Continue",18,2,"18 Janus 1004","Longday","Winter",40,"7:09am","4:51pm","Darkness","Temperate","Seacoast",0,2,6,6,2,3,5,1,3,3,14,2,0,"70 (70)","50 (50)",5,0.91,0.91,"West",5,0,"H","3/4 inch to 1.5 inches","Rain",3,"Partly Cloudy",null,null,null,"None"]
["Continue",19,2,"19 Janus 1004","Endsnear","Winter",40,"7:09am","4:52pm","Darkness","Temperate","Seacoast",0,6,3,5,4,4,1,4,3,3,14,3,0,"70 (70)","50 (50)",5,0.91,0.96,"West",5,0,"H","3/4 inch to 1.5 inches","Rain",3,"Partly Cloudy",null,null,null,"None"]
["Continue",20,2,"20 Janus 1004","Godsday","Winter",40,"7:08am","4:53pm","Darkness","Temperate","Seacoast",0,2,5,4,4,5,1,3,3,3,14,4,0,"70 (70)","50 (50)",5,0.93,0.92,"West",5,0,"H","3/4 inch to 1.5 inches","Rain",3,"Partly Cloudy",null,null,null,"None"]
["Continue",21,2,"21 Janus 1004","Newday","Winter",40,"7:07am","4:53pm","Darkness","Temperate","Seacoast",0,3,2,1,3,2,1,3,2,1,13,0,0,"65 (65)","45 (45)",3,0.81,0.48,"West",20,10,"-","None","None",4,"Mostly Cloudy",null,null,null,"None"]
["Continue",22,2,"22 Janus 1004","Nexsta'","Winter",40,"7:06am","4:54pm","Darkness","Temperate","Seacoast",0,4,1,2,4,2,4,2,2,4,12,0,0,"60 (60)","40 (28)",3,0.57999999999999996,0.54,"West",35,18,"-","None","None",5,"Overcast",null,null,null,"None"]
["Continue",23,2,"23 Janus 1004","Onward","Winter",40,"7:05am","4:55pm","Darkness","Temperate","Seacoast",0,5,4,1,4,6,1,1,1,2,13,0,0,"65 (65)","45 (45)",3,0.65,0.66,"West",20,10,"-","None","None",3,"Partly Cloudy",null,null,null,"None"]
["Continue",24,2,"24 Janus 1004","Forens","Winter",40,"7:04am","4:56pm","Darkness","Temperate","Seacoast",0,6,1,1,4,6,2,5,1,4,13,0,0,"65 (65)","45 (45)",3,0.43,0.48,"West",20,10,"-","None","None",3,"Partly Cloudy",null,null,null,"None"]
["Continue",25,2,"25 Janus 1004","Freeday","Winter",40,"7:03am","4:57pm","Darkness","Temperate","Seacoast",0,4,4,4,2,2,2,6,1,1,14,1,0,"70 (70)","50 (50)",4,0.81,0.82,"West",10,5,"H","3/4 inch to 1.5 inches","Rain",3,"Partly Cloudy",null,null,null,"None"]
["Continue",26,2,"26 Janus 1004","Hafn'mor","Winter",40,"7:02am","4:58pm","Darkness","Temperate","Seacoast",0,6,3,5,4,2,6,1,2,4,14,2,0,"70 (70)","50 (50)",5,0.94,0.96,"West",10,5,"H","3/4 inch to 1.5 inches","Rain",3,"Partly Cloudy",null,null,null,"None"]
["Continue",27,2,"27 Janus 1004","Aprochen","Winter",40,"7:01am","4:59pm","Moonlight","Temperate","Seacoast",0,6,2,1,5,2,5,5,1,4,14,3,0,"70 (70)","50 (50)",5,0.96,0.97,"West",10,5,"H","3/4 inch to 1.5 inches","Rain",3,"Partly Cloudy",null,null,null,"None"]
["Continue",28,2,"28 Janus 1004","Longday","Winter",40,"7:01am","5:00pm","Moonlight","Temperate","Seacoast",0,2,5,6,5,2,1,4,3,2,14,4,0,"70 (70)","50 (50)",5,0.94,0.97,"West",10,5,"H","3/4 inch to 1.5 inches","Rain",3,"Partly Cloudy",null,null,null,"None"]
["Continue",29,2,"29 Janus 1004","Endsnear","Winter",40,"7:00am","5:01pm","Moonlight","Temperate","Seacoast",0,4,6,2,1,2,5,4,1,1,14,5,0,"70 (70)","50 (50)",5,0.95,0.96,"West",10,5,"H","3/4 inch to 1.5 inches","Rain",3,"Partly Cloudy",null,null,null,"None"]
["Continue",30,2,"30 Janus 1004","Godsday","Winter",40,"6:59am","5:02pm","Moonlight","Temperate","Seacoast",0,3,2,6,1,1,6,1,2,3,13,0,0,"65 (65)","45 (45)",3,0.78,0.59,"West",25,12,"-","None","None",4,"Mostly Cloudy",null,null,null,"None"]
["Continue",31,2,"31 Janus 1004","Midwinter","Winter",40,"6:58am","5:03pm","Moonlight","Temperate","Seacoast",0,6,1,5,5,4,1,2,1,2,13,0,0,"65 (65)","45 (45)",3,0.67,0.7,"West",25,12,"-","None","None",4,"Mostly Cloudy",null,null,null,"None"]
["Continue",32,2,"01 Febulus 1004","Newday","Winter",40,"6:57am","5:04pm","Moonlight","Temperate","Seacoast",0,4,3,6,2,1,5,3,2,4,13,0,0,"65 (65)","45 (45)",3,0.64,0.42,"West",25,12,"-","None","None",4,"Mostly Cloudy",null,null,null,"None"]
["Continue",33,2,"02 Febulus 1004","Nexsta'","Winter",40,"6:56am","5:05pm","Moonlight","Temperate","Seacoast",0,5,3,5,2,2,5,6,1,3,14,1,0,"70 (70)","50 (50)",3,0.53,0.67,"West",15,8,"L","1/8 inch to 1/2 inch","Rain",3,"Partly Cloudy",null,null,null,"None"]
["Continue",34,2,"03 Febulus 1004","Onward","Winter",40,"6:55am","5:06pm","Darkness","Temperate","Seacoast",0,4,1,5,6,5,1,5,1,4,13,0,0,"65 (65)","45 (45)",3,0.7,0.68,"West",30,15,"-","None","None",4,"Mostly Cloudy",null,null,null,"None"]
["Continue",35,2,"04 Febulus 1004","Forens","Winter",40,"6:54am","5:07pm","Darkness","Temperate","Seacoast",0,3,5,1,2,2,3,6,3,2,14,1,0,"70 (70)","50 (50)",4,0.82,0.85,"West",20,10,"M","1/2 inch to 3/4 inch","Rain",3,"Partly Cloudy",null,null,null,"None"]
["Continue",36,2,"05 Febulus 1004","Freeday","Winter",40,"6:53am","5:08pm","Darkness","Temperate","Seacoast",0,5,6,5,3,2,2,2,1,1,14,2,0,"70 (70)","50 (50)",5,0.92,0.95,"West",20,10,"M","1/2 inch to 3/4 inch","Rain",3,"Partly Cloudy",null,null,null,"None"]
["Continue",37,2,"06 Febulus 1004","Hafn'mor","Winter",40,"6:51am","5:09pm","Darkness","Temperate","Seacoast",0,4,4,5,4,5,4,6,2,1,14,3,0,"70 (70)","50 (50)",5,0.98,0.96,"West",20,10,"M","1/2 inch to 3/4 inch","Rain",3,"Partly Cloudy",null,null,null,"None"]
["Continue",38,2,"07 Febulus 1004","Aprochen","Winter",40,"6:50am","5:10pm","Darkness","Temperate","Seacoast",0,5,3,2,4,5,3,3,1,1,14,4,0,"70 (70)","50 (50)",5,0.92,0.95,"West",20,10,"M","1/2 inch to 3/4 inch","Rain",3,"Partly Cloudy",null,null,null,"None"]
["Continue",39,2,"08 Febulus 1004","Longday","Winter",40,"6:49am","5:11pm","Darkness","Temperate","Seacoast",0,3,6,3,6,2,4,2,1,1,14,5,0,"70 (70)","50 (50)",5,0.95,0.99,"West",20,10,"M","1/2 inch to 3/4 inch","Rain",3,"Partly Cloudy",null,null,null,"None"]
["Continue",40,2,"09 Febulus 1004","Endsnear","Winter",40,"6:48am","5:12pm","Darkness","Temperate","Seacoast",0,1,2,3,3,4,6,6,2,2,12,0,0,"60 (60)","40 (28)",3,0.71,0.6,"North",35,18,"-","None","None",5,"Overcast",null,null,null,"None"]
["Continue",41,2,"10 Febulus 1004","Godsday","Winter",40,"6:47am","5:13pm","Darkness","Temperate","Seacoast",0,1,3,1,2,4,5,3,1,1,10,0,0,"40 (26)","20 (-2)",4,0.76,0.78,"North",45,22,"M","1 inch to 2 inches","Sleet",5,"Overcast",null,null,null,"None"]
["Continue",42,2,"11 Febulus 1004","Newday","Winter",40,"6:46am","5:14pm","Darkness","Temperate","Seacoast",0,2,1,2,5,2,1,3,2,2,8,0,0,"30 (12)","15 (-9)",3,0.57999999999999996,0.45,"North",45,22,"-","None","None",5,"Overcast",null,null,null,"None"]
["Continue",43,2,"12 Febulus 1004","Nexsta'","Winter",40,"6:45am","5:16pm","Darkness","Temperate","Seacoast",0,3,1,1,5,2,6,5,1,2,6,0,1,"18 (-5)","10 (-16)",3,0.69,0.62,"North",45,22,"L","1/2 inch to 1 inch","Snow",5,"Overcast",null,null,null,"None"]
["Continue",44,2,"13 Febulus 1004","Onward","Winter",40,"6:44am","5:17pm","Darkness","Temperate","Seacoast",0,2,5,1,3,4,2,4,2,2,7,0,0,"25 (7)","10 (-14)",4,0.62,0.84,"West",35,18,"M","1 inch to 2 inches","Snow",4,"Mostly Cloudy",null,null,null,"None"]
["Continue",45,2,"14 Febulus 1004","Forens","Winter",40,"6:43am","5:18pm","Darkness","Temperate","Seacoast",0,2,4,4,6,3,6,6,3,1,6,0,1,"18 (-5)","10 (-16)",5,0.93,0.97,"West",45,22,"M","1 inch to 2 inches","Snow",4,"Mostly Cloudy",null,null,null,"None"]
["Continue",46,2,"15 Febulus 1004","Freeday","Winter",40,"6:42am","5:19pm","Darkness","Temperate","Seacoast",0,2,3,4,4,1,3,5,1,3,6,0,2,"18 (-5)","10 (-16)",5,0.99,0.96,"West",45,22,"M","1 inch to 2 inches","Snow",4,"Mostly Cloudy",null,null,null,"None"]
["Continue",47,3,"16 Febulus 1004","Hafn'mor","Winter",40,"6:40am","5:20pm","Darkness","Temperate","Seacoast",0,1,2,1,2,6,5,6,2,4,9,0,3,"35 (19)","15 (-9)",3,0.82,0.59,"North",45,22,"-","None","None",5,"Overcast",null,null,null,"None"]
["Continue",48,3,"17 Febulus 1004","Aprochen","Winter",40,"6:39am","5:21pm","Darkness","Temperate","Seacoast",0,3,2,4,6,5,4,1,1,3,10,0,0,"40 (28)","20 (0)",3,0.7,0.48,"West",35,18,"L","1/2 inch to 1 inch","Sleet",4,"Mostly Cloudy",null,null,null,"None"]
["Continue",49,3,"18 Febulus 1004","Longday","Winter",40,"6:38am","5:22pm","Darkness","Temperate","Seacoast",0,2,4,6,5,3,6,3,2,4,9,0,1,"35 (19)","15 (-9)",4,0.57999999999999996,0.77,"West",45,22,"M","1 inch to 2 inches","Snow",4,"Mostly Cloudy",null,null,null,"None"]
["Continue",50,3,"19 Febulus 1004","Endsnear","Winter",40,"6:37am","5:23pm","Darkness","Temperate","Seacoast",0,6,3,6,2,1,3,3,3,2,10,0,0,"40 (28)","20 (1)",3,0.42,0.69,"West",30,15,"-","None","None",2,"Mostly Clear",null,null,null,"None"]
["Continue",51,3,"20 Febulus 1004","Godsday","Winter",40,"6:36am","5:25pm","Darkness","Temperate","Seacoast",0,6,2,3,6,4,5,2,1,4,11,0,0,"50 (50)","30 (17)",3,0.67,0.49,"West",20,10,"L","1/8 inch to 1/2 inch","Rain",2,"Mostly Clear",null,null,null,"None"]
["Continue",52,3,"21 Febulus 1004","Newday","Winter",40,"6:35am","5:26pm","Darkness","Temperate","Seacoast",0,6,6,5,1,6,5,6,1,4,14,0,0,"70 (70)","50 (50)",4,0.68,0.8,"South",5,0,"H","3/4 inch to 1.5 inches","Rain",3,"Partly Cloudy",6,"-",null,"None"]
["Continue",53,3,"22 Febulus 1004","Nexsta'","Winter",40,"6:34am","5:27pm","Darkness","Temperate","Seacoast",0,4,5,1,5,1,5,6,2,1,15,0,0,"70 (70)","55 (55)",3,0.62,0.42,"West",0,0,"-","None","None",1,"Clear",null,null,null,"None"]
["Continue",54,3,"23 Febulus 1004","Onward","Winter",40,"6:32am","5:28pm","Darkness","Temperate","Seacoast",0,5,1,4,1,1,1,2,2,3,14,0,0,"70 (70)","50 (50)",3,0.48,0.54,"West",10,5,"L","1/8 inch to 1/2 inch","Rain",2,"Mostly Clear",null,null,null,"None"]
["Continue",55,3,"24 Febulus 1004","Forens","Winter",40,"6:31am","5:29pm","Darkness","Temperate","Seacoast",0,2,1,4,6,2,5,1,3,3,12,0,0,"60 (60)","40 (29)",3,0.56000000000000005,0.56999999999999995,"North",25,12,"-","None","None",4,"Mostly Cloudy",null,null,null,"None"]
["Continue",56,3,"25 Febulus 1004","Freeday","Winter",40,"6:30am","5:30pm","Darkness","Temperate","Seacoast",0,6,1,5,4,5,3,4,2,4,12,0,0,"60 (60)","40 (29)",3,0.41,0.67,"West",25,12,"-","None","None",4,"Mostly Cloudy",null,null,null,"None"]
["Continue",57,3,"26 Febulus 1004","Hafn'mor","Winter",40,"6:29am","5:32pm","Darkness","Temperate","Seacoast",0,5,1,6,4,2,2,4,1,2,11,0,0,"50 (50)","30 (14)",3,0.55000000000000004,0.68,"West",35,18,"L","1/8 inch to 1/2 inch","Rain",4,"Mostly Cloudy",null,null,null,"None"]
["Continue",58,3,"27 Febulus 1004","Aprochen","Winter",40,"6:28am","5:33pm","Moonlight","Temperate","Seacoast",0,1,5,4,1,3,3,1,2,4,10,0,0,"40 (26)","20 (-2)",4,0.64,0.76,"West",45,22,"M","1 inch to 2 inches","Sleet",4,"Mostly Cloudy",null,null,null,"None"]
["Continue",59,3,"28 Febulus 1004","Longday","Winter",40,"6:26am","5:34pm","Darkness","Temperate","Seacoast",0,1,3,2,4,4,6,3,3,3,9,0,1,"35 (19)","15 (-9)",5,0.99,0.92,"North",45,22,"M","1 inch to 2 inches","Snow",5,"Overcast",null,null,null,"None"]
["Continue",60,3,"29 Febulus 1004","Endsnear","Winter",40,"6:25am","5:35pm","Darkness","Temperate","Seacoast",0,1,3,2,3,6,5,3,2,1,9,0,2,"35 (19)","15 (-9)",5,0.96,0.97,"West",45,22,"M","1 inch to 2 inches","Snow",5,"Overcast",null,null,null,"None"]
["Continue",61,3,"30 Febulus 1004","Godsday","Winter",40,"6:24am","5:36pm","Darkness","Temperate","Seacoast",0,4,1,2,3,2,3,6,3,1,9,0,3,"35 (19)","15 (-9)",5,0.99,0.99,"West",45,22,"M","1 inch to 2 inches","Snow",5,"Overcast",null,null,null,"None"]
["Continue",62,3,"01 Marcav 1004","Newday","Winter",40,"6:23am","5:38pm","Moonlight","Temperate","Seacoast",0,3,3,4,3,5,1,6,3,2,10,0,0,"40 (28)","20 (0)",5,0.96,0.92,"West",35,18,"H","2 inches to 4 inches","Sleet",4,"Mostly Cloudy",null,null,null,"None"]
["Continue",63,3,"02 Marcav 1004","Nexsta'","Winter",40,"6:22am","5:39pm","Moonlight","Temperate","Seacoast",0,4,6,5,3,5,2,2,3,4,12,0,0,"60 (60)","40 (29)",5,0.97,0.91,"South",25,12,"M","1/2 inch to 3/4 inch","Rain",3,"Partly Cloudy",null,null,null,"None"]
["Continue",64,3,"03 Marcav 1004","Onward","Winter",40,"6:20am","5:40pm","Moonlight","Temperate","Seacoast",0,2,5,1,4,1,2,2,2,1,12,0,0,"60 (60)","40 (29)",5,0.92,0.94,"West",25,12,"M","1/2 inch to 3/4 inch","Rain",3,"Partly Cloudy",null,null,null,"None"]
["Continue",65,3,"04 Marcav 1004","Forens","Winter",40,"6:19am","5:41pm","Darkness","Temperate","Seacoast",0,2,2,3,5,1,2,2,2,4,10,0,0,"40 (28)","20 (0)",5,0.91,0.92,"North",35,18,"H","2 inches to 4 inches","Sleet",4,"Mostly Cloudy",null,null,null,"None"]
["Continue",66,3,"05 Marcav 1004","Freeday","Winter",40,"6:18am","5:43pm","Darkness","Temperate","Seacoast",0,6,1,3,4,3,1,6,3,4,10,0,0,"40 (28)","20 (0)",5,0.93,0.94,"West",35,18,"H","2 inches to 4 inches","Sleet",4,"Mostly Cloudy",null,null,null,"None"]
["Continue",67,3,"06 Marcav 1004","Hafn'mor","Winter",40,"6:17am","5:44pm","Darkness","Temperate","Seacoast",0,1,3,6,6,2,1,1,3,2,9,0,1,"35 (19)","15 (-9)",5,0.97,0.96,"North",45,22,"M","1 inch to 2 inches","Snow",5,"Overcast",null,null,null,"None"]
["Continue",68,3,"07 Marcav 1004","Aprochen","Winter",40,"6:16am","5:45pm","Darkness","Temperate","Seacoast",0,6,4,1,6,5,6,1,3,4,11,0,0,"50 (50)","30 (14)",4,0.94,0.87,"South",35,18,"L","1/8 inch to 1/2 inch","Rain",3,"Partly Cloudy",null,null,null,"None"]
["Continue",69,3,"08 Marcav 1004","Longday","Winter",40,"6:14am","5:46pm","Darkness","Temperate","Seacoast",0,3,5,2,4,2,4,1,1,1,12,0,0,"60 (60)","40 (29)",5,0.82,1,"West",25,12,"M","1/2 inch to 3/4 inch","Rain",3,"Partly Cloudy",null,null,null,"None"]
["Continue",70,3,"09 Marcav 1004","Endsnear","Winter",40,"6:13am","5:47pm","Darkness","Temperate","Seacoast",0,4,1,5,6,1,1,2,2,3,11,0,0,"50 (50)","30 (13)",3,0.71,0.46,"West",40,20,"-","None","None",4,"Mostly Cloudy",null,null,null,"None"]
["Continue",71,3,"10 Marcav 1004","Godsday","Winter",40,"6:12am","5:49pm","Darkness","Temperate","Seacoast",0,2,6,4,5,3,4,6,1,4,12,0,0,"60 (60)","40 (28)",4,0.79,0.79,"West",30,15,"M","1/2 inch to 3/4 inch","Rain",3,"Partly Cloudy",null,null,null,"None"]
["Continue",72,3,"11 Marcav 1004","Newday","Winter",40,"6:11am","5:50pm","Darkness","Temperate","Seacoast",0,4,5,3,2,3,6,3,1,3,13,0,0,"65 (65)","45 (45)",3,0.5,0.45,"West",15,8,"-","None","None",1,"Clear",null,null,null,"None"]
["Continue",73,3,"12 Marcav 1004","Nexsta'","Winter",40,"6:09am","5:51pm","Darkness","Temperate","Seacoast",0,6,3,1,5,5,3,6,3,3,14,0,0,"70 (70)","50 (50)",3,0.7,0.6,"West",0,0,"-","None","None",1,"Clear",null,null,null,"None"]
["Continue",74,3,"13 Marcav 1004","Onward","Winter",40,"6:08am","5:52pm","Darkness","Temperate","Seacoast",0,2,6,5,2,5,6,2,3,1,15,0,0,"70 (70)","55 (55)",4,0.84,0.74,"West",0,0,"M","1/2 inch to 3/4 inch","Rain",3,"Partly Cloudy",null,null,null,"None"]
["Continue",75,3,"14 Marcav 1004","Forens","Winter",40,"6:07am","5:54pm","Darkness","Temperate","Seacoast",0,5,5,4,6,6,3,5,1,2,17,1,0,"80 (86)","60 (60)",5,0.95,0.95,"South",0,0,"H","3/4 inch to 1.5 inches","Rain",3,"Partly Cloudy",null,null,null,"None"]
["Continue",76,3,"15 Marcav 1004","Freeday","Winter",40,"6:06am","5:55pm","Darkness","Temperate","Seacoast",0,3,5,5,6,1,1,4,3,2,17,2,0,"80 (86)","60 (60)",5,0.91,1,"West",0,0,"H","3/4 inch to 1.5 inches","Rain",3,"Partly Cloudy",null,null,null,"None"]
["Continue",77,3,"16 Marcav 1004","Hafn'mor","Winter",40,"6:05am","5:56pm","Darkness","Temperate","Seacoast",0,5,3,4,4,4,4,3,1,2,17,3,0,"80 (87)","60 (60)",5,0.98,0.98,"West",0,0,"H","3/4 inch to 1.5 inches","Rain",3,"Partly Cloudy",null,null,null,"None"]
["Continue",78,3,"17 Marcav 1004","Aprochen","Winter",40,"6:03am","5:57pm","Darkness","Temperate","Seacoast",0,6,6,1,6,2,4,3,1,4,17,4,0,"80 (86)","60 (60)",5,0.93,0.99,"West",0,0,"H","3/4 inch to 1.5 inches","Rain",3,"Partly Cloudy",7,"M",null,"Heavy Fog","from 6:03am 'til 8:03am"]
["Continue",79,3,"18 Marcav 1004","Longday","Winter",40,"6:02am","5:59pm","Darkness","Temperate","Seacoast",0,3,4,5,2,3,2,6,2,4,17,5,0,"80 (86)","60 (60)",5,0.95,0.91,"West",0,0,"H","3/4 inch to 1.5 inches","Rain",3,"Partly Cloudy",null,null,null,"None"]
["Continue",80,4,"19 Marcav 1004","Endsnear","Spring",40,"6:01am","6:00pm","Darkness","Temperate","Seacoast",0,6,5,5,2,5,6,6,1,1,19,6,0,"85 (93)","65 (65)",3,0.71,0.56000000000000005,"South",0,0,"-","None","None",1,"Clear",null,null,null,"None"]
["Continue",81,4,"20 Marcav 1004","Godsday","Spring",40,"5:59am","6:01pm","Darkness","Temperate","Seacoast",0,3,3,4,6,2,5,3,2,1,18,0,0,"80 (84)","65 (65)",4,0.76,0.76,"West",10,5,"M","1/2 inch to 3/4 inch","Rain",3,"Partly Cloudy",null,null,null,"None"]
["Continue",82,4,"21 Marcav 1004","Newday","Spring",40,"5:58am","6:03pm","Darkness","Temperate","Seacoast",0,6,2,3,4,3,6,1,1,1,19,1,0,"85 (99)","65 (65)",3,0.84,0.65,"West",0,0,"T","< 1/8 inch","Rain",2,"Mostly Clear",null,null,null,"None"]
["Continue",83,4,"22 Marcav 1004","Nexsta'","Spring",40,"5:56am","6:04pm","Darkness","Temperate","Seacoast",0,5,3,4,4,6,6,1,3,2,19,2,0,"85 (91)","65 (65)",3,0.64,0.55000000000000004,"West",0,0,"T","< 1/8 inch","Rain",2,"Mostly Clear",null,null,null,"None"]
["Continue",84,4,"23 Marcav 1004","Onward","Spring",40,"5:55am","6:06pm","Darkness","Temperate","Seacoast",0,2,2,5,2,3,4,4,1,2,17,0,0,"80 (81)","60 (60)",4,0.54,0.9,"North",10,5,"M","1/2 inch to 3/4 inch","Rain",3,"Partly Cloudy",null,null,null,"None"]
["Continue",85,4,"24 Marcav 1004","Forens","Spring",40,"5:53am","6:07pm","Darkness","Temperate","Seacoast",0,3,4,1,4,1,4,6,2,4,17,0,0,"80 (83)","60 (60)",4,0.71,0.78,"West",10,5,"M","1/2 inch to 3/4 inch","Rain",3,"Partly Cloudy",null,null,null,"None"]
["Continue",86,4,"25 Marcav 1004","Freeday","Spring",40,"5:52am","6:09pm","Darkness","Temperate","Seacoast",0,5,1,5,1,1,1,2,2,4,16,0,0,"75 (75)","55 (55)",3,0.72,0.48,"West",20,10,"T","< 1/8 inch","Rain",3,"Partly Cloudy",null,null,null,"None"]
["Continue",87,4,"26 Marcav 1004","Hafn'mor","Spring",40,"5:50am","6:10pm","Darkness","Temperate","Seacoast",0,1,6,4,4,2,2,5,3,3,16,0,0,"75 (75)","55 (55)",3,0.46,0.46,"West",20,10,"T","< 1/8 inch","Rain",3,"Partly Cloudy",null,null,null,"None"]
["Continue",88,4,"27 Marcav 1004","Aprochen","Spring",40,"5:49am","6:12pm","Moonlight","Temperate","Seacoast",0,3,4,2,3,4,6,3,2,3,16,0,0,"75 (75)","55 (55)",3,0.56999999999999995,0.52,"West",20,10,"T","< 1/8 inch","Rain",3,"Partly Cloudy",null,null,null,"None"]
["Continue",89,4,"28 Marcav 1004","Longday","Spring",40,"5:47am","6:13pm","Moonlight","Temperate","Seacoast",0,5,2,6,5,3,2,4,2,2,16,0,0,"75 (75)","55 (55)",3,0.41,0.61,"West",20,10,"T","< 1/8 inch","Rain",3,"Partly Cloudy",null,null,null,"None"]
["Continue",90,4,"29 Marcav 1004","Endsnear","Spring",40,"5:46am","6:15pm","Darkness","Temperate","Seacoast",0,2,1,1,4,5,6,3,3,2,14,0,0,"70 (70)","50 (50)",2,0.54,0.34,"North",35,18,"-","None","None",5,"Overcast",null,null,null,"None"]
["Continue",91,4,"30 Marcav 1004","Godsday","Spring",40,"5:44am","6:16pm","Darkness","Temperate","Seacoast",0,2,2,1,3,3,5,3,3,4,12,0,0,"60 (60)","40 (26)",3,0.7,0.49,"North",45,22,"M","1/2 inch to 3/4 inch","Rain",5,"Overcast",null,null,null,"None"]
["Continue",92,4,"01 Apros 1004","Newday","Spring",40,"5:43am","6:18pm","Darkness","Temperate","Seacoast",0,1,4,4,5,2,6,3,3,2,11,0,1,"50 (50)","30 (12)",2,0.37,0.4,"West",45,22,"-","None","None",5,"Overcast",null,null,null,"None"]
["Continue",93,4,"02 Apros 1004","Nexsta'","Spring",40,"5:41am","6:19pm","Moonlight","Temperate","Seacoast",0,2,6,5,5,5,6,4,2,3,12,0,0,"60 (60)","40 (28)",2,0.34,0.28999999999999998,"West",35,18,"L","1/8 inch to 1/2 inch","Rain",4,"Mostly Cloudy",null,null,null,"None"]
["Continue",94,4,"03 Apros 1004","Onward","Spring",40,"5:40am","6:21pm","Darkness","Temperate","Seacoast",0,2,3,3,2,5,2,6,2,3,11,0,1,"50 (50)","30 (12)",2,0.34,0.3,"West",45,22,"-","None","None",5,"Overcast",null,null,null,"None"]
["Continue",95,4,"04 Apros 1004","Forens","Spring",40,"5:38am","6:22pm","Darkness","Temperate","Seacoast",0,4,6,1,5,5,3,2,3,1,13,0,0,"65 (65)","45 (45)",2,0.34,0.27,"South",35,18,"L","1/8 inch to 1/2 inch","Rain",3,"Partly Cloudy",null,null,null,"None"]
["Continue",96,4,"05 Apros 1004","Freeday","Spring",40,"5:37am","6:24pm","Darkness","Temperate","Seacoast",0,5,3,4,1,5,5,4,3,4,14,0,0,"70 (70)","50 (50)",2,0.36,0.25,"West",25,12,"T","< 1/8 inch","Rain",2,"Mostly Clear",null,null,null,"None"]
["Continue",97,4,"06 Apros 1004","Hafn'mor","Spring",40,"5:36am","6:25pm","Darkness","Temperate","Seacoast",0,2,2,3,4,5,2,2,2,3,12,0,0,"60 (60)","40 (28)",3,0.27,0.6,"North",35,18,"M","1/2 inch to 3/4 inch","Rain",3,"Partly Cloudy",null,null,null,"None"]
["Continue",98,4,"07 Apros 1004","Aprochen","Spring",40,"5:34am","6:27pm","Darkness","Temperate","Seacoast",0,2,4,6,6,4,2,3,2,2,11,0,1,"50 (50)","30 (12)",2,0.47,0.22,"West",45,22,"L","1/8 inch to 1/2 inch","Rain",3,"Partly Cloudy",null,null,null,"None"]
["Continue",99,4,"08 Apros 1004","Longday","Spring",40,"5:33am","6:28pm","Darkness","Temperate","Seacoast",0,2,6,1,1,3,4,4,2,4,12,0,0,"60 (60)","40 (28)",2,0.21,0.35,"West",35,18,"L","1/8 inch to 1/2 inch","Rain",3,"Partly Cloudy",null,null,null,"None"]
["Continue",100,4,"09 Apros 1004","Endsnear","Spring",40,"5:31am","6:30pm","Darkness","Temperate","Seacoast",0,2,3,5,2,3,4,6,1,3,11,0,1,"50 (50)","30 (12)",2,0.26,0.36,"West",45,22,"-","None","None",4,"Mostly Cloudy",null,null,null,"None"]
["Continue",101,4,"10 Apros 1004","Godsday","Spring",40,"5:30am","6:31pm","Darkness","Temperate","Seacoast",0,6,6,3,1,3,1,1,2,1,14,0,0,"70 (70)","50 (50)",3,0.59,0.56999999999999995,"South",5,0,"M","1/2 inch to 3/4 inch","Rain",3,"Partly Cloudy",4,"-",null,"None"]
["Continue",102,4,"11 Apros 1004","Newday","Spring",40,"5:28am","6:33pm","Darkness","Temperate","Seacoast",0,4,1,4,3,2,4,6,1,3,13,0,0,"65 (65)","45 (45)",2,0.35,0.24,"West",20,10,"-","None","None",4,"Mostly Cloudy",null,null,null,"None"]
["Continue",103,4,"12 Apros 1004","Nexsta'","Spring",40,"5:27am","6:34pm","Darkness","Temperate","Seacoast",0,4,1,1,5,1,2,3,1,4,12,0,0,"60 (60)","40 (28)",2,0.26,0.25,"West",35,18,"-","None","None",5,"Overcast",null,null,null,"None"]
["Continue",104,4,"13 Apros 1004","Onward","Spring",40,"5:25am","6:35pm","Darkness","Temperate","Seacoast",0,1,3,4,5,3,4,4,3,4,11,0,1,"50 (50)","30 (12)",2,0.23,0.32,"North",45,22,"L","1/8 inch to 1/2 inch","Rain",5,"Overcast",null,null,null,"None"]
["Continue",105,4,"14 Apros 1004","Forens","Spring",40,"5:24am","6:37pm","Darkness","Temperate","Seacoast",0,5,4,2,6,6,2,6,3,1,12,0,0,"60 (60)","40 (28)",2,0.37,0.22,"West",30,15,"-","None","None",3,"Partly Cloudy",null,null,null,"None"]
["Continue",106,4,"15 Apros 1004","Freeday","Spring",40,"5:23am","6:38pm","Darkness","Temperate","Seacoast",0,5,5,2,3,5,2,4,1,3,14,0,0,"70 (70)","50 (50)",3,0.55000000000000004,0.41,"South",20,10,"M","1/2 inch to 3/4 inch","Rain",3,"Partly Cloudy",null,null,null,"None"]
["Continue",107,4,"16 Apros 1004","Hafn'mor","Spring",40,"5:21am","6:40pm","Darkness","Temperate","Seacoast",0,2,1,3,1,4,2,3,2,2,12,0,0,"60 (60)","40 (28)",2,0.21,0.27,"North",35,18,"-","None","None",5,"Overcast",null,null,null,"None"]
["Continue",108,5,"17 Apros 1004","Aprochen","Spring",40,"5:20am","6:41pm","Darkness","Temperate","Seacoast",0,3,3,4,1,6,4,4,1,2,11,0,1,"50 (50)","30 (12)",3,0.49,0.43,"West",45,22,"M","1/2 inch to 3/4 inch","Rain",5,"Overcast",null,null,null,"None"]
["Continue",109,5,"18 Apros 1004","Longday","Spring",40,"5:18am","6:42pm","Darkness","Temperate","Seacoast",0,4,3,3,3,4,2,3,2,4,12,0,0,"60 (60)","40 (28)",2,0.51,0.34,"West",35,18,"T","< 1/8 inch","Rain",4,"Mostly Cloudy",null,null,null,"None"]
["Continue",110,5,"19 Apros 1004","Endsnear","Spring",40,"5:17am","6:44pm","Darkness","Temperate","Seacoast",0,3,4,3,5,3,6,6,2,2,12,0,0,"60 (60)","40 (28)",2,0.27,0.23,"West",35,18,"T","< 1/8 inch","Rain",4,"Mostly Cloudy",null,null,null,"None"]
["Continue",111,5,"20 Apros 1004","Godsday","Spring",40,"5:16am","6:45pm","Darkness","Temperate","Seacoast",0,1,2,6,6,5,5,2,2,3,11,0,1,"50 (50)","30 (12)",2,0.27,0.39,"North",45,22,"-","None","None",5,"Overcast",null,null,null,"None"]
["Continue",112,5,"21 Apros 1004","Newday","Spring",40,"5:14am","6:46pm","Darkness","Temperate","Seacoast",0,2,4,5,4,4,3,5,3,1,11,0,2,"50 (50)","30 (12)",2,0.39,0.21,"West",45,22,"-","None","None",5,"Overcast",null,null,null,"None"]
["Continue",113,5,"22 Apros 1004","Nexsta'","Spring",40,"5:13am","6:48pm","Darkness","Temperate","Seacoast",0,6,6,5,1,6,5,6,1,4,14,0,0,"70 (70)","50 (50)",3,0.45,0.61,"South",5,0,"M","1/2 inch to 3/4 inch","Rain",3,"Partly Cloudy",6,"-",null,"None"]
["Continue",114,5,"23 Apros 1004","Onward","Spring",40,"5:12am","6:49pm","Darkness","Temperate","Seacoast",0,5,6,2,6,2,6,1,2,2,16,0,0,"75 (75)","55 (55)",2,0.28000000000000003,0.35,"South",0,0,"-","None","None",1,"Clear",null,null,null,"None"]
["Continue",115,5,"24 Apros 1004","Forens","Spring",40,"5:10am","6:50pm","Darkness","Temperate","Seacoast",0,2,5,1,4,5,4,6,3,1,16,0,0,"75 (75)","55 (55)",2,0.33,0.37,"West",0,0,"-","None","None",1,"Clear",null,null,null,"None"]
["Continue",116,5,"25 Apros 1004","Freeday","Spring",40,"5:09am","6:52pm","Darkness","Temperate","Seacoast",0,2,2,5,1,3,5,2,1,4,14,0,0,"70 (70)","50 (50)",3,0.7,0.41,"North",10,5,"M","1/2 inch to 3/4 inch","Rain",3,"Partly Cloudy",null,null,null,"None"]
["Continue",117,5,"26 Apros 1004","Hafn'mor","Spring",40,"5:08am","6:53pm","Darkness","Temperate","Seacoast",0,1,1,6,5,6,3,5,3,1,11,0,1,"50 (50)","30 (12)",4,0.84,0.74,"North",45,22,"M","1/2 inch to 3/4 inch","Rain",5,"Overcast",11,"-",null,"None"]
["Continue",118,5,"27 Apros 1004","Aprochen","Spring",40,"5:07am","6:54pm","Darkness","Temperate","Seacoast",0,5,5,3,1,1,3,1,1,2,13,0,0,"65 (65)","45 (45)",4,0.85,0.9,"South",35,18,"M","1/2 inch to 3/4 inch","Rain",3,"Partly Cloudy",null,null,null,"None"]
["Continue",119,5,"28 Apros 1004","Longday","Spring",40,"5:05am","6:55pm","Moonlight","Temperate","Seacoast",0,1,5,2,5,5,2,6,1,4,12,0,0,"60 (60)","40 (26)",3,0.76,0.64,"West",45,22,"L","1/8 inch to 1/2 inch","Rain",3,"Partly Cloudy",null,null,null,"None"]
["Continue",120,5,"29 Apros 1004","Endsnear","Spring",40,"5:04am","6:57pm","Moonlight","Temperate","Seacoast",0,5,5,1,6,3,6,2,1,1,14,0,0,"70 (70)","50 (50)",4,0.52,0.84,"South",35,18,"M","1/2 inch to 3/4 inch","Rain",3,"Partly Cloudy",null,null,null,"None"]
["Continue",121,5,"30 Apros 1004","Godsday","Spring",40,"5:03am","6:58pm","Moonlight","Temperate","Seacoast",0,3,1,2,5,4,2,2,3,2,12,0,0,"60 (60)","40 (26)",3,0.81,0.5,"North",45,22,"T","< 1/8 inch","Rain",4,"Mostly Cloudy",null,null,null,"None"]
["Continue",122,5,"31 Apros 1004","Greengrass","Spring",40,"5:02am","6:59pm","Moonlight","Temperate","Seacoast",0,5,6,6,6,6,3,4,3,2,14,0,0,"70 (70)","50 (50)",2,0.7,0.27,"South",30,15,"-","None","None",2,"Mostly Clear",null,null,null,"None"]
["Continue",123,5,"01 Mavis 1004","Newday","Spring",40,"5:01am","7:00pm","Moonlight","Temperate","Seacoast",0,2,5,6,5,2,6,1,3,1,14,0,0,"70 (70)","50 (50)",2,0.28999999999999998,0.26,"West",30,15,"-","None","None",2,"Mostly Clear",null,null,null,"None","Leave Whillip on new adventure FINALLY!"]
["Continue"]

{"sheet":"COEPAS","index":4,"n_rows":233,"n_cols":44,"rows_kept":233,"cut":false,"hidden":false,"merged":[[0,8,1,8],[0,9,1,9],[0,7,1,7],[0,1,1,1],[0,2,1,2],[0,3,1,3],[0,4,1,4],[0,5,1,5],[0,6,1,6],[0,10,1,10],[0,36,0,37],[0,21,1,21],[0,16,1,16],[0,14,1,14],[0,15,1,15],[0,12,1,12],[0,13,1,13],[0,11,1,11],[0,38,0,42],[0,22,0,26],[0,17,1,17],[0,18,1,18],[0,19,1,19],[0,33,0,35],[0,20,1,20],[0,27,0,29],[0,30,0,32]]}
[null,"DOY","Seasonal Month","Date","Day of Week","Season","Latitude (degrees)","Sunrise","Sunset","Night Time Illumination","Climatic Region","Terrain Type","Elevation (ft.)","d6#1","d6#2","d6#3","d6#4","d6#5","d6#6","d6#7","d3","d4","Temperature: actual °F (feels like °F)",null,null,null,null,"Relative Humidity",null,null,"Wind",null,null,"Precipitation",null,null,"Cloud Cover",null,"Special Weather",null,null,null,null,"Player Notes"]
[null,null,null,null,null,null,null,null,null,null,null,null,null,null,null,null,null,null,null,null,null,null,"Code","Days at Max.","Days at Min.","High","Low","Code","Before Precip.","After Precip.","Direction","Gusts (mph)","Average (mph)","Code","Amount (in.)","Type","Code",null,"Roll 2","Code","Days Countdown",null,"Notes"]
["Continue",335,12,"31 Novius 1002","Moonfest","Autumn",44,"7:37am","4:23pm","Moonlight","Temperate","Seacoast",0,4,5,5,1,5,3,2,3,3,6,0,0,"18 (-1)","10 (-12)",3,0.68,0.54,"West",30,15,"-","None","None",3,"Partly Cloudy",null,null,null,"None"]
["Continue",336,12,"01 Detenday 1002","Newday","Autumn",44,"7:38am","4:22pm","Moonlight","Temperate","Seacoast",0,6,6,1,3,3,2,2,2,4,9,0,0,"35 (31)","15 (7)",4,0.82,0.9,"West",5,0,"H","2 inches to 4 inches","Snow",3,"Partly Cloudy",4,"-",null,"None"]
["Continue",337,12,"02 Detenday 1002","Nexsta'","Autumn",44,"7:38am","4:22pm","Moonlight","Temperate","Seacoast",0,2,3,3,1,2,1,2,1,2,8,0,0,"30 (17)","15 (-2)",3,0.62,0.7,"West",20,10,"-","None","None",4,"Mostly Cloudy",null,null,null,"None"]
["Continue",338,12,"03 Detenday 1002","Onward","Autumn",44,"7:38am","4:21pm","Darkness","Temperate","Seacoast",0,4,6,3,1,1,1,4,1,4,10,0,0,"40 (34)","20 (9)",4,0.84,0.8,"South",10,5,"M","1 inch to 2 inches","Sleet",3,"Partly Cloudy",null,null,null,"None"]
["Continue",339,12,"04 Detenday 1002","Forens","Autumn",44,"7:39am","4:21pm","Darkness","Temperate","Seacoast",0,1,5,5,2,6,4,3,2,3,9,0,0,"35 (24)","15 (-2)",5,0.98,0.96,"West",20,10,"M","1 inch to 2 inches","Snow",3,"Partly Cloudy",null,null,null,"None"]
["Continue",340,12,"05 Detenday 1002","Freeday","Autumn",44,"7:39am","4:21pm","Darkness","Temperate","Seacoast",0,1,1,5,4,6,5,2,2,3,6,0,0,"18 (-5)","10 (-16)",5,0.94,0.98,"West",45,22,"H","2 inches to 4 inches","Snow",5,"Overcast",9,"-",null,"None"]
["Continue",341,12,"06 Detenday 1002","Hafn'mor","Autumn",44,"7:39am","4:21pm","Darkness","Temperate","Seacoast",0,5,1,3,6,1,4,5,1,2,5,0,1,"10 (-16)","0 (-30)",4,0.93,0.71,"West",45,22,"L","1/2 inch to 1 inch","Snow",5,"Overcast",null,null,null,"None"]
["Continue",342,12,"07 Detenday 1002","Aprochen","Autumn",44,"7:39am","4:21pm","Darkness","Temperate","Seacoast",0,4,3,6,6,5,4,2,2,2,6,0,0,"18 (-3)","10 (-14)",4,0.89,0.85,"West",35,18,"L","1/2 inch to 1 inch","Snow",4,"Mostly Cloudy",null,null,null,"None"]
["Continue",343,12,"08 Detenday 1002","Longday","Autumn",44,"7:39am","4:21pm","Darkness","Temperate","Seacoast",0,1,1,5,4,5,5,5,3,1,5,0,1,"10 (-16)","0 (-30)",5,0.72,0.94,"North",45,22,"H","2 inches to 4 inches","Snow",5,"Overcast",9,"-",null,"None"]
["Continue",344,12,"09 Detenday 1002","Endsnear","Autumn",44,"7:40am","4:20pm","Darkness","Temperate","Seacoast",0,3,2,5,6,4,1,6,3,3,5,0,2,"10 (-16)","0 (-30)",5,0.94,0.92,"West",45,22,"H","2 inches to 4 inches","Snow",5,"Overcast",null,null,null,"None"]
["Continue",345,1,"10 Detenday 1002","Godsday","Winter",44,"7:40am","4:20pm","Darkness","Temperate","Seacoast",0,2,5,6,1,2,4,3,3,1,6,0,0,"18 (-3)","10 (-14)",5,0.93,1,"West",35,18,"M","1 inch to 2 inches","Snow",4,"Mostly Cloudy",null,null,null,"None"]
["Continue",346,1,"11 Detenday 1002","Newday","Winter",44,"7:40am","4:20pm","Darkness","Temperate","Seacoast",0,1,4,2,2,5,1,4,2,1,5,0,1,"10 (-16)","0 (-30)",3,0.75,0.41,"West",45,22,"-","None","None",5,"Overcast",null,null,null,"None"]
["Continue",347,1,"12 Detenday 1002","Nexsta'","Winter",44,"7:40am","4:21pm","Darkness","Temperate","Seacoast",0,3,4,6,2,6,3,6,2,2,6,0,0,"18 (-3)","10 (-14)",4,0.79,0.75,"West",35,18,"M","1 inch to 2 inches","Snow",4,"Mostly Cloudy",null,null,null,"None"]
["Continue",348,1,"13 Detenday 1002","Onward","Winter",44,"7:39am","4:21pm","Darkness","Temperate","Seacoast",0,4,4,4,6,3,4,6,1,2,7,0,0,"25 (9)","10 (-11)",5,1,0.97,"West",25,12,"H","2 inches to 4 inches","Snow",3,"Partly Cloudy",null,null,null,"None"]
["Continue",349,1,"14 Detenday 1002","Forens","Winter",44,"7:39am","4:21pm","Darkness","Temperate","Seacoast",0,6,3,2,4,1,3,5,3,3,8,0,0,"30 (21)","15 (3)",3,0.85,0.56000000000000005,"West",10,5,"-","None","None",1,"Clear",null,null,null,"None"]
["Continue",350,1,"15 Detenday 1002","Freeday","Winter",44,"7:39am","4:21pm","Darkness","Temperate","Seacoast",0,2,4,6,4,5,6,4,3,4,7,0,0,"25 (11)","10 (-9)",4,0.8,0.76,"West",20,10,"M","1 inch to 2 inches","Snow",3,"Partly Cloudy",null,null,null,"None"]
["Continue",351,1,"16 Detenday 1002","Hafn'mor","Winter",44,"7:39am","4:21pm","Darkness","Temperate","Seacoast",0,1,6,4,3,3,4,3,2,3,7,0,0,"25 (11)","10 (-9)",5,0.93,1,"West",20,10,"M","1 inch to 2 inches","Snow",3,"Partly Cloudy",null,null,null,"None"]
["Continue",352,1,"17 Detenday 1002","Aprochen","Winter",44,"7:39am","4:21pm","Darkness","Temperate","Seacoast",0,6,5,5,2,2,5,2,1,3,9,0,0,"35 (31)","15 (7)",3,0.83,0.51,"South",5,0,"-","None","None",1,"Clear",null,null,null,"None"]
["Continue",353,1,"18 Detenday 1002","Longday","Winter",44,"7:39am","4:21pm","Darkness","Temperate","Seacoast",0,1,4,5,6,5,5,3,1,1,8,0,0,"30 (17)","15 (-2)",3,0.64,0.41,"West",20,10,"-","None","None",2,"Mostly Clear",null,null,null,"None"]
["Continue",354,1,"19 Detenday 1002","Endsnear","Winter",44,"7:38am","4:22pm","Darkness","Temperate","Seacoast",0,3,1,2,3,1,2,1,3,3,6,0,0,"18 (-1)","10 (-12)",3,0.52,0.62,"North",30,15,"L","1/2 inch to 1 inch","Snow",3,"Partly Cloudy",null,null,null,"None"]
["Continue",355,1,"20 Detenday 1002","Godsday","Winter",44,"7:38am","4:22pm","Darkness","Temperate","Seacoast",0,6,4,2,2,3,1,2,2,3,8,0,0,"30 (17)","15 (-2)",3,0.57999999999999996,0.43,"South",20,10,"L","1/2 inch to 1 inch","Snow",2,"Mostly Clear",null,null,null,"None"]
["Continue",356,1,"21 Detenday 1002","Newday","Winter",44,"7:38am","4:22pm","Darkness","Temperate","Seacoast",0,4,5,6,1,2,4,1,2,3,9,0,0,"35 (31)","15 (7)",3,0.49,0.45,"West",5,0,"-","None","None",1,"Clear",null,null,null,"None"]
["Continue",357,1,"22 Detenday 1002","Nexsta'","Winter",44,"7:38am","4:23pm","Darkness","Temperate","Seacoast",0,3,1,1,1,6,6,5,1,4,7,0,0,"25 (13)","10 (-7)",3,0.52,0.66,"North",15,8,"L","1/2 inch to 1 inch","Snow",2,"Mostly Clear",null,null,null,"None"]
["Continue",358,1,"23 Detenday 1002","Onward","Winter",44,"7:37am","4:23pm","Darkness","Temperate","Seacoast",0,6,1,6,5,6,3,2,1,1,7,0,0,"25 (13)","10 (-7)",3,0.46,0.5,"West",15,8,"L","1/2 inch to 1 inch","Snow",2,"Mostly Clear",null,null,null,"None"]
["Continue",359,1,"24 Detenday 1002","Forens","Winter",44,"7:37am","4:23pm","Darkness","Temperate","Seacoast",0,6,2,5,4,1,6,4,3,3,8,0,0,"30 (25)","15 (7)",3,0.69,0.41,"West",5,0,"L","1/2 inch to 1 inch","Snow",2,"Mostly Clear",null,null,null,"None"]
["Continue",360,1,"25 Detenday 1002","Freeday","Winter",44,"7:36am","4:24pm","Darkness","Temperate","Seacoast",0,2,4,3,4,1,3,5,1,3,7,0,0,"25 (13)","10 (-7)",4,0.62,0.85,"West",15,8,"M","1 inch to 2 inches","Snow",3,"Partly Cloudy",null,null,null,"None"]
["Continue",361,1,"26 Detenday 1002","Hafn'mor","Winter",44,"7:36am","4:24pm","Darkness","Temperate","Seacoast",0,1,6,5,4,6,2,1,3,2,7,0,0,"25 (13)","10 (-7)",5,0.94,0.93,"West",15,8,"M","1 inch to 2 inches","Snow",3,"Partly Cloudy",null,null,null,"None"]
["Continue",362,1,"27 Detenday 1002","Aprochen","Winter",44,"7:35am","4:25pm","Moonlight","Temperate","Seacoast",0,5,1,2,6,4,5,6,3,3,6,0,0,"18 (0)","10 (-11)",4,0.91,0.78,"West",25,12,"L","1/2 inch to 1 inch","Snow",3,"Partly Cloudy",null,null,null,"None"]
["Continue",363,1,"28 Detenday 1002","Longday","Winter",44,"7:35am","4:25pm","Moonlight","Temperate","Seacoast",0,5,4,5,6,6,1,1,1,3,7,0,0,"25 (15)","10 (-4)",3,0.82,0.55000000000000004,"West",10,5,"-","None","None",1,"Clear",null,null,null,"None"]
["Continue",364,1,"29 Detenday 1002","Endsnear","Winter",44,"7:34am","4:26pm","Moonlight","Temperate","Seacoast",0,4,3,6,5,1,6,5,2,3,7,0,0,"25 (15)","10 (-4)",3,0.65,0.7,"West",10,5,"-","None","None",1,"Clear",null,null,null,"None"]
["Continue",365,1,"30 Detenday 1002","Godsday","Winter",44,"7:34am","4:26pm","Moonlight","Temperate","Seacoast",0,2,3,1,5,6,1,5,3,2,6,0,0,"18 (0)","10 (-11)",3,0.66,0.69,"West",25,12,"-","None","None",2,"Mostly Clear",null,null,null,"None"]
["Continue",1,1,"01 Janus 1003","Newday","Winter",44,"7:33am","4:27pm","Moonlight","Temperate","Seacoast",0,5,1,5,5,1,5,4,3,2,5,0,1,"10 (-14)","0 (-27)",3,0.68,0.42,"West",35,18,"L","1/2 inch to 1 inch","Snow",3,"Partly Cloudy",null,null,null,"None"]
["Continue",2,1,"02 Janus 1003","Nexsta'","Winter",44,"7:33am","4:27pm","Moonlight","Temperate","Seacoast",0,1,1,1,1,5,2,4,1,4,5,0,2,"10 (-14)","0 (-27)",3,0.57999999999999996,0.56999999999999995,"West",35,18,"L","1/2 inch to 1 inch","Snow",3,"Partly Cloudy",null,null,null,"None"]
["Continue",3,1,"03 Janus 1003","Onward","Winter",44,"7:32am","4:28pm","Moonlight","Temperate","Seacoast",0,4,3,5,3,3,5,1,3,4,6,0,0,"18 (0)","10 (-11)",3,0.67,0.69,"West",25,12,"L","1/2 inch to 1 inch","Snow",2,"Mostly Clear",null,null,null,"None"]
["Continue",4,1,"04 Janus 1003","Forens","Winter",44,"7:32am","4:29pm","Darkness","Temperate","Seacoast",0,3,6,2,4,5,5,3,2,3,7,0,0,"25 (15)","10 (-4)",3,0.63,0.42,"West",10,5,"-","None","None",1,"Clear",null,null,null,"None"]
["Continue",5,1,"05 Janus 1003","Freeday","Winter",44,"7:31am","4:29pm","Darkness","Temperate","Seacoast",0,2,2,6,2,5,6,3,2,3,5,0,1,"10 (-9)","0 (-22)",4,0.74,0.87,"North",20,10,"H","2 inches to 4 inches","Snow",3,"Partly Cloudy",null,null,null,"None"]
["Continue",6,1,"06 Janus 1003","Hafn'mor","Winter",44,"7:30am","4:30pm","Darkness","Temperate","Seacoast",0,4,1,6,4,6,4,2,1,3,5,0,2,"10 (-9)","0 (-22)",5,0.97,0.93,"West",20,10,"H","2 inches to 4 inches","Snow",3,"Partly Cloudy",null,null,null,"None"]
["Continue",7,1,"07 Janus 1003","Aprochen","Winter",44,"7:29am","4:31pm","Darkness","Temperate","Seacoast",0,1,1,1,1,2,2,1,3,2,5,0,3,"10 (-9)","0 (-22)",5,0.95,0.97,"West",20,10,"H","2 inches to 4 inches","Snow",3,"Partly Cloudy",null,null,null,"None"]
["Continue",8,1,"08 Janus 1003","Longday","Winter",44,"7:29am","4:32pm","Darkness","Temperate","Seacoast",0,6,1,5,3,6,5,5,3,2,6,0,0,"18 (6)","10 (-4)",4,1,0.84,"West",10,5,"L","1/2 inch to 1 inch","Snow",2,"Mostly Clear",null,null,null,"None"]
["Continue",9,1,"09 Janus 1003","Endsnear","Winter",44,"7:28am","4:32pm","Darkness","Temperate","Seacoast",0,3,2,2,3,4,5,6,2,1,5,0,1,"10 (-11)","0 (-24)",3,0.77,0.63,"West",25,12,"-","None","None",3,"Partly Cloudy",null,null,null,"None"]
["Continue",10,1,"10 Janus 1003","Godsday","Winter",44,"7:27am","4:33pm","Darkness","Temperate","Seacoast",0,5,6,1,4,5,5,1,1,4,7,0,0,"25 (15)","10 (-4)",3,0.5,0.69,"South",10,5,"-","None","None",1,"Clear",null,null,null,"None"]
["Continue",11,1,"11 Janus 1003","Newday","Winter",44,"7:26am","4:34pm","Darkness","Temperate","Seacoast",0,1,1,4,1,4,1,1,2,1,5,0,1,"10 (-16)","0 (-30)",4,0.77,0.87,"North",45,22,"H","7 inches","Snow",4,"Mostly Cloudy",5,"X",null,"Severe Snowstorm","From 2:52am 'til 2:59am; 15-20 mph or calmer winds during this time."]
["Continue",12,1,"12 Janus 1003","Nexsta'","Winter",44,"7:26am","4:35pm","Darkness","Temperate","Seacoast",0,5,1,2,2,2,1,1,2,4,5,0,2,"10 (-16)","0 (-30)",5,0.97,1,"West",45,22,"H","2 inches to 4 inches","Snow",4,"Mostly Cloudy",null,null,null,"None"]
["Continue",13,2,"13 Janus 1003","Onward","Winter",44,"7:25am","4:36pm","Darkness","Temperate","Seacoast",0,3,2,1,5,4,5,3,1,4,6,0,3,"18 (-5)","10 (-16)",3,0.73,0.56999999999999995,"West",45,22,"-","None","None",5,"Overcast",null,null,null,"None"]
["Continue",14,2,"14 Janus 1003","Forens","Winter",44,"7:24am","4:36pm","Darkness","Temperate","Seacoast",0,3,6,4,4,5,2,3,1,3,7,0,0,"25 (8)","10 (-12)",3,0.57999999999999996,0.55000000000000004,"West",30,15,"-","None","None",3,"Partly Cloudy",null,null,null,"None"]
["Continue",15,2,"15 Janus 1003","Freeday","Winter",44,"7:23am","4:37pm","Darkness","Temperate","Seacoast",0,6,4,5,1,6,1,2,1,2,9,0,0,"35 (24)","15 (-2)",3,0.44,0.52,"South",20,10,"L","1/2 inch to 1 inch","Snow",2,"Mostly Clear",null,null,null,"None"]
["Continue",16,2,"16 Janus 1003","Hafn'mor","Winter",44,"7:22am","4:38pm","Darkness","Temperate","Seacoast",0,3,1,5,1,5,4,3,2,4,7,0,0,"25 (8)","10 (-12)",3,0.47,0.52,"North",30,15,"L","1/2 inch to 1 inch","Snow",3,"Partly Cloudy",null,null,null,"None"]
["Continue",17,2,"17 Janus 1003","Aprochen","Winter",44,"7:21am","4:39pm","Darkness","Temperate","Seacoast",0,3,1,3,3,5,5,2,3,1,6,0,1,"18 (-4)","10 (-15)",3,0.44,0.61,"North",40,20,"L","1/2 inch to 1 inch","Snow",4,"Mostly Cloudy",null,null,null,"None"]
["Continue",18,2,"18 Janus 1003","Longday","Winter",44,"7:20am","4:40pm","Darkness","Temperate","Seacoast",0,3,1,2,5,5,3,1,1,3,6,0,2,"18 (-4)","10 (-15)",3,0.43,0.55000000000000004,"West",40,20,"L","1/2 inch to 1 inch","Snow",4,"Mostly Cloudy",null,null,null,"None"]
["Continue",19,2,"19 Janus 1003","Endsnear","Winter",44,"7:19am","4:41pm","Darkness","Temperate","Seacoast",0,5,3,6,3,5,5,4,2,4,7,0,0,"25 (8)","10 (-12)",3,0.63,0.56000000000000005,"West",30,15,"L","1/2 inch to 1 inch","Snow",3,"Partly Cloudy",null,null,null,"None"]
["Continue",20,2,"20 Janus 1003","Godsday","Winter",44,"7:18am","4:42pm","Darkness","Temperate","Seacoast",0,5,1,3,5,4,3,3,1,2,6,0,1,"18 (-4)","10 (-15)",3,0.63,0.63,"West",40,20,"L","1/2 inch to 1 inch","Snow",3,"Partly Cloudy",null,null,null,"None"]
["Continue",21,2,"21 Janus 1003","Newday","Winter",44,"7:17am","4:43pm","Darkness","Temperate","Seacoast",0,6,2,4,5,2,6,3,3,3,7,0,0,"25 (8)","10 (-12)",3,0.45,0.57999999999999996,"West",30,15,"L","1/2 inch to 1 inch","Snow",2,"Mostly Clear",null,null,null,"None"]
["Continue",22,2,"22 Janus 1003","Nexsta'","Winter",44,"7:16am","4:44pm","Darkness","Temperate","Seacoast",0,3,4,4,5,3,5,4,3,2,7,0,0,"25 (8)","10 (-12)",3,0.47,0.64,"West",30,15,"L","1/2 inch to 1 inch","Snow",2,"Mostly Clear",null,null,null,"None"]
["Continue",23,2,"23 Janus 1003","Onward","Winter",44,"7:15am","4:45pm","Darkness","Temperate","Seacoast",0,6,6,2,5,5,4,3,2,2,10,0,0,"40 (36)","20 (13)",4,0.45,0.75,"West",5,0,"H","2 inches to 4 inches","Sleet",3,"Partly Cloudy",7,"M",null,"Heavy Fog","from 4:45pm 'til 9:45pm"]
["Continue",24,2,"24 Janus 1003","Forens","Winter",44,"7:14am","4:46pm","Darkness","Temperate","Seacoast",0,6,3,6,1,3,6,6,2,1,11,0,0,"50 (50)","30 (30)",3,0.56999999999999995,0.42,"West",0,0,"-","None","None",1,"Clear",null,null,null,"None"]
["Continue",25,2,"25 Janus 1003","Freeday","Winter",44,"7:13am","4:47pm","Darkness","Temperate","Seacoast",0,3,1,6,1,4,1,4,1,4,9,0,0,"35 (27)","15 (3)",3,0.63,0.54,"North",10,5,"L","1/2 inch to 1 inch","Snow",2,"Mostly Clear",null,null,null,"None"]
["Continue",26,2,"26 Janus 1003","Hafn'mor","Winter",44,"7:12am","4:48pm","Darkness","Temperate","Seacoast",0,5,6,3,2,4,6,5,2,1,11,0,0,"50 (50)","30 (30)",3,0.62,0.44,"South",0,0,"-","None","None",1,"Clear",null,null,null,"None"]
["Continue",27,2,"27 Janus 1003","Aprochen","Winter",44,"7:11am","4:50pm","Moonlight","Temperate","Seacoast",0,6,4,3,2,2,4,3,2,3,13,0,0,"65 (65)","45 (45)",3,0.45,0.53,"South",0,0,"L","1/8 inch to 1/2 inch","Rain",2,"Mostly Clear",null,null,null,"None"]
["Continue",28,2,"28 Janus 1003","Longday","Winter",44,"7:10am","4:51pm","Moonlight","Temperate","Seacoast",0,4,4,3,2,6,1,1,1,1,14,1,0,"70 (70)","50 (50)",4,0.68,0.74,"West",0,0,"H","3/4 inch to 1.5 inches","Rain",3,"Partly Cloudy",null,null,null,"None"]
["Continue",29,2,"29 Janus 1003","Endsnear","Winter",44,"7:09am","4:52pm","Moonlight","Temperate","Seacoast",0,1,4,1,2,4,2,1,2,2,13,0,0,"65 (65)","45 (45)",3,0.45,0.61,"West",15,8,"-","None","None",4,"Mostly Cloudy",null,null,null,"None"]
["Continue",30,2,"30 Janus 1003","Godsday","Winter",44,"7:08am","4:53pm","Darkness","Temperate","Seacoast",0,1,1,4,4,5,3,5,1,1,10,0,0,"40 (26)","20 (-2)",4,0.89,0.76,"North",45,22,"H","2 inches to 4 inches","Sleet",5,"Overcast",8,"-",null,"None"]
["Continue",31,2,"31 Janus 1003","Midwinter","Winter",44,"7:06am","4:54pm","Darkness","Temperate","Seacoast",0,2,4,1,6,6,3,6,2,3,9,0,0,"35 (19)","15 (-9)",5,0.92,0.95,"West",45,22,"M","1 inch to 2 inches","Snow",5,"Overcast",null,null,null,"None"]
["Continue",32,2,"01 Febulus 1003","Newday","Winter",44,"7:05am","4:55pm","Darkness","Temperate","Seacoast",0,2,2,4,5,6,2,4,1,2,7,0,0,"25 (5)","10 (-16)",5,0.96,0.99,"North",45,22,"H","2 inches to 4 inches","Snow",5,"Overcast",null,null,null,"None"]
["Continue",33,2,"02 Febulus 1003","Nexsta'","Winter",44,"7:04am","4:56pm","Darkness","Temperate","Seacoast",0,2,5,2,3,1,5,1,2,4,7,0,0,"25 (5)","10 (-16)",5,0.99,0.96,"West",45,22,"H","2 inches to 4 inches","Snow",5,"Overcast",null,null,null,"None"]
["Continue",34,2,"03 Febulus 1003","Onward","Winter",44,"7:03am","4:58pm","Darkness","Temperate","Seacoast",0,1,3,5,4,5,5,1,1,3,6,0,1,"18 (-5)","10 (-16)",5,0.98,1,"North",45,22,"M","1 inch to 2 inches","Snow",5,"Overcast",null,null,null,"None"]
["Continue",35,2,"04 Febulus 1003","Forens","Winter",44,"7:02am","4:59pm","Darkness","Temperate","Seacoast",0,5,5,5,1,4,6,5,1,2,8,0,0,"30 (14)","15 (-7)",5,0.96,0.98,"South",35,18,"H","2 inches to 4 inches","Snow",4,"Mostly Cloudy",null,null,null,"None"]
["Continue",36,2,"05 Febulus 1003","Freeday","Winter",44,"7:01am","5:00pm","Darkness","Temperate","Seacoast",0,5,3,5,5,4,5,6,3,1,9,0,0,"35 (23)","15 (-4)",4,0.92,0.77,"West",25,12,"L","1/2 inch to 1 inch","Snow",3,"Partly Cloudy",null,null,null,"None"]
["Continue",37,2,"06 Febulus 1003","Hafn'mor","Winter",44,"6:59am","5:01pm","Darkness","Temperate","Seacoast",0,4,2,1,3,4,2,2,1,3,8,0,0,"30 (14)","15 (-7)",4,0.85,0.74,"West",35,18,"L","1/2 inch to 1 inch","Snow",3,"Partly Cloudy",null,null,null,"None"]
["Continue",38,2,"07 Febulus 1003","Aprochen","Winter",44,"6:58am","5:02pm","Darkness","Temperate","Seacoast",0,3,3,4,3,4,5,5,3,2,7,0,0,"25 (5)","10 (-16)",5,0.74,0.93,"West",45,22,"H","2 inches to 4 inches","Snow",4,"Mostly Cloudy",null,null,null,"None"]
["Continue",39,2,"08 Febulus 1003","Longday","Winter",44,"6:57am","5:04pm","Darkness","Temperate","Seacoast",0,6,5,3,4,1,3,3,2,1,9,0,0,"35 (22)","15 (-5)",3,0.87,0.46,"South",30,15,"-","None","None",2,"Mostly Clear",null,null,null,"None"]
["Continue",40,2,"09 Febulus 1003","Endsnear","Winter",44,"6:56am","5:05pm","Darkness","Temperate","Seacoast",0,4,3,3,4,1,4,6,2,1,9,0,0,"35 (22)","15 (-5)",3,0.44,0.63,"West",30,15,"-","None","None",2,"Mostly Clear",null,null,null,"None"]
["Continue",41,2,"10 Febulus 1003","Godsday","Winter",44,"6:54am","5:06pm","Darkness","Temperate","Seacoast",0,2,4,5,3,2,6,6,3,2,8,0,0,"30 (13)","15 (-8)",4,0.73,0.73,"West",40,20,"M","1 inch to 2 inches","Snow",3,"Partly Cloudy",null,null,null,"None"]
["Continue",42,2,"11 Febulus 1003","Newday","Winter",44,"6:53am","5:07pm","Darkness","Temperate","Seacoast",0,5,1,2,1,3,5,1,1,1,7,0,0,"25 (5)","10 (-16)",3,0.81,0.59,"West",45,22,"L","1/2 inch to 1 inch","Snow",3,"Partly Cloudy",null,null,null,"None"]
["Continue",43,2,"12 Febulus 1003","Nexsta'","Winter",44,"6:52am","5:09pm","Darkness","Temperate","Seacoast",0,5,4,5,2,4,5,2,2,2,8,0,0,"30 (15)","15 (-5)",3,0.56000000000000005,0.41,"West",30,15,"-","None","None",1,"Clear",null,null,null,"None"]
["Continue",44,2,"13 Febulus 1003","Onward","Winter",44,"6:50am","5:10pm","Darkness","Temperate","Seacoast",0,1,1,5,4,2,6,4,2,1,6,0,1,"18 (-5)","10 (-16)",4,0.82,0.83,"North",45,22,"H","2 inches to 4 inches","Snow",4,"Mostly Cloudy",9,"-",null,"None"]
["Continue",45,2,"14 Febulus 1003","Forens","Winter",44,"6:49am","5:11pm","Darkness","Temperate","Seacoast",0,2,3,2,2,4,3,1,2,3,6,0,2,"18 (-5)","10 (-16)",5,1,0.95,"West",45,22,"H","2 inches to 4 inches","Snow",4,"Mostly Cloudy",null,null,null,"None"]
["Continue",46,2,"15 Febulus 1003","Freeday","Winter",44,"6:48am","5:13pm","Darkness","Temperate","Seacoast",0,2,5,1,3,6,1,4,3,2,7,0,0,"25 (7)","10 (-14)",5,0.91,0.98,"West",35,18,"M","1 inch to 2 inches","Snow",3,"Partly Cloudy",null,null,null,"None"]
["Continue",47,3,"16 Febulus 1003","Hafn'mor","Winter",44,"6:47am","5:14pm","Darkness","Temperate","Seacoast",0,1,4,3,4,4,6,4,1,2,9,0,1,"35 (19)","15 (-9)",3,0.86,0.57999999999999996,"West",45,22,"-","None","None",4,"Mostly Cloudy",null,null,null,"None"]
["Continue",48,3,"17 Febulus 1003","Aprochen","Winter",44,"6:45am","5:15pm","Darkness","Temperate","Seacoast",0,2,3,4,4,6,6,6,1,2,9,0,2,"35 (19)","15 (-9)",3,0.5,0.56000000000000005,"West",45,22,"-","None","None",4,"Mostly Cloudy",null,null,null,"None"]
["Continue",49,3,"18 Febulus 1003","Longday","Winter",44,"6:44am","5:17pm","Darkness","Temperate","Seacoast",0,5,3,6,5,1,1,1,2,2,10,0,0,"40 (28)","20 (0)",3,0.52,0.44,"West",35,18,"L","1/2 inch to 1 inch","Sleet",3,"Partly Cloudy",null,null,null,"None"]
["Continue",50,3,"19 Febulus 1003","Endsnear","Winter",44,"6:43am","5:18pm","Darkness","Temperate","Seacoast",0,6,3,5,5,3,3,5,1,4,11,0,0,"50 (50)","30 (17)",3,0.65,0.7,"West",20,10,"-","None","None",1,"Clear",null,null,null,"None"]
["Continue",51,3,"20 Febulus 1003","Godsday","Winter",44,"6:41am","5:19pm","Darkness","Temperate","Seacoast",0,2,2,2,4,2,1,5,2,4,9,0,1,"35 (22)","15 (-5)",4,0.79,0.87,"North",30,15,"H","2 inches to 4 inches","Snow",3,"Partly Cloudy",null,null,null,"None"]
["Continue",52,3,"21 Febulus 1003","Newday","Winter",44,"6:40am","5:21pm","Darkness","Temperate","Seacoast",0,6,5,6,3,1,5,3,3,3,11,0,0,"50 (50)","30 (19)",3,0.41,0.51,"South",15,8,"-","None","None",1,"Clear",null,null,null,"None"]
["Continue",53,3,"22 Febulus 1003","Nexsta'","Winter",44,"6:39am","5:22pm","Darkness","Temperate","Seacoast",0,2,4,4,4,4,4,6,1,1,10,0,0,"40 (29)","20 (3)",4,0.84,0.83,"West",25,12,"M","1 inch to 2 inches","Sleet",3,"Partly Cloudy",null,null,null,"None"]
["Continue",54,3,"23 Febulus 1003","Onward","Winter",44,"6:37am","5:23pm","Darkness","Temperate","Seacoast",0,1,3,1,5,5,6,2,3,4,9,0,1,"35 (21)","15 (-7)",5,0.97,0.97,"North",35,18,"M","1 inch to 2 inches","Snow",4,"Mostly Cloudy",null,null,null,"None"]
["Continue",55,3,"24 Febulus 1003","Forens","Winter",44,"6:36am","5:25pm","Darkness","Temperate","Seacoast",0,6,6,1,4,2,6,6,2,1,12,0,0,"60 (60)","40 (36)",5,0.91,0.92,"South",5,0,"H","3/4 inch to 1.5 inches","Rain",3,"Partly Cloudy",5,"-",null,"None"]
["Continue",56,3,"25 Febulus 1003","Freeday","Winter",44,"6:35am","5:26pm","Darkness","Temperate","Seacoast",0,2,1,4,5,1,2,2,3,1,10,0,0,"40 (30)","20 (4)",3,0.84,0.54,"North",20,10,"-","None","None",5,"Overcast",null,null,null,"None"]
["Continue",57,3,"26 Febulus 1003","Hafn'mor","Winter",44,"6:33am","5:27pm","Darkness","Temperate","Seacoast",0,3,1,6,2,3,1,1,3,3,9,0,1,"35 (22)","15 (-5)",3,0.56999999999999995,0.64,"North",30,15,"L","1/2 inch to 1 inch","Snow",5,"Overcast",null,null,null,"None"]
["Continue",58,3,"27 Febulus 1003","Aprochen","Winter",44,"6:32am","5:29pm","Darkness","Temperate","Seacoast",0,1,5,1,5,6,3,1,1,4,9,0,2,"35 (22)","15 (-5)",3,0.48,0.61,"West",30,15,"L","1/2 inch to 1 inch","Snow",5,"Overcast",null,null,null,"None"]
["Continue",59,3,"28 Febulus 1003","Longday","Winter",44,"6:30am","5:30pm","Darkness","Temperate","Seacoast",0,1,4,5,4,6,6,2,2,3,9,0,3,"35 (22)","15 (-5)",3,0.41,0.68,"West",30,15,"L","1/2 inch to 1 inch","Snow",5,"Overcast",null,null,null,"None"]
["Continue",60,3,"29 Febulus 1003","Endsnear","Winter",44,"6:29am","5:32pm","Darkness","Temperate","Seacoast",0,1,3,5,2,4,3,2,3,1,9,0,4,"35 (22)","15 (-5)",3,0.42,0.44,"West",30,15,"L","1/2 inch to 1 inch","Snow",5,"Overcast",null,null,null,"None"]
["Continue",61,3,"30 Febulus 1003","Godsday","Winter",44,"6:28am","5:33pm","Moonlight","Temperate","Seacoast",0,6,5,6,4,5,5,1,1,1,11,0,0,"50 (50)","30 (19)",3,0.56000000000000005,0.64,"South",15,8,"-","None","None",3,"Partly Cloudy",null,null,null,"None"]
["Continue",62,3,"01 Marcav 1003","Newday","Winter",44,"6:26am","5:34pm","Moonlight","Temperate","Seacoast",0,3,1,5,5,1,5,5,1,2,9,0,1,"35 (23)","15 (-4)",3,0.68,0.61,"North",25,12,"L","1/2 inch to 1 inch","Snow",4,"Mostly Cloudy",null,null,null,"None"]
["Continue",63,3,"02 Marcav 1003","Nexsta'","Winter",44,"6:25am","5:36pm","Moonlight","Temperate","Seacoast",0,3,6,2,2,5,3,5,2,3,10,0,0,"40 (34)","20 (9)",3,0.57999999999999996,0.65,"West",10,5,"-","None","None",2,"Mostly Clear",null,null,null,"None"]
["Continue",64,3,"03 Marcav 1003","Onward","Winter",44,"6:23am","5:37pm","Moonlight","Temperate","Seacoast",0,5,1,1,3,6,3,2,1,2,9,0,1,"35 (24)","15 (-2)",3,0.7,0.52,"West",20,10,"L","1/2 inch to 1 inch","Snow",2,"Mostly Clear",null,null,null,"None"]
["Continue",65,3,"04 Marcav 1003","Forens","Winter",44,"6:22am","5:39pm","Darkness","Temperate","Seacoast",0,3,4,6,6,3,3,1,2,3,10,0,0,"40 (34)","20 (9)",4,0.56999999999999995,0.74,"West",10,5,"M","1 inch to 2 inches","Sleet",3,"Partly Cloudy",null,null,null,"None"]
["Continue",66,3,"05 Marcav 1003","Freeday","Winter",44,"6:21am","5:40pm","Darkness","Temperate","Seacoast",0,2,2,2,3,6,6,1,3,4,9,0,1,"35 (24)","15 (-2)",5,0.93,0.94,"North",20,10,"H","2 inches to 4 inches","Snow",4,"Mostly Cloudy",null,null,null,"None"]
["Continue",67,3,"06 Marcav 1003","Hafn'mor","Winter",44,"6:19am","5:41pm","Darkness","Temperate","Seacoast",0,3,2,5,6,5,4,2,1,3,9,0,2,"35 (24)","15 (-2)",5,0.93,0.96,"West",20,10,"H","2 inches to 4 inches","Snow",4,"Mostly Cloudy",null,null,null,"None"]
["Continue",68,3,"07 Marcav 1003","Aprochen","Winter",44,"6:18am","5:43pm","Darkness","Temperate","Seacoast",0,5,3,5,2,2,5,6,1,3,10,0,0,"40 (34)","20 (9)",4,0.97,0.73,"West",10,5,"L","1/2 inch to 1 inch","Sleet",3,"Partly Cloudy",null,null,null,"None"]
["Continue",69,3,"08 Marcav 1003","Longday","Winter",44,"6:16am","5:44pm","Darkness","Temperate","Seacoast",0,6,3,6,1,1,3,1,2,1,11,0,0,"50 (50)","30 (30)",3,0.8,0.53,"West",0,0,"-","None","None",1,"Clear",null,null,null,"None"]
["Continue",70,3,"09 Marcav 1003","Endsnear","Winter",44,"6:15am","5:46pm","Darkness","Temperate","Seacoast",0,6,2,4,5,5,6,3,1,4,12,0,0,"60 (60)","40 (40)",3,0.56000000000000005,0.6,"West",0,0,"L","1/8 inch to 1/2 inch","Rain",2,"Mostly Clear",null,null,null,"None"]
["Continue",71,3,"10 Marcav 1003","Godsday","Winter",44,"6:14am","5:47pm","Darkness","Temperate","Seacoast",0,5,6,5,2,2,2,2,1,1,14,0,0,"70 (70)","50 (50)",3,0.49,0.59,"South",0,0,"-","None","None",1,"Clear",null,null,null,"None"]
["Continue",72,3,"11 Marcav 1003","Newday","Winter",44,"6:12am","5:48pm","Darkness","Temperate","Seacoast",0,4,4,6,5,5,4,1,2,1,15,0,0,"70 (70)","55 (55)",4,0.87,0.83,"West",0,0,"H","3/4 inch to 1.5 inches","Rain",3,"Partly Cloudy",null,null,null,"None"]
["Continue",73,3,"12 Marcav 1003","Nexsta'","Winter",44,"6:11am","5:50pm","Darkness","Temperate","Seacoast",0,6,4,3,5,6,4,4,2,2,17,1,0,"80 (83)","60 (60)",3,0.71,0.49,"South",0,0,"L","1/8 inch to 1/2 inch","Rain",2,"Mostly Clear",null,null,null,"None"]
["Continue",74,3,"13 Marcav 1003","Onward","Winter",44,"6:09am","5:51pm","Darkness","Temperate","Seacoast",0,1,3,1,4,6,1,6,3,3,15,0,0,"70 (70)","55 (55)",4,0.7,0.79,"North",10,5,"M","1/2 inch to 3/4 inch","Rain",3,"Partly Cloudy",null,null,null,"None"]
["Continue",75,3,"14 Marcav 1003","Forens","Winter",44,"6:08am","5:53pm","Darkness","Temperate","Seacoast",0,6,1,2,1,2,4,5,1,1,15,0,0,"70 (70)","55 (55)",5,0.98,0.94,"West",10,5,"M","1/2 inch to 3/4 inch","Rain",3,"Partly Cloudy",null,null,null,"None"]
["Continue",76,3,"15 Marcav 1003","Freeday","Winter",44,"6:07am","5:54pm","Darkness","Temperate","Seacoast",0,3,5,2,3,5,6,5,2,2,16,0,0,"75 (75)","55 (55)",5,0.93,0.94,"West",0,0,"M","1/2 inch to 3/4 inch","Rain",3,"Partly Cloudy",null,null,null,"None"]
["Continue",77,3,"16 Marcav 1003","Hafn'mor","Winter",44,"6:05am","5:56pm","Darkness","Temperate","Seacoast",0,6,5,6,4,1,5,1,1,1,17,1,0,"80 (84)","60 (60)",3,0.81,0.43,"South",0,0,"-","None","None",1,"Clear",null,null,null,"None"]
["Continue",78,3,"17 Marcav 1003","Aprochen","Winter",44,"6:04am","5:57pm","Darkness","Temperate","Seacoast",0,4,2,1,6,2,1,6,1,2,16,0,0,"75 (75)","55 (55)",3,0.42,0.65,"West",10,5,"L","1/8 inch to 1/2 inch","Rain",2,"Mostly Clear",null,null,null,"None"]
["Continue",79,3,"18 Marcav 1003","Longday","Winter",44,"6:02am","5:58pm","Darkness","Temperate","Seacoast",0,2,5,2,3,5,3,5,2,3,16,0,0,"75 (75)","55 (55)",3,0.65,0.64,"West",10,5,"L","1/8 inch to 1/2 inch","Rain",2,"Mostly Clear",null,null,null,"None"]
["Continue",80,4,"19 Marcav 1003","Endsnear","Spring",44,"6:01am","6:00pm","Darkness","Temperate","Seacoast",0,3,5,5,2,4,1,2,1,2,17,0,0,"80 (82)","60 (60)",3,0.61,0.43,"West",0,0,"L","1/8 inch to 1/2 inch","Rain",2,"Mostly Clear",null,null,null,"None"]
["Continue",81,4,"20 Marcav 1003","Godsday","Spring",44,"5:59am","6:02pm","Darkness","Temperate","Seacoast",0,3,4,5,4,2,3,6,1,3,17,0,0,"80 (81)","60 (60)",3,0.49,0.68,"West",0,0,"L","1/8 inch to 1/2 inch","Rain",2,"Mostly Clear",null,null,null,"None"]
["Continue",82,4,"21 Marcav 1003","Newday","Spring",44,"5:57am","6:03pm","Darkness","Temperate","Seacoast",0,2,2,2,3,1,6,1,3,4,15,0,0,"70 (70)","55 (55)",4,0.48,0.77,"North",10,5,"M","1/2 inch to 3/4 inch","Rain",3,"Partly Cloudy",null,null,null,"None"]
["Continue",83,4,"22 Marcav 1003","Nexsta'","Spring",44,"5:56am","6:05pm","Darkness","Temperate","Seacoast",0,1,6,3,4,3,2,6,3,2,15,0,0,"70 (70)","55 (55)",4,0.89,0.74,"West",10,5,"M","1/2 inch to 3/4 inch","Rain",3,"Partly Cloudy",null,null,null,"None"]
["Continue",84,4,"23 Marcav 1003","Onward","Spring",44,"5:54am","6:07pm","Darkness","Temperate","Seacoast",0,6,3,4,3,1,4,1,1,3,16,0,0,"75 (75)","55 (55)",2,0.56999999999999995,0.26,"West",0,0,"-","None","None",1,"Clear",null,null,null,"None"]
["Continue",85,4,"24 Marcav 1003","Forens","Spring",44,"5:52am","6:09pm","Darkness","Temperate","Seacoast",0,2,5,2,4,3,5,5,1,3,16,0,0,"75 (75)","55 (55)",2,0.28999999999999998,0.27,"West",0,0,"-","None","None",1,"Clear",null,null,null,"None"]
["Continue",86,4,"25 Marcav 1003","Freeday","Spring",44,"5:51am","6:10pm","Darkness","Temperate","Seacoast",0,5,1,3,6,4,5,2,1,3,15,0,0,"70 (70)","55 (55)",2,0.28000000000000003,0.36,"West",10,5,"T","< 1/8 inch","Rain",2,"Mostly Clear",null,null,null,"None"]
["Continue",87,4,"26 Marcav 1003","Hafn'mor","Spring",44,"5:49am","6:12pm","Darkness","Temperate","Seacoast",0,2,3,1,5,6,6,6,1,2,14,0,0,"70 (70)","50 (50)",2,0.35,0.27,"West",25,12,"-","None","None",3,"Partly Cloudy",null,null,null,"None"]
["Continue",88,4,"27 Marcav 1003","Aprochen","Spring",44,"5:47am","6:14pm","Moonlight","Temperate","Seacoast",0,6,6,2,2,2,1,4,3,4,17,0,0,"80 (80)","60 (60)",3,0.46,0.56999999999999995,"South",5,0,"M","1/2 inch to 3/4 inch","Rain",3,"Partly Cloudy",4,"-",null,"None"]
["Continue",89,4,"28 Marcav 1003","Longday","Spring",44,"5:45am","6:16pm","Moonlight","Temperate","Seacoast",0,3,3,5,4,2,4,1,1,3,16,0,0,"75 (75)","55 (55)",4,0.9,0.81,"West",15,8,"M","1/2 inch to 3/4 inch","Rain",3,"Partly Cloudy",null,null,null,"None"]
["Continue",90,4,"29 Marcav 1003","Endsnear","Spring",44,"5:44am","6:17pm","Moonlight","Temperate","Seacoast",0,6,3,6,2,5,2,3,2,3,17,0,0,"80 (82)","60 (60)",2,0.66,0.31,"West",0,0,"-","None","None",1,"Clear",null,null,null,"None"]
["Continue",91,4,"30 Marcav 1003","Godsday","Spring",44,"5:42am","6:19pm","Moonlight","Temperate","Seacoast",0,3,3,3,4,6,2,3,2,3,16,0,0,"75 (75)","55 (55)",3,0.68,0.55000000000000004,"West",10,5,"M","1/2 inch to 3/4 inch","Rain",3,"Partly Cloudy",null,null,null,"None"]
["Continue",92,4,"01 Apros 1003","Newday","Spring",44,"5:40am","6:21pm","Moonlight","Temperate","Seacoast",0,5,3,4,6,1,6,3,2,2,17,0,0,"80 (81)","60 (60)",2,0.54,0.24,"West",0,0,"T","< 1/8 inch","Rain",2,"Mostly Clear",null,null,null,"None"]
["Continue",93,4,"02 Apros 1003","Nexsta'","Spring",44,"5:39am","6:22pm","Moonlight","Temperate","Seacoast",0,6,1,3,6,6,2,1,1,4,17,0,0,"80 (80)","60 (60)",2,0.32,0.23,"West",0,0,"T","< 1/8 inch","Rain",2,"Mostly Clear",null,null,null,"None"]
["Continue",94,4,"03 Apros 1003","Onward","Spring",44,"5:37am","6:24pm","Moonlight","Temperate","Seacoast",0,6,4,2,5,4,3,4,3,2,19,1,0,"85 (85)","65 (65)",2,0.25,0.25,"South",0,0,"T","< 1/8 inch","Rain",2,"Mostly Clear",null,null,null,"None"]
["Continue",95,4,"04 Apros 1003","Forens","Spring",44,"5:35am","6:26pm","Darkness","Temperate","Seacoast",0,1,2,3,1,3,6,3,3,1,17,0,0,"80 (80)","60 (60)",2,0.25,0.22,"North",15,8,"-","None","None",4,"Mostly Cloudy",null,null,null,"None"]
["Continue",96,4,"05 Apros 1003","Freeday","Spring",44,"5:33am","6:27pm","Darkness","Temperate","Seacoast",0,4,3,6,4,5,6,5,1,2,17,0,0,"80 (80)","60 (60)",2,0.37,0.37,"West",15,8,"-","None","None",4,"Mostly Cloudy",null,null,null,"None"]
["Continue",97,4,"06 Apros 1003","Hafn'mor","Spring",44,"5:32am","6:29pm","Darkness","Temperate","Seacoast",0,1,3,1,4,6,4,5,1,1,15,0,0,"70 (70)","55 (55)",2,0.33,0.32,"North",25,12,"L","1/8 inch to 1/2 inch","Rain",5,"Overcast",null,null,null,"None"]
["Continue",98,4,"07 Apros 1003","Aprochen","Spring",44,"5:30am","6:31pm","Darkness","Temperate","Seacoast",0,4,4,4,3,2,3,6,2,1,16,0,0,"75 (75)","55 (55)",3,0.31,0.59,"West",15,8,"M","1/2 inch to 3/4 inch","Rain",4,"Mostly Cloudy",null,null,null,"None"]
["Continue",99,4,"08 Apros 1003","Longday","Spring",44,"5:28am","6:33pm","Darkness","Temperate","Seacoast",0,1,4,2,5,3,3,2,2,2,15,0,0,"70 (70)","55 (55)",2,0.3,0.34,"West",30,15,"-","None","None",5,"Overcast",null,null,null,"None"]
["Continue",100,4,"09 Apros 1003","Endsnear","Spring",44,"5:27am","6:34pm","Darkness","Temperate","Seacoast",0,4,4,3,1,4,1,2,2,1,16,0,0,"75 (75)","55 (55)",3,0.49,0.52,"West",20,10,"M","1/2 inch to 3/4 inch","Rain",4,"Mostly Cloudy",null,null,null,"None"]
["Continue",101,4,"10 Apros 1003","Godsday","Spring",44,"5:25am","6:36pm","Darkness","Temperate","Seacoast",0,6,4,4,3,5,5,2,2,1,18,0,0,"80 (80)","65 (65)",2,0.44,0.28000000000000003,"South",10,5,"T","< 1/8 inch","Rain",2,"Mostly Clear",null,null,null,"None"]
["Continue",102,4,"11 Apros 1003","Newday","Spring",44,"5:23am","6:38pm","Darkness","Temperate","Seacoast",0,6,1,4,4,5,6,5,2,3,18,0,0,"80 (80)","65 (65)",2,0.39,0.26,"West",10,5,"T","< 1/8 inch","Rain",2,"Mostly Clear",null,null,null,"None"]
["Continue",103,4,"12 Apros 1003","Nexsta'","Spring",44,"5:22am","6:39pm","Darkness","Temperate","Seacoast",0,1,6,4,5,5,4,5,2,2,18,0,0,"80 (80)","65 (65)",2,0.22,0.27,"West",10,5,"T","< 1/8 inch","Rain",2,"Mostly Clear",null,null,null,"None"]
["Continue",104,4,"13 Apros 1003","Onward","Spring",44,"5:20am","6:41pm","Darkness","Temperate","Seacoast",0,2,4,4,4,3,6,2,1,4,17,0,0,"80 (80)","60 (60)",2,0.31,0.39,"West",20,10,"L","1/8 inch to 1/2 inch","Rain",2,"Mostly Clear",null,null,null,"None"]
["Continue",105,4,"14 Apros 1003","Forens","Spring",44,"5:18am","6:42pm","Darkness","Temperate","Seacoast",0,6,6,2,3,5,1,5,2,1,19,1,0,"85 (85)","65 (65)",3,0.21,0.6,"South",5,0,"M","1/2 inch to 3/4 inch","Rain",3,"Partly Cloudy",5,"-",null,"None"]
["Continue",106,4,"15 Apros 1003","Freeday","Spring",44,"5:17am","6:44pm","Darkness","Temperate","Seacoast",0,2,6,6,3,6,2,1,2,2,19,2,0,"85 (95)","65 (65)",4,0.75,0.85,"West",5,0,"M","1/2 inch to 3/4 inch","Rain",3,"Partly Cloudy",null,null,null,"None"]
["Continue",107,4,"16 Apros 1003","Hafn'mor","Spring",44,"5:15am","6:46pm","Darkness","Temperate","Seacoast",0,2,1,3,5,6,3,2,2,4,17,0,0,"80 (81)","60 (60)",2,0.49,0.27,"North",20,10,"-","None","None",5,"Overcast",null,null,null,"None"]
["Continue",108,5,"17 Apros 1003","Aprochen","Spring",44,"5:14am","6:47pm","Darkness","Temperate","Seacoast",0,1,3,4,5,3,1,2,1,1,15,0,0,"70 (70)","55 (55)",2,0.36,0.39,"North",30,15,"L","1/8 inch to 1/2 inch","Rain",5,"Overcast",null,null,null,"None"]
["Continue",109,5,"18 Apros 1003","Longday","Spring",44,"5:12am","6:49pm","Darkness","Temperate","Seacoast",0,6,3,5,5,6,1,1,3,2,16,0,0,"75 (75)","55 (55)",2,0.32,0.26,"West",15,8,"-","None","None",3,"Partly Cloudy",null,null,null,"None"]
["Continue",110,5,"19 Apros 1003","Endsnear","Spring",44,"5:10am","6:50pm","Darkness","Temperate","Seacoast",0,2,3,5,2,3,4,4,1,3,15,0,0,"70 (70)","55 (55)",2,0.21,0.31,"West",30,15,"-","None","None",4,"Mostly Cloudy",null,null,null,"None"]
["Continue",111,5,"20 Apros 1003","Godsday","Spring",44,"5:09am","6:52pm","Darkness","Temperate","Seacoast",0,6,1,4,6,4,1,3,3,2,15,0,0,"70 (70)","55 (55)",2,0.31,0.38,"West",30,15,"-","None","None",4,"Mostly Cloudy",null,null,null,"None"]
["Continue",112,5,"21 Apros 1003","Newday","Spring",44,"5:07am","6:54pm","Darkness","Temperate","Seacoast",0,6,2,1,2,2,2,3,3,1,16,0,0,"75 (75)","55 (55)",2,0.26,0.28999999999999998,"West",20,10,"T","< 1/8 inch","Rain",3,"Partly Cloudy",null,null,null,"None"]
["Continue",113,5,"22 Apros 1003","Nexsta'","Spring",44,"5:06am","6:55pm","Darkness","Temperate","Seacoast",0,2,2,5,5,3,4,6,1,4,14,0,0,"70 (70)","50 (50)",3,0.28000000000000003,0.52,"North",30,15,"M","1/2 inch to 3/4 inch","Rain",4,"Mostly Cloudy",null,null,null,"None"]
["Continue",114,5,"23 Apros 1003","Onward","Spring",44,"5:04am","6:57pm","Darkness","Temperate","Seacoast",0,4,4,3,3,4,6,3,2,4,15,0,0,"70 (70)","55 (55)",4,0.83,0.8,"West",20,10,"M","1/2 inch to 3/4 inch","Rain",3,"Partly Cloudy",null,null,null,"None"]
["Continue",115,5,"24 Apros 1003","Forens","Spring",44,"5:03am","6:58pm","Darkness","Temperate","Seacoast",0,1,5,2,2,6,4,1,3,3,14,0,0,"70 (70)","50 (50)",3,0.74,0.65,"West",30,15,"L","1/8 inch to 1/2 inch","Rain",3,"Partly Cloudy",null,null,null,"None"]
["Continue",116,5,"25 Apros 1003","Freeday","Spring",44,"5:01am","7:00pm","Darkness","Temperate","Seacoast",0,4,2,2,5,6,2,5,1,3,13,0,0,"65 (65)","45 (45)",3,0.56999999999999995,0.64,"West",40,20,"T","< 1/8 inch","Rain",3,"Partly Cloudy",null,null,null,"None"]
["Continue",117,5,"26 Apros 1003","Hafn'mor","Spring",44,"5:00am","7:01pm","Darkness","Temperate","Seacoast",0,4,3,3,5,4,1,5,3,1,13,0,0,"65 (65)","45 (45)",3,0.47,0.56999999999999995,"West",40,20,"T","< 1/8 inch","Rain",3,"Partly Cloudy",null,null,null,"None"]
["Continue",118,5,"27 Apros 1003","Aprochen","Spring",44,"4:58am","7:03pm","Darkness","Temperate","Seacoast",0,4,6,6,1,4,2,5,1,3,15,0,0,"70 (70)","55 (55)",3,0.47,0.52,"South",30,15,"L","1/8 inch to 1/2 inch","Rain",2,"Mostly Clear",null,null,null,"None"]
["Continue",119,5,"28 Apros 1003","Longday","Spring",44,"4:57am","7:04pm","Moonlight","Temperate","Seacoast",0,2,6,5,5,5,5,4,2,3,16,0,0,"75 (75)","55 (55)",3,0.59,0.51,"West",20,10,"L","1/8 inch to 1/2 inch","Rain",2,"Mostly Clear",null,null,null,"None"]
["Continue",120,5,"29 Apros 1003","Endsnear","Spring",44,"4:55am","7:05pm","Moonlight","Temperate","Seacoast",0,3,4,4,3,6,3,1,3,3,16,0,0,"75 (75)","55 (55)",3,0.66,0.61,"West",20,10,"L","1/8 inch to 1/2 inch","Rain",2,"Mostly Clear",null,null,null,"None"]
["Continue",121,5,"30 Apros 1003","Godsday","Spring",44,"4:54am","7:07pm","Moonlight","Temperate","Seacoast",0,4,5,6,4,4,3,1,3,1,17,0,0,"80 (82)","60 (60)",2,0.59,0.26,"West",5,0,"-","None","None",1,"Clear",null,null,null,"None"]
["Continue",122,5,"31 Apros 1003","Greengrass","Spring",44,"4:53am","7:08pm","Moonlight","Temperate","Seacoast",0,5,3,4,1,5,5,4,3,4,18,0,0,"80 (80)","65 (65)",2,0.36,0.26,"West",0,0,"T","< 1/8 inch","Rain",2,"Mostly Clear",null,null,null,"None"]
["Continue",123,5,"01 Mavis 1003","Newday","Spring",44,"4:51am","7:09pm","Moonlight","Temperate","Seacoast",0,3,2,3,4,6,2,2,2,3,17,0,0,"80 (80)","60 (60)",2,0.23,0.28999999999999998,"West",15,8,"-","None","None",3,"Partly Cloudy",null,null,null,"None"]
["Continue",124,5,"02 Mavis 1003","Nexsta'","Spring",44,"4:50am","7:11pm","Moonlight","Temperate","Seacoast",0,3,6,2,1,6,4,5,3,3,18,0,0,"80 (80)","65 (65)",2,0.3,0.28000000000000003,"West",0,0,"-","None","None",1,"Clear",null,null,null,"None"]
["Continue",125,5,"03 Mavis 1003","Onward","Spring",44,"4:49am","7:12pm","Moonlight","Temperate","Seacoast",0,1,5,6,6,2,3,3,1,3,17,0,0,"80 (80)","60 (60)",2,0.3,0.23,"West",10,5,"L","1/8 inch to 1/2 inch","Rain",2,"Mostly Clear",null,null,null,"None"]
["Continue",126,5,"04 Mavis 1003","Forens","Spring",44,"4:47am","7:13pm","Darkness","Temperate","Seacoast",0,2,2,5,2,3,4,5,1,2,15,0,0,"70 (70)","55 (55)",3,0.4,0.55000000000000004,"North",20,10,"M","1/2 inch to 3/4 inch","Rain",3,"Partly Cloudy",null,null,null,"None"]
["Continue",127,5,"05 Mavis 1003","Freeday","Spring",44,"4:46am","7:15pm","Darkness","Temperate","Seacoast",0,4,4,1,5,1,5,6,2,4,16,0,0,"75 (75)","55 (55)",4,0.89,0.76,"West",10,5,"H","3/4 inch to 1.5 inches","Rain",3,"Partly Cloudy",null,null,null,"None"]
["Continue",128,5,"06 Mavis 1003","Hafn'mor","Spring",44,"4:45am","7:16pm","Darkness","Temperate","Seacoast",0,4,1,3,6,5,5,6,1,3,15,0,0,"70 (70)","55 (55)",2,0.62,0.38,"West",25,12,"-","None","None",4,"Mostly Cloudy",null,null,null,"None"]
["Continue",129,5,"07 Mavis 1003","Aprochen","Spring",44,"4:44am","7:17pm","Darkness","Temperate","Seacoast",0,6,6,3,3,1,4,4,3,3,18,0,0,"80 (81)","65 (65)",3,0.51,0.5,"South",5,0,"M","1/2 inch to 3/4 inch","Rain",3,"Partly Cloudy",6,"-",null,"None"]
["Continue",130,5,"08 Mavis 1003","Longday","Spring",44,"4:42am","7:18pm","Darkness","Temperate","Seacoast",0,4,1,2,3,6,2,2,2,3,17,0,0,"80 (80)","60 (60)",2,0.28999999999999998,0.39,"West",20,10,"-","None","None",4,"Mostly Cloudy",null,null,null,"None"]
["Continue",131,5,"09 Mavis 1003","Endsnear","Spring",44,"4:41am","7:20pm","Darkness","Temperate","Seacoast",0,4,3,2,6,6,2,5,3,1,17,0,0,"80 (80)","60 (60)",2,0.36,0.21,"West",20,10,"-","None","None",4,"Mostly Cloudy",null,null,null,"None"]
["Continue",132,5,"10 Mavis 1003","Godsday","Spring",44,"4:40am","7:21pm","Darkness","Temperate","Seacoast",0,2,2,5,6,2,5,1,3,1,15,0,0,"70 (70)","55 (55)",3,0.42,0.57999999999999996,"North",30,15,"M","1/2 inch to 3/4 inch","Rain",5,"Overcast",null,null,null,"None"]
["Continue",133,5,"11 Mavis 1003","Newday","Spring",44,"4:39am","7:22pm","Darkness","Temperate","Seacoast",0,6,5,2,6,2,6,2,1,1,17,0,0,"80 (80)","60 (60)",2,0.36,0.22,"South",15,8,"-","None","None",3,"Partly Cloudy",null,null,null,"None"]
["Continue",134,5,"12 Mavis 1003","Nexsta'","Spring",44,"4:38am","7:23pm","Darkness","Temperate","Seacoast",0,5,5,6,3,3,6,6,2,3,19,0,0,"85 (86)","65 (65)",3,0.47,0.41,"South",5,0,"M","1/2 inch to 3/4 inch","Rain",3,"Partly Cloudy",null,null,null,"None"]
["Continue",135,6,"13 Mavis 1003","Onward","Spring",44,"4:37am","7:24pm","Darkness","Temperate","Seacoast",0,5,4,5,4,5,3,4,3,1,20,0,0,"85 (85)","70 (70)",2,0.31,0.37,"West",0,0,"-","None","None",1,"Clear",null,null,null,"None"]
["Continue",136,6,"14 Mavis 1003","Forens","Spring",44,"4:36am","7:25pm","Darkness","Temperate","Seacoast",0,2,2,1,4,1,5,5,1,1,18,0,0,"80 (81)","65 (65)",3,0.5,0.45,"North",10,5,"M","1/2 inch to 3/4 inch","Rain",3,"Partly Cloudy",null,null,null,"None"]
["Continue",137,6,"15 Mavis 1003","Freeday","Spring",44,"4:35am","7:26pm","Darkness","Temperate","Seacoast",0,3,4,2,2,1,1,4,3,4,18,0,0,"80 (85)","65 (65)",4,0.88,0.8,"West",10,5,"M","1/2 inch to 3/4 inch","Rain",3,"Partly Cloudy",null,null,null,"None"]
["Continue",138,6,"16 Mavis 1003","Hafn'mor","Spring",44,"4:34am","7:27pm","Darkness","Temperate","Seacoast",0,5,2,3,2,1,1,3,1,3,18,0,0,"80 (85)","65 (65)",4,0.83,0.85,"West",10,5,"M","1/2 inch to 3/4 inch","Rain",3,"Partly Cloudy",null,null,null,"None"]
["Continue",139,6,"17 Mavis 1003","Aprochen","Spring",44,"4:33am","7:28pm","Darkness","Temperate","Seacoast",0,3,4,6,6,3,3,4,1,3,18,0,0,"80 (84)","65 (65)",4,0.81,0.74,"West",10,5,"M","1/2 inch to 3/4 inch","Rain",3,"Partly Cloudy",null,null,null,"None"]
["Continue",140,6,"18 Mavis 1003","Longday","Spring",44,"4:32am","7:29pm","Darkness","Temperate","Seacoast",0,6,2,3,2,6,5,5,3,4,19,0,0,"85 (96)","65 (65)",3,0.79,0.57999999999999996,"West",0,0,"T","< 1/8 inch","Rain",2,"Mostly Clear",null,null,null,"None"]
["Continue",141,6,"19 Mavis 1003","Endsnear","Spring",44,"4:31am","7:30pm","Darkness","Temperate","Seacoast",0,6,3,1,3,3,4,3,3,2,20,0,0,"85 (90)","70 (70)",2,0.61,0.33,"West",0,0,"-","None","None",1,"Clear",null,null,null,"None"]
["Continue",142,6,"20 Mavis 1003","Godsday","Spring",44,"4:30am","7:30pm","Darkness","Temperate","Seacoast",0,6,2,1,6,2,3,1,1,4,21,0,0,"90 (90)","70 (70)",2,0.22,0.31,"West",0,0,"T","< 1/8 inch","Rain",2,"Mostly Clear",null,null,null,"None"]
["Continue",143,6,"21 Mavis 1003","Newday","Spring",44,"4:29am","7:31pm","Darkness","Temperate","Seacoast",0,4,6,4,6,4,5,2,3,4,23,1,0,"95 (95)","75 (75)",2,0.24,0.23,"South",0,0,"L","1/8 inch to 1/2 inch","Rain",2,"Mostly Clear",null,null,null,"None"]
["Continue",144,6,"22 Mavis 1003","Nexsta'","Spring",44,"4:29am","7:32pm","Darkness","Temperate","Seacoast",0,4,1,3,4,4,5,5,1,3,22,0,0,"90 (90)","75 (75)",2,0.35,0.39,"West",15,8,"-","None","None",3,"Partly Cloudy",null,null,null,"None"]
["Continue",145,6,"23 Mavis 1003","Onward","Spring",44,"4:28am","7:33pm","Darkness","Temperate","Seacoast",0,1,5,1,3,5,1,1,3,2,21,0,0,"90 (90)","70 (70)",2,0.33,0.32,"West",25,12,"L","1/8 inch to 1/2 inch","Rain",3,"Partly Cloudy",null,null,null,"None"]
["Continue",146,6,"24 Mavis 1003","Forens","Spring",44,"4:27am","7:33pm","Darkness","Temperate","Seacoast",0,4,3,2,3,6,2,2,2,3,21,0,0,"90 (90)","70 (70)",2,0.39,0.28999999999999998,"West",25,12,"L","1/8 inch to 1/2 inch","Rain",3,"Partly Cloudy",null,null,null,"None"]
["Continue",147,6,"25 Mavis 1003","Freeday","Spring",44,"4:26am","7:34pm","Darkness","Temperate","Seacoast",0,5,4,2,6,1,3,6,1,2,22,0,0,"90 (90)","75 (75)",2,0.28000000000000003,0.34,"West",10,5,"-","None","None",1,"Clear",null,null,null,"None"]
["Continue",148,6,"26 Mavis 1003","Hafn'mor","Spring",44,"4:26am","7:35pm","Darkness","Temperate","Seacoast",0,1,5,2,5,5,2,6,1,4,21,0,0,"90 (90)","70 (70)",2,0.31,0.21,"West",20,10,"L","1/8 inch to 1/2 inch","Rain",2,"Mostly Clear",null,null,null,"None"]
["Continue",149,6,"27 Mavis 1003","Aprochen","Spring",44,"4:25am","7:35pm","Moonlight","Temperate","Seacoast",0,6,5,1,1,4,6,3,1,1,23,1,0,"95 (95)","75 (75)",2,0.35,0.21,"South",5,0,"-","None","None",1,"Clear",null,null,null,"None"]
["Continue",150,6,"28 Mavis 1003","Longday","Spring",44,"4:25am","7:36pm","Moonlight","Temperate","Seacoast",0,4,2,3,6,6,3,3,1,2,22,0,0,"90 (90)","75 (75)",2,0.35,0.31,"West",15,8,"T","< 1/8 inch","Rain",2,"Mostly Clear",null,null,null,"None"]
["Continue",151,6,"29 Mavis 1003","Endsnear","Spring",44,"4:24am","7:36pm","Moonlight","Temperate","Seacoast",0,1,2,2,2,3,5,6,1,3,20,0,0,"85 (85)","70 (70)",2,0.31,0.37,"North",30,15,"-","None","None",4,"Mostly Cloudy",null,null,null,"None"]
["Continue",152,6,"30 Mavis 1003","Godsday","Spring",44,"4:24am","7:37pm","Moonlight","Temperate","Seacoast",0,4,4,4,6,2,1,5,2,3,21,0,0,"90 (97)","70 (70)",3,0.55000000000000004,0.56999999999999995,"West",20,10,"M","1/2 inch to 3/4 inch","Rain",3,"Partly Cloudy",null,null,null,"None"]
["Continue",153,6,"01 Junta 1003","Newday","Spring",44,"4:23am","7:37pm","Moonlight","Temperate","Seacoast",0,3,3,1,3,6,6,3,2,4,20,0,0,"85 (99)","70 (70)",4,0.84,0.76,"West",30,15,"H","3/4 inch to 1.5 inches","Rain",3,"Partly Cloudy",null,null,null,"None"]
["Continue",154,6,"02 Junta 1003","Nexsta'","Spring",44,"4:23am","7:37pm","Moonlight","Temperate","Seacoast",0,6,2,5,2,3,2,4,1,4,21,0,0,"90 (117)","70 (70)",3,0.84,0.64,"West",20,10,"T","< 1/8 inch","Rain",2,"Mostly Clear",null,null,null,"None"]
["Continue",155,6,"03 Junta 1003","Onward","Spring",44,"4:23am","7:38pm","Moonlight","Temperate","Seacoast",0,4,5,1,3,3,4,5,1,1,22,0,0,"90 (94)","75 (75)",2,0.48,0.38,"West",5,0,"-","None","None",1,"Clear",null,null,null,"None"]
["Continue",156,6,"04 Junta 1003","Forens","Spring",44,"4:22am","7:38pm","Darkness","Temperate","Seacoast",0,2,4,5,4,1,1,1,1,1,21,0,0,"90 (91)","70 (70)",2,0.4,0.23,"West",15,8,"L","1/8 inch to 1/2 inch","Rain",2,"Mostly Clear",null,null,null,"None"]
["Continue",157,6,"05 Junta 1003","Freeday","Spring",44,"4:22am","7:38pm","Darkness","Temperate","Seacoast",0,4,1,1,3,1,2,1,2,1,20,0,0,"85 (85)","70 (70)",2,0.33,0.26,"West",30,15,"-","None","None",3,"Partly Cloudy",null,null,null,"None"]
["Continue",158,6,"06 Junta 1003","Hafn'mor","Spring",44,"4:22am","7:38pm","Darkness","Temperate","Seacoast",0,3,6,5,4,5,6,4,2,2,21,0,0,"90 (90)","70 (70)",2,0.31,0.34,"West",15,8,"-","None","None",1,"Clear",null,null,null,"None"]
["Continue",159,6,"07 Junta 1003","Aprochen","Spring",44,"4:22am","7:38pm","Darkness","Temperate","Seacoast",0,5,2,5,2,5,1,3,1,1,21,0,0,"90 (90)","70 (70)",2,0.26,0.25,"West",15,8,"-","None","None",1,"Clear",null,null,null,"None"]
["Continue",160,6,"08 Junta 1003","Longday","Spring",44,"4:22am","7:38pm","Darkness","Temperate","Seacoast",0,2,6,1,2,2,3,5,3,1,22,0,0,"90 (90)","75 (75)",2,0.28000000000000003,0.37,"West",5,0,"L","1/8 inch to 1/2 inch","Rain",2,"Mostly Clear",null,null,null,"None"]
["Continue",161,6,"09 Junta 1003","Endsnear","Spring",44,"4:21am","7:39pm","Darkness","Temperate","Seacoast",0,4,2,4,1,2,4,5,2,1,21,0,0,"90 (90)","70 (70)",2,0.23,0.22,"West",15,8,"T","< 1/8 inch","Rain",2,"Mostly Clear",null,null,null,"None"]
["Continue",162,7,"10 Junta 1003","Godsday","Summer",44,"4:21am","7:39pm","Darkness","Temperate","Seacoast",0,2,6,5,6,4,1,5,1,1,22,0,0,"90 (90)","75 (75)",2,0.21,0.31,"West",5,0,"T","< 1/8 inch","Rain",2,"Mostly Clear",null,null,null,"None"]
["Continue",163,7,"11 Junta 1003","Newday","Summer",44,"4:21am","7:39pm","Darkness","Temperate","Seacoast",0,3,1,5,4,3,5,4,2,3,20,0,0,"85 (85)","70 (70)",2,0.33,0.32,"North",15,8,"-","None","None",3,"Partly Cloudy",null,null,null,"None"]
["Continue",164,7,"12 Junta 1003","Nexsta'","Summer",44,"4:21am","7:38pm","Darkness","Temperate","Seacoast",0,6,5,2,4,6,1,5,1,4,22,0,0,"90 (90)","75 (75)",2,0.28999999999999998,0.24,"South",0,0,"-","None","None",1,"Clear",null,null,null,"None"]
["Continue",165,7,"13 Junta 1003","Onward","Summer",44,"4:22am","7:38pm","Darkness","Temperate","Seacoast",0,1,6,3,2,5,1,4,3,3,22,0,0,"90 (90)","75 (75)",2,0.39,0.25,"West",0,0,"-","None","None",1,"Clear",null,null,null,"None"]
["Continue",166,7,"14 Junta 1003","Forens","Summer",44,"4:22am","7:38pm","Darkness","Temperate","Seacoast",0,6,6,1,2,2,5,1,2,4,24,1,0,"100 (100)","80 (80)",2,0.38,0.31,"South",5,0,"L","1/8 inch to 1/2 inch","Rain",2,"Mostly Clear",3,"-",null,"None"]
["Continue",167,7,"15 Junta 1003","Freeday","Summer",44,"4:22am","7:38pm","Darkness","Temperate","Seacoast",0,3,3,3,3,1,1,1,3,4,23,0,0,"95 (95)","75 (75)",2,0.26,0.28000000000000003,"West",15,8,"L","1/8 inch to 1/2 inch","Rain",2,"Mostly Clear",null,null,null,"None"]
["Continue",168,7,"16 Junta 1003","Hafn'mor","Summer",44,"4:22am","7:38pm","Darkness","Temperate","Seacoast",0,4,3,6,1,6,5,3,2,4,23,0,0,"95 (95)","75 (75)",2,0.28999999999999998,0.34,"West",15,8,"L","1/8 inch to 1/2 inch","Rain",2,"Mostly Clear",null,null,null,"None"]
["Continue",169,7,"17 Junta 1003","Aprochen","Summer",44,"4:22am","7:38pm","Darkness","Temperate","Seacoast",0,1,3,5,3,2,5,1,1,3,21,0,0,"90 (90)","70 (70)",2,0.34,0.28000000000000003,"North",25,12,"T","< 1/8 inch","Rain",3,"Partly Cloudy",null,null,null,"None"]
["Continue",170,7,"18 Junta 1003","Longday","Summer",44,"4:22am","7:38pm","Darkness","Temperate","Seacoast",0,3,6,3,4,3,5,5,1,3,22,0,0,"90 (90)","75 (75)",2,0.39,0.37,"West",10,5,"-","None","None",1,"Clear",null,null,null,"None"]
["Continue",171,7,"19 Junta 1003","Endsnear","Summer",44,"4:22am","7:37pm","Darkness","Temperate","Seacoast",0,2,4,5,2,6,2,4,2,1,21,0,0,"90 (90)","70 (70)",2,0.36,0.23,"West",20,10,"T","< 1/8 inch","Rain",2,"Mostly Clear",null,null,null,"None"]
["Continue",172,7,"20 Junta 1003","Godsday","Summer",44,"4:23am","7:37pm","Darkness","Temperate","Seacoast",0,1,2,1,5,6,6,6,3,2,19,0,0,"85 (85)","65 (65)",2,0.34,0.25,"North",35,18,"-","None","None",4,"Mostly Cloudy",null,null,null,"None"]
["Continue",173,7,"21 Junta 1003","Newday","Summer",44,"4:23am","7:37pm","Darkness","Temperate","Seacoast",0,6,6,1,2,2,1,4,3,4,22,0,0,"90 (90)","75 (75)",2,0.23,0.31,"South",5,0,"L","1/8 inch to 1/2 inch","Rain",2,"Mostly Clear",3,"-",null,"None"]
["Continue",174,7,"22 Junta 1003","Nexsta'","Summer",44,"4:23am","7:36pm","Darkness","Temperate","Seacoast",0,6,1,2,2,6,1,4,2,1,22,0,0,"90 (90)","75 (75)",2,0.32,0.22,"West",5,0,"L","1/8 inch to 1/2 inch","Rain",2,"Mostly Clear",null,null,null,"None"]
["Continue",175,7,"23 Junta 1003","Onward","Summer",44,"4:24am","7:36pm","Darkness","Temperate","Seacoast",0,2,6,2,4,1,4,6,3,1,23,0,0,"95 (95)","75 (75)",2,0.25,0.38,"West",0,0,"T","< 1/8 inch","Rain",2,"Mostly Clear",null,null,null,"None"]
["Continue",176,7,"24 Junta 1003","Forens","Summer",44,"4:24am","7:36pm","Darkness","Temperate","Seacoast",0,2,2,2,3,5,1,2,1,2,21,0,0,"90 (90)","70 (70)",2,0.36,0.27,"North",10,5,"L","1/8 inch to 1/2 inch","Rain",3,"Partly Cloudy",null,null,null,"None"]
["Continue",177,7,"25 Junta 1003","Freeday","Summer",44,"4:24am","7:35pm","Darkness","Temperate","Seacoast",0,3,1,1,4,5,3,1,3,1,19,0,0,"85 (85)","65 (65)",2,0.22,0.36,"North",20,10,"-","None","None",4,"Mostly Cloudy",null,null,null,"None"]
["Continue",178,7,"26 Junta 1003","Hafn'mor","Summer",44,"4:25am","7:35pm","Darkness","Temperate","Seacoast",0,4,5,1,4,4,6,5,3,3,20,0,0,"85 (85)","70 (70)",2,0.33,0.25,"West",5,0,"-","None","None",2,"Mostly Clear",null,null,null,"None"]
["Continue",179,7,"27 Junta 1003","Aprochen","Summer",44,"4:25am","7:34pm","Moonlight","Temperate","Seacoast",0,5,3,2,4,3,2,3,3,2,21,0,0,"90 (90)","70 (70)",2,0.22,0.22,"West",0,0,"-","None","None",1,"Clear",null,null,null,"None"]
["Continue",180,7,"28 Junta 1003","Longday","Summer",44,"4:26am","7:34pm","Moonlight","Temperate","Seacoast",0,4,5,1,4,6,4,1,2,3,22,0,0,"90 (90)","75 (75)",2,0.27,0.25,"West",0,0,"-","None","None",1,"Clear",null,null,null,"None"]
["Continue",181,7,"29 Junta 1003","Endsnear","Summer",44,"4:26am","7:33pm","Moonlight","Temperate","Seacoast",0,2,1,4,2,3,4,4,3,1,20,0,0,"85 (85)","70 (70)",2,0.31,0.31,"North",15,8,"-","None","None",3,"Partly Cloudy",null,null,null,"None"]
["Continue",182,7,"30 Junta 1003","Godsday","Summer",44,"4:27am","7:33pm","Moonlight","Temperate","Seacoast",0,1,4,2,5,1,5,6,1,2,19,0,0,"85 (85)","65 (65)",2,0.36,0.34,"West",30,15,"-","None","None",4,"Mostly Cloudy",null,null,null,"None"]
["Continue",183,7,"01 Jularva 1003","Newday","Summer",44,"4:27am","7:32pm","Moonlight","Temperate","Seacoast",0,6,5,6,4,3,4,2,3,2,21,0,0,"90 (90)","70 (70)",2,0.26,0.28000000000000003,"South",15,8,"-","None","None",2,"Mostly Clear",null,null,null,"None"]
["Continue",184,7,"02 Jularva 1003","Nexsta'","Summer",44,"4:28am","7:32pm","Moonlight","Temperate","Seacoast",0,1,4,1,5,3,3,1,2,2,20,0,0,"85 (85)","70 (70)",2,0.28999999999999998,0.33,"West",30,15,"-","None","None",3,"Partly Cloudy",null,null,null,"None"]
["Continue",185,7,"03 Jularva 1003","Onward","Summer",44,"4:28am","7:31pm","Moonlight","Temperate","Seacoast",0,5,5,4,2,5,2,3,3,2,22,0,0,"90 (90)","75 (75)",2,0.3,0.32,"South",20,10,"L","1/8 inch to 1/2 inch","Rain",2,"Mostly Clear",null,null,null,"None"]
["Continue",186,7,"04 Jularva 1003","Forens","Summer",44,"4:29am","7:31pm","Darkness","Temperate","Seacoast",0,6,5,5,4,6,6,2,3,1,24,1,0,"100 (100)","80 (80)",2,0.34,0.39,"South",5,0,"-","None","None",1,"Clear",null,null,null,"None"]
["Continue",187,7,"05 Jularva 1003","Freeday","Summer",44,"4:30am","7:30pm","Darkness","Temperate","Seacoast",0,1,3,5,5,6,2,1,2,4,22,0,0,"90 (90)","75 (75)",2,0.26,0.34,"North",15,8,"T","< 1/8 inch","Rain",2,"Mostly Clear",null,null,null,"None"]
["Continue",188,7,"06 Jularva 1003","Hafn'mor","Summer",44,"4:30am","7:29pm","Darkness","Temperate","Seacoast",0,6,5,2,3,4,3,4,1,1,24,1,0,"100 (100)","80 (80)",2,0.38,0.23,"South",0,0,"-","None","None",1,"Clear",null,null,null,"None"]
["Continue",189,7,"07 Jularva 1003","Aprochen","Summer",44,"4:31am","7:28pm","Darkness","Temperate","Seacoast",0,1,3,3,4,3,6,1,1,3,22,0,0,"90 (90)","75 (75)",2,0.28999999999999998,0.36,"North",10,5,"T","< 1/8 inch","Rain",2,"Mostly Clear",null,null,null,"None"]
["Continue",190,7,"08 Jularva 1003","Longday","Summer",44,"4:32am","7:28pm","Darkness","Temperate","Seacoast",0,2,3,4,6,2,4,2,1,3,21,0,0,"90 (90)","70 (70)",2,0.39,0.3,"West",25,12,"-","None","None",3,"Partly Cloudy",null,null,null,"None"]
["Continue",191,7,"09 Jularva 1003","Endsnear","Summer",44,"4:33am","7:27pm","Darkness","Temperate","Seacoast",0,1,3,1,2,5,2,3,1,3,19,0,0,"85 (85)","65 (65)",2,0.22,0.3,"North",35,18,"T","< 1/8 inch","Rain",4,"Mostly Cloudy",null,null,null,"None"]
["Continue",192,7,"10 Jularva 1003","Godsday","Summer",44,"4:33am","7:26pm","Darkness","Temperate","Seacoast",0,2,1,1,2,4,6,2,1,1,17,0,0,"80 (80)","60 (60)",2,0.32,0.23,"North",45,22,"-","None","None",5,"Overcast",null,null,null,"None"]
["Continue",193,7,"11 Jularva 1003","Newday","Summer",44,"4:34am","7:25pm","Darkness","Temperate","Seacoast",0,2,6,2,3,4,2,6,1,1,18,0,0,"80 (80)","65 (65)",2,0.24,0.33,"West",35,18,"T","< 1/8 inch","Rain",4,"Mostly Cloudy",null,null,null,"None"]
["Continue",194,7,"12 Jularva 1003","Nexsta'","Summer",44,"4:35am","7:25pm","Darkness","Temperate","Seacoast",0,4,5,2,4,4,5,6,3,4,19,0,0,"85 (85)","65 (65)",2,0.32,0.28999999999999998,"West",20,10,"-","None","None",2,"Mostly Clear",null,null,null,"None"]
["Continue",195,7,"13 Jularva 1003","Onward","Summer",44,"4:36am","7:24pm","Darkness","Temperate","Seacoast",0,3,1,1,4,1,1,3,2,1,17,0,0,"80 (80)","60 (60)",2,0.36,0.36,"North",30,15,"-","None","None",3,"Partly Cloudy",null,null,null,"None"]
["Continue",196,7,"14 Jularva 1003","Forens","Summer",44,"4:36am","7:23pm","Darkness","Temperate","Seacoast",0,2,3,4,2,4,2,4,3,2,16,0,0,"75 (75)","55 (55)",2,0.25,0.22,"West",45,22,"-","None","None",4,"Mostly Cloudy",null,null,null,"None"]
["Continue",197,8,"15 Jularva 1003","Freeday","Summer",44,"4:37am","7:22pm","Darkness","Temperate","Seacoast",0,3,1,3,1,3,3,3,2,4,14,0,0,"70 (70)","50 (50)",2,0.28000000000000003,0.28999999999999998,"North",45,22,"-","None","None",5,"Overcast",null,null,null,"None"]
["Continue",198,8,"16 Jularva 1003","Hafn'mor","Summer",44,"4:38am","7:21pm","Darkness","Temperate","Seacoast",0,5,2,1,5,5,3,3,3,1,14,0,0,"70 (70)","50 (50)",2,0.28999999999999998,0.27,"West",45,22,"-","None","None",5,"Overcast",null,null,null,"None"]
["Continue",199,8,"17 Jularva 1003","Aprochen","Summer",44,"4:39am","7:20pm","Darkness","Temperate","Seacoast",0,5,5,5,3,4,5,1,2,3,16,0,0,"75 (75)","55 (55)",2,0.34,0.35,"South",35,18,"L","1/8 inch to 1/2 inch","Rain",3,"Partly Cloudy",null,null,null,"None"]
["Continue"]

{"sheet":"Sword of Nth","index":5,"n_rows":175,"n_cols":44,"rows_kept":175,"cut":false,"hidden":false,"merged":[[0,10,1,10],[0,21,1,21],[0,1,1,1],[0,2,1,2],[0,3,1,3],[0,4,1,4],[0,14,1,14],[0,13,1,13],[0,19,1,19],[0,20,1,20],[0,12,1,12],[0,18,1,18],[0,11,1,11],[0,5,1,5],[0,6,1,6],[0,7,1,7],[0,17,1,17],[0,15,1,15],[0,16,1,16],[0,8,1,8],[0,9,1,9],[0,30,0,32],[0,38,0,42],[0,22,0,26],[0,36,0,37],[0,33,0,35],[0,27,0,29]]}
[null,"DOY","Seasonal Month","Date","Day of Week","Season","Latitude (degrees)","Sunrise","Sunset","Night Time Illumination","Climatic Region","Terrain Type","Elevation (ft.)","d6#1","d6#2","d6#3","d6#4","d6#5","d6#6","d6#7","d3","d4","Temperature: actual °F (feels like °F)",null,null,null,null,"Relative Humidity",null,null,"Wind",null,null,"Precipitation",null,null,"Cloud Cover",null,"Special Weather",null,null,null,null,"Player Notes"]
[null,null,null,null,null,null,null,null,null,null,null,null,null,null,null,null,null,null,null,null,null,null,"Code","Days at Max.","Days at Min.","High","Low","Code","Before Precip.","After Precip.","Direction","Gusts (mph)","Average (mph)","Code","Amount (in.)","Type","Code",null,"Roll 2","Code","Days Countdown",null,"Notes"]
["New",164,7,"12 Junta 1002","Nexsta'","Summer",44,"4:21am","7:38pm","Darkness","Temperate","Seacoast",0,2,5,1,5,5,5,5,3,1,16,0,0,"75 (75)","55 (55)",3,0.42,0.61,"West",15,7,"L","1/8 inch to 1/2 inch","Rain",4,"Mostly Cloudy",null,null,null,"None",null,"Leaving Willip"]
["Continue",165,7,"13 Junta 1002","Onward","Summer",40,"4:35am","7:25pm","Darkness","Temperate","Seacoast",0,3,4,6,2,5,2,2,2,4,16,0,0,"75 (75)","55 (55)",3,0.69,0.41,"West",15,8,"L","1/8 inch to 1/2 inch","Rain",4,"Mostly Cloudy",null,null,null,"None"]
["Continue",166,7,"14 Junta 1002","Forens","Summer",36,"4:47am","7:12pm","Darkness","Temperate","Forest",200,3,6,5,3,6,6,4,2,1,17,0,0,"80 (83)","60 (60)",2,0.7,0.31,"West",0,0,"-","None","None",2,"Mostly Clear",null,null,null,"None"]
["Continue",167,7,"15 Junta 1002","Freeday","Summer",36,"4:47am","7:12pm","Darkness","Temperate","Forest",200,5,6,4,2,3,4,1,2,2,19,0,0,"85 (85)","65 (65)",2,0.21,0.28999999999999998,"South",0,0,"-","None","None",1,"Clear",null,null,null,"None"]
["Continue",168,7,"16 Junta 1002","Hafn'mor","Summer",36,"4:47am","7:12pm","Darkness","Temperate","Forest",200,3,5,3,2,2,6,5,3,1,20,0,0,"85 (91)","70 (70)",3,0.65,0.59,"West",0,0,"M","1/2 inch to 3/4 inch","Rain",3,"Partly Cloudy",null,null,null,"None"]
["Continue",169,7,"17 Junta 1002","Aprochen","Summer",36,"4:47am","7:12pm","Darkness","Temperate","Forest",200,1,1,3,1,2,3,2,1,3,17,0,0,"80 (85)","60 (60)",4,0.86,0.88,"West",45,22,"M","1/2 inch to 3/4 inch","Rain",5,"Overcast",4,"G",null,"Gale","33-50 mph winds from 8:53pm 'til 12:53am"]
["Continue",170,7,"18 Junta 1002","Longday","Summer",31,"5:00am","6:59pm","Darkness","Temperate","Plains",400,2,2,6,2,6,3,5,1,4,15,0,0,"70 (70)","55 (55)",5,1,0.92,"North",45,22,"H","3/4 inch to 1.5 inches","Rain",5,"Overcast",null,null,null,"None"]
["Continue",171,7,"19 Junta 1002","Endsnear","Summer",27,"5:10am","6:49pm","Darkness","Subtropical","Plains",600,6,2,3,2,1,6,2,3,2,20,0,1,"85 (102)","70 (70)",4,0.9,0.9,"Northeast",35,18,"T","< 1/8 inch","Rain",4,"Mostly Cloudy",null,null,null,"None"]
["Continue",172,7,"20 Junta 1002","Godsday","Summer",23,"5:19am","6:41pm","Darkness","Subtropical","Plains",800,1,4,3,5,4,5,2,1,2,20,0,2,"85 (101)","70 (70)",4,0.89,0.9,"Northeast",35,18,"T","< 1/8 inch","Rain",4,"Mostly Cloudy",null,null,null,"None",null,"Arrive near Deppershire & set up Eclipse's base camp"]
["Continue",173,7,"21 Junta 1002","Newday","Summer",19,"5:27am","6:33pm","Darkness","Subtropical","Plains",1000,6,2,6,1,2,2,4,3,2,21,0,0,"89 (114)","69 (69)",4,0.86,0.72,"Northeast",25,12,"T","< 1/8 inch","Rain",3,"Partly Cloudy",null,null,null,"None",null,"Into Deppershire"]
["Continue",174,7,"22 Junta 1002","Nexsta'","Summer",19,"5:27am","6:33pm","Darkness","Subtropical","Plains",1000,6,2,4,4,4,6,6,2,2,22,0,0,"89 (117)","74 (74)",4,0.89,0.82,"Northeast",15,8,"T","< 1/8 inch","Rain",2,"Mostly Clear",null,null,null,"None",null,"Leave for Rift Canyon"]
["Continue",175,7,"23 Junta 1002","Onward","Summer",19,"5:27am","6:33pm","Darkness","Subtropical","Plains",1000,5,2,4,6,6,6,2,2,4,22,0,0,"89 (107)","74 (74)",4,0.76,0.87,"Northeast",15,8,"T","< 1/8 inch","Rain",2,"Mostly Clear",null,null,null,"None",null,"Arrive at Rift Canyon"]
["Continue",176,7,"24 Junta 1002","Forens","Summer",19,"5:27am","6:33pm","Darkness","Subtropical","Plains",700,3,2,4,5,4,5,3,3,3,21,0,0,"90 (115)","70 (70)",3,0.82,0.42,"Northeast",30,15,"-","None","None",3,"Partly Cloudy",null,null,null,"None",null,"Into the Cube of Nth"]
["Continue",177,7,"25 Junta 1002","Freeday","Summer",19,"5:27am","6:33pm","Darkness","Subtropical","Plains",700,6,3,4,6,4,6,1,2,1,22,0,0,"90 (91)","75 (75)",2,0.4,0.36,"Northeast",15,8,"-","None","None",1,"Clear",null,null,null,"None"]
["Continue",178,7,"26 Junta 1002","Hafn'mor","Summer",19,"5:27am","6:33pm","Darkness","Subtropical","Plains",700,6,1,1,1,6,3,4,3,3,22,0,0,"90 (90)","75 (75)",2,0.3,0.25,"Northeast",15,8,"-","None","None",1,"Clear",null,null,null,"None"]
["Continue",179,7,"27 Junta 1002","Aprochen","Summer",19,"5:27am","6:33pm","Moonlight","Subtropical","Plains",700,3,5,5,3,6,4,5,1,3,23,0,0,"95 (95)","75 (75)",2,0.38,0.34,"Northeast",5,0,"L","1/8 inch to 1/2 inch","Rain",2,"Mostly Clear",null,null,null,"None"]
["Continue",180,7,"28 Junta 1002","Longday","Summer",19,"5:28am","6:32pm","Moonlight","Subtropical","Plains",700,2,4,2,2,1,6,4,2,1,22,0,0,"90 (90)","75 (75)",2,0.28000000000000003,0.24,"Northeast",15,8,"L","1/8 inch to 1/2 inch","Rain",2,"Mostly Clear",null,null,null,"None"]
["Continue",181,7,"29 Junta 1002","Endsnear","Summer",19,"5:28am","6:32pm","Moonlight","Subtropical","Plains",700,4,2,6,6,6,5,4,1,2,21,0,0,"90 (90)","70 (70)",2,0.22,0.37,"Northeast",25,12,"T","< 1/8 inch","Rain",2,"Mostly Clear",null,null,null,"None"]
["Continue",182,7,"30 Junta 1002","Godsday","Summer",19,"5:28am","6:32pm","Moonlight","Subtropical","Plains",700,6,1,1,5,6,6,5,2,4,21,0,0,"90 (90)","70 (70)",2,0.37,0.33,"Northeast",25,12,"T","< 1/8 inch","Rain",2,"Mostly Clear",null,null,null,"None"]
["Continue",183,7,"01 Jularva 1002","Newday","Summer",19,"5:28am","6:32pm","Moonlight","Subtropical","Plains",700,4,2,5,1,2,5,4,1,4,20,0,1,"85 (85)","70 (70)",2,0.37,0.3,"Northeast",35,18,"T","< 1/8 inch","Rain",2,"Mostly Clear",null,null,null,"None"]
["Continue",184,7,"02 Jularva 1002","Nexsta'","Summer",19,"5:28am","6:32pm","Moonlight","Subtropical","Plains",1000,1,6,3,5,3,5,3,1,3,21,0,0,"89 (89)","69 (69)",2,0.38,0.35,"Northeast",25,12,"L","1/8 inch to 1/2 inch","Rain",2,"Mostly Clear",null,null,null,"None"]
["Continue",185,7,"03 Jularva 1002","Onward","Summer",19,"5:28am","6:31pm","Moonlight","Subtropical","Plains",1000,3,3,3,3,3,3,3,2,2,20,0,1,"84 (84)","69 (69)",3,0.36,0.56999999999999995,"Northeast",35,18,"M","1/2 inch to 3/4 inch","Rain",3,"Partly Cloudy",null,null,null,"None"]
["Continue",186,7,"04 Jularva 1002","Forens","Summer",19,"5:29am","6:31pm","Darkness","Subtropical","Plains",1000,3,3,3,3,3,3,3,2,2,20,0,2,"84 (97)","69 (69)",4,0.88,0.84,"Northeast",35,18,"H","3/4 inch to 1.5 inches","Rain",4,"Mostly Cloudy",null,null,null,"None"]
["Continue",187,7,"05 Jularva 1002","Freeday","Summer",19,"5:29am","6:31pm","Darkness","Subtropical","Plains",1000,3,3,3,3,3,3,3,2,2,21,0,0,"89 (105)","69 (69)",4,0.73,0.87,"Northeast",25,12,"M","1/2 inch to 3/4 inch","Rain",3,"Partly Cloudy",null,null,null,"None"]
["Continue",188,7,"06 Jularva 1002","Hafn'mor","Summer",22,"5:24am","6:36pm","Darkness","Subtropical","Plains",2000,3,3,3,3,3,3,3,2,2,20,0,1,"81 (86)","66 (66)",4,0.77,0.72,"Northeast",35,18,"M","1/2 inch to 3/4 inch","Rain",3,"Partly Cloudy",null,null,null,"None"]
["Continue",189,7,"07 Jularva 1002","Aprochen","Summer",25,"5:18am","6:42pm","Darkness","Subtropical","Plains",2000,3,3,3,3,3,3,3,2,2,20,0,2,"81 (86)","66 (66)",4,0.78,0.83,"Northeast",35,18,"M","1/2 inch to 3/4 inch","Rain",3,"Partly Cloudy",null,null,null,"None"]
["Continue",190,7,"08 Jularva 1002","Longday","Summer",25,"5:19am","6:41pm","Darkness","Subtropical","Mountains",2000,3,3,3,3,3,3,3,2,2,19,0,0,"91 (127)","71 (71)",5,0.91,0.94,"Northeast",45,22,"H","3/4 inch to 1.5 inches","Rain",4,"Mostly Cloudy",null,null,null,"None"]
["Continue",191,7,"09 Jularva 1002","Endsnear","Summer",28,"5:13am","6:47pm","Darkness","Subtropical","Plains",2000,3,3,3,3,3,3,3,2,2,20,0,1,"81 (87)","66 (66)",4,0.82,0.72,"Northeast",45,22,"M","1/2 inch to 3/4 inch","Rain",4,"Mostly Cloudy",null,null,null,"None"]
["Continue",192,7,"10 Jularva 1002","Godsday","Summer",31,"5:07am","6:53pm","Darkness","Temperate","Seacoast",2000,3,3,3,3,3,3,3,2,2,19,0,0,"79 (79)","59 (59)",4,0.78,0.75,"West",45,22,"M","1/2 inch to 3/4 inch","Rain",4,"Mostly Cloudy",null,null,null,"None",null,"encounter harpies, back to Willip in the evening\n2nd to the 10th not accurate"]
["Continue",193,7,"11 Jularva 1002","Newday","Summer",44,"4:34am","7:25pm","Darkness","Temperate","Seacoast",0,3,5,3,3,5,6,1,3,3,20,0,0,"85 (100)","70 (70)",3,0.87,0.6,"West",35,18,"T","< 1/8 inch","Rain",3,"Partly Cloudy",null,null,null,"None"]
["Continue",194,7,"12 Jularva 1002","Nexsta'","Summer",44,"4:35am","7:25pm","Darkness","Temperate","Seacoast",0,4,6,4,1,5,1,2,3,3,22,0,0,"90 (99)","75 (75)",3,0.59,0.52,"South",25,12,"T","< 1/8 inch","Rain",2,"Mostly Clear",null,null,null,"None"]
["Continue",195,7,"13 Jularva 1002","Onward","Summer",44,"4:36am","7:24pm","Darkness","Temperate","Seacoast",0,1,1,2,3,1,4,6,2,2,19,0,0,"85 (86)","65 (65)",4,0.49,0.76,"West",45,22,"H","3/4 inch to 1.5 inches","Rain",5,"Overcast",5,"X",4,"Lightning Storm","From 5:31am 'til 6:01am."]
["Continue",196,7,"14 Jularva 1002","Forens","Summer",44,"4:36am","7:23pm","Darkness","Temperate","Seacoast",0,4,1,2,1,2,1,1,2,1,18,0,0,"80 (81)","65 (65)",2,0.54,0.4,"West",45,22,"-","None","None",5,"Overcast",null,null,null,"None"]
["Continue",197,8,"15 Jularva 1002","Freeday","Summer",44,"4:37am","7:22pm","Darkness","Temperate","Seacoast",0,4,3,1,4,6,5,3,1,1,18,0,0,"80 (80)","65 (65)",2,0.38,0.24,"West",45,22,"-","None","None",5,"Overcast",null,null,null,"None"]
["Continue",198,8,"16 Jularva 1002","Hafn'mor","Summer",44,"4:38am","7:21pm","Darkness","Temperate","Seacoast",0,2,2,3,3,3,6,5,2,2,16,0,0,"75 (75)","55 (55)",2,0.32,0.27,"North",45,22,"L","1/8 inch to 1/2 inch","Rain",5,"Overcast",null,null,null,"None"]
["Continue",199,8,"17 Jularva 1002","Aprochen","Summer",44,"4:39am","7:20pm","Darkness","Temperate","Seacoast",0,3,2,3,2,2,1,4,1,1,15,0,0,"70 (70)","55 (55)",2,0.35,0.3,"West",45,22,"-","None","None",5,"Overcast",null,null,null,"None"]
["Continue",200,8,"18 Jularva 1002","Longday","Summer",44,"4:40am","7:19pm","Darkness","Temperate","Seacoast",0,6,4,5,1,6,3,3,1,4,17,0,0,"80 (80)","60 (60)",2,0.37,0.24,"South",35,18,"-","None","None",3,"Partly Cloudy",null,null,null,"None"]
["Continue",201,8,"19 Jularva 1002","Endsnear","Summer",44,"4:41am","7:18pm","Darkness","Temperate","Seacoast",0,3,4,5,6,4,1,6,3,3,17,0,0,"80 (80)","60 (60)",2,0.37,0.25,"West",35,18,"-","None","None",3,"Partly Cloudy",null,null,null,"None"]
["Continue",202,8,"20 Jularva 1002","Godsday","Summer",44,"4:42am","7:18pm","Darkness","Temperate","Seacoast",0,1,2,4,3,5,4,2,2,2,15,0,0,"70 (70)","55 (55)",2,0.22,0.21,"North",45,22,"-","None","None",5,"Overcast",null,null,null,"None"]
["Continue",203,8,"21 Jularva 1002","Newday","Summer",44,"4:43am","7:17pm","Darkness","Temperate","Seacoast",0,2,5,1,4,3,1,5,2,4,15,0,0,"70 (70)","55 (55)",2,0.25,0.31,"West",45,22,"-","None","None",5,"Overcast",null,null,null,"None",null,"Everybody starts their training"]
["Continue",204,8,"22 Jularva 1002","Nexsta'","Summer",44,"4:44am","7:16pm","Darkness","Temperate","Seacoast",0,3,5,4,5,4,6,1,1,2,16,0,0,"75 (75)","55 (55)",2,0.34,0.37,"West",35,18,"T","< 1/8 inch","Rain",4,"Mostly Cloudy",null,null,null,"None"]
["Continue",205,8,"23 Jularva 1002","Onward","Summer",44,"4:45am","7:15pm","Darkness","Temperate","Seacoast",0,2,6,1,3,5,5,4,1,3,17,0,0,"80 (80)","60 (60)",2,0.36,0.27,"West",25,12,"T","< 1/8 inch","Rain",3,"Partly Cloudy",null,null,null,"None"]
["Continue",206,8,"24 Jularva 1002","Forens","Summer",44,"4:46am","7:14pm","Darkness","Temperate","Seacoast",0,3,3,3,5,2,2,1,3,4,16,0,0,"75 (75)","55 (55)",2,0.23,0.31,"West",35,18,"L","1/8 inch to 1/2 inch","Rain",3,"Partly Cloudy",null,null,null,"None"]
["Continue",207,8,"25 Jularva 1002","Freeday","Summer",44,"4:47am","7:13pm","Darkness","Temperate","Seacoast",0,2,3,4,6,6,1,4,2,4,15,0,0,"70 (70)","55 (55)",2,0.21,0.37,"West",45,22,"-","None","None",4,"Mostly Cloudy",null,null,null,"None"]
["Continue",208,8,"26 Jularva 1002","Hafn'mor","Summer",44,"4:48am","7:11pm","Darkness","Temperate","Seacoast",0,2,4,3,4,6,5,6,3,3,14,0,0,"70 (70)","50 (50)",2,0.27,0.28000000000000003,"West",45,22,"T","< 1/8 inch","Rain",4,"Mostly Cloudy",null,null,null,"None"]
["Continue",209,8,"27 Jularva 1002","Aprochen","Summer",44,"4:49am","7:10pm","Darkness","Temperate","Seacoast",0,2,2,5,4,6,5,4,3,4,13,0,1,"65 (65)","45 (45)",2,0.31,0.25,"North",45,22,"L","1/8 inch to 1/2 inch","Rain",5,"Overcast",null,null,null,"None"]
["Continue",210,8,"28 Jularva 1002","Longday","Summer",44,"4:50am","7:09pm","Moonlight","Temperate","Seacoast",0,6,5,1,2,5,2,4,3,4,15,0,0,"70 (70)","55 (55)",2,0.24,0.36,"South",30,15,"-","None","None",3,"Partly Cloudy",null,null,null,"None"]
["Continue",211,8,"29 Jularva 1002","Endsnear","Summer",44,"4:51am","7:08pm","Darkness","Temperate","Seacoast",0,1,1,4,1,6,6,4,2,4,13,0,1,"65 (65)","45 (45)",3,0.45,0.59,"West",45,22,"H","3/4 inch to 1.5 inches","Rain",5,"Overcast",5,"X",4,"Lightning & Hail Storm","From 5:17am 'til 5:47am."]
["Continue",212,8,"30 Jularva 1002","Godsday","Summer",44,"4:52am","7:07pm","Moonlight","Temperate","Seacoast",0,5,6,3,4,4,6,6,2,2,15,0,0,"70 (70)","55 (55)",2,0.27,0.21,"South",30,15,"-","None","None",3,"Partly Cloudy",null,null,null,"None"]
["Continue",213,8,"31 Jularva 1002","Midsummer","Summer",44,"4:53am","7:06pm","Moonlight","Temperate","Seacoast",0,5,6,2,6,5,6,6,3,4,17,0,0,"80 (80)","60 (60)",2,0.21,0.28999999999999998,"South",15,8,"-","None","None",1,"Clear",null,null,null,"None"]
["Continue",214,8,"01 Augot 1002","Newday","Summer",44,"4:54am","7:05pm","Moonlight","Temperate","Seacoast",0,1,5,3,1,3,1,1,2,3,16,0,0,"75 (75)","55 (55)",2,0.28000000000000003,0.33,"West",25,12,"T","< 1/8 inch","Rain",2,"Mostly Clear",null,null,null,"None"]
["Continue",215,8,"02 Augot 1002","Nexsta'","Summer",44,"4:56am","7:04pm","Moonlight","Temperate","Seacoast",0,5,4,3,5,3,2,4,1,1,17,0,0,"80 (80)","60 (60)",2,0.31,0.36,"West",10,5,"-","None","None",1,"Clear",null,null,null,"None"]
["Continue",216,8,"03 Augot 1002","Onward","Summer",44,"4:57am","7:03pm","Moonlight","Temperate","Seacoast",0,2,4,3,4,1,2,6,1,3,16,0,0,"75 (75)","55 (55)",2,0.35,0.25,"West",20,10,"T","< 1/8 inch","Rain",2,"Mostly Clear",null,null,null,"None"]
["Continue",217,8,"04 Augot 1002","Forens","Summer",44,"4:58am","7:01pm","Darkness","Temperate","Seacoast",0,6,3,2,5,1,4,5,3,4,17,0,0,"80 (80)","60 (60)",2,0.38,0.28000000000000003,"West",5,0,"-","None","None",1,"Clear",null,null,null,"None"]
["Continue",218,8,"05 Augot 1002","Freeday","Summer",44,"4:59am","7:00pm","Darkness","Temperate","Seacoast",0,4,6,2,5,5,5,6,2,3,19,0,0,"85 (85)","65 (65)",2,0.39,0.34,"South",0,0,"T","< 1/8 inch","Rain",2,"Mostly Clear",null,null,null,"None"]
["Continue",219,8,"06 Augot 1002","Hafn'mor","Summer",44,"5:00am","6:59pm","Darkness","Temperate","Seacoast",0,4,4,3,6,5,5,2,2,2,20,0,0,"85 (85)","70 (70)",2,0.3,0.21,"West",0,0,"L","1/8 inch to 1/2 inch","Rain",2,"Mostly Clear",null,null,null,"None"]
["Continue",220,8,"07 Augot 1002","Aprochen","Summer",44,"5:01am","6:58pm","Darkness","Temperate","Seacoast",0,3,2,2,6,2,6,1,3,2,19,0,0,"85 (85)","65 (65)",2,0.24,0.31,"West",15,8,"-","None","None",3,"Partly Cloudy",null,null,null,"None"]
["Continue",221,8,"08 Augot 1002","Longday","Summer",44,"5:03am","6:57pm","Darkness","Temperate","Seacoast",0,2,2,5,1,3,4,1,3,1,17,0,0,"80 (80)","60 (60)",2,0.32,0.4,"North",25,12,"L","1/8 inch to 1/2 inch","Rain",4,"Mostly Cloudy",null,null,null,"None"]
["Continue",222,8,"09 Augot 1002","Endsnear","Summer",44,"5:04am","6:55pm","Darkness","Temperate","Seacoast",0,5,3,5,3,1,1,3,3,4,18,0,0,"80 (80)","65 (65)",2,0.32,0.31,"West",15,8,"-","None","None",3,"Partly Cloudy",null,null,null,"None"]
["Continue",223,8,"10 Augot 1002","Godsday","Summer",44,"5:05am","6:54pm","Darkness","Temperate","Seacoast",0,1,1,3,5,1,6,6,2,3,15,0,0,"70 (70)","55 (55)",2,0.4,0.28000000000000003,"North",45,22,"L","1/8 inch to 1/2 inch","Rain",5,"Overcast",8,"-",null,"None"]
["Continue",224,8,"11 Augot 1002","Newday","Summer",44,"5:06am","6:53pm","Darkness","Temperate","Seacoast",0,3,2,2,2,4,3,2,1,3,14,0,0,"70 (70)","50 (50)",2,0.38,0.27,"West",45,22,"-","None","None",5,"Overcast",null,null,null,"None"]
["Continue",225,8,"12 Augot 1002","Nexsta'","Summer",44,"5:08am","6:52pm","Darkness","Temperate","Seacoast",0,4,1,2,4,2,5,3,1,1,13,0,1,"65 (65)","45 (45)",2,0.21,0.22,"West",45,22,"-","None","None",5,"Overcast",null,null,null,"None"]
["Continue",226,8,"13 Augot 1002","Onward","Summer",44,"5:09am","6:50pm","Darkness","Temperate","Seacoast",0,1,5,1,1,4,3,3,2,3,13,0,2,"65 (65)","45 (45)",2,0.33,0.36,"West",45,22,"-","None","None",5,"Overcast",null,null,null,"None"]
["Continue",227,8,"14 Augot 1002","Forens","Summer",44,"5:10am","6:49pm","Darkness","Temperate","Seacoast",0,5,3,6,5,2,2,1,2,2,14,0,0,"70 (70)","50 (50)",2,0.34,0.26,"West",35,18,"-","None","None",4,"Mostly Cloudy",null,null,null,"None"]
["Continue",228,8,"15 Augot 1002","Freeday","Summer",44,"5:11am","6:48pm","Darkness","Temperate","Seacoast",0,6,3,6,2,5,1,5,3,3,15,0,0,"70 (70)","55 (55)",2,0.26,0.25,"West",20,10,"-","None","None",2,"Mostly Clear",null,null,null,"None"]
["Continue",229,8,"16 Augot 1002","Hafn'mor","Summer",44,"5:13am","6:47pm","Darkness","Temperate","Seacoast",0,1,3,3,3,4,1,1,2,1,13,0,1,"65 (65)","45 (45)",2,0.33,0.35,"North",30,15,"T","< 1/8 inch","Rain",3,"Partly Cloudy",null,null,null,"None"]
["Continue",230,9,"17 Augot 1002","Aprochen","Summer",44,"5:14am","6:45pm","Darkness","Temperate","Seacoast",0,2,5,3,2,4,4,6,2,4,13,0,0,"65 (65)","45 (45)",2,0.26,0.31,"West",30,15,"T","< 1/8 inch","Rain",3,"Partly Cloudy",null,null,null,"None"]
["Continue",231,9,"18 Augot 1002","Longday","Summer",44,"5:15am","6:44pm","Darkness","Temperate","Seacoast",0,4,6,3,6,2,1,2,1,2,15,0,0,"70 (70)","55 (55)",2,0.26,0.28000000000000003,"South",20,10,"T","< 1/8 inch","Rain",2,"Mostly Clear",null,null,null,"None"]
["Continue",232,9,"19 Augot 1002","Endsnear","Summer",44,"5:16am","6:43pm","Darkness","Temperate","Seacoast",0,2,5,6,4,4,4,1,3,3,15,0,0,"70 (70)","55 (55)",2,0.34,0.24,"West",20,10,"T","< 1/8 inch","Rain",2,"Mostly Clear",null,null,null,"None"]
["Continue",233,9,"20 Augot 1002","Godsday","Summer",44,"5:18am","6:41pm","Darkness","Temperate","Seacoast",0,2,3,4,2,6,4,3,1,3,14,0,0,"70 (70)","50 (50)",2,0.25,0.39,"West",35,18,"-","None","None",3,"Partly Cloudy",null,null,null,"None"]
["Continue",234,9,"21 Augot 1002","Newday","Summer",44,"5:19am","6:40pm","Darkness","Temperate","Seacoast",0,6,4,6,5,5,1,2,1,3,16,0,0,"75 (75)","55 (55)",2,0.25,0.21,"South",25,12,"-","None","None",1,"Clear",null,null,null,"None"]
["Continue",235,9,"22 Augot 1002","Nexsta'","Summer",44,"5:20am","6:39pm","Darkness","Temperate","Seacoast",0,5,6,1,1,2,5,3,3,3,18,0,0,"80 (80)","65 (65)",2,0.27,0.24,"South",10,5,"-","None","None",1,"Clear",null,null,null,"None"]
["Continue",236,9,"23 Augot 1002","Onward","Summer",44,"5:22am","6:38pm","Darkness","Temperate","Seacoast",0,6,3,6,5,4,1,2,1,4,19,0,0,"85 (85)","65 (65)",2,0.22,0.35,"West",0,0,"-","None","None",1,"Clear",null,null,null,"None"]
["Continue",237,9,"24 Augot 1002","Forens","Summer",44,"5:23am","6:36pm","Darkness","Temperate","Seacoast",0,1,6,1,2,2,5,2,1,2,19,0,0,"85 (85)","65 (65)",2,0.3,0.25,"West",0,0,"-","None","None",1,"Clear",null,null,null,"None"]
["Continue",238,9,"25 Augot 1002","Freeday","Summer",44,"5:24am","6:35pm","Darkness","Temperate","Seacoast",0,2,4,5,1,6,6,1,2,4,18,0,0,"80 (80)","65 (65)",2,0.34,0.39,"West",10,5,"T","< 1/8 inch","Rain",2,"Mostly Clear",null,null,null,"None"]
["Continue",239,9,"26 Augot 1002","Hafn'mor","Summer",44,"5:26am","6:34pm","Darkness","Temperate","Seacoast",0,6,4,6,3,2,4,2,1,2,20,0,0,"85 (85)","70 (70)",2,0.28999999999999998,0.35,"South",0,0,"-","None","None",1,"Clear",null,null,null,"None"]
["Continue",240,9,"27 Augot 1002","Aprochen","Summer",44,"5:27am","6:32pm","Moonlight","Temperate","Seacoast",0,3,3,4,3,4,1,3,2,3,19,0,0,"85 (85)","65 (65)",2,0.23,0.33,"West",10,5,"L","1/8 inch to 1/2 inch","Rain",2,"Mostly Clear",null,null,null,"None"]
["Continue",241,9,"28 Augot 1002","Longday","Summer",44,"5:28am","6:31pm","Moonlight","Temperate","Seacoast",0,4,5,6,4,4,3,5,3,4,20,0,0,"85 (85)","70 (70)",2,0.21,0.39,"West",0,0,"-","None","None",1,"Clear",null,null,null,"None"]
["Continue",242,9,"29 Augot 1002","Endsnear","Summer",44,"5:30am","6:30pm","Moonlight","Temperate","Seacoast",0,3,4,1,6,5,6,6,2,1,20,0,0,"85 (85)","70 (70)",2,0.3,0.39,"West",0,0,"-","None","None",1,"Clear",null,null,null,"None"]
["Continue",243,9,"30 Augot 1002","Godsday","Summer",44,"5:31am","6:28pm","Moonlight","Temperate","Seacoast",0,5,2,1,5,5,4,4,2,4,20,0,0,"85 (84)","70 (70)",2,0.4,0.22,"West",0,0,"-","None","None",1,"Clear",null,null,null,"None"]
["Continue",244,9,"01 Septev 1002","Newday","Summer",44,"5:32am","6:27pm","Moonlight","Temperate","Seacoast",0,6,5,1,1,2,6,1,3,1,22,0,0,"90 (90)","75 (75)",2,0.24,0.25,"South",0,0,"-","None","None",1,"Clear",null,null,null,"None"]
["Continue",245,9,"02 Septev 1002","Nexsta'","Summer",44,"5:34am","6:25pm","Moonlight","Temperate","Seacoast",0,1,1,1,5,5,4,1,2,4,19,0,0,"85 (85)","65 (65)",3,0.41,0.68,"North",45,22,"H","3/4 inch to 1.5 inches","Rain",4,"Mostly Cloudy",6,"X",4,"Lightning Storm","From 1:01am 'til 1:31am."]
["Continue",246,9,"03 Septev 1002","Onward","Summer",44,"5:35am","6:24pm","Moonlight","Temperate","Seacoast",0,1,5,6,3,6,4,3,2,3,18,0,0,"80 (80)","65 (65)",2,0.42,0.28999999999999998,"West",45,22,"T","< 1/8 inch","Rain",4,"Mostly Cloudy",null,null,null,"None"]
["Continue",247,9,"04 Septev 1002","Forens","Summer",44,"5:37am","6:23pm","Darkness","Temperate","Seacoast",0,4,4,2,5,6,5,3,2,3,19,0,0,"85 (85)","65 (65)",2,0.26,0.24,"West",35,18,"L","1/8 inch to 1/2 inch","Rain",3,"Partly Cloudy",null,null,null,"None"]
["Continue",248,9,"05 Septev 1002","Freeday","Summer",44,"5:38am","6:21pm","Darkness","Temperate","Seacoast",0,1,6,3,3,5,6,3,1,1,19,0,0,"85 (85)","65 (65)",2,0.31,0.35,"West",35,18,"L","1/8 inch to 1/2 inch","Rain",3,"Partly Cloudy",null,null,null,"None"]
["Continue",249,9,"06 Septev 1002","Hafn'mor","Summer",44,"5:39am","6:20pm","Darkness","Temperate","Seacoast",0,1,5,4,4,5,3,1,3,3,18,0,0,"80 (80)","65 (65)",2,0.28999999999999998,0.31,"West",45,22,"T","< 1/8 inch","Rain",3,"Partly Cloudy",null,null,null,"None"]
["Continue",250,9,"07 Septev 1002","Aprochen","Summer",44,"5:41am","6:19pm","Darkness","Temperate","Seacoast",0,1,1,3,6,2,3,1,3,2,15,0,0,"70 (70)","55 (55)",2,0.4,0.32,"West",45,22,"L","1/8 inch to 1/2 inch","Rain",5,"Overcast",9,"-",null,"None"]
["Continue",251,9,"08 Septev 1002","Longday","Summer",44,"5:42am","6:17pm","Darkness","Temperate","Seacoast",0,1,1,4,4,1,3,1,3,3,12,0,1,"60 (60)","40 (26)",2,0.3,0.32,"North",45,22,"L","1/8 inch to 1/2 inch","Rain",5,"Overcast",8,"-",null,"None"]
["Continue",252,9,"09 Septev 1002","Endsnear","Summer",44,"5:43am","6:16pm","Darkness","Temperate","Seacoast",0,1,2,3,6,1,4,4,2,2,12,0,2,"60 (60)","40 (26)",2,0.28999999999999998,0.39,"West",45,22,"L","1/8 inch to 1/2 inch","Rain",5,"Overcast",null,null,null,"None"]
["Continue",253,9,"10 Septev 1002","Godsday","Summer",44,"5:45am","6:14pm","Darkness","Temperate","Seacoast",0,2,6,5,6,3,4,3,1,2,13,0,0,"65 (65)","45 (45)",2,0.28000000000000003,0.22,"West",35,18,"T","< 1/8 inch","Rain",4,"Mostly Cloudy",null,null,null,"None"]
["Continue",254,9,"11 Septev 1002","Newday","Summer",44,"5:46am","6:13pm","Darkness","Temperate","Seacoast",0,4,4,2,6,3,5,1,3,3,14,0,0,"70 (70)","50 (50)",2,0.4,0.28000000000000003,"West",25,12,"L","1/8 inch to 1/2 inch","Rain",3,"Partly Cloudy",null,null,null,"None"]
["Continue",255,9,"12 Septev 1002","Nexsta'","Summer",44,"5:48am","6:12pm","Darkness","Temperate","Seacoast",0,4,1,6,4,2,5,2,3,4,13,0,0,"65 (65)","45 (45)",2,0.23,0.28000000000000003,"West",40,20,"-","None","None",4,"Mostly Cloudy",null,null,null,"None"]
["Continue",256,9,"13 Septev 1002","Onward","Summer",44,"5:49am","6:10pm","Darkness","Temperate","Seacoast",0,2,6,1,4,1,4,5,1,2,14,0,0,"70 (70)","50 (50)",2,0.28000000000000003,0.33,"West",30,15,"T","< 1/8 inch","Rain",3,"Partly Cloudy",null,null,null,"None"]
["Continue",257,9,"14 Septev 1002","Forens","Summer",44,"5:50am","6:09pm","Darkness","Temperate","Seacoast",0,3,6,1,2,2,3,1,1,3,15,0,0,"70 (70)","55 (55)",2,0.33,0.23,"West",15,8,"-","None","None",1,"Clear",null,null,null,"None"]
["Continue",258,9,"15 Septev 1002","Freeday","Summer",44,"5:52am","6:08pm","Darkness","Temperate","Seacoast",0,2,4,5,3,4,2,2,1,1,14,0,0,"70 (70)","50 (50)",2,0.31,0.22,"West",25,12,"T","< 1/8 inch","Rain",2,"Mostly Clear",null,null,null,"None"]
["Continue",259,9,"16 Septev 1002","Hafn'mor","Summer",44,"5:53am","6:06pm","Darkness","Temperate","Seacoast",0,2,3,5,5,5,5,3,2,4,13,0,0,"65 (65)","45 (45)",2,0.33,0.27,"West",40,20,"-","None","None",3,"Partly Cloudy",null,null,null,"None"]
["Continue",260,9,"17 Septev 1002","Aprochen","Summer",44,"5:55am","6:05pm","Darkness","Temperate","Seacoast",0,1,4,1,5,1,3,5,1,4,12,0,1,"60 (60)","40 (26)",2,0.26,0.36,"West",45,22,"-","None","None",4,"Mostly Cloudy",null,null,null,"None"]
["Continue",261,9,"18 Septev 1002","Longday","Summer",44,"5:56am","6:03pm","Darkness","Temperate","Seacoast",0,3,5,4,5,4,2,5,2,1,13,0,0,"65 (65)","45 (45)",2,0.3,0.37,"West",35,18,"T","< 1/8 inch","Rain",3,"Partly Cloudy",null,null,null,"None"]
["Continue",262,9,"19 Septev 1002","Endsnear","Summer",44,"5:57am","6:02pm","Darkness","Temperate","Seacoast",0,6,5,5,5,3,5,5,1,2,15,0,0,"70 (70)","55 (55)",2,0.39,0.27,"South",20,10,"-","None","None",1,"Clear",null,null,null,"None"]
["Continue",263,9,"20 Septev 1002","Godsday","Summer",44,"5:59am","6:01pm","Darkness","Temperate","Seacoast",0,6,3,5,5,5,5,6,2,1,16,0,0,"75 (75)","55 (55)",2,0.21,0.4,"West",5,0,"-","None","None",1,"Clear",null,null,null,"None"]
["Continue",264,10,"21 Septev 1002","Newday","Autumn",44,"6:00am","5:59pm","Darkness","Temperate","Seacoast",0,6,3,3,5,2,1,2,2,2,17,0,0,"80 (83)","60 (60)",3,0.69,0.47,"West",0,0,"-","None","None",1,"Clear",null,null,null,"None"]
["Continue",265,10,"22 Septev 1002","Nexsta'","Autumn",44,"6:02am","5:57pm","Darkness","Temperate","Seacoast",0,1,2,4,4,3,6,4,3,3,15,0,0,"70 (70)","55 (55)",3,0.56000000000000005,0.62,"North",15,8,"-","None","None",3,"Partly Cloudy",null,null,null,"None"]
["Continue",266,10,"23 Septev 1002","Onward","Autumn",44,"6:04am","5:56pm","Darkness","Temperate","Seacoast",0,2,1,5,4,1,1,3,2,2,13,0,0,"65 (65)","45 (45)",3,0.49,0.6,"North",30,15,"-","None","None",5,"Overcast",null,null,null,"None"]
["Continue",267,10,"24 Septev 1002","Forens","Autumn",44,"6:05am","5:54pm","Darkness","Temperate","Seacoast",0,4,1,3,4,4,5,3,2,2,12,0,0,"60 (60)","40 (26)",3,0.42,0.66,"West",45,22,"-","None","None",5,"Overcast",null,null,null,"None"]
["Continue",268,10,"25 Septev 1002","Freeday","Autumn",44,"6:07am","5:52pm","Darkness","Temperate","Seacoast",0,2,4,5,4,5,3,1,2,3,11,0,1,"50 (50)","30 (12)",4,0.76,0.76,"West",45,22,"M","1/2 inch to 3/4 inch","Rain",5,"Overcast",null,null,null,"None"]
["Continue",269,10,"26 Septev 1002","Hafn'mor","Autumn",44,"6:09am","5:50pm","Darkness","Temperate","Seacoast",0,4,6,6,2,4,6,1,2,4,13,0,0,"65 (65)","45 (45)",5,0.91,0.96,"South",35,18,"M","1/2 inch to 3/4 inch","Rain",3,"Partly Cloudy",null,null,null,"None"]
["Continue",270,10,"27 Septev 1002","Aprochen","Autumn",44,"6:11am","5:49pm","Moonlight","Temperate","Seacoast",0,3,1,1,3,3,2,3,3,1,11,0,1,"50 (50)","30 (12)",4,0.95,0.72,"North",45,22,"L","1/8 inch to 1/2 inch","Rain",4,"Mostly Cloudy",null,null,null,"None"]
["Continue",271,10,"28 Septev 1002","Longday","Autumn",44,"6:12am","5:47pm","Moonlight","Temperate","Seacoast",0,3,3,2,2,3,3,1,3,1,11,0,2,"50 (50)","30 (12)",4,0.72,0.78,"West",45,22,"L","1/8 inch to 1/2 inch","Rain",4,"Mostly Cloudy",null,null,null,"None"]
["Continue",272,10,"29 Septev 1002","Endsnear","Autumn",44,"6:14am","5:45pm","Moonlight","Temperate","Seacoast",0,1,1,4,5,5,6,2,1,1,11,0,3,"50 (50)","30 (12)",4,0.72,0.89,"West",45,22,"L","1/8 inch to 1/2 inch","Rain",4,"Mostly Cloudy",null,null,null,"None"]
["Continue",273,10,"30 Septev 1002","Godsday","Autumn",44,"6:16am","5:43pm","Moonlight","Temperate","Seacoast",0,5,2,2,4,3,1,3,3,3,12,0,0,"60 (60)","40 (28)",4,0.75,0.72,"West",35,18,"L","1/8 inch to 1/2 inch","Rain",3,"Partly Cloudy",null,null,null,"None"]
["Continue",274,10,"31 Septev 1002","Higharvestide","Autumn",44,"6:18am","5:42pm","Moonlight","Temperate","Seacoast",0,5,2,3,1,4,3,2,3,3,12,0,0,"60 (60)","40 (28)",4,0.87,0.88,"West",35,18,"L","1/8 inch to 1/2 inch","Rain",3,"Partly Cloudy",null,null,null,"None"]
["Continue",275,10,"01 Octov 1002","Newday","Autumn",44,"6:19am","5:40pm","Moonlight","Temperate","Seacoast",0,4,4,4,4,4,6,1,2,4,13,0,0,"65 (65)","45 (45)",5,0.89,1,"West",25,12,"H","3/4 inch to 1.5 inches","Rain",3,"Partly Cloudy",null,null,null,"None"]
["Continue",276,10,"02 Octov 1002","Nexsta'","Autumn",44,"6:21am","5:38pm","Moonlight","Temperate","Seacoast",0,4,4,1,5,1,3,6,2,2,14,0,0,"70 (70)","50 (50)",5,0.92,0.99,"West",15,8,"D","> 1.5 inches","Rain",4,"Mostly Cloudy",null,null,null,"None"]
["Continue",277,10,"03 Octov 1002","Onward","Autumn",44,"6:23am","5:36pm","Darkness","Temperate","Seacoast",0,6,2,5,6,6,3,4,1,4,15,0,0,"70 (70)","55 (55)",4,0.92,0.73,"West",5,0,"L","1/8 inch to 1/2 inch","Rain",3,"Partly Cloudy",null,null,null,"None"]
["Continue",278,10,"04 Octov 1002","Forens","Autumn",44,"6:25am","5:35pm","Darkness","Temperate","Seacoast",0,5,1,1,1,6,4,1,1,3,14,0,0,"70 (70)","50 (50)",4,0.79,0.84,"West",15,8,"L","1/8 inch to 1/2 inch","Rain",3,"Partly Cloudy",null,null,null,"None"]
["Continue",279,10,"05 Octov 1002","Freeday","Autumn",44,"6:26am","5:33pm","Darkness","Temperate","Seacoast",0,5,6,6,1,2,1,5,2,1,16,0,0,"75 (75)","55 (55)",3,0.82,0.45,"South",0,0,"-","None","None",1,"Clear",null,null,null,"None"]
["Continue",280,10,"06 Octov 1002","Hafn'mor","Autumn",44,"6:28am","5:31pm","Darkness","Temperate","Seacoast",0,5,3,6,4,3,3,6,2,4,17,0,0,"80 (82)","60 (60)",3,0.6,0.45,"West",0,0,"L","1/8 inch to 1/2 inch","Rain",2,"Mostly Clear",null,null,null,"None"]
["Continue",281,10,"07 Octov 1002","Aprochen","Autumn",44,"6:30am","5:30pm","Darkness","Temperate","Seacoast",0,3,1,4,1,3,5,1,3,2,15,0,0,"70 (70)","55 (55)",3,0.63,0.59,"North",10,5,"L","1/8 inch to 1/2 inch","Rain",3,"Partly Cloudy",null,null,null,"None"]
["Continue",282,10,"08 Octov 1002","Longday","Autumn",44,"6:31am","5:28pm","Darkness","Temperate","Seacoast",0,1,3,2,6,1,3,6,2,3,13,0,0,"65 (65)","45 (45)",4,0.7,0.79,"North",20,10,"M","1/2 inch to 3/4 inch","Rain",4,"Mostly Cloudy",null,null,null,"None"]
["Continue",283,10,"09 Octov 1002","Endsnear","Autumn",44,"6:33am","5:26pm","Darkness","Temperate","Seacoast",0,1,5,3,4,5,4,6,2,1,12,0,0,"60 (60)","40 (28)",5,0.92,0.93,"West",30,15,"M","1/2 inch to 3/4 inch","Rain",4,"Mostly Cloudy",null,null,null,"None"]
["Continue",284,10,"10 Octov 1002","Godsday","Autumn",44,"6:35am","5:24pm","Darkness","Temperate","Seacoast",0,3,6,1,4,5,4,2,1,4,13,0,0,"65 (65)","45 (45)",3,0.85,0.43,"West",15,8,"-","None","None",2,"Mostly Clear",null,null,null,"None"]
["Continue",285,10,"11 Octov 1002","Newday","Autumn",44,"6:36am","5:23pm","Darkness","Temperate","Seacoast",0,5,2,2,6,3,6,6,3,3,13,0,0,"65 (65)","45 (45)",3,0.49,0.5,"West",15,8,"-","None","None",2,"Mostly Clear",null,null,null,"None"]
["Continue",286,10,"12 Octov 1002","Nexsta'","Autumn",44,"6:38am","5:21pm","Darkness","Temperate","Seacoast",0,6,4,1,5,1,4,1,3,3,15,0,0,"70 (70)","55 (55)",3,0.68,0.65,"South",5,0,"L","1/8 inch to 1/2 inch","Rain",2,"Mostly Clear",null,null,null,"None"]
["Continue",287,10,"13 Octov 1002","Onward","Autumn",44,"6:40am","5:19pm","Darkness","Temperate","Seacoast",0,1,5,5,6,1,5,6,3,1,14,0,0,"70 (70)","50 (50)",4,0.49,0.89,"West",15,8,"M","1/2 inch to 3/4 inch","Rain",3,"Partly Cloudy",null,null,null,"None"]
["Continue",288,10,"14 Octov 1002","Forens","Autumn",44,"6:41am","5:18pm","Darkness","Temperate","Seacoast",0,4,2,6,2,6,1,1,3,3,13,0,0,"65 (65)","45 (45)",3,0.71,0.46,"West",25,12,"L","1/8 inch to 1/2 inch","Rain",3,"Partly Cloudy",null,null,null,"None"]
["Continue",289,10,"15 Octov 1002","Freeday","Autumn",44,"6:43am","5:16pm","Darkness","Temperate","Seacoast",0,2,5,2,3,3,1,2,1,2,13,0,0,"65 (65)","45 (45)",3,0.64,0.61,"West",25,12,"L","1/8 inch to 1/2 inch","Rain",3,"Partly Cloudy",null,null,null,"None"]
["Continue",290,10,"16 Octov 1002","Hafn'mor","Autumn",44,"6:45am","5:15pm","Darkness","Temperate","Seacoast",0,6,6,6,3,4,1,3,3,3,16,0,0,"75 (75)","55 (55)",4,0.68,0.83,"West",5,0,"H","3/4 inch to 1.5 inches","Rain",3,"Partly Cloudy",9,"M",null,"Heavy Fog","from 6:45am 'til 10:45am"]
["Continue",291,10,"17 Octov 1002","Aprochen","Autumn",44,"6:46am","5:13pm","Darkness","Temperate","Seacoast",0,6,3,6,2,5,5,4,2,4,17,0,0,"80 (81)","60 (60)",3,0.52,0.61,"West",0,0,"-","None","None",1,"Clear",null,null,null,"None"]
["Continue",292,11,"18 Octov 1002","Longday","Autumn",44,"6:48am","5:11pm","Darkness","Temperate","Seacoast",0,6,3,2,3,5,5,4,1,3,16,1,0,"75 (75)","55 (55)",3,0.56999999999999995,0.66,"West",0,0,"-","None","None",1,"Clear",null,null,null,"None"]
["Continue",293,11,"19 Octov 1002","Endsnear","Autumn",44,"6:50am","5:10pm","Darkness","Temperate","Seacoast",0,2,6,4,5,4,5,2,1,4,16,2,0,"75 (75)","55 (55)",3,0.43,0.68,"West",0,0,"-","None","None",1,"Clear",null,null,null,"None"]
["Continue",294,11,"20 Octov 1002","Godsday","Autumn",44,"6:51am","5:08pm","Darkness","Temperate","Seacoast",0,5,3,4,3,5,1,6,1,3,16,3,0,"75 (75)","55 (55)",3,0.61,0.49,"West",0,0,"-","None","None",1,"Clear",null,null,null,"None"]
["Continue",295,11,"21 Octov 1002","Newday","Autumn",44,"6:53am","5:07pm","Darkness","Temperate","Seacoast",0,5,1,3,6,4,6,3,1,4,15,0,0,"70 (70)","55 (55)",3,0.64,0.57999999999999996,"West",10,5,"L","1/8 inch to 1/2 inch","Rain",2,"Mostly Clear",null,null,null,"None"]
["Continue",296,11,"22 Octov 1002","Nexsta'","Autumn",44,"6:54am","5:05pm","Darkness","Temperate","Seacoast",0,4,3,3,4,3,1,3,2,2,15,0,0,"70 (70)","55 (55)",3,0.62,0.56999999999999995,"West",10,5,"L","1/8 inch to 1/2 inch","Rain",2,"Mostly Clear",null,null,null,"None"]
["Continue",297,11,"23 Octov 1002","Onward","Autumn",44,"6:56am","5:03pm","Darkness","Temperate","Seacoast",0,4,1,1,3,1,6,6,3,4,14,0,0,"70 (70)","50 (50)",3,0.48,0.69,"West",25,12,"-","None","None",3,"Partly Cloudy",null,null,null,"None"]
["Continue",298,11,"24 Octov 1002","Forens","Autumn",44,"6:57am","5:02pm","Darkness","Temperate","Seacoast",0,3,6,1,4,4,3,2,1,4,15,0,0,"70 (70)","55 (55)",3,0.56999999999999995,0.56999999999999995,"West",10,5,"-","None","None",1,"Clear",null,null,null,"None"]
["Continue",299,11,"25 Octov 1002","Freeday","Autumn",44,"6:59am","5:00pm","Darkness","Temperate","Seacoast",0,4,3,3,3,4,1,5,1,1,15,0,0,"70 (70)","55 (55)",3,0.67,0.44,"West",10,5,"-","None","None",1,"Clear",null,null,null,"None"]
["Continue",300,11,"26 Octov 1002","Hafn'mor","Autumn",44,"7:00am","4:59pm","Darkness","Temperate","Seacoast",0,2,6,4,3,5,6,4,3,3,16,1,0,"75 (75)","55 (55)",4,0.9,0.82,"West",0,0,"M","1/2 inch to 3/4 inch","Rain",3,"Partly Cloudy",null,null,null,"None"]
["Continue",301,11,"27 Octov 1002","Aprochen","Autumn",44,"7:02am","4:57pm","Moonlight","Temperate","Seacoast",0,1,3,5,1,3,2,1,3,1,14,0,0,"70 (70)","50 (50)",5,0.95,0.98,"North",10,5,"M","1/2 inch to 3/4 inch","Rain",4,"Mostly Cloudy",null,null,null,"None"]
["Continue",302,11,"28 Octov 1002","Longday","Autumn",44,"7:03am","4:56pm","Moonlight","Temperate","Seacoast",0,6,6,2,5,5,6,4,1,1,16,1,0,"75 (75)","55 (55)",5,0.96,1,"West",5,0,"H","3/4 inch to 1.5 inches","Rain",3,"Partly Cloudy",7,"M",null,"Heavy Fog","from 4:56pm 'til 9:56pm"]
["Continue",303,11,"29 Octov 1002","Endsnear","Autumn",44,"7:05am","4:55pm","Moonlight","Temperate","Seacoast",0,1,5,5,6,1,2,5,2,2,15,0,0,"70 (70)","55 (55)",5,0.96,0.93,"West",15,8,"M","1/2 inch to 3/4 inch","Rain",3,"Partly Cloudy",null,null,null,"None"]
["Continue",304,11,"30 Octov 1002","Godsday","Autumn",44,"7:06am","4:53pm","Moonlight","Temperate","Seacoast",0,6,6,1,5,1,2,4,1,2,16,1,0,"75 (75)","55 (55)",5,0.99,0.91,"West",5,0,"H","3/4 inch to 1.5 inches","Rain",3,"Partly Cloudy",6,"-",null,"None"]
["Continue",305,11,"01 Novius 1002","Newday","Autumn",44,"7:08am","4:52pm","Moonlight","Temperate","Seacoast",0,1,5,2,3,3,2,5,2,3,15,0,0,"70 (70)","55 (55)",5,0.91,0.95,"West",15,8,"M","1/2 inch to 3/4 inch","Rain",3,"Partly Cloudy",null,null,null,"None"]
["Continue",306,11,"02 Novius 1002","Nexsta'","Autumn",44,"7:09am","4:50pm","Moonlight","Temperate","Seacoast",0,1,5,6,4,5,3,2,2,1,14,0,0,"70 (70)","50 (50)",5,0.98,0.93,"West",25,12,"M","1/2 inch to 3/4 inch","Rain",3,"Partly Cloudy",null,null,null,"None"]
["Continue",307,11,"03 Novius 1002","Onward","Autumn",44,"7:11am","4:49pm","Moonlight","Temperate","Seacoast",0,1,6,4,2,2,2,3,3,4,14,0,0,"70 (70)","50 (50)",5,0.92,0.95,"West",25,12,"M","1/2 inch to 3/4 inch","Rain",3,"Partly Cloudy",null,null,null,"None"]
["Continue",308,11,"04 Novius 1002","Forens","Autumn",44,"7:12am","4:48pm","Darkness","Temperate","Seacoast",0,1,4,3,5,6,1,4,1,3,13,0,0,"65 (65)","45 (45)",3,0.8,0.66,"West",40,20,"-","None","None",4,"Mostly Cloudy",null,null,null,"None"]
["Continue",309,11,"05 Novius 1002","Freeday","Autumn",44,"7:13am","4:46pm","Darkness","Temperate","Seacoast",0,5,3,1,2,1,5,2,1,1,14,0,0,"70 (70)","50 (50)",3,0.6,0.48,"West",30,15,"L","1/8 inch to 1/2 inch","Rain",3,"Partly Cloudy",null,null,null,"None"]
["Continue",310,11,"06 Novius 1002","Hafn'mor","Autumn",44,"7:15am","4:45pm","Darkness","Temperate","Seacoast",0,4,1,1,2,2,6,2,3,3,13,0,0,"65 (65)","45 (45)",3,0.62,0.61,"West",45,22,"-","None","None",4,"Mostly Cloudy",null,null,null,"None"]
["Continue",311,11,"07 Novius 1002","Aprochen","Autumn",44,"7:16am","4:44pm","Darkness","Temperate","Seacoast",0,4,1,4,4,2,1,5,3,1,12,0,0,"60 (60)","40 (26)",3,0.44,0.7,"West",45,22,"-","None","None",5,"Overcast",null,null,null,"None"]
["Continue",312,11,"08 Novius 1002","Longday","Autumn",44,"7:17am","4:42pm","Darkness","Temperate","Seacoast",0,6,1,4,3,4,5,1,2,4,12,0,0,"60 (60)","40 (26)",3,0.65,0.51,"West",45,22,"-","None","None",5,"Overcast",null,null,null,"None"]
["Continue",313,11,"09 Novius 1002","Endsnear","Autumn",44,"7:18am","4:41pm","Darkness","Temperate","Seacoast",0,2,4,3,2,5,3,2,3,2,11,0,0,"50 (50)","30 (12)",4,0.86,0.87,"West",45,22,"M","1/2 inch to 3/4 inch","Rain",5,"Overcast",null,null,null,"None"]
["Continue",314,11,"10 Novius 1002","Godsday","Autumn",44,"7:20am","4:40pm","Darkness","Temperate","Seacoast",0,5,2,6,4,5,4,5,3,4,11,0,0,"50 (50)","30 (12)",5,0.92,0.97,"West",45,22,"M","1/2 inch to 3/4 inch","Rain",5,"Overcast",null,null,null,"None"]
["Continue",315,11,"11 Novius 1002","Newday","Autumn",44,"7:21am","4:39pm","Darkness","Temperate","Seacoast",0,5,3,3,3,3,3,1,2,3,12,0,0,"60 (60)","40 (28)",4,0.96,0.76,"West",35,18,"L","1/8 inch to 1/2 inch","Rain",4,"Mostly Cloudy",null,null,null,"None"]
["Continue",316,11,"12 Novius 1002","Nexsta'","Autumn",44,"7:22am","4:38pm","Darkness","Temperate","Seacoast",0,1,6,3,6,2,2,5,1,1,12,0,0,"60 (60)","40 (28)",4,0.74,0.82,"West",35,18,"L","1/8 inch to 1/2 inch","Rain",4,"Mostly Cloudy",null,null,null,"None"]
["Continue",317,11,"13 Novius 1002","Onward","Autumn",44,"7:23am","4:37pm","Darkness","Temperate","Seacoast",0,4,6,4,4,3,6,5,1,3,14,0,0,"70 (70)","50 (50)",5,0.87,0.91,"South",25,12,"M","1/2 inch to 3/4 inch","Rain",3,"Partly Cloudy",null,null,null,"None"]
["Continue",318,11,"14 Novius 1002","Forens","Autumn",44,"7:24am","4:36pm","Darkness","Temperate","Seacoast",0,5,4,3,5,5,5,2,2,3,15,0,0,"70 (70)","55 (55)",3,0.86,0.64,"West",10,5,"-","None","None",1,"Clear",null,null,null,"None"]
["Continue",319,12,"15 Novius 1002","Freeday","Autumn",44,"7:25am","4:34pm","Darkness","Temperate","Seacoast",0,6,4,6,5,4,1,3,3,4,13,1,0,"65 (65)","45 (45)",3,0.54,0.69,"South",0,0,"L","1/8 inch to 1/2 inch","Rain",2,"Mostly Clear",null,null,null,"None"]
["Continue",320,12,"16 Novius 1002","Hafn'mor","Autumn",44,"7:26am","4:33pm","Darkness","Temperate","Seacoast",0,6,4,3,2,2,5,2,3,3,13,2,0,"65 (65)","45 (45)",3,0.43,0.51,"West",0,0,"L","1/8 inch to 1/2 inch","Rain",2,"Mostly Clear",null,null,null,"None"]
["Continue",321,12,"17 Novius 1002","Aprochen","Autumn",44,"7:27am","4:32pm","Darkness","Temperate","Seacoast",0,3,3,4,5,3,2,2,1,3,12,0,0,"60 (60)","40 (34)",4,0.56000000000000005,0.75,"West",10,5,"H","3/4 inch to 1.5 inches","Rain",3,"Partly Cloudy",null,null,null,"None"]
["Continue",322,12,"18 Novius 1002","Longday","Autumn",44,"7:28am","4:32pm","Darkness","Temperate","Seacoast",0,5,6,1,5,4,4,3,3,3,13,1,0,"65 (65)","45 (45)",3,0.68,0.61,"South",0,0,"-","None","None",1,"Clear",null,null,null,"None"]
["Continue",323,12,"19 Novius 1002","Endsnear","Autumn",44,"7:29am","4:31pm","Darkness","Temperate","Seacoast",0,2,5,4,6,6,6,1,1,4,13,2,0,"65 (65)","45 (45)",3,0.43,0.54,"West",0,0,"-","None","None",1,"Clear",null,null,null,"None"]
["Continue",324,12,"20 Novius 1002","Godsday","Autumn",44,"7:30am","4:30pm","Darkness","Temperate","Seacoast",0,1,1,1,6,2,2,5,3,2,10,0,0,"40 (26)","20 (-2)",4,0.71,0.75,"West",45,22,"H","2 inches to 4 inches","Sleet",4,"Mostly Cloudy",7,"X",null,"Lightning Storm","From 4:16pm 'til 4:46pm."]
["Continue",325,12,"21 Novius 1002","Newday","Autumn",44,"7:31am","4:29pm","Darkness","Temperate","Seacoast",0,4,5,4,1,2,1,2,3,1,11,0,0,"50 (50)","30 (15)",3,0.44,0.56999999999999995,"West",30,15,"-","None","None",2,"Mostly Clear",null,null,null,"None"]
["Continue",326,12,"22 Novius 1002","Nexsta'","Autumn",44,"7:32am","4:28pm","Darkness","Temperate","Seacoast",0,1,1,6,5,2,5,3,1,4,8,0,0,"30 (12)","15 (-9)",4,0.9,0.88,"West",45,22,"H","2 inches to 4 inches","Snow",5,"Overcast",11,"-",null,"None"]
["Continue",327,12,"23 Novius 1002","Onward","Autumn",44,"7:32am","4:27pm","Darkness","Temperate","Seacoast",0,4,2,5,3,6,4,4,2,2,7,0,0,"25 (5)","10 (-16)",3,0.71,0.52,"West",45,22,"L","1/2 inch to 1 inch","Snow",5,"Overcast",null,null,null,"None"]
["Continue",328,12,"24 Novius 1002","Forens","Autumn",44,"7:33am","4:27pm","Darkness","Temperate","Seacoast",0,2,3,5,3,5,5,6,2,3,6,0,0,"18 (-5)","10 (-16)",3,0.45,0.41,"West",45,22,"-","None","None",5,"Overcast",null,null,null,"None"]
["Continue",329,12,"25 Novius 1002","Freeday","Autumn",44,"7:34am","4:26pm","Darkness","Temperate","Seacoast",0,1,1,3,3,2,3,2,3,4,5,0,1,"10 (-16)","0 (-30)",4,0.89,0.89,"North",45,22,"H","9 inches","Snow",5,"Overcast",6,"X",null,"Severe Snowstorm","From 5:51am 'til 6:00am; 15-20 mph or calmer winds during this time."]
["Continue",330,12,"26 Novius 1002","Hafn'mor","Autumn",44,"7:35am","4:25pm","Darkness","Temperate","Seacoast",0,6,1,3,1,5,6,3,2,2,6,0,0,"18 (-3)","10 (-14)",3,0.71,0.67,"West",35,18,"L","1/2 inch to 1 inch","Snow",4,"Mostly Cloudy",null,null,null,"None"]
["Continue",331,12,"27 Novius 1002","Aprochen","Autumn",44,"7:35am","4:25pm","Moonlight","Temperate","Seacoast",0,5,2,6,6,5,3,2,1,1,6,0,0,"18 (-3)","10 (-14)",3,0.54,0.62,"West",35,18,"L","1/2 inch to 1 inch","Snow",4,"Mostly Cloudy",null,null,null,"None"]
["Continue",332,12,"28 Novius 1002","Longday","Autumn",44,"7:36am","4:24pm","Moonlight","Temperate","Seacoast",0,4,5,6,4,1,6,5,3,4,7,0,0,"25 (11)","10 (-9)",3,0.55000000000000004,0.56999999999999995,"West",20,10,"-","None","None",2,"Mostly Clear",null,null,null,"None"]
["Continue",333,12,"29 Novius 1002","Endsnear","Autumn",44,"7:36am","4:24pm","Moonlight","Temperate","Seacoast",0,4,3,5,6,6,2,2,2,3,7,0,0,"25 (11)","10 (-9)",3,0.48,0.62,"West",20,10,"-","None","None",2,"Mostly Clear",null,null,null,"None"]
["Continue",334,12,"30 Novius 1002","Godsday","Autumn",44,"7:37am","4:23pm","Darkness","Temperate","Seacoast",0,1,1,4,5,1,1,2,3,2,5,0,1,"10 (-16)","0 (-30)",4,0.86,0.79,"North",45,22,"H","2 inches to 4 inches","Snow",5,"Overcast",9,"-",null,"None"]
["Continue",335,12,"31 Novius 1002","Moonfest","Autumn",44,"7:37am","4:23pm","Moonlight","Temperate","Seacoast",0,4,5,5,1,5,3,2,3,3,6,0,0,"18 (-1)","10 (-12)",3,0.68,0.54,"West",30,15,"-","None","None",3,"Partly Cloudy",null,null,null,"None"]
["Continue"]

{"sheet":"Look-up Tables","index":6,"n_rows":146,"n_cols":42,"rows_kept":146,"cut":false,"hidden":false,"merged":[[0,39,0,41],[0,0,0,37],[1,2,1,10],[1,11,1,19],[1,29,1,37],[1,20,1,28],[2,35,2,37],[2,14,2,16],[2,17,2,19],[21,0,26,0],[2,23,2,25],[2,26,2,28],[2,29,2,31],[2,32,2,34],[2,2,2,4],[2,20,2,22],[34,0,34,13],[37,0,42,0],[35,11,35,13],[27,0,32,0],[2,5,2,7],[2,11,2,13],[9,0,14,0],[15,0,20,0],[2,8,2,10],[3,0,8,0],[73,14,73,17],[72,0,72,17],[35,2,35,4],[35,5,35,7],[35,8,35,10],[64,0,70,0],[57,0,63,0],[50,0,56,0],[73,6,73,9],[43,0,49,0],[139,0,145,0],[110,0,110,5],[112,0,117,0],[118,0,124,0],[125,0,131,0],[132,0,138,0],[75,0,80,0],[88,0,94,0],[73,10,73,13],[102,0,108,0],[73,2,73,5],[95,0,101,0],[81,0,87,0]]}
["Temperature Variation",null,null,null,null,null,null,null,null,null,null,null,null,null,null,null,null,null,null,null,null,null,null,null,null,null,null,null,null,null,null,null,null,null,null,null,null,null,null,"Temperature Codes"]
[null,null,"Winter",null,null,null,null,null,null,null,null,"Spring",null,null,null,null,null,null,null,null,"Summer",null,null,null,null,null,null,null,null,"Autumn",null,null,null,null,null,null,null,null,null,"Code","High","Low"]
[null,null,1,null,null,2,null,null,3,null,null,4,null,null,5,null,null,6,null,null,7,null,null,8,null,null,9,null,null,10,null,null,11,null,null,12,null,null,null,0,-30,-50]
["Arctic","Desert",1,2,7,1,2,8,1,3,8,1,5,8,3,7,11,6,10,12,10,11,14,10,11,13,6,8,11,4,7,10,1,4,8,1,2,8,null,1,-20,-40]
[null,"Forest","-","-","-","-","-","-","-","-","-","-","-","-","-","-","-","-","-","-","-","-","-","-","-","-","-","-","-","-","-","-","-","-","-","-","-","-",null,2,-15,-30]
[null,"Hills",1,2,5,1,2,4,1,3,6,1,4,7,2,5,9,3,6,9,4,7,12,4,7,11,3,6,10,3,5,8,2,5,8,1,3,5,null,3,-5,-20]
[null,"Mountains",1,2,5,1,2,4,1,3,6,1,4,7,2,5,9,3,6,9,4,7,12,4,7,11,3,6,10,3,5,8,2,5,8,1,3,5,null,4,0,-10]
[null,"Plains",1,2,7,1,2,8,1,3,8,1,5,8,3,7,11,6,10,12,10,11,14,10,11,13,6,8,11,4,7,10,1,4,8,1,2,8,null,5,10,0]
[null,"Seacoast",1,3,8,1,2,8,1,3,8,1,5,10,3,7,11,6,10,14,10,11,16,10,11,14,5,9,12,3,7,10,1,5,9,1,3,9,null,6,18,10]
["Subarctic","Desert",1,4,9,1,4,10,2,5,10,3,7,10,6,11,13,10,12,14,11,13,17,10,13,17,7,11,17,6,8,13,3,5,12,1,3,9,null,7,25,10]
[null,"Forest",1,5,10,1,5,9,2,7,11,4,10,12,8,11,14,10,12,16,11,13,18,10,13,18,9,11,16,5,10,12,2,8,11,1,6,10,null,8,30,15]
[null,"Hills",1,4,9,1,4,9,2,6,10,3,7,10,6,11,14,10,12,14,10,13,16,9,13,16,7,11,13,4,10,12,2,7,11,1,4,10,null,9,35,15]
[null,"Mountains",1,3,9,1,4,9,1,6,10,2,8,12,5,10,13,9,11,13,10,12,14,9,13,15,7,11,13,4,10,12,2,6,11,1,4,10,null,10,40,20]
[null,"Plains",1,4,9,1,4,10,2,5,10,3,7,10,6,11,13,10,12,14,11,13,17,10,13,17,7,11,17,6,8,13,3,5,12,1,3,9,null,11,50,30]
[null,"Seacoast",2,6,11,2,7,11,3,8,11,4,10,13,8,11,14,10,12,18,11,13,18,11,13,18,10,12,16,5,11,13,3,8,12,1,6,11,null,12,60,40]
["Temperate","Desert",11,13,19,11,13,20,12,13,20,13,14,23,13,16,24,16,16,26,21,25,26,21,25,26,17,23,25,14,19,24,12,18,24,11,13,18,null,13,65,45]
[null,"Forest",3,6,12,2,6,11,5,11,16,8,12,16,11,14,21,13,16,22,13,19,24,13,19,24,12,16,22,10,14,18,6,10,12,4,10,12,null,14,70,50]
[null,"Hills",2,9,12,3,10,13,5,11,16,9,12,18,10,15,20,10,17,24,12,20,25,12,20,25,11,17,23,10,14,20,6,11,16,3,10,13,null,15,70,55]
[null,"Mountains",1,9,12,2,9,13,3,10,14,5,11,17,6,12,19,11,15,22,12,17,24,11,17,23,9,14,21,5,12,19,3,11,18,2,10,12,null,16,75,55]
[null,"Plains",2,8,13,3,8,14,4,11,17,7,12,19,11,14,21,12,16,24,13,19,25,13,19,25,11,16,23,7,12,19,5,11,17,3,10,13,null,17,80,60]
[null,"Seacoast",5,10,13,6,11,14,9,11,17,11,12,19,11,13,20,12,15,23,13,16,24,13,16,23,12,15,23,11,12,20,7,11,16,5,11,13,null,18,80,65]
["Subtropical","Desert",12,16,20,12,16,21,13,19,23,14,20,24,15,20,24,18,22,25,20,24,26,20,24,26,18,21,25,16,21,25,14,19,24,13,16,23,null,19,85,65]
[null,"Forest",12,20,21,12,20,22,13,20,22,14,20,23,14,20,24,16,21,24,16,21,24,16,21,24,15,21,23,14,21,23,13,19,22,12,19,22,null,20,85,70]
[null,"Hills",11,14,17,11,15,18,12,17,21,13,19,22,14,20,23,15,21,24,16,21,24,16,21,25,14,19,24,13,17,22,12,16,19,11,14,18,null,21,90,70]
[null,"Mountains",11,13,16,11,13,17,12,16,19,12,16,20,13,17,21,14,17,21,14,16,20,14,15,18,12,15,18,12,14,17,12,14,17,11,13,16,null,22,90,75]
[null,"Plains",12,14,18,11,15,19,13,18,21,14,19,24,18,22,24,19,23,25,20,23,26,20,23,26,19,22,25,17,22,25,13,18,21,12,16,19,null,23,95,75]
[null,"Seacoast",12,13,21,11,13,22,11,15,23,12,16,24,13,17,24,13,19,25,14,19,25,14,19,25,13,18,24,12,17,23,11,15,21,11,13,21,null,24,100,80]
["Tropical","Desert",16,18,21,16,19,20,16,20,23,16,21,24,17,22,25,20,23,26,22,25,26,22,25,26,21,24,25,21,22,24,18,21,23,17,19,22,null,25,105,80]
[null,"Forest",13,21,23,12,21,23,13,21,23,15,21,24,15,21,24,17,21,24,17,21,24,17,21,24,17,21,24,16,21,24,15,21,23,13,21,23,null,26,115,85]
[null,"Hills",13,16,18,14,16,20,14,18,20,16,18,21,16,20,24,17,21,25,19,23,26,19,23,26,19,22,25,17,20,23,15,18,21,14,17,20,null,27,125,95]
[null,"Mountains",13,16,18,14,16,19,14,17,20,15,17,20,15,17,21,15,17,21,14,16,20,14,16,20,14,16,20,14,16,19,13,16,19,13,16,19]
[null,"Plains",13,16,18,14,17,20,14,18,21,16,18,21,18,23,25,20,23,25,20,23,26,20,23,26,20,23,25,18,22,25,16,19,23,14,18,21,null,"Months","Arctic Terrain","Terrain"]
[null,"Seacoast",16,19,21,16,19,22,15,20,23,17,20,24,17,20,24,18,20,25,18,20,24,18,20,24,18,20,23,17,19,22,17,19,22,16,18,22,null,"Janus","Desert","Desert"]
[null,null,null,null,null,null,null,null,null,null,null,null,null,null,null,null,null,null,null,null,null,null,null,null,null,null,null,null,null,null,null,null,null,null,null,null,null,null,null,"Febulus","Hills","Forest"]
["Precipitation Variation",null,null,null,null,null,null,null,null,null,null,null,null,null,null,null,null,null,null,null,null,null,null,null,null,null,null,null,null,null,null,null,null,null,null,null,null,null,null,"Marcav","Mountains","Hills"]
[null,null,"Winter",null,null,"Spring",null,null,"Summer",null,null,"Autumn",null,null,null,null,null,null,null,null,null,null,null,null,null,null,null,null,null,null,null,null,null,null,null,null,null,null,null,"Apros","Plains","Mountains"]
[null,null,"A","B","C","A","B","C","A","B","C","A","B","C",null,null,null,null,null,null,null,null,null,null,null,null,null,null,null,null,null,null,null,null,null,null,null,null,null,"Mavis","Seacoast","Plains"]
["Arctic","Desert","-","T","-","-","T","-","-","T","-","-","T","-",null,null,null,null,null,null,null,null,null,null,null,null,null,null,null,null,null,null,null,null,null,null,null,null,null,"Junta",null,"Seacoast"]
[null,"Forest","-","-","-","-","-","-","-","-","-","-","-","-",null,null,null,null,null,null,null,null,null,null,null,null,null,null,null,null,null,null,null,null,null,null,null,null,null,"Jularva"]
[null,"Hills","-","-","T","-","-","T","-","-","T","-","-","T",null,null,null,null,null,null,null,null,null,null,null,null,null,null,null,null,null,null,null,null,null,null,null,null,null,"Augot"]
[null,"Mountains","-","-","T","-","-","T","-","-","T","-","-","T",null,null,null,null,null,null,null,null,null,null,null,null,null,null,null,null,null,null,null,null,null,null,null,null,null,"Septev"]
[null,"Plains","-","T","T","-","L","T","-","M","L","-","T","T",null,null,null,null,null,null,null,null,null,null,null,null,null,null,null,null,null,null,null,null,null,null,null,null,null,"Octov"]
[null,"Seacoast","-","T","-","-","L","T","-","L","T","-","L","T",null,null,null,null,null,null,null,null,null,null,null,null,null,null,null,null,null,null,null,null,null,null,null,null,null,"Novius"]
["Subarctic","Desert","-","T","-","-","-","T","-","-","T","-","T","T",null,null,null,null,null,null,null,null,null,null,null,null,null,null,null,null,null,null,null,null,null,null,null,null,null,"Detenday"]
[null,"Forest","-","L","T","T","M","L","T","M","L","T","L","T"]
[null,"Hills","-","T","T","-","L","T","T","L","L","-","L","T"]
[null,"Mountains","-","T","T","T","M","L","T","L","T","-","L","T"]
[null,"Plains","-","L","T","T","M","L","T","M","L","T","L","T"]
[null,"Seacoast","-","T","T","-","L","T","T","M","L","-","L","T"]
[null,"Swamp","-","L","T","T","M","L","T","L","L","T","L","L"]
["Temperate","Desert","-","T","-","-","T","-","-","T","-","-","-","-"]
[null,"Forest","T","M","L","L","H","M","L","M","M","L","M","M"]
[null,"Hills","T","M","L","L","H","M","L","H","M","T","M","L"]
[null,"Mountains","-","M","L","-","M","L","-","L","T","-","M","L"]
[null,"Plains","-","L","T","L","H","M","L","H","M","T","M","L"]
[null,"Seacoast","L","H","M","T","M","L","-","L","T","L","H","M"]
[null,"Swamp","T","M","L","L","H","L","L","H","M","-","M","L"]
["Subtropical","Desert","-","T","-","-","T","-","-","-","-","-","T","-"]
[null,"Forest","M","H","H","M","D","H","M","D","H","M","H","H"]
[null,"Hills","T","L","L","L","H","M","L","H","M","T","M","L"]
[null,"Mountains","T","M","L","L","H","M","L","M","M","T","M","L"]
[null,"Plains","-","L","T","T","H","L","T","M","L","-","L","T"]
[null,"Seacoast","T","M","L","L","H","M","L","D","M","-","L","T"]
[null,"Swamp","T","L","L","T","M","L","T","H","L","T","L","L"]
["Tropical","Desert","-","T","-","-","L","T","-","T","-","-","T","-"]
[null,"Forest","M","D","H","M","D","H","M","D","H","M","D","H"]
[null,"Hills","-","T","-","-","L","T","T","M","L","-","T","-"]
[null,"Mountains","T","M","L","M","H","H","T","M","L","M","H","H"]
[null,"Plains","-","T","-","L","H","M","M","H","M","L","H","M"]
[null,"Seacoast","-","T","-","L","D","M","H","D","D","-","L","T"]
[null,"Swamp","-","L","T","M","H","H","M","H","M","L","M","M"]
[]
["Special Weather"]
[null,null,"Winter",null,null,null,"Spring",null,null,null,"Summer",null,null,null,"Autumn"]
[null,null,1,2,3,4,1,2,3,4,1,2,3,4,1,2,3,4]
["Arctic","Desert","G","A","D","D","G","A","D","D","G","A","D","D","G","A","D","D"]
[null,"Forest","-","-","-","-","-","-","-","-","-","-","-","-","-","-","-","-"]
[null,"Hills","G","A","D","D","G","A","D","M","G","A","D","Z","G","A","D","D"]
[null,"Mountains","G","A","D","D","G","A","D","M","G","A","M","Z","G","A","D","M"]
[null,"Plains","G","A","D","D","A","G","D","M","X","A","D","Z","G","A","D","Z"]
[null,"Seacoast","G","A","D","D","A","G","M","Z","G","A","M","Z","G","A","M","Z"]
["Subarctic","Desert","G","A","D","Z","G","A","D","D","A","S","D","D","G","A","D","D"]
[null,"Forest","G","A","D","D","A","X","D","Z","X","A","Z","D","A","X","M","D"]
[null,"Hills","G","A","M","M","A","G","D","Z","A","X","Z","D","G","A","M","D"]
[null,"Mountains","G","A","D","D","A","X","M","Z","A","X","Z","D","G","A","M","D"]
[null,"Plains","G","A","M","Z","A","X","D","Z","Z","A","Z","D","G","A","D","Z"]
[null,"Seacoast","G","A","M","Z","G","A","M","Z","X","A","Z","M","A","G","M","Z"]
[null,"Swamp","A","X","M","Z","A","X","M","Z","X","A","Z","M","A","X","M","Z"]
["Temperate","Desert","A","S","D","Z","G","S","D","Z","G","S","D","Z","S","G","D","Z"]
[null,"Forest","A","X","M","Z","G","X","M","Z","G","X","M","Z","A","X","M","Z"]
[null,"Hills","A","X","M","D","A","X","Z","T","A","X","D","Z","A","X","D","Z"]
[null,"Mountains","A","X","M","Z","A","X","M","Z","A","X","D","Z","X","A","D","Z"]
[null,"Plains","A","G","D","Z","A","X","T","Z","X","G","D","Z","X","A","D","Z"]
[null,"Seacoast","A","X","M","Z","C","X","M","Z","C","X","M","Z","A","X","M","Z"]
[null,"Swamp","A","X","M","Z","G","X","M","Z","G","X","M","Z","A","X","M","Z"]
["Subtropical","Desert","A","S","D","Z","G","S","D","Z","G","S","D","Z","G","S","D","Z"]
[null,"Forest","X","A","M","Z","X","G","Z","M","X","X","Z","M","A","X","M","Z"]
[null,"Hills","A","X","D","Z","A","X","D","T","X","G","D","Z","A","X","Z","M"]
[null,"Mountains","A","X","D","Z","A","X","Z","M","X","G","Z","D","X","A","Z","M"]
[null,"Plains","A","X","D","Z","X","G","Z","T","X","G","D","Z","G","A","D","Z"]
[null,"Seacoast","A","X","D","Z","C","X","M","Z","C","X","M","Z","C","X","D","Z"]
[null,"Swamp","A","X","D","Z","C","X","M","Z","C","X","M","Z","C","X","D","Z"]
["Tropical","Desert","A","S","D","Z","G","S","D","Z","G","S","D","Z","G","S","D","Z"]
[null,"Forest","X","X","M","Z","X","X","Z","M","X","X","Z","M","X","X","M","Z"]
[null,"Hills","A","G","D","Z","G","X","D","Z","G","X","D","Z","G","G","Z","D"]
[null,"Mountains","A","X","M","Z","A","X","M","Z","X","G","Z","M","A","G","M","Z"]
[null,"Plains","G","X","D","Z","G","X","D","Z","S","X","Z","D","G","X","Z","D"]
[null,"Seacoast","X","A","D","Z","A","X","M","Z","C","X","M","Z","X","A","Z","M"]
[null,"Swamp","A","X","Z","D","G","X","Z","M","X","G","M","Z","X","A","M","Z"]
[]
["Humidity"]
[null,null,"Winter","Spring","Summer","Autumn"]
["Arctic","Desert",2,2,2,2]
[null,"Forest","-","-","-","-"]
[null,"Hills",2,2,2,2]
[null,"Mountains",2,2,2,2]
[null,"Plains",2,2,2,2]
[null,"Seacoast",2,2,2,2]
["Subarctic","Desert",2,2,2,2]
[null,"Forest",2,3,3,2]
[null,"Hills",2,2,2,2]
[null,"Mountains",2,3,2,2]
[null,"Plains",2,3,3,2]
[null,"Seacoast",2,3,3,2]
[null,"Swamp",2,3,3,2]
["Temperate","Desert",2,2,2,2]
[null,"Forest",3,4,3,3]
[null,"Hills",3,4,4,3]
[null,"Mountains",2,3,2,3]
[null,"Plains",3,4,4,3]
[null,"Seacoast",4,3,3,4]
[null,"Swamp",3,4,4,3]
["Subtropical","Desert",2,2,2,2]
[null,"Forest",4,4,4,4]
[null,"Hills",3,4,4,4]
[null,"Mountains",3,4,4,4]
[null,"Plains",3,4,3,2]
[null,"Seacoast",3,4,4,3]
[null,"Swamp",3,4,4,3]
["Tropical","Desert",2,2,2,2]
[null,"Forest",4,4,4,4]
[null,"Hills",3,3,4,3]
[null,"Mountains",3,4,4,4]
[null,"Plains",3,4,4,4]
[null,"Seacoast",3,4,4,3]
[null,"Swamp",3,4,4,4]